{"text_format":"3","workbook":"xlsx","n_sheets":5,"sheets":["石鼓","Sheet1","Sheet2","Sheet3","Sheet4"],"not_rendered":{"defined_names":1},"read":"whole","date_system":"1900"}

{"sheet":"石鼓","index":0,"n_rows":2506,"n_cols":11,"rows_kept":2506,"merged":[[0,0,0,10],[2505,0,2505,7],[2505,8,2505,10]]}
["2025年五金材料及工器具暂定采购清单"]
["序号","物资重要程度","物资名称","物资类别","推荐品牌","规格型号","暂定数量","单位","暂定含税单价","暂定含税总价","备注"]
[1,"▲","304不锈钢长柄球阀","五金材料","埃美柯/一靓/海胜","DN100,PN16",4,"只",1199.44,{"$f":"I3*G3","v":4797.76}]
[2,"▲","304不锈钢长柄球阀","五金材料","埃美柯/一靓/海胜","DN15,PN16",20,"只",60.63,1212.6]
[3,"▲","304不锈钢长柄球阀","五金材料","埃美柯/一靓/海胜","DN20,PN16",20,"只",80.84,1616.8]
[4,"▲","304不锈钢长柄球阀","五金材料","埃美柯/一靓/海胜","DN25,PN16",20,"只",101.05,2021]
[5,"▲","304不锈钢长柄球阀","五金材料","埃美柯/一靓/海胜","DN32,PN16",10,"只",135.41,1354.1]
[6,"▲","304不锈钢长柄球阀","五金材料","埃美柯/一靓/海胜","DN40,PN16",8,"只",175.83,1406.64]
[7,"▲","304不锈钢长柄球阀","五金材料","埃美柯/一靓/海胜","DN50,PN16",8,"只",292.03,2336.24]
[8,"▲","304不锈钢长柄球阀","五金材料","埃美柯/一靓/海胜","DN65,PN16",5,"只",440.57,2202.85]
[9,"▲","304不锈钢长柄球阀","五金材料","埃美柯/一靓/海胜","DN80,PN16",5,"只",811.42,4057.1]
[10,"▲","HDPE 45°弯头","五金材料","联塑/日丰/南亚","dn110（公称外径）,PN16",4,"只",36.38,145.52]
[11,"▲","HDPE 45°弯头","五金材料","联塑/日丰/南亚","dn125（公称外径）,PN16",3,"只",75.79,227.37]
[12,"▲","HDPE 45°弯头","五金材料","联塑/日丰/南亚","dn140（公称外径）,PN16",3,"只",94.99,284.97]
[13,"▲","HDPE 45°弯头","五金材料","联塑/日丰/南亚","dn160（公称外径）,PN16",3,"只",186.94,560.82]
[14,"▲","HDPE 45°弯头","五金材料","联塑/日丰/南亚","dn20（公称外径）,PN16",7,"只",1.02,7.14]
[15,"▲","HDPE 45°弯头","五金材料","联塑/日丰/南亚","dn200（公称外径）,PN16",3,"只",303.15,909.45]
[16,"▲","HDPE 45°弯头","五金材料","联塑/日丰/南亚","dn225（公称外径）,PN16",3,"只",366.81,1100.43]
[17,"▲","HDPE 45°弯头","五金材料","联塑/日丰/南亚","dn25（公称外径）,PN16",7,"只",1.02,7.14]
[18,"▲","HDPE 45°弯头","五金材料","联塑/日丰/南亚","dn250（公称外径）,PN16",3,"只",478.97,1436.91]
[19,"▲","HDPE 45°弯头","五金材料","联塑/日丰/南亚","dn32（公称外径）,PN16",7,"只",2.03,14.21]
[20,"▲","HDPE 45°弯头","五金材料","联塑/日丰/南亚","dn40（公称外径）,PN16",7,"只",3.03,21.21]
[21,"▲","HDPE 45°弯头","五金材料","联塑/日丰/南亚","dn50（公称外径）,PN16",7,"只",5.05,35.35]
[22,"▲","HDPE 45°弯头","五金材料","联塑/日丰/南亚","dn63（公称外径）,PN16",4,"只",8.09,32.36]
[23,"▲","HDPE 45°弯头","五金材料","联塑/日丰/南亚","dn75（公称外径）,PN16",4,"只",17.18,68.72]
[24,"▲","HDPE 45°弯头","五金材料","联塑/日丰/南亚","dn90（公称外径）,PN16",4,"只",19.2,76.8]
[25,"▲","HDPE 90°弯头","五金材料","联塑/日丰/南亚","dn110（公称外径）,PN16",7,"只",50.53,353.71]
[26,"▲","HDPE 90°弯头","五金材料","联塑/日丰/南亚","dn125（公称外径）,PN16",4,"只",118.23,472.92]
[27,"▲","HDPE 90°弯头","五金材料","联塑/日丰/南亚","dn140（公称外径）,PN16",4,"只",154.61,618.44]
[28,"▲","HDPE 90°弯头","五金材料","联塑/日丰/南亚","dn160（公称外径）,PN16",7,"只",195.03,1365.21]
[29,"▲","HDPE 90°弯头","五金材料","联塑/日丰/南亚","dn20（公称外径）,PN16",19,"只",1.02,19.38]
[30,"▲","HDPE 90°弯头","五金材料","联塑/日丰/南亚","dn200（公称外径）,PN16",7,"只",318.3,2228.1]
[31,"▲","HDPE 90°弯头","五金材料","联塑/日丰/南亚","dn225（公称外径）,PN16",4,"只",574.96,2299.84]
[32,"▲","HDPE 90°弯头","五金材料","联塑/日丰/南亚","dn25（公称外径）,PN16",19,"只",2.03,38.57]
[33,"▲","HDPE 90°弯头","五金材料","联塑/日丰/南亚","dn250（公称外径）,PN16",4,"只",721.48,2885.92]
[34,"▲","HDPE 90°弯头","五金材料","联塑/日丰/南亚","dn32（公称外径）,PN16",19,"只",3.03,57.57]
[35,"▲","HDPE 90°弯头","五金材料","联塑/日丰/南亚","dn40（公称外径）,PN16",19,"只",5.05,95.95]
[36,"▲","HDPE 90°弯头","五金材料","联塑/日丰/南亚","dn50（公称外径）,PN16",19,"只",9.1,172.9]
[37,"▲","HDPE 90°弯头","五金材料","联塑/日丰/南亚","dn63（公称外径）,PN16",19,"只",12.13,230.47]
[38,"▲","HDPE 90°弯头","五金材料","联塑/日丰/南亚","dn75（公称外径）,PN16",7,"只",19.2,134.4]
[39,"▲","HDPE 90°弯头","五金材料","联塑/日丰/南亚","dn90（公称外径）,PN16",7,"只",31.33,219.31]
[40,"▲","HDPE带法兰接头","五金材料","联塑/日丰/南亚","dn110（公称外径）,PN16",7,"只",150.56,1053.92]
[41,"▲","HDPE带法兰接头","五金材料","联塑/日丰/南亚","dn125（公称外径）,PN16",5,"只",165.72,828.6]
[42,"▲","HDPE带法兰接头","五金材料","联塑/日丰/南亚","dn140（公称外径）,PN16",5,"只",193,965]
[43,"▲","HDPE带法兰接头","五金材料","联塑/日丰/南亚","dn160（公称外径）,PN16",5,"只",263.74,1318.7]
[44,"▲","HDPE带法兰接头","五金材料","联塑/日丰/南亚","dn200（公称外径）,PN16",5,"只",404.19,2020.95]
[45,"▲","HDPE带法兰接头","五金材料","联塑/日丰/南亚","dn225（公称外径）,PN16",5,"只",419.35,2096.75]
[46,"▲","HDPE带法兰接头","五金材料","联塑/日丰/南亚","dn250（公称外径）,PN16",5,"只",571.93,2859.65]
[47,"▲","HDPE带法兰接头","五金材料","联塑/日丰/南亚","dn32（公称外径）,PN16",7,"只",24.25,169.75]
[48,"▲","HDPE带法兰接头","五金材料","联塑/日丰/南亚","dn40（公称外径）,PN16",7,"只",24.25,169.75]
[49,"▲","HDPE带法兰接头","五金材料","联塑/日丰/南亚","dn50（公称外径）,PN16",7,"只",38.4,268.8]
[50,"▲","HDPE带法兰接头","五金材料","联塑/日丰/南亚","dn63（公称外径）,PN16",7,"只",47.49,332.43]
[51,"▲","HDPE带法兰接头","五金材料","联塑/日丰/南亚","dn75（公称外径）,PN16",7,"只",76.8,537.6]
[52,"▲","HDPE带法兰接头","五金材料","联塑/日丰/南亚","dn90（公称外径）,PN16",7,"只",119.24,834.68]
[53,"▲","HDPE单内丝90°弯头","五金材料","联塑/日丰/南亚","dn20（公称外径）,PN16",7,"只",11.12,77.84]
[54,"▲","HDPE单内丝90°弯头","五金材料","联塑/日丰/南亚","dn25（公称外径）,PN16",7,"只",12.15,85.05]
[55,"▲","HDPE单内丝90°弯头","五金材料","联塑/日丰/南亚","dn32（公称外径）,PN16",7,"只",26.27,183.89]
[56,"▲","HDPE单内丝90°弯头","五金材料","联塑/日丰/南亚","dn40（公称外径）,PN16",7,"只",63.66,445.62]
[57,"▲","HDPE单内丝90°弯头","五金材料","联塑/日丰/南亚","dn50（公称外径）,PN16",7,"只",71.75,502.25]
[58,"▲","HDPE单内丝90°弯头","五金材料","联塑/日丰/南亚","dn63（公称外径）,PN16",7,"只",115.2,806.4]
[59,"▲","HDPE单内丝90°弯头","五金材料","联塑/日丰/南亚","dn75（公称外径）,PN16",7,"只",203.12,1421.84]
[60,"▲","HDPE单内丝接头","五金材料","联塑/日丰/南亚","dn20（公称外径）,PN16",7,"只",9.1,63.7]
[61,"▲","HDPE单内丝接头","五金材料","联塑/日丰/南亚","dn25（公称外径）,PN16",7,"只",13.14,91.98]
[62,"▲","HDPE单内丝接头","五金材料","联塑/日丰/南亚","dn32（公称外径）,PN16",7,"只",32.34,226.38]
[63,"▲","HDPE单内丝接头","五金材料","联塑/日丰/南亚","dn40（公称外径）,PN16",7,"只",58.61,410.27]
[64,"▲","HDPE单内丝接头","五金材料","联塑/日丰/南亚","dn50（公称外径）,PN16",7,"只",73.76,516.32]
[65,"▲","HDPE单内丝接头","五金材料","联塑/日丰/南亚","dn63（公称外径）,PN16",7,"只",108.12,{"$f":"I67*G67","v":756.84}]
[66,"▲","HDPE单内丝接头","五金材料","联塑/日丰/南亚","dn75（公称外径）,PN16",7,"只",123.28,862.96]
[67,"▲","HDPE单外丝90°弯头","五金材料","联塑/日丰/南亚","dn20（公称外径）,PN16",7,"只",14.15,99.05]
[68,"▲","HDPE单外丝90°弯头","五金材料","联塑/日丰/南亚","dn25（公称外径）,PN16",7,"只",19.2,134.4]
[69,"▲","HDPE单外丝90°弯头","五金材料","联塑/日丰/南亚","dn32（公称外径）,PN16",7,"只",32.34,226.38]
[70,"▲","HDPE单外丝90°弯头","五金材料","联塑/日丰/南亚","dn40（公称外径）,PN16",7,"只",89.93,629.51]
[71,"▲","HDPE单外丝90°弯头","五金材料","联塑/日丰/南亚","dn50（公称外径）,PN16",7,"只",107.11,749.77]
[72,"▲","HDPE单外丝90°弯头","五金材料","联塑/日丰/南亚","dn63（公称外径）,PN16",7,"只",139.45,976.15]
[73,"▲","HDPE单外丝90°弯头","五金材料","联塑/日丰/南亚","dn75（公称外径）,PN16",7,"只",221.29,1549.03]
[74,"▲","HDPE单外丝接头","五金材料","联塑/日丰/南亚","dn20（公称外径）,PN16",7,"只",13.14,91.98]
[75,"▲","HDPE单外丝接头","五金材料","联塑/日丰/南亚","dn25（公称外径）,PN16",7,"只",17.18,120.26]
[76,"▲","HDPE单外丝接头","五金材料","联塑/日丰/南亚","dn32（公称外径）,PN16",7,"只",31.33,219.31]
[77,"▲","HDPE单外丝接头","五金材料","联塑/日丰/南亚","dn40（公称外径）,PN16",7,"只",66.69,466.83]
[78,"▲","HDPE单外丝接头","五金材料","联塑/日丰/南亚","dn50（公称外径）,PN16",7,"只",86.9,608.3]
[79,"▲","HDPE单外丝接头","五金材料","联塑/日丰/南亚","dn63（公称外径）,PN16",7,"只",120.25,841.75]
[80,"▲","HDPE单外丝接头","五金材料","联塑/日丰/南亚","dn75（公称外径）,PN16",7,"只",129.34,905.38]
[81,"▲","HDPE管","五金材料","联塑/日丰/南亚","dn110（公称外径）,PN16",65,"米",129.34,8407.1]
[82,"▲","HDPE管","五金材料","联塑/日丰/南亚","dn125（公称外径）,PN16",53,"米",141.85,7518.05]
[83,"▲","HDPE管","五金材料","联塑/日丰/南亚","dn140（公称外径）,PN16",53,"米",126.31,6694.43]
[84,"▲","HDPE管","五金材料","联塑/日丰/南亚","dn160（公称外径）,PN16",53,"米",269.8,14299.4]
[85,"▲","HDPE管","五金材料","联塑/日丰/南亚","dn20（公称外径）,PN16",185,"米",7.07,1307.95]
[86,"▲","HDPE管","五金材料","联塑/日丰/南亚","dn200（公称外径）,PN16",53,"米",405.21,21476.13]
[87,"▲","HDPE管","五金材料","联塑/日丰/南亚","dn225（公称外径）,PN16",17,"米",572.95,9740.15]
[88,"▲","HDPE管","五金材料","联塑/日丰/南亚","dn25（公称外径）,PN16",185,"米",8.09,1496.65]
[89,"▲","HDPE管","五金材料","联塑/日丰/南亚","dn250（公称外径）,PN16",17,"米",650.75,11062.75]
[90,"▲","HDPE管","五金材料","联塑/日丰/南亚","dn32（公称外径）,PN16",185,"米",12.15,2247.75]
[91,"▲","HDPE管","五金材料","联塑/日丰/南亚","dn40（公称外径）,PN16",185,"米",19.29,3568.65]
[92,"▲","HDPE管","五金材料","联塑/日丰/南亚","dn50（公称外径）,PN16",185,"米",24.07,4452.95]
[93,"▲","HDPE管","五金材料","联塑/日丰/南亚","dn63（公称外径）,PN16",65,"米",43.45,2824.25]
[94,"▲","HDPE管","五金材料","联塑/日丰/南亚","dn75（公称外径）,PN16",65,"米",60.63,3940.95]
[95,"▲","HDPE管","五金材料","联塑/日丰/南亚","dn90（公称外径）,PN16",65,"米",83.87,5451.55]
[96,"▲","HDPE管帽","五金材料","联塑/日丰/南亚","dn110",4,"只",26.27,105.08]
[97,"▲","HDPE管帽","五金材料","联塑/日丰/南亚","dn125",4,"只",32.34,129.36]
[98,"▲","HDPE管帽","五金材料","联塑/日丰/南亚","dn140",4,"只",36.38,145.52]
[99,"▲","HDPE管帽","五金材料","联塑/日丰/南亚","dn160",4,"只",73.76,295.04]
[100,"▲","HDPE管帽","五金材料","联塑/日丰/南亚","dn32",4,"只",2.03,8.12]
[101,"▲","HDPE管帽","五金材料","联塑/日丰/南亚","dn40",4,"只",3.03,12.12]
[102,"▲","HDPE管帽","五金材料","联塑/日丰/南亚","dn50",4,"只",4.04,16.16]
[103,"▲","HDPE管帽","五金材料","联塑/日丰/南亚","dn63",4,"只",6.06,24.24]
[104,"▲","HDPE管帽","五金材料","联塑/日丰/南亚","dn75",4,"只",8.09,32.36]
[105,"▲","HDPE管帽","五金材料","联塑/日丰/南亚","dn90",4,"只",15.16,60.64]
[106,"▲","HDPE截止阀","五金材料","联塑/日丰/南亚","dn110（公称外径）,PN16",4,"只",474.93,1899.72]
[107,"▲","HDPE截止阀","五金材料","联塑/日丰/南亚","dn20（公称外径）,PN16",7,"只",26.27,183.89]
[108,"▲","HDPE截止阀","五金材料","联塑/日丰/南亚","dn25（公称外径）,PN16",7,"只",32.34,226.38]
[109,"▲","HDPE截止阀","五金材料","联塑/日丰/南亚","dn32（公称外径）,PN16",7,"只",54.57,381.99]
[110,"▲","HDPE截止阀","五金材料","联塑/日丰/南亚","dn40（公称外径）,PN16",7,"只",76.8,537.6]
[111,"▲","HDPE截止阀","五金材料","联塑/日丰/南亚","dn50（公称外径）,PN16",7,"只",108.12,756.84]
[112,"▲","HDPE截止阀","五金材料","联塑/日丰/南亚","dn63（公称外径）,PN16",7,"只",199.07,1393.49]
[113,"▲","HDPE截止阀","五金材料","联塑/日丰/南亚","dn75（公称外径）,PN16",7,"只",239.49,1676.43]
[114,"▲","HDPE截止阀","五金材料","联塑/日丰/南亚","dn90（公称外径）,PN16",4,"只",298.09,1192.36]
[115,"▲","HDPE异径接头","五金材料","联塑/日丰/南亚","dn110转dn90，PN16",4,"只",32.34,129.36]
[116,"▲","HDPE异径接头","五金材料","联塑/日丰/南亚","dn125转dn110，PN16",3,"只",47.49,142.47]
[117,"▲","HDPE异径接头","五金材料","联塑/日丰/南亚","dn140转dn125，PN16",3,"只",70.74,212.22]
[118,"▲","HDPE异径接头","五金材料","联塑/日丰/南亚","dn160转dn140，PN16",3,"只",107.11,321.33]
[119,"▲","HDPE异径接头","五金材料","联塑/日丰/南亚","dn200转dn160，PN16",4,"只",156.63,626.52]
[120,"▲","HDPE异径接头","五金材料","联塑/日丰/南亚","dn225转dn200，PN16",3,"只",179.87,539.61]
[121,"▲","HDPE异径接头","五金材料","联塑/日丰/南亚","dn250转dn225，PN16",3,"只",249.59,748.77]
[122,"▲","HDPE异径接头","五金材料","联塑/日丰/南亚","dn32转dn20，PN16",4,"只",2.01,8.04]
[123,"▲","HDPE异径接头","五金材料","联塑/日丰/南亚","dn40转dn32，PN16",4,"只",3.03,12.12]
[124,"▲","HDPE异径接头","五金材料","联塑/日丰/南亚","dn50转dn40，PN16",4,"只",4.04,16.16]
[125,"▲","HDPE异径接头","五金材料","联塑/日丰/南亚","dn63转dn50，PN16",4,"只",7.07,28.28]
[126,"▲","HDPE异径接头","五金材料","联塑/日丰/南亚","dn75转dn63，PN16",4,"只",10.11,40.44]
[127,"▲","HDPE异径接头","五金材料","联塑/日丰/南亚","dn90转dn75，PN16",4,"只",13.14,52.56]
[128,"▲","HDPE异径三通","五金材料","联塑/日丰/南亚","dn110转dn90，PN16",4,"只",86.9,347.6]
[129,"▲","HDPE异径三通","五金材料","联塑/日丰/南亚","dn125转dn110，PN16",3,"只",88.93,{"$f":"I131*G131","v":266.79}]
[130,"▲","HDPE异径三通","五金材料","联塑/日丰/南亚","dn140转dn125，PN16",3,"只",108.12,324.36]
[131,"▲","HDPE异径三通","五金材料","联塑/日丰/南亚","dn160转dn140，PN16",3,"只",202.1,606.3]
[132,"▲","HDPE异径三通","五金材料","联塑/日丰/南亚","dn32转dn20，PN16",4,"只",3.03,12.12]
[133,"▲","HDPE异径三通","五金材料","联塑/日丰/南亚","dn40转dn20，PN16",4,"只",4.04,16.16]
[134,"▲","HDPE异径三通","五金材料","联塑/日丰/南亚","dn40转dn32，PN16",4,"只",5.05,20.2]
[135,"▲","HDPE异径三通","五金材料","联塑/日丰/南亚","dn50转dn32，PN16",4,"只",7.07,28.28]
[136,"▲","HDPE异径三通","五金材料","联塑/日丰/南亚","dn50转dn40，PN16",4,"只",7.07,28.28]
[137,"▲","HDPE异径三通","五金材料","联塑/日丰/南亚","dn63转dn50，PN16",4,"只",13.14,52.56]
[138,"▲","HDPE异径三通","五金材料","联塑/日丰/南亚","dn75转dn65，PN16",4,"只",22.23,88.92]
[139,"▲","HDPE异径三通","五金材料","联塑/日丰/南亚","dn90转dn75，PN16",4,"只",35.37,141.48]
[140,"▲","HDPE正三通","五金材料","联塑/日丰/南亚","dn110（公称外径）,PN16",5,"只",60.63,303.15]
[141,"▲","HDPE正三通","五金材料","联塑/日丰/南亚","dn125（公称外径）,PN16",3,"只",126.31,378.93]
[142,"▲","HDPE正三通","五金材料","联塑/日丰/南亚","dn140（公称外径）,PN16",3,"只",149.55,448.65]
[143,"▲","HDPE正三通","五金材料","联塑/日丰/南亚","dn160（公称外径）,PN16",4,"只",204.12,816.48]
[144,"▲","HDPE正三通","五金材料","联塑/日丰/南亚","dn20（公称外径）,PN16",7,"只",2.03,14.21]
[145,"▲","HDPE正三通","五金材料","联塑/日丰/南亚","dn200（公称外径）,PN16",4,"只",383.98,1535.92]
[146,"▲","HDPE正三通","五金材料","联塑/日丰/南亚","dn225（公称外径）,PN16",3,"只",533.54,1600.62]
[147,"▲","HDPE正三通","五金材料","联塑/日丰/南亚","dn25（公称外径）,PN16",7,"只",2.03,14.21]
[148,"▲","HDPE正三通","五金材料","联塑/日丰/南亚","dn250（公称外径）,PN16",4,"只",790.2,3160.8]
[149,"▲","HDPE正三通","五金材料","联塑/日丰/南亚","dn32（公称外径）,PN16",7,"只",3.03,21.21]
[150,"▲","HDPE正三通","五金材料","联塑/日丰/南亚","dn40（公称外径）,PN16",7,"只",5.05,35.35]
[151,"▲","HDPE正三通","五金材料","联塑/日丰/南亚","dn50（公称外径）,PN16",7,"只",8.09,56.63]
[152,"▲","HDPE正三通","五金材料","联塑/日丰/南亚","dn63（公称外径）,PN16",7,"只",14.15,99.05]
[153,"▲","HDPE正三通","五金材料","联塑/日丰/南亚","dn75（公称外径）,PN16",7,"只",23.24,162.68]
[154,"▲","HDPE正三通","五金材料","联塑/日丰/南亚","dn90（公称外径）,PN16",7,"只",37.39,261.73]
[155,"▲","HDPE直接","五金材料","联塑/日丰/南亚","dn110（公称外径）,PN16",10,"只",23.24,232.4]
[156,"▲","HDPE直接","五金材料","联塑/日丰/南亚","dn125（公称外径）,PN16",4,"只",74.78,299.12]
[157,"▲","HDPE直接","五金材料","联塑/日丰/南亚","dn140（公称外径）,PN16",4,"只",108.12,432.48]
[158,"▲","HDPE直接","五金材料","联塑/日丰/南亚","dn160（公称外径）,PN16",4,"只",118.23,472.92]
[159,"▲","HDPE直接","五金材料","联塑/日丰/南亚","dn20（公称外径）,PN16",19,"只",1.02,19.38]
[160,"▲","HDPE直接","五金材料","联塑/日丰/南亚","dn200（公称外径）,PN16",4,"只",188.96,755.84]
[161,"▲","HDPE直接","五金材料","联塑/日丰/南亚","dn225（公称外径）,PN16",4,"只",235.44,941.76]
[162,"▲","HDPE直接","五金材料","联塑/日丰/南亚","dn25（公称外径）,PN16",19,"只",1.02,19.38]
[163,"▲","HDPE直接","五金材料","联塑/日丰/南亚","dn250（公称外径）,PN16",4,"只",287.99,1151.96]
[164,"▲","HDPE直接","五金材料","联塑/日丰/南亚","dn32（公称外径）,PN16",19,"只",2.03,38.57]
[165,"▲","HDPE直接","五金材料","联塑/日丰/南亚","dn40（公称外径）,PN16",19,"只",3.03,57.57]
[166,"▲","HDPE直接","五金材料","联塑/日丰/南亚","dn50（公称外径）,PN16",19,"只",3.03,57.57]
[167,"▲","HDPE直接","五金材料","联塑/日丰/南亚","dn63（公称外径）,PN16",10,"只",6.06,60.6]
[168,"▲","HDPE直接","五金材料","联塑/日丰/南亚","dn75（公称外径）,PN16",10,"只",8.09,80.9]
[169,"▲","HDPE直接","五金材料","联塑/日丰/南亚","dn90（公称外径）,PN16",10,"只",13.14,131.4]
[170,"▲","O型圈粘接胶水","五金材料","乐泰/奥斯邦/司达行","20g/瓶",8,"瓶",65.68,525.44]
[171,"▲","PPR 45°弯头","五金材料","联塑/日丰/南亚","dn110（公称外径）,PN16",3,"只",47.49,142.47]
[172,"▲","PPR 45°弯头","五金材料","联塑/日丰/南亚","dn125（公称外径）,PN16",3,"只",86.9,260.7]
[173,"▲","PPR 45°弯头","五金材料","联塑/日丰/南亚","dn140（公称外径）,PN16",3,"只",86.9,260.7]
[174,"▲","PPR 45°弯头","五金材料","联塑/日丰/南亚","dn160（公称外径）,PN16",3,"只",164.71,494.13]
[175,"▲","PPR 45°弯头","五金材料","联塑/日丰/南亚","dn20（公称外径）,PN16",5,"只",1.7,8.5]
[176,"▲","PPR 45°弯头","五金材料","联塑/日丰/南亚","dn25（公称外径）,PN16",5,"只",2.03,10.15]
[177,"▲","PPR 45°弯头","五金材料","联塑/日丰/南亚","dn32（公称外径）,PN16",5,"只",3.03,15.15]
[178,"▲","PPR 45°弯头","五金材料","联塑/日丰/南亚","dn40（公称外径）,PN16",5,"只",4.04,20.2]
[179,"▲","PPR 45°弯头","五金材料","联塑/日丰/南亚","dn50（公称外径）,PN16",5,"只",6.06,30.3]
[180,"▲","PPR 45°弯头","五金材料","联塑/日丰/南亚","dn63（公称外径）,PN16",4,"只",11.12,44.48]
[181,"▲","PPR 45°弯头","五金材料","联塑/日丰/南亚","dn75（公称外径）,PN16",4,"只",18.19,72.76]
[182,"▲","PPR 45°弯头","五金材料","联塑/日丰/南亚","dn90（公称外径）,PN16",4,"只",28.3,113.2]
[183,"▲","PPR 90°弯头","五金材料","联塑/日丰/南亚","dn110（公称外径）,PN16",7,"只",68.72,481.04]
[184,"▲","PPR 90°弯头","五金材料","联塑/日丰/南亚","dn125（公称外径）,PN16",4,"只",104.08,416.32]
[185,"▲","PPR 90°弯头","五金材料","联塑/日丰/南亚","dn140（公称外径）,PN16",4,"只",104.08,416.32]
[186,"▲","PPR 90°弯头","五金材料","联塑/日丰/南亚","dn160（公称外径）,PN16",4,"只",190.98,763.92]
[187,"▲","PPR 90°弯头","五金材料","联塑/日丰/南亚","dn20（公称外径）,PN16",19,"只",1.02,19.38]
[188,"▲","PPR 90°弯头","五金材料","联塑/日丰/南亚","dn25（公称外径）,PN16",19,"只",2.03,38.57]
[189,"▲","PPR 90°弯头","五金材料","联塑/日丰/南亚","dn32（公称外径）,PN16",19,"只",2.03,38.57]
[190,"▲","PPR 90°弯头","五金材料","联塑/日丰/南亚","dn40（公称外径）,PN16",7,"只",4.04,28.28]
[191,"▲","PPR 90°弯头","五金材料","联塑/日丰/南亚","dn50（公称外径）,PN16",7,"只",8.09,56.63]
[192,"▲","PPR 90°弯头","五金材料","联塑/日丰/南亚","dn63（公称外径）,PN16",13,"只",13.14,170.82]
[193,"▲","PPR 90°弯头","五金材料","联塑/日丰/南亚","dn75（公称外径）,PN16",7,"只",22.23,{"$f":"I195*G195","v":155.61}]
[194,"▲","PPR 90°弯头","五金材料","联塑/日丰/南亚","dn90（公称外径）,PN16",7,"只",40.42,282.94]
[195,"▲","PPR 管","五金材料","联塑/日丰/南亚","dn110（公称外径）,PN16",25,"米",140.46,3511.5]
[196,"▲","PPR 管","五金材料","联塑/日丰/南亚","dn125（公称外径）,PN16",25,"米",202.1,5052.5]
[197,"▲","PPR 管","五金材料","联塑/日丰/南亚","dn140（公称外径）,PN16",25,"米",228.37,5709.25]
[198,"▲","PPR 管","五金材料","联塑/日丰/南亚","dn160（公称外径）,PN16",25,"米",630.54,15763.5]
[199,"▲","PPR 管","五金材料","联塑/日丰/南亚","dn20（公称外径）,PN16",91,"米",5.05,459.55]
[200,"▲","PPR 管","五金材料","联塑/日丰/南亚","dn25（公称外径）,PN16",91,"米",7.07,643.37]
[201,"▲","PPR 管","五金材料","联塑/日丰/南亚","dn32（公称外径）,PN16",91,"米",11.12,1011.92]
[202,"▲","PPR 管","五金材料","联塑/日丰/南亚","dn40（公称外径）,PN16",91,"米",18.23,1658.93]
[203,"▲","PPR 管","五金材料","联塑/日丰/南亚","dn50（公称外径）,PN16",91,"米",27.28,2482.48]
[204,"▲","PPR 管","五金材料","联塑/日丰/南亚","dn63（公称外径）,PN16",43,"米",45.48,1955.64]
[205,"▲","PPR 管","五金材料","联塑/日丰/南亚","dn75（公称外径）,PN16",43,"米",64.68,2781.24]
[206,"▲","PPR 管","五金材料","联塑/日丰/南亚","dn90（公称外径）,PN16",43,"米",93.98,4041.14]
[207,"▲","PPR带法兰接头","五金材料","联塑/日丰/南亚","dn110（公称外径）,PN16",5,"只",75.75,378.75]
[208,"▲","PPR带法兰接头","五金材料","联塑/日丰/南亚","dn125（公称外径）,PN16",4,"只",116.21,464.84]
[209,"▲","PPR带法兰接头","五金材料","联塑/日丰/南亚","dn140（公称外径）,PN16",4,"只",134.4,537.6]
[210,"▲","PPR带法兰接头","五金材料","联塑/日丰/南亚","dn160（公称外径）,PN16",5,"只",212.2,1061]
[211,"▲","PPR带法兰接头","五金材料","联塑/日丰/南亚","dn32（公称外径）,PN16",13,"只",28.3,367.9]
[212,"▲","PPR带法兰接头","五金材料","联塑/日丰/南亚","dn40（公称外径）,PN16",13,"只",31.33,407.29]
[213,"▲","PPR带法兰接头","五金材料","联塑/日丰/南亚","dn50（公称外径）,PN16",13,"只",34.36,446.68]
[214,"▲","PPR带法兰接头","五金材料","联塑/日丰/南亚","dn63（公称外径）,PN16",13,"只",38.44,499.72]
[215,"▲","PPR带法兰接头","五金材料","联塑/日丰/南亚","dn75（公称外径）,PN16",13,"只",58.61,761.93]
[216,"▲","PPR带法兰接头","五金材料","联塑/日丰/南亚","dn90（公称外径）,PN16",13,"只",63.66,827.58]
[217,"▲","PPR单内丝90°弯头","五金材料","联塑/日丰/南亚","dn20（公称外径）,PN16",7,"只",12.15,85.05]
[218,"▲","PPR单内丝90°弯头","五金材料","联塑/日丰/南亚","dn25（公称外径）,PN16",7,"只",22.25,155.75]
[219,"▲","PPR单内丝90°弯头","五金材料","联塑/日丰/南亚","dn32（公称外径）,PN16",7,"只",40.42,282.94]
[220,"▲","PPR单内丝90°弯头","五金材料","联塑/日丰/南亚","dn40（公称外径）,PN16",7,"只",57.61,403.27]
[221,"▲","PPR单内丝90°弯头","五金材料","联塑/日丰/南亚","dn50（公称外径）,PN16",7,"只",75.8,530.6]
[222,"▲","PPR单内丝90°弯头","五金材料","联塑/日丰/南亚","dn63（公称外径）,PN16",5,"只",106.11,530.55]
[223,"▲","PPR单内丝90°弯头","五金材料","联塑/日丰/南亚","dn75（公称外径）,PN16",5,"只",126.31,631.55]
[224,"▲","PPR单内丝接头","五金材料","联塑/日丰/南亚","dn20（公称外径）,PN16",13,"只",9.1,118.3]
[225,"▲","PPR单内丝接头","五金材料","联塑/日丰/南亚","dn25（公称外径）,PN16",13,"只",11.12,144.56]
[226,"▲","PPR单内丝接头","五金材料","联塑/日丰/南亚","dn32（公称外径）,PN16",13,"只",29.31,381.03]
[227,"▲","PPR单内丝接头","五金材料","联塑/日丰/南亚","dn40（公称外径）,PN16",13,"只",54.57,709.41]
[228,"▲","PPR单内丝接头","五金材料","联塑/日丰/南亚","dn50（公称外径）,PN16",13,"只",67.7,880.1]
[229,"▲","PPR单内丝接头","五金材料","联塑/日丰/南亚","dn63（公称外径）,PN16",5,"只",98.02,490.1]
[230,"▲","PPR单内丝接头","五金材料","联塑/日丰/南亚","dn75（公称外径）,PN16",5,"只",100.04,500.2]
[231,"▲","PPR单外丝90°弯头","五金材料","联塑/日丰/南亚","dn20（公称外径）,PN16",7,"只",10.11,70.77]
[232,"▲","PPR单外丝90°弯头","五金材料","联塑/日丰/南亚","dn25（公称外径）,PN16",7,"只",13.14,91.98]
[233,"▲","PPR单外丝90°弯头","五金材料","联塑/日丰/南亚","dn32（公称外径）,PN16",7,"只",29.31,205.17]
[234,"▲","PPR单外丝90°弯头","五金材料","联塑/日丰/南亚","dn40（公称外径）,PN16",7,"只",63.66,445.62]
[235,"▲","PPR单外丝90°弯头","五金材料","联塑/日丰/南亚","dn50（公称外径）,PN16",7,"只",76.8,537.6]
[236,"▲","PPR单外丝90°弯头","五金材料","联塑/日丰/南亚","dn63（公称外径）,PN16",5,"只",122.28,611.4]
[237,"▲","PPR单外丝90°弯头","五金材料","联塑/日丰/南亚","dn75（公称外径）,PN16",5,"只",185.93,929.65]
[238,"▲","PPR单外丝接头","五金材料","联塑/日丰/南亚","dn20（公称外径）,PN16",13,"只",10.11,131.43]
[239,"▲","PPR单外丝接头","五金材料","联塑/日丰/南亚","dn25（公称外径）,PN16",13,"只",13.14,170.82]
[240,"▲","PPR单外丝接头","五金材料","联塑/日丰/南亚","dn32（公称外径）,PN16",13,"只",33.35,433.55]
[241,"▲","PPR单外丝接头","五金材料","联塑/日丰/南亚","dn40（公称外径）,PN16",13,"只",76.8,998.4]
[242,"▲","PPR单外丝接头","五金材料","联塑/日丰/南亚","dn50（公称外径）,PN16",13,"只",93.98,1221.74]
[243,"▲","PPR单外丝接头","五金材料","联塑/日丰/南亚","dn63（公称外径）,PN16",5,"只",116.21,581.05]
[244,"▲","PPR单外丝接头","五金材料","联塑/日丰/南亚","dn75（公称外径）,PN16",5,"只",122.28,611.4]
[245,"▲","PPR管帽","五金材料","联塑/日丰/南亚","dn110",5,"只",30.32,151.6]
[246,"▲","PPR管帽","五金材料","联塑/日丰/南亚","dn125",5,"只",38.44,192.2]
[247,"▲","PPR管帽","五金材料","联塑/日丰/南亚","dn140",5,"只",68.72,343.6]
[248,"▲","PPR管帽","五金材料","联塑/日丰/南亚","dn160",5,"只",98.05,490.25]
[249,"▲","PPR管帽","五金材料","联塑/日丰/南亚","dn32",7,"只",2.03,14.21]
[250,"▲","PPR管帽","五金材料","联塑/日丰/南亚","dn40",7,"只",3.03,21.21]
[251,"▲","PPR管帽","五金材料","联塑/日丰/南亚","dn50",7,"只",5.05,35.35]
[252,"▲","PPR管帽","五金材料","联塑/日丰/南亚","dn63",7,"只",7.07,49.49]
[253,"▲","PPR管帽","五金材料","联塑/日丰/南亚","dn75",7,"只",11.12,77.84]
[254,"▲","PPR管帽","五金材料","联塑/日丰/南亚","dn90",7,"只",17.18,120.26]
[255,"▲","PPR截止阀","五金材料","联塑/日丰/南亚","dn110（公称外径）,PN16",5,"只",383.98,1919.9]
[256,"▲","PPR截止阀","五金材料","联塑/日丰/南亚","dn20（公称外径）,PN16",13,"只",24.25,315.25]
[257,"▲","PPR截止阀","五金材料","联塑/日丰/南亚","dn25（公称外径）,PN16",13,"只",26.97,{"$f":"I259*G259","v":350.61}]
[258,"▲","PPR截止阀","五金材料","联塑/日丰/南亚","dn32（公称外径）,PN16",13,"只",53.55,696.15]
[259,"▲","PPR截止阀","五金材料","联塑/日丰/南亚","dn40（公称外径）,PN16",13,"只",56.59,735.67]
[260,"▲","PPR截止阀","五金材料","联塑/日丰/南亚","dn50（公称外径）,PN16",7,"只",97.01,679.07]
[261,"▲","PPR截止阀","五金材料","联塑/日丰/南亚","dn63（公称外径）,PN16",7,"只",137.42,961.94]
[262,"▲","PPR截止阀","五金材料","联塑/日丰/南亚","dn75（公称外径）,PN16",7,"只",154.61,1082.27]
[263,"▲","PPR截止阀","五金材料","联塑/日丰/南亚","dn90（公称外径）,PN16",5,"只",251.61,1258.05]
[264,"▲","PPR异径接头","五金材料","联塑/日丰/南亚","dn110转dn90（公称外径）,PN16",5,"只",30.32,151.6]
[265,"▲","PPR异径接头","五金材料","联塑/日丰/南亚","dn125转dn110（公称外径）,PN16",4,"只",51.54,206.16]
[266,"▲","PPR异径接头","五金材料","联塑/日丰/南亚","dn140转dn125（公称外径）,PN16",4,"只",64.68,258.72]
[267,"▲","PPR异径接头","五金材料","联塑/日丰/南亚","dn160转dn140（公称外径）,PN16",4,"只",114.19,456.76]
[268,"▲","PPR异径接头","五金材料","联塑/日丰/南亚","dn32转dn20（公称外径）,PN16",7,"只",2.03,14.21]
[269,"▲","PPR异径接头","五金材料","联塑/日丰/南亚","dn40转dn32（公称外径）,PN16",7,"只",3.03,21.21]
[270,"▲","PPR异径接头","五金材料","联塑/日丰/南亚","dn50转dn40（公称外径）,PN16",7,"只",4.04,28.28]
[271,"▲","PPR异径接头","五金材料","联塑/日丰/南亚","dn63转dn50（公称外径）,PN16",7,"只",6.06,42.42]
[272,"▲","PPR异径接头","五金材料","联塑/日丰/南亚","dn75转dn63（公称外径）,PN16",7,"只",10.11,70.77]
[273,"▲","PPR异径接头","五金材料","联塑/日丰/南亚","dn90转dn75（公称外径）,PN16",5,"只",16.17,80.85]
[274,"▲","PPR异径三通","五金材料","联塑/日丰/南亚","dn110转dn90（公称外径）,PN16",6,"只",65.8,394.8]
[275,"▲","PPR异径三通","五金材料","联塑/日丰/南亚","dn125转dn110（公称外径）,PN16",4,"只",60.63,242.52]
[276,"▲","PPR异径三通","五金材料","联塑/日丰/南亚","dn140转dn125（公称外径）,PN16",4,"只",124.29,497.16]
[277,"▲","PPR异径三通","五金材料","联塑/日丰/南亚","dn160转dn140（公称外径）,PN16",4,"只",137.42,549.68]
[278,"▲","PPR异径三通","五金材料","联塑/日丰/南亚","dn32转dn20（公称外径）,PN16",10,"只",3.03,30.3]
[279,"▲","PPR异径三通","五金材料","联塑/日丰/南亚","dn40转dn20（公称外径）,PN16",10,"只",4.04,40.4]
[280,"▲","PPR异径三通","五金材料","联塑/日丰/南亚","dn40转dn32（公称外径）,PN16",10,"只",6.06,60.6]
[281,"▲","PPR异径三通","五金材料","联塑/日丰/南亚","dn50转dn32（公称外径）,PN16",10,"只",9.1,91]
[282,"▲","PPR异径三通","五金材料","联塑/日丰/南亚","dn50转dn40（公称外径）,PN16",10,"只",8.09,80.9]
[283,"▲","PPR异径三通","五金材料","联塑/日丰/南亚","dn63转dn50（公称外径）,PN16",10,"只",15.12,151.2]
[284,"▲","PPR异径三通","五金材料","联塑/日丰/南亚","dn75转dn65（公称外径）,PN16",6,"只",22.23,133.38]
[285,"▲","PPR异径三通","五金材料","联塑/日丰/南亚","dn90转dn75（公称外径）,PN16",6,"只",38.4,230.4]
[286,"▲","PPR正三通","五金材料","联塑/日丰/南亚","dn110（公称外径）,PN16",7,"只",77.81,544.67]
[287,"▲","PPR正三通","五金材料","联塑/日丰/南亚","dn125（公称外径）,PN16",7,"只",176.81,1237.67]
[288,"▲","PPR正三通","五金材料","联塑/日丰/南亚","dn140（公称外径）,PN16",7,"只",128.34,898.38]
[289,"▲","PPR正三通","五金材料","联塑/日丰/南亚","dn160（公称外径）,PN16",7,"只",316.28,2213.96]
[290,"▲","PPR正三通","五金材料","联塑/日丰/南亚","dn20（公称外径）,PN16",10,"只",2.03,20.3]
[291,"▲","PPR正三通","五金材料","联塑/日丰/南亚","dn25（公称外径）,PN16",10,"只",3.03,30.3]
[292,"▲","PPR正三通","五金材料","联塑/日丰/南亚","dn32（公称外径）,PN16",10,"只",4.04,40.4]
[293,"▲","PPR正三通","五金材料","联塑/日丰/南亚","dn40（公称外径）,PN16",10,"只",6.06,60.6]
[294,"▲","PPR正三通","五金材料","联塑/日丰/南亚","dn50（公称外径）,PN16",10,"只",10.11,101.1]
[295,"▲","PPR正三通","五金材料","联塑/日丰/南亚","dn63（公称外径）,PN16",7,"只",18.19,127.33]
[296,"▲","PPR正三通","五金材料","联塑/日丰/南亚","dn75（公称外径）,PN16",7,"只",26.27,183.89]
[297,"▲","PPR正三通","五金材料","联塑/日丰/南亚","dn90（公称外径）,PN16",7,"只",44.47,311.29]
[298,"▲","PPR直接","五金材料","联塑/日丰/南亚","dn110（公称外径）,PN16",4,"只",32.34,129.36]
[299,"▲","PPR直接","五金材料","联塑/日丰/南亚","dn125（公称外径）,PN16",4,"只",47.49,189.96]
[300,"▲","PPR直接","五金材料","联塑/日丰/南亚","dn140（公称外径）,PN16",4,"只",55.58,222.32]
[301,"▲","PPR直接","五金材料","联塑/日丰/南亚","dn160（公称外径）,PN16",4,"只",101.05,404.2]
[302,"▲","PPR直接","五金材料","联塑/日丰/南亚","dn20（公称外径）,PN16",25,"只",1.02,25.5]
[303,"▲","PPR直接","五金材料","联塑/日丰/南亚","dn25（公称外径）,PN16",25,"只",1.02,25.5]
[304,"▲","PPR直接","五金材料","联塑/日丰/南亚","dn32（公称外径）,PN16",25,"只",2.03,50.75]
[305,"▲","PPR直接","五金材料","联塑/日丰/南亚","dn40（公称外径）,PN16",10,"只",2.03,20.3]
[306,"▲","PPR直接","五金材料","联塑/日丰/南亚","dn50（公称外径）,PN16",10,"只",4.04,40.4]
[307,"▲","PPR直接","五金材料","联塑/日丰/南亚","dn63（公称外径）,PN16",10,"只",7.07,70.7]
[308,"▲","PPR直接","五金材料","联塑/日丰/南亚","dn75（公称外径）,PN16",10,"只",11.12,111.2]
[309,"▲","PPR直接","五金材料","联塑/日丰/南亚","dn90（公称外径）,PN16",10,"只",18.21,182.1]
[310,"▲","UPVC补芯","五金材料","联塑/日丰/南亚","dn110转dn90",16,"只",18.19,291.04]
[311,"▲","UPVC补芯","五金材料","联塑/日丰/南亚","dn125转dn110",13,"只",30.32,394.16]
[312,"▲","UPVC补芯","五金材料","联塑/日丰/南亚","dn140转dn125",13,"只",45.48,591.24]
[313,"▲","UPVC补芯","五金材料","联塑/日丰/南亚","dn160转dn140",13,"只",52.55,683.15]
[314,"▲","UPVC补芯","五金材料","联塑/日丰/南亚","dn25转dn20",28,"只",1.01,28.28]
[315,"▲","UPVC补芯","五金材料","联塑/日丰/南亚","dn32转dn25",28,"只",1.01,28.28]
[316,"▲","UPVC补芯","五金材料","联塑/日丰/南亚","dn40转dn32",28,"只",2.03,56.84]
[317,"▲","UPVC补芯","五金材料","联塑/日丰/南亚","dn50转dn40",28,"只",2.03,56.84]
[318,"▲","UPVC补芯","五金材料","联塑/日丰/南亚","dn63转dn50",22,"只",5.05,111.1]
[319,"▲","UPVC补芯","五金材料","联塑/日丰/南亚","dn75转dn63",22,"只",6.06,133.32]
[320,"▲","UPVC补芯","五金材料","联塑/日丰/南亚","dn90转dn75",22,"只",11.12,244.64]
[321,"▲","UPVC带法兰接头","五金材料","联塑/日丰/南亚","dn110（公称外径）,PN16",22,"只",62.65,{"$f":"I323*G323","v":1378.3}]
[322,"▲","UPVC带法兰接头","五金材料","联塑/日丰/南亚","dn125（公称外径）,PN16",16,"只",79.83,1277.28]
[323,"▲","UPVC带法兰接头","五金材料","联塑/日丰/南亚","dn140（公称外径）,PN16",16,"只",103.07,1649.12]
[324,"▲","UPVC带法兰接头","五金材料","联塑/日丰/南亚","dn15（公称外径）,PN16",14,"只",12.13,169.82]
[325,"▲","UPVC带法兰接头","五金材料","联塑/日丰/南亚","dn160（公称外径）,PN16",22,"只",136.42,3001.24]
[326,"▲","UPVC带法兰接头","五金材料","联塑/日丰/南亚","dn20（公称外径）,PN16",34,"只",12.13,412.42]
[327,"▲","UPVC带法兰接头","五金材料","联塑/日丰/南亚","dn200（公称外径）,PN16",22,"只",163.7,3601.4]
[328,"▲","UPVC带法兰接头","五金材料","联塑/日丰/南亚","dn225（公称外径）,PN16",14,"只",244.54,3423.56]
[329,"▲","UPVC带法兰接头","五金材料","联塑/日丰/南亚","dn25（公称外径）,PN16",34,"只",15.16,515.44]
[330,"▲","UPVC带法兰接头","五金材料","联塑/日丰/南亚","dn250（公称外径）,PN16",14,"只",328.41,4597.74]
[331,"▲","UPVC带法兰接头","五金材料","联塑/日丰/南亚","dn32（公称外径）,PN16",34,"只",15.16,515.44]
[332,"▲","UPVC带法兰接头","五金材料","联塑/日丰/南亚","dn40（公称外径）,PN16",34,"只",20.21,687.14]
[333,"▲","UPVC带法兰接头","五金材料","联塑/日丰/南亚","dn50（公称外径）,PN16",34,"只",22.23,755.82]
[334,"▲","UPVC带法兰接头","五金材料","联塑/日丰/南亚","dn63（公称外径）,PN16",46,"只",28.3,1301.8]
[335,"▲","UPVC带法兰接头","五金材料","联塑/日丰/南亚","dn75（公称外径）,PN16",46,"只",33.35,1534.1]
[336,"▲","UPVC带法兰接头","五金材料","联塑/日丰/南亚","dn90（公称外径）,PN16",46,"只",43.45,1998.7]
[337,"▲","UPVC单内丝90°弯头","五金材料","联塑/日丰/南亚","dn20（公称外径）,PN16",28,"只",8.09,226.52]
[338,"▲","UPVC单内丝90°弯头","五金材料","联塑/日丰/南亚","dn25（公称外径）,PN16",28,"只",11.12,311.36]
[339,"▲","UPVC单内丝90°弯头","五金材料","联塑/日丰/南亚","dn32（公称外径）,PN16",28,"只",15.16,424.48]
[340,"▲","UPVC单内丝90°弯头","五金材料","联塑/日丰/南亚","dn40（公称外径）,PN16",28,"只",32.34,905.52]
[341,"▲","UPVC单内丝90°弯头","五金材料","联塑/日丰/南亚","dn50（公称外径）,PN16",22,"只",41.43,911.46]
[342,"▲","UPVC单内丝90°弯头","五金材料","联塑/日丰/南亚","dn63（公称外径）,PN16",22,"只",56.59,1244.98]
[343,"▲","UPVC单内丝90°弯头","五金材料","联塑/日丰/南亚","dn75（公称外径）,PN16",22,"只",76.8,1689.6]
[344,"▲","UPVC单内丝接头","五金材料","联塑/日丰/南亚","dn20（公称外径）,PN16",34,"只",4.04,137.36]
[345,"▲","UPVC单内丝接头","五金材料","联塑/日丰/南亚","dn25（公称外径）,PN16",34,"只",6.06,206.04]
[346,"▲","UPVC单内丝接头","五金材料","联塑/日丰/南亚","dn32（公称外径）,PN16",34,"只",7.07,240.38]
[347,"▲","UPVC单内丝接头","五金材料","联塑/日丰/南亚","dn40（公称外径）,PN16",34,"只",5.05,171.7]
[348,"▲","UPVC单内丝接头","五金材料","联塑/日丰/南亚","dn50（公称外径）,PN16",34,"只",6.06,206.04]
[349,"▲","UPVC单内丝接头","五金材料","联塑/日丰/南亚","dn63（公称外径）,PN16",22,"只",8.09,177.98]
[350,"▲","UPVC单内丝接头","五金材料","联塑/日丰/南亚","dn75（公称外径）,PN16",22,"只",12.13,266.86]
[351,"▲","UPVC单外丝90°弯头","五金材料","联塑/日丰/南亚","dn20（公称外径）,PN16",28,"只",6.06,169.68]
[352,"▲","UPVC单外丝90°弯头","五金材料","联塑/日丰/南亚","dn25（公称外径）,PN16",28,"只",13.14,367.92]
[353,"▲","UPVC单外丝90°弯头","五金材料","联塑/日丰/南亚","dn32（公称外径）,PN16",28,"只",15.16,424.48]
[354,"▲","UPVC单外丝90°弯头","五金材料","联塑/日丰/南亚","dn40（公称外径）,PN16",28,"只",32.34,905.52]
[355,"▲","UPVC单外丝90°弯头","五金材料","联塑/日丰/南亚","dn50（公称外径）,PN16",22,"只",42.44,933.68]
[356,"▲","UPVC单外丝90°弯头","五金材料","联塑/日丰/南亚","dn63（公称外径）,PN16",22,"只",60.63,1333.86]
[357,"▲","UPVC单外丝90°弯头","五金材料","联塑/日丰/南亚","dn75（公称外径）,PN16",22,"只",79.83,1756.26]
[358,"▲","UPVC单外丝接头","五金材料","联塑/日丰/南亚","dn20（公称外径）,PN16",34,"只",2.03,69.02]
[359,"▲","UPVC单外丝接头","五金材料","联塑/日丰/南亚","dn25（公称外径）,PN16",34,"只",2.83,96.22]
[360,"▲","UPVC单外丝接头","五金材料","联塑/日丰/南亚","dn32（公称外径）,PN16",34,"只",2.03,69.02]
[361,"▲","UPVC单外丝接头","五金材料","联塑/日丰/南亚","dn40（公称外径）,PN16",34,"只",3.03,103.02]
[362,"▲","UPVC单外丝接头","五金材料","联塑/日丰/南亚","dn50（公称外径）,PN16",34,"只",4.04,137.36]
[363,"▲","UPVC单外丝接头","五金材料","联塑/日丰/南亚","dn63（公称外径）,PN16",22,"只",7.07,155.54]
[364,"▲","UPVC单外丝接头","五金材料","联塑/日丰/南亚","dn75（公称外径）,PN16",22,"只",11.12,244.64]
[365,"▲","UPVC给水管","五金材料","联塑/日丰/南亚","dn110（公称外径）,PN16",130,"米",73.76,9588.8]
[366,"▲","UPVC给水管","五金材料","联塑/日丰/南亚","dn125（公称外径）,PN16",46,"米",98.02,4508.92]
[367,"▲","UPVC给水管","五金材料","联塑/日丰/南亚","dn140（公称外径）,PN16",34,"米",124.29,4225.86]
[368,"▲","UPVC给水管","五金材料","联塑/日丰/南亚","dn160（公称外径）,PN16",34,"米",147.53,5016.02]
[369,"▲","UPVC给水管","五金材料","联塑/日丰/南亚","dn20（公称外径）,PN16",240,"米",3.94,945.6]
[370,"▲","UPVC给水管","五金材料","联塑/日丰/南亚","dn200（公称外径）,PN16",16,"米",240.49,3847.84]
[371,"▲","UPVC给水管","五金材料","联塑/日丰/南亚","dn225（公称外径）,PN16",16,"米",336.49,5383.84]
[372,"▲","UPVC给水管","五金材料","联塑/日丰/南亚","dn25（公称外径）,PN16",360,"米",5.05,1818]
[373,"▲","UPVC给水管","五金材料","联塑/日丰/南亚","dn250（公称外径）,PN16",16,"米",410.26,6564.16]
[374,"▲","UPVC给水管","五金材料","联塑/日丰/南亚","dn32（公称外径）,PN16",360,"米",8.09,2912.4]
[375,"▲","UPVC给水管","五金材料","联塑/日丰/南亚","dn40（公称外径）,PN16",240,"米",12.13,2911.2]
[376,"▲","UPVC给水管","五金材料","联塑/日丰/南亚","dn50（公称外径）,PN16",240,"米",19.2,4608]
[377,"▲","UPVC给水管","五金材料","联塑/日丰/南亚","dn63（公称外径）,PN16",150,"米",30.32,4548]
[378,"▲","UPVC给水管","五金材料","联塑/日丰/南亚","dn75（公称外径）,PN16",70,"米",41.43,2900.1]
[379,"▲","UPVC给水管","五金材料","联塑/日丰/南亚","dn90（公称外径）,PN16",70,"米",58.61,4102.7]
[380,"▲","UPVC给水管45°弯头","五金材料","联塑/日丰/南亚","dn110（公称外径）,PN16",13,"只",28.3,367.9]
[381,"▲","UPVC给水管45°弯头","五金材料","联塑/日丰/南亚","dn125（公称外径）,PN16",8,"只",50.53,404.24]
[382,"▲","UPVC给水管45°弯头","五金材料","联塑/日丰/南亚","dn140（公称外径）,PN16",8,"只",63.66,509.28]
[383,"▲","UPVC给水管45°弯头","五金材料","联塑/日丰/南亚","dn160（公称外径）,PN16",8,"只",78.82,630.56]
[384,"▲","UPVC给水管45°弯头","五金材料","联塑/日丰/南亚","dn20（公称外径）,PN16",19,"只",2.03,38.57]
[385,"▲","UPVC给水管45°弯头","五金材料","联塑/日丰/南亚","dn200（公称外径）,PN16",7,"只",154.61,{"$f":"I387*G387","v":1082.27}]
[386,"▲","UPVC给水管45°弯头","五金材料","联塑/日丰/南亚","dn225（公称外径）,PN16",7,"只",212.2,1485.4]
[387,"▲","UPVC给水管45°弯头","五金材料","联塑/日丰/南亚","dn25（公称外径）,PN16",19,"只",2.03,38.57]
[388,"▲","UPVC给水管45°弯头","五金材料","联塑/日丰/南亚","dn250（公称外径）,PN16",7,"只",216.25,1513.75]
[389,"▲","UPVC给水管45°弯头","五金材料","联塑/日丰/南亚","dn32（公称外径）,PN16",19,"只",2.89,54.91]
[390,"▲","UPVC给水管45°弯头","五金材料","联塑/日丰/南亚","dn40（公称外径）,PN16",19,"只",3.03,57.57]
[391,"▲","UPVC给水管45°弯头","五金材料","联塑/日丰/南亚","dn50（公称外径）,PN16",19,"只",5.05,95.95]
[392,"▲","UPVC给水管45°弯头","五金材料","联塑/日丰/南亚","dn63（公称外径）,PN16",13,"只",7.07,91.91]
[393,"▲","UPVC给水管45°弯头","五金材料","联塑/日丰/南亚","dn75（公称外径）,PN16",13,"只",12.13,157.69]
[394,"▲","UPVC给水管45°弯头","五金材料","联塑/日丰/南亚","dn90（公称外径）,PN16",13,"只",18.19,236.47]
[395,"▲","UPVC给水管90°弯头","五金材料","联塑/日丰/南亚","dn110（公称外径）,PN16",28,"只",39.41,1103.48]
[396,"▲","UPVC给水管90°弯头","五金材料","联塑/日丰/南亚","dn125（公称外径）,PN16",19,"只",67.7,1286.3]
[397,"▲","UPVC给水管90°弯头","五金材料","联塑/日丰/南亚","dn140（公称外径）,PN16",19,"只",102.06,1939.14]
[398,"▲","UPVC给水管90°弯头","五金材料","联塑/日丰/南亚","dn160（公称外径）,PN16",19,"只",113.18,2150.42]
[399,"▲","UPVC给水管90°弯头","五金材料","联塑/日丰/南亚","dn20（公称外径）,PN16",150,"只",2.03,304.5]
[400,"▲","UPVC给水管90°弯头","五金材料","联塑/日丰/南亚","dn200（公称外径）,PN16",13,"只",200.08,2601.04]
[401,"▲","UPVC给水管90°弯头","五金材料","联塑/日丰/南亚","dn225（公称外径）,PN16",10,"只",274.85,2748.5]
[402,"▲","UPVC给水管90°弯头","五金材料","联塑/日丰/南亚","dn25（公称外径）,PN16",195,"只",2.03,395.85]
[403,"▲","UPVC给水管90°弯头","五金材料","联塑/日丰/南亚","dn250（公称外径）,PN16",10,"只",286.98,2869.8]
[404,"▲","UPVC给水管90°弯头","五金材料","联塑/日丰/南亚","dn32（公称外径）,PN16",195,"只",3.03,590.85]
[405,"▲","UPVC给水管90°弯头","五金材料","联塑/日丰/南亚","dn40（公称外径）,PN16",195,"只",4.04,787.8]
[406,"▲","UPVC给水管90°弯头","五金材料","联塑/日丰/南亚","dn50（公称外径）,PN16",195,"只",6.06,1181.7]
[407,"▲","UPVC给水管90°弯头","五金材料","联塑/日丰/南亚","dn63（公称外径）,PN16",132,"只",9.1,1201.2]
[408,"▲","UPVC给水管90°弯头","五金材料","联塑/日丰/南亚","dn75（公称外径）,PN16",55,"只",15.16,833.8]
[409,"▲","UPVC给水管90°弯头","五金材料","联塑/日丰/南亚","dn90（公称外径）,PN16",37,"只",20.21,747.77]
[410,"▲","UPVC给水管异径接头","五金材料","联塑/日丰/南亚","dn110转dn90，PN16",16,"只",18.19,291.04]
[411,"▲","UPVC给水管异径接头","五金材料","联塑/日丰/南亚","dn125转dn110，PN16",10,"只",41.43,414.3]
[412,"▲","UPVC给水管异径接头","五金材料","联塑/日丰/南亚","dn140转dn125，PN16",10,"只",53.55,535.5]
[413,"▲","UPVC给水管异径接头","五金材料","联塑/日丰/南亚","dn160转dn110，PN16",10,"只",54.57,545.7]
[414,"▲","UPVC给水管异径接头","五金材料","联塑/日丰/南亚","dn200转dn160，PN16",10,"只",104.08,1040.8]
[415,"▲","UPVC给水管异径接头","五金材料","联塑/日丰/南亚","dn225转dn200，PN16",6,"只",181.89,1091.34]
[416,"▲","UPVC给水管异径接头","五金材料","联塑/日丰/南亚","dn250转dn225，PN16",6,"只",244.54,1467.24]
[417,"▲","UPVC给水管异径接头","五金材料","联塑/日丰/南亚","dn32转dn20，PN16",25,"只",2.03,50.75]
[418,"▲","UPVC给水管异径接头","五金材料","联塑/日丰/南亚","dn40转dn32，PN16",25,"只",2.03,50.75]
[419,"▲","UPVC给水管异径接头","五金材料","联塑/日丰/南亚","dn50转dn40，PN16",25,"只",4.04,101]
[420,"▲","UPVC给水管异径接头","五金材料","联塑/日丰/南亚","dn63转dn50，PN16",25,"只",6.06,151.5]
[421,"▲","UPVC给水管异径接头","五金材料","联塑/日丰/南亚","dn75转dn63，PN16",16,"只",8.09,129.44]
[422,"▲","UPVC给水管异径接头","五金材料","联塑/日丰/南亚","dn90转dn75，PN16",16,"只",12.13,194.08]
[423,"▲","UPVC给水管异径三通","五金材料","联塑/日丰/南亚","dn110转dn90，PN16",19,"只",41.43,787.17]
[424,"▲","UPVC给水管异径三通","五金材料","联塑/日丰/南亚","dn25转dn20，PN16",28,"只",2.21,61.88,"新增项目"]
[425,"▲","UPVC给水管异径三通","五金材料","联塑/日丰/南亚","dn32转dn20，PN16",28,"只",3.03,84.84]
[426,"▲","UPVC给水管异径三通","五金材料","联塑/日丰/南亚","dn40转dn20，PN16",28,"只",4.04,113.12]
[427,"▲","UPVC给水管异径三通","五金材料","联塑/日丰/南亚","dn40转dn32，PN16",28,"只",4.04,113.12]
[428,"▲","UPVC给水管异径三通","五金材料","联塑/日丰/南亚","dn50转dn32，PN16",28,"只",6.06,169.68]
[429,"▲","UPVC给水管异径三通","五金材料","联塑/日丰/南亚","dn50转dn40，PN16",28,"只",7.07,197.96]
[430,"▲","UPVC给水管异径三通","五金材料","联塑/日丰/南亚","dn63转dn50，PN16",19,"只",10.11,192.09]
[431,"▲","UPVC给水管异径三通","五金材料","联塑/日丰/南亚","dn75转dn65，PN16",19,"只",17.18,326.42]
[432,"▲","UPVC给水管异径三通","五金材料","联塑/日丰/南亚","dn90转dn75，PN16",19,"只",24.25,460.75]
[433,"▲","UPVC给水管正三通","五金材料","联塑/日丰/南亚","dn110（公称外径）,PN16",34,"只",49.52,1683.68]
[434,"▲","UPVC给水管正三通","五金材料","联塑/日丰/南亚","dn125（公称外径）,PN16",16,"只",104.08,1665.28]
[435,"▲","UPVC给水管正三通","五金材料","联塑/日丰/南亚","dn140（公称外径）,PN16",13,"只",113.18,1471.34]
[436,"▲","UPVC给水管正三通","五金材料","联塑/日丰/南亚","dn160（公称外径）,PN16",13,"只",135.41,1760.33]
[437,"▲","UPVC给水管正三通","五金材料","联塑/日丰/南亚","dn20（公称外径）,PN16",94,"只",2.03,190.82]
[438,"▲","UPVC给水管正三通","五金材料","联塑/日丰/南亚","dn200（公称外径）,PN16",13,"只",244.54,3179.02]
[439,"▲","UPVC给水管正三通","五金材料","联塑/日丰/南亚","dn225（公称外径）,PN16",10,"只",334.47,3344.7]
[440,"▲","UPVC给水管正三通","五金材料","联塑/日丰/南亚","dn25（公称外径）,PN16",94,"只",3.03,284.82]
[441,"▲","UPVC给水管正三通","五金材料","联塑/日丰/南亚","dn250（公称外径）,PN16",8,"只",450.67,3605.36]
[442,"▲","UPVC给水管正三通","五金材料","联塑/日丰/南亚","dn32（公称外径）,PN16",94,"只",3.03,284.82]
[443,"▲","UPVC给水管正三通","五金材料","联塑/日丰/南亚","dn40（公称外径）,PN16",94,"只",5.05,474.7]
[444,"▲","UPVC给水管正三通","五金材料","联塑/日丰/南亚","dn50（公称外径）,PN16",94,"只",8.09,760.46]
[445,"▲","UPVC给水管正三通","五金材料","联塑/日丰/南亚","dn63（公称外径）,PN16",52,"只",13.14,683.28]
[446,"▲","UPVC给水管正三通","五金材料","联塑/日丰/南亚","dn75（公称外径）,PN16",52,"只",19.2,998.4]
[447,"▲","UPVC给水管正三通","五金材料","联塑/日丰/南亚","dn90（公称外径）,PN16",34,"只",28.3,962.2]
[448,"▲","UPVC给水管直接","五金材料","联塑/日丰/南亚","dn110（公称外径）,PN16",55,"只",20.21,1111.55]
[449,"▲","UPVC给水管直接","五金材料","联塑/日丰/南亚","dn125（公称外径）,PN16",37,"只",33.35,{"$f":"I451*G451","v":1233.95}]
[450,"▲","UPVC给水管直接","五金材料","联塑/日丰/南亚","dn140（公称外径）,PN16",37,"只",46.48,1719.76]
[451,"▲","UPVC给水管直接","五金材料","联塑/日丰/南亚","dn160（公称外径）,PN16",25,"只",56.59,1414.75]
[452,"▲","UPVC给水管直接","五金材料","联塑/日丰/南亚","dn20（公称外径）,PN16",240,"只",2.03,487.2]
[453,"▲","UPVC给水管直接","五金材料","联塑/日丰/南亚","dn200（公称外径）,PN16",10,"只",106.1,1061]
[454,"▲","UPVC给水管直接","五金材料","联塑/日丰/南亚","dn225（公称外径）,PN16",10,"只",146.52,1465.2]
[455,"▲","UPVC给水管直接","五金材料","联塑/日丰/南亚","dn25（公称外径）,PN16",240,"只",2.03,487.2]
[456,"▲","UPVC给水管直接","五金材料","联塑/日丰/南亚","dn250（公称外径）,PN16",10,"只",156.63,1566.3]
[457,"▲","UPVC给水管直接","五金材料","联塑/日丰/南亚","dn32（公称外径）,PN16",240,"只",2.03,487.2]
[458,"▲","UPVC给水管直接","五金材料","联塑/日丰/南亚","dn40（公称外径）,PN16",150,"只",3.03,454.5]
[459,"▲","UPVC给水管直接","五金材料","联塑/日丰/南亚","dn50（公称外径）,PN16",150,"只",4.04,606]
[460,"▲","UPVC给水管直接","五金材料","联塑/日丰/南亚","dn63（公称外径）,PN16",105,"只",5.05,530.25]
[461,"▲","UPVC给水管直接","五金材料","联塑/日丰/南亚","dn75（公称外径）,PN16",55,"只",8.09,444.95]
[462,"▲","UPVC给水管直接","五金材料","联塑/日丰/南亚","dn90（公称外径）,PN16",55,"只",12.13,667.15]
[463,"▲","UPVC工业管","五金材料","联塑/日丰/南亚","dn110（公称外径）,PN16",130,"米",145.9,18967,"新增项目"]
[464,"▲","UPVC工业管","五金材料","联塑/日丰/南亚","dn125（公称外径）,PN16",46,"米",213.66,9828.36,"新增项目"]
[465,"▲","UPVC工业管","五金材料","联塑/日丰/南亚","dn140（公称外径）,PN16",34,"米",232.34,7899.56,"新增项目"]
[466,"▲","UPVC工业管","五金材料","联塑/日丰/南亚","dn160（公称外径）,PN16",34,"米",294.14,10000.76,"新增项目"]
[467,"▲","UPVC工业管","五金材料","联塑/日丰/南亚","dn20（公称外径）,PN16",240,"米",7.03,1687.2,"新增项目"]
[468,"▲","UPVC工业管","五金材料","联塑/日丰/南亚","dn200（公称外径）,PN16",16,"米",467.2,7475.2,"新增项目"]
[469,"▲","UPVC工业管","五金材料","联塑/日丰/南亚","dn225（公称外径）,PN16",16,"米",570.75,9132,"新增项目"]
[470,"▲","UPVC工业管","五金材料","联塑/日丰/南亚","dn25（公称外径）,PN16",360,"米",9.14,3290.4,"新增项目"]
[471,"▲","UPVC工业管","五金材料","联塑/日丰/南亚","dn250（公称外径）,PN16",16,"米",656.4,10502.4,"新增项目"]
[472,"▲","UPVC工业管","五金材料","联塑/日丰/南亚","dn32（公称外径）,PN16",360,"米",15.68,5644.8,"新增项目"]
[473,"▲","UPVC工业管","五金材料","联塑/日丰/南亚","dn40（公称外径）,PN16",240,"米",19.83,4759.2,"新增项目"]
[474,"▲","UPVC工业管","五金材料","联塑/日丰/南亚","dn50（公称外径）,PN16",240,"米",30.41,7298.4,"新增项目"]
[475,"▲","UPVC工业管","五金材料","联塑/日丰/南亚","dn63（公称外径）,PN16",150,"米",52.62,7893,"新增项目"]
[476,"▲","UPVC工业管","五金材料","联塑/日丰/南亚","dn75（公称外径）,PN16",70,"米",74.79,5235.3,"新增项目"]
[477,"▲","UPVC工业管","五金材料","联塑/日丰/南亚","dn90（公称外径）,PN16",70,"米",98.03,6862.1,"新增项目"]
[478,"▲","UPVC工业管45°弯头","五金材料","联塑/日丰/南亚","dn110（公称外径）,PN16",13,"只",101.95,1325.35,"新增项目"]
[479,"▲","UPVC工业管45°弯头","五金材料","联塑/日丰/南亚","dn125（公称外径）,PN16",8,"只",361.81,2894.48,"新增项目"]
[480,"▲","UPVC工业管45°弯头","五金材料","联塑/日丰/南亚","dn140（公称外径）,PN16",8,"只",361.81,2894.48,"新增项目"]
[481,"▲","UPVC工业管45°弯头","五金材料","联塑/日丰/南亚","dn160（公称外径）,PN16",8,"只",412.61,3300.88,"新增项目"]
[482,"▲","UPVC工业管45°弯头","五金材料","联塑/日丰/南亚","dn20（公称外径）,PN16",19,"只",1.94,36.86,"新增项目"]
[483,"▲","UPVC工业管45°弯头","五金材料","联塑/日丰/南亚","dn200（公称外径）,PN16",7,"只",594.15,4159.05,"新增项目"]
[484,"▲","UPVC工业管45°弯头","五金材料","联塑/日丰/南亚","dn225（公称外径）,PN16",7,"只",713.9,4997.3,"新增项目"]
[485,"▲","UPVC工业管45°弯头","五金材料","联塑/日丰/南亚","dn25（公称外径）,PN16",19,"只",2.94,55.86,"新增项目"]
[486,"▲","UPVC工业管45°弯头","五金材料","联塑/日丰/南亚","dn250（公称外径）,PN16",7,"只",2086.1,14602.7,"新增项目"]
[487,"▲","UPVC工业管45°弯头","五金材料","联塑/日丰/南亚","dn32（公称外径）,PN16",19,"只",4.35,82.65,"新增项目"]
[488,"▲","UPVC工业管45°弯头","五金材料","联塑/日丰/南亚","dn40（公称外径）,PN16",19,"只",7.46,141.74,"新增项目"]
[489,"▲","UPVC工业管45°弯头","五金材料","联塑/日丰/南亚","dn50（公称外径）,PN16",19,"只",11.14,211.66,"新增项目"]
[490,"▲","UPVC工业管45°弯头","五金材料","联塑/日丰/南亚","dn63（公称外径）,PN16",13,"只",20.41,265.33,"新增项目"]
[491,"▲","UPVC工业管45°弯头","五金材料","联塑/日丰/南亚","dn75（公称外径）,PN16",13,"只",59.77,777.01,"新增项目"]
[492,"▲","UPVC工业管45°弯头","五金材料","联塑/日丰/南亚","dn90（公称外径）,PN16",13,"只",64.88,843.44,"新增项目"]
[493,"▲","UPVC工业管90°弯头","五金材料","联塑/日丰/南亚","dn110（公称外径）,PN16",28,"只",126.64,3545.92,"新增项目"]
[494,"▲","UPVC工业管90°弯头","五金材料","联塑/日丰/南亚","dn125（公称外径）,PN16",19,"只",361.81,6874.39,"新增项目"]
[495,"▲","UPVC工业管90°弯头","五金材料","联塑/日丰/南亚","dn140（公称外径）,PN16",19,"只",361.81,6874.39,"新增项目"]
[496,"▲","UPVC工业管90°弯头","五金材料","联塑/日丰/南亚","dn160（公称外径）,PN16",19,"只",424.45,8064.55,"新增项目"]
[497,"▲","UPVC工业管90°弯头","五金材料","联塑/日丰/南亚","dn20（公称外径）,PN16",150,"只",2.34,351,"新增项目"]
[498,"▲","UPVC工业管90°弯头","五金材料","联塑/日丰/南亚","dn200（公称外径）,PN16",13,"只",625.95,8137.35,"新增项目"]
[499,"▲","UPVC工业管90°弯头","五金材料","联塑/日丰/南亚","dn225（公称外径）,PN16",10,"只",849.88,8498.8,"新增项目"]
[500,"▲","UPVC工业管90°弯头","五金材料","联塑/日丰/南亚","dn25（公称外径）,PN16",195,"只",4,780,"新增项目"]
[501,"▲","UPVC工业管90°弯头","五金材料","联塑/日丰/南亚","dn250（公称外径）,PN16",10,"只",1346.69,13466.9,"新增项目"]
[502,"▲","UPVC工业管90°弯头","五金材料","联塑/日丰/南亚","dn32（公称外径）,PN16",195,"只",5.84,1138.8,"新增项目"]
[503,"▲","UPVC工业管90°弯头","五金材料","联塑/日丰/南亚","dn40（公称外径）,PN16",195,"只",9.67,1885.65,"新增项目"]
[504,"▲","UPVC工业管90°弯头","五金材料","联塑/日丰/南亚","dn50（公称外径）,PN16",195,"只",13.01,2536.95,"新增项目"]
[505,"▲","UPVC工业管90°弯头","五金材料","联塑/日丰/南亚","dn63（公称外径）,PN16",132,"只",26.93,3554.76,"新增项目"]
[506,"▲","UPVC工业管90°弯头","五金材料","联塑/日丰/南亚","dn75（公称外径）,PN16",55,"只",53.55,2945.25,"新增项目"]
[507,"▲","UPVC工业管90°弯头","五金材料","联塑/日丰/南亚","dn90（公称外径）,PN16",37,"只",73.42,2716.54,"新增项目"]
[508,"▲","UPVC工业管异径接头","五金材料","联塑/日丰/南亚","dn110转dn90，PN16",16,"只",56.78,908.48,"新增项目"]
[509,"▲","UPVC工业管异径接头","五金材料","联塑/日丰/南亚","dn125转dn110，PN16",10,"只",262.69,2626.9,"新增项目"]
[510,"▲","UPVC工业管异径接头","五金材料","联塑/日丰/南亚","dn140转dn125，PN16",10,"只",262.69,2626.9,"新增项目"]
[511,"▲","UPVC工业管异径接头","五金材料","联塑/日丰/南亚","dn160转dn110，PN16",10,"只",262.69,2626.9,"新增项目"]
[512,"▲","UPVC工业管异径接头","五金材料","联塑/日丰/南亚","dn200转dn160，PN16",10,"只",306.52,3065.2,"新增项目"]
[513,"▲","UPVC工业管异径接头","五金材料","联塑/日丰/南亚","dn225转dn200，PN16",6,"只",463.59,{"$f":"I515*G515","v":2781.54},"新增项目"]
[514,"▲","UPVC工业管异径接头","五金材料","联塑/日丰/南亚","dn250转dn225，PN16",6,"只",1118.78,6712.68,"新增项目"]
[515,"▲","UPVC工业管异径接头","五金材料","联塑/日丰/南亚","dn32转dn20，PN16",25,"只",3.58,89.5,"新增项目"]
[516,"▲","UPVC工业管异径接头","五金材料","联塑/日丰/南亚","dn40转dn32，PN16",25,"只",6.01,150.25,"新增项目"]
[517,"▲","UPVC工业管异径接头","五金材料","联塑/日丰/南亚","dn50转dn40，PN16",25,"只",9.12,228,"新增项目"]
[518,"▲","UPVC工业管异径接头","五金材料","联塑/日丰/南亚","dn63转dn50，PN16",25,"只",14.07,351.75,"新增项目"]
[519,"▲","UPVC工业管异径接头","五金材料","联塑/日丰/南亚","dn75转dn63，PN16",16,"只",29.21,467.36,"新增项目"]
[520,"▲","UPVC工业管异径接头","五金材料","联塑/日丰/南亚","dn90转dn75，PN16",16,"只",31.7,507.2,"新增项目"]
[521,"▲","UPVC工业管异径三通","五金材料","联塑/日丰/南亚","dn110转dn90，PN16",19,"只",150.88,2866.72,"新增项目"]
[522,"▲","UPVC工业管异径三通","五金材料","联塑/日丰/南亚","dn25转dn20，PN16",28,"只",4.7,131.6,"新增项目"]
[523,"▲","UPVC工业管异径三通","五金材料","联塑/日丰/南亚","dn32转dn20，PN16",28,"只",7.13,199.64,"新增项目"]
[524,"▲","UPVC工业管异径三通","五金材料","联塑/日丰/南亚","dn40转dn20，PN16",28,"只",12.18,341.04,"新增项目"]
[525,"▲","UPVC工业管异径三通","五金材料","联塑/日丰/南亚","dn40转dn32，PN16",28,"只",12.18,341.04,"新增项目"]
[526,"▲","UPVC工业管异径三通","五金材料","联塑/日丰/南亚","dn50转dn32，PN16",28,"只",15.16,424.48,"新增项目"]
[527,"▲","UPVC工业管异径三通","五金材料","联塑/日丰/南亚","dn50转dn40，PN16",28,"只",16.24,454.72,"新增项目"]
[528,"▲","UPVC工业管异径三通","五金材料","联塑/日丰/南亚","dn63转dn50，PN16",19,"只",29.13,553.47,"新增项目"]
[529,"▲","UPVC工业管异径三通","五金材料","联塑/日丰/南亚","dn75转dn65，PN16",19,"只",126.09,2395.71,"新增项目"]
[530,"▲","UPVC工业管异径三通","五金材料","联塑/日丰/南亚","dn90转dn75，PN16",19,"只",126.09,2395.71,"新增项目"]
[531,"▲","UPVC工业管正三通","五金材料","联塑/日丰/南亚","dn110（公称外径）,PN16",34,"只",174.49,5932.66,"新增项目"]
[532,"▲","UPVC工业管正三通","五金材料","联塑/日丰/南亚","dn125（公称外径）,PN16",16,"只",384.51,6152.16,"新增项目"]
[533,"▲","UPVC工业管正三通","五金材料","联塑/日丰/南亚","dn140（公称外径）,PN16",13,"只",384.51,4998.63,"新增项目"]
[534,"▲","UPVC工业管正三通","五金材料","联塑/日丰/南亚","dn160（公称外径）,PN16",13,"只",399.4,5192.2,"新增项目"]
[535,"▲","UPVC工业管正三通","五金材料","联塑/日丰/南亚","dn20（公称外径）,PN16",94,"只",3.01,282.94,"新增项目"]
[536,"▲","UPVC工业管正三通","五金材料","联塑/日丰/南亚","dn200（公称外径）,PN16",13,"只",785.06,10205.78,"新增项目"]
[537,"▲","UPVC工业管正三通","五金材料","联塑/日丰/南亚","dn225（公称外径）,PN16",10,"只",1394.27,13942.7,"新增项目"]
[538,"▲","UPVC工业管正三通","五金材料","联塑/日丰/南亚","dn25（公称外径）,PN16",94,"只",5.18,486.92,"新增项目"]
[539,"▲","UPVC工业管正三通","五金材料","联塑/日丰/南亚","dn250（公称外径）,PN16",8,"只",1394.27,11154.16,"新增项目"]
[540,"▲","UPVC工业管正三通","五金材料","联塑/日丰/南亚","dn32（公称外径）,PN16",94,"只",7.48,703.12,"新增项目"]
[541,"▲","UPVC工业管正三通","五金材料","联塑/日丰/南亚","dn40（公称外径）,PN16",94,"只",13.2,1240.8,"新增项目"]
[542,"▲","UPVC工业管正三通","五金材料","联塑/日丰/南亚","dn50（公称外径）,PN16",94,"只",18.05,1696.7,"新增项目"]
[543,"▲","UPVC工业管正三通","五金材料","联塑/日丰/南亚","dn63（公称外径）,PN16",52,"只",34.41,1789.32,"新增项目"]
[544,"▲","UPVC工业管正三通","五金材料","联塑/日丰/南亚","dn75（公称外径）,PN16",52,"只",73.01,3796.52,"新增项目"]
[545,"▲","UPVC工业管正三通","五金材料","联塑/日丰/南亚","dn90（公称外径）,PN16",34,"只",99.86,3395.24,"新增项目"]
[546,"▲","UPVC工业管直接","五金材料","联塑/日丰/南亚","dn110（公称外径）,PN16",55,"只",73.42,4038.1,"新增项目"]
[547,"▲","UPVC工业管直接","五金材料","联塑/日丰/南亚","dn125（公称外径）,PN16",37,"只",251.5,9305.5,"新增项目"]
[548,"▲","UPVC工业管直接","五金材料","联塑/日丰/南亚","dn140（公称外径）,PN16",37,"只",251.5,9305.5,"新增项目"]
[549,"▲","UPVC工业管直接","五金材料","联塑/日丰/南亚","dn160（公称外径）,PN16",25,"只",282.67,7066.75,"新增项目"]
[550,"▲","UPVC工业管直接","五金材料","联塑/日丰/南亚","dn20（公称外径）,PN16",240,"只",1.64,393.6,"新增项目"]
[551,"▲","UPVC工业管直接","五金材料","联塑/日丰/南亚","dn200（公称外径）,PN16",10,"只",306.2,3062,"新增项目"]
[552,"▲","UPVC工业管直接","五金材料","联塑/日丰/南亚","dn225（公称外径）,PN16",10,"只",454.32,4543.2,"新增项目"]
[553,"▲","UPVC工业管直接","五金材料","联塑/日丰/南亚","dn25（公称外径）,PN16",240,"只",2.84,681.6,"新增项目"]
[554,"▲","UPVC工业管直接","五金材料","联塑/日丰/南亚","dn250（公称外径）,PN16",10,"只",509.96,5099.6,"新增项目"]
[555,"▲","UPVC工业管直接","五金材料","联塑/日丰/南亚","dn32（公称外径）,PN16",240,"只",3.71,890.4,"新增项目"]
[556,"▲","UPVC工业管直接","五金材料","联塑/日丰/南亚","dn40（公称外径）,PN16",150,"只",6.22,933,"新增项目"]
[557,"▲","UPVC工业管直接","五金材料","联塑/日丰/南亚","dn50（公称外径）,PN16",150,"只",8.1,1215,"新增项目"]
[558,"▲","UPVC工业管直接","五金材料","联塑/日丰/南亚","dn63（公称外径）,PN16",105,"只",16.06,1686.3,"新增项目"]
[559,"▲","UPVC工业管直接","五金材料","联塑/日丰/南亚","dn75（公称外径）,PN16",55,"只",21.21,1166.55,"新增项目"]
[560,"▲","UPVC工业管直接","五金材料","联塑/日丰/南亚","dn90（公称外径）,PN16",55,"只",40.69,2237.95,"新增项目"]
[561,"▲","UPVC管帽","五金材料","联塑/日丰/南亚","dn110",16,"只",21.22,339.52]
[562,"▲","UPVC管帽","五金材料","联塑/日丰/南亚","dn125",13,"只",28.3,367.9]
[563,"▲","UPVC管帽","五金材料","联塑/日丰/南亚","dn140",13,"只",32.71,425.23]
[564,"▲","UPVC管帽","五金材料","联塑/日丰/南亚","dn160",13,"只",55.58,722.54]
[565,"▲","UPVC管帽","五金材料","联塑/日丰/南亚","dn20",16,"只",2.03,32.48]
[566,"▲","UPVC管帽","五金材料","联塑/日丰/南亚","dn25",16,"只",2.03,32.48]
[567,"▲","UPVC管帽","五金材料","联塑/日丰/南亚","dn32",16,"只",2.03,32.48]
[568,"▲","UPVC管帽","五金材料","联塑/日丰/南亚","dn40",16,"只",2.03,32.48]
[569,"▲","UPVC管帽","五金材料","联塑/日丰/南亚","dn50",16,"只",3.03,48.48]
[570,"▲","UPVC管帽","五金材料","联塑/日丰/南亚","dn63",16,"只",5.05,80.8]
[571,"▲","UPVC管帽","五金材料","联塑/日丰/南亚","dn75",16,"只",9.1,145.6]
[572,"▲","UPVC管帽","五金材料","联塑/日丰/南亚","dn90",16,"只",14.15,226.4]
[573,"▲","UPVC活接","五金材料","联塑/日丰/南亚","dn110（公称外径）,PN16",19,"只",106.1,2015.9]
[574,"▲","UPVC活接","五金材料","联塑/日丰/南亚","dn125（公称外径）,PN16",13,"只",103.07,1339.91]
[575,"▲","UPVC活接","五金材料","联塑/日丰/南亚","dn20（公称外径）,PN16",34,"只",4.04,137.36]
[576,"▲","UPVC活接","五金材料","联塑/日丰/南亚","dn25（公称外径）,PN16",34,"只",5.05,171.7]
[577,"▲","UPVC活接","五金材料","联塑/日丰/南亚","dn32（公称外径）,PN16",34,"只",8.09,{"$f":"I579*G579","v":275.06}]
[578,"▲","UPVC活接","五金材料","联塑/日丰/南亚","dn40（公称外径）,PN16",34,"只",12.13,412.42]
[579,"▲","UPVC活接","五金材料","联塑/日丰/南亚","dn50（公称外径）,PN16",34,"只",16.17,549.78]
[580,"▲","UPVC活接","五金材料","联塑/日丰/南亚","dn63（公称外径）,PN16",34,"只",36.38,1236.92]
[581,"▲","UPVC活接","五金材料","联塑/日丰/南亚","dn75（公称外径）,PN16",34,"只",47.49,1614.66]
[582,"▲","UPVC活接","五金材料","联塑/日丰/南亚","dn90（公称外径）,PN16",34,"只",79.83,2714.22]
[583,"▲","UPVC简单型球阀","五金材料","联塑/日丰/南亚","dn110（公称外径）,PN16",16,"只",218.27,3492.32]
[584,"▲","UPVC简单型球阀","五金材料","联塑/日丰/南亚","dn110（公称外径）,PN16，工业管用",16,"只",573.07,9169.12,"新增项目"]
[585,"▲","UPVC简单型球阀","五金材料","联塑/日丰/南亚","dn125（公称外径）,PN16",13,"只",232.42,3021.46]
[586,"▲","UPVC简单型球阀","五金材料","联塑/日丰/南亚","dn125（公称外径）,PN16，工业管用",13,"只",691.93,8995.09,"新增项目"]
[587,"▲","UPVC简单型球阀","五金材料","联塑/日丰/南亚","dn140（公称外径）,PN16",13,"只",260.7,3389.1]
[588,"▲","UPVC简单型球阀","五金材料","联塑/日丰/南亚","dn140（公称外径）,PN16，工业管用",13,"只",849.91,11048.83,"新增项目"]
[589,"▲","UPVC简单型球阀","五金材料","联塑/日丰/南亚","dn160（公称外径）,PN16",13,"只",354.68,4610.84]
[590,"▲","UPVC简单型球阀","五金材料","联塑/日丰/南亚","dn160（公称外径）,PN16，工业管用",13,"只",1028.57,13371.41,"新增项目"]
[591,"▲","UPVC简单型球阀","五金材料","联塑/日丰/南亚","dn20（公称外径）,PN16",40,"只",5.05,202]
[592,"▲","UPVC简单型球阀","五金材料","联塑/日丰/南亚","dn20（公称外径）,PN16，工业管用",40,"只",9.84,393.6,"新增项目"]
[593,"▲","UPVC简单型球阀","五金材料","联塑/日丰/南亚","dn25（公称外径）,PN16",40,"只",7.07,282.8]
[594,"▲","UPVC简单型球阀","五金材料","联塑/日丰/南亚","dn25（公称外径）,PN16，工业管用",40,"只",14.39,575.6,"新增项目"]
[595,"▲","UPVC简单型球阀","五金材料","联塑/日丰/南亚","dn32（公称外径）,PN16",40,"只",11.12,444.8]
[596,"▲","UPVC简单型球阀","五金材料","联塑/日丰/南亚","dn32（公称外径）,PN16，工业管用",40,"只",20.81,832.4,"新增项目"]
[597,"▲","UPVC简单型球阀","五金材料","联塑/日丰/南亚","dn40（公称外径）,PN16",28,"只",15.16,424.48]
[598,"▲","UPVC简单型球阀","五金材料","联塑/日丰/南亚","dn40（公称外径）,PN16，工业管用",28,"只",29.88,836.64,"新增项目"]
[599,"▲","UPVC简单型球阀","五金材料","联塑/日丰/南亚","dn50（公称外径）,PN16",28,"只",20.21,565.88]
[600,"▲","UPVC简单型球阀","五金材料","联塑/日丰/南亚","dn50（公称外径）,PN16，工业管用",28,"只",39.8,1114.4,"新增项目"]
[601,"▲","UPVC简单型球阀","五金材料","联塑/日丰/南亚","dn63（公称外径）,PN16",28,"只",31.33,877.24]
[602,"▲","UPVC简单型球阀","五金材料","联塑/日丰/南亚","dn63（公称外径）,PN16，工业管用",28,"只",67.46,1888.88,"新增项目"]
[603,"▲","UPVC简单型球阀","五金材料","联塑/日丰/南亚","dn75（公称外径）,PN16",12,"只",67.7,812.4]
[604,"▲","UPVC简单型球阀","五金材料","联塑/日丰/南亚","dn75（公称外径）,PN16，工业管用",12,"只",187.31,2247.72,"新增项目"]
[605,"▲","UPVC简单型球阀","五金材料","联塑/日丰/南亚","dn90（公称外径）,PN16",16,"只",89.93,1438.88]
[606,"▲","UPVC简单型球阀","五金材料","联塑/日丰/南亚","dn90（公称外径）,PN16，工业管用",16,"只",255.71,4091.36,"新增项目"]
[607,"▲","UPVC排水管","五金材料","联塑/日丰/南亚","dn110",65,"米",62.65,4072.25]
[608,"▲","UPVC排水管","五金材料","联塑/日丰/南亚","dn160",65,"米",129.34,8407.1]
[609,"▲","UPVC排水管","五金材料","联塑/日丰/南亚","dn200",65,"米",206.14,13399.1]
[610,"▲","UPVC排水管","五金材料","联塑/日丰/南亚","dn225",65,"米",246.56,16026.4]
[611,"▲","UPVC排水管","五金材料","联塑/日丰/南亚","dn250",65,"米",296.07,19244.55]
[612,"▲","UPVC排水管","五金材料","联塑/日丰/南亚","dn32",65,"米",8.09,525.85]
[613,"▲","UPVC排水管","五金材料","联塑/日丰/南亚","dn40",65,"米",12.13,788.45]
[614,"▲","UPVC排水管","五金材料","联塑/日丰/南亚","dn50",65,"米",17.18,1116.7]
[615,"▲","UPVC排水管","五金材料","联塑/日丰/南亚","dn63",65,"米",28.3,1839.5]
[616,"▲","UPVC排水管","五金材料","联塑/日丰/南亚","dn75",65,"米",36.38,2364.7]
[617,"▲","UPVC排水管","五金材料","联塑/日丰/南亚","dn90",65,"米",56.59,3678.35]
[618,"▲","UPVC排水管45°弯头","五金材料","联塑/日丰/南亚","dn110",5,"只",25.26,126.3]
[619,"▲","UPVC排水管45°弯头","五金材料","联塑/日丰/南亚","dn160",5,"只",66.69,333.45]
[620,"▲","UPVC排水管45°弯头","五金材料","联塑/日丰/南亚","dn200",4,"只",126.31,505.24]
[621,"▲","UPVC排水管45°弯头","五金材料","联塑/日丰/南亚","dn225",4,"只",172.8,691.2]
[622,"▲","UPVC排水管45°弯头","五金材料","联塑/日丰/南亚","dn250",4,"只",181.89,727.56]
[623,"▲","UPVC排水管45°弯头","五金材料","联塑/日丰/南亚","dn32",7,"只",3.03,21.21]
[624,"▲","UPVC排水管45°弯头","五金材料","联塑/日丰/南亚","dn40",7,"只",3.03,21.21]
[625,"▲","UPVC排水管45°弯头","五金材料","联塑/日丰/南亚","dn50",7,"只",5.05,35.35]
[626,"▲","UPVC排水管45°弯头","五金材料","联塑/日丰/南亚","dn63",5,"只",8.09,40.45]
[627,"▲","UPVC排水管45°弯头","五金材料","联塑/日丰/南亚","dn75",5,"只",11.12,55.6]
[628,"▲","UPVC排水管45°弯头","五金材料","联塑/日丰/南亚","dn90",5,"只",19.2,96]
[629,"▲","UPVC排水管90°弯头","五金材料","联塑/日丰/南亚","dn110",7,"只",33.5,234.5]
[630,"▲","UPVC排水管90°弯头","五金材料","联塑/日丰/南亚","dn160",5,"只",87.29,436.45]
[631,"▲","UPVC排水管90°弯头","五金材料","联塑/日丰/南亚","dn200",5,"只",168.49,842.45]
[632,"▲","UPVC排水管90°弯头","五金材料","联塑/日丰/南亚","dn225",5,"只",226.35,1131.75]
[633,"▲","UPVC排水管90°弯头","五金材料","联塑/日丰/南亚","dn250",5,"只",244.62,1223.1]
[634,"▲","UPVC排水管90°弯头","五金材料","联塑/日丰/南亚","dn32",13,"只",2.03,26.39]
[635,"▲","UPVC排水管90°弯头","五金材料","联塑/日丰/南亚","dn40",13,"只",3.04,39.52]
[636,"▲","UPVC排水管90°弯头","五金材料","联塑/日丰/南亚","dn50",13,"只",8.12,105.56]
[637,"▲","UPVC排水管90°弯头","五金材料","联塑/日丰/南亚","dn63",13,"只",9.14,118.82]
[638,"▲","UPVC排水管90°弯头","五金材料","联塑/日丰/南亚","dn75",7,"只",19.29,135.03]
[639,"▲","UPVC排水管90°弯头","五金材料","联塑/日丰/南亚","dn90",7,"只",20.3,142.1]
[640,"▲","UPVC排水管带检查口90°弯头","五金材料","联塑/日丰/南亚","dn110",7,"只",22.23,155.61]
[641,"▲","UPVC排水管带检查口90°弯头","五金材料","联塑/日丰/南亚","dn160",5,"只",50.53,{"$f":"I643*G643","v":252.65}]
[642,"▲","UPVC排水管带检查口90°弯头","五金材料","联塑/日丰/南亚","dn200",5,"只",104.08,520.4]
[643,"▲","UPVC排水管带检查口90°弯头","五金材料","联塑/日丰/南亚","dn225",5,"只",156.63,783.15]
[644,"▲","UPVC排水管带检查口90°弯头","五金材料","联塑/日丰/南亚","dn250",5,"只",176.83,884.15]
[645,"▲","UPVC排水管带检查口90°弯头","五金材料","联塑/日丰/南亚","dn32",13,"只",8.09,105.17]
[646,"▲","UPVC排水管带检查口90°弯头","五金材料","联塑/日丰/南亚","dn40",13,"只",8.09,105.17]
[647,"▲","UPVC排水管带检查口90°弯头","五金材料","联塑/日丰/南亚","dn50",13,"只",8.09,105.17]
[648,"▲","UPVC排水管带检查口90°弯头","五金材料","联塑/日丰/南亚","dn63",7,"只",11.12,77.84]
[649,"▲","UPVC排水管带检查口90°弯头","五金材料","联塑/日丰/南亚","dn75",7,"只",12.13,84.91]
[650,"▲","UPVC排水管带检查口90°弯头","五金材料","联塑/日丰/南亚","dn90",7,"只",19.2,134.4]
[651,"▲","UPVC排水管异径接头","五金材料","联塑/日丰/南亚","dn110转dn90",13,"只",19.2,249.6]
[652,"▲","UPVC排水管异径接头","五金材料","联塑/日丰/南亚","dn160转dn110",7,"只",48.51,339.57]
[653,"▲","UPVC排水管异径接头","五金材料","联塑/日丰/南亚","dn200转dn160",7,"只",97.01,679.07]
[654,"▲","UPVC排水管异径接头","五金材料","联塑/日丰/南亚","dn40转dn32",13,"只",3.03,39.39]
[655,"▲","UPVC排水管异径接头","五金材料","联塑/日丰/南亚","dn50转dn40",13,"只",4.04,52.52]
[656,"▲","UPVC排水管异径接头","五金材料","联塑/日丰/南亚","dn63转dn50",13,"只",6.06,78.78]
[657,"▲","UPVC排水管异径接头","五金材料","联塑/日丰/南亚","dn75转dn63",13,"只",7.07,91.91]
[658,"▲","UPVC排水管异径接头","五金材料","联塑/日丰/南亚","dn90转dn75",13,"只",10.11,131.43]
[659,"▲","UPVC排水管异径三通","五金材料","联塑/日丰/南亚","dn40转dn32",13,"只",5.05,65.65]
[660,"▲","UPVC排水管异径三通","五金材料","联塑/日丰/南亚","dn50转dn32",13,"只",7.07,91.91]
[661,"▲","UPVC排水管异径三通","五金材料","联塑/日丰/南亚","dn50转dn40",13,"只",8.09,105.17]
[662,"▲","UPVC排水管异径三通","五金材料","联塑/日丰/南亚","dn63转dn50",13,"只",14.15,183.95]
[663,"▲","UPVC排水管异径三通","五金材料","联塑/日丰/南亚","dn75转dn63",13,"只",25.26,328.38]
[664,"▲","UPVC排水管异径三通","五金材料","联塑/日丰/南亚","dn90转dn75",13,"只",30.32,394.16]
[665,"▲","UPVC排水管正三通","五金材料","联塑/日丰/南亚","dn110",25,"只",55.58,1389.5]
[666,"▲","UPVC排水管正三通","五金材料","联塑/日丰/南亚","dn160",10,"只",151.57,1515.7]
[667,"▲","UPVC排水管正三通","五金材料","联塑/日丰/南亚","dn200",10,"只",234.43,2344.3]
[668,"▲","UPVC排水管正三通","五金材料","联塑/日丰/南亚","dn225",10,"只",326.39,3263.9]
[669,"▲","UPVC排水管正三通","五金材料","联塑/日丰/南亚","dn250",10,"只",344.57,3445.7]
[670,"▲","UPVC排水管正三通","五金材料","联塑/日丰/南亚","dn32",25,"只",3.03,75.75]
[671,"▲","UPVC排水管正三通","五金材料","联塑/日丰/南亚","dn40",25,"只",5.05,126.25]
[672,"▲","UPVC排水管正三通","五金材料","联塑/日丰/南亚","dn50",25,"只",8.09,202.25]
[673,"▲","UPVC排水管正三通","五金材料","联塑/日丰/南亚","dn63",25,"只",15.16,379]
[674,"▲","UPVC排水管正三通","五金材料","联塑/日丰/南亚","dn75",25,"只",23.24,581]
[675,"▲","UPVC排水管正三通","五金材料","联塑/日丰/南亚","dn90",25,"只",33.35,833.75]
[676,"▲","UPVC排水管直接","五金材料","联塑/日丰/南亚","dn110",7,"只",18.27,127.89]
[677,"▲","UPVC排水管直接","五金材料","联塑/日丰/南亚","dn160",5,"只",47.71,238.55]
[678,"▲","UPVC排水管直接","五金材料","联塑/日丰/南亚","dn200",5,"只",89.32,446.6]
[679,"▲","UPVC排水管直接","五金材料","联塑/日丰/南亚","dn225",5,"只",118.76,593.8]
[680,"▲","UPVC排水管直接","五金材料","联塑/日丰/南亚","dn250",5,"只",127.89,639.45]
[681,"▲","UPVC排水管直接","五金材料","联塑/日丰/南亚","dn32",10,"只",2.03,20.3]
[682,"▲","UPVC排水管直接","五金材料","联塑/日丰/南亚","dn40",10,"只",2.03,20.3]
[683,"▲","UPVC排水管直接","五金材料","联塑/日丰/南亚","dn50",10,"只",6.09,60.9]
[684,"▲","UPVC排水管直接","五金材料","联塑/日丰/南亚","dn63",10,"只",6.09,60.9]
[685,"▲","UPVC排水管直接","五金材料","联塑/日丰/南亚","dn75",7,"只",8.12,56.84]
[686,"▲","UPVC排水管直接","五金材料","联塑/日丰/南亚","dn90",7,"只",13.2,92.4]
[687,"▲","UPVC双由令球阀","五金材料","联塑/日丰/南亚","dn110（公称外径）,PN16",12,"只",550.71,6608.52]
[688,"▲","UPVC双由令球阀","五金材料","联塑/日丰/南亚","dn110（公称外径）,PN16，工业管用",12,"只",884.93,10619.16,"新增项目"]
[689,"▲","UPVC双由令球阀","五金材料","联塑/日丰/南亚","dn20（公称外径）,PN16",22,"只",10.11,222.42]
[690,"▲","UPVC双由令球阀","五金材料","联塑/日丰/南亚","dn20（公称外径）,PN16，工业管用",22,"只",27.83,612.26,"新增项目"]
[691,"▲","UPVC双由令球阀","五金材料","联塑/日丰/南亚","dn25（公称外径）,PN16",22,"只",14.15,311.3]
[692,"▲","UPVC双由令球阀","五金材料","联塑/日丰/南亚","dn25（公称外径）,PN16，工业管用",22,"只",38.75,852.5,"新增项目"]
[693,"▲","UPVC双由令球阀","五金材料","联塑/日丰/南亚","dn32（公称外径）,PN16",22,"只",19.2,422.4]
[694,"▲","UPVC双由令球阀","五金材料","联塑/日丰/南亚","dn32（公称外径）,PN16，工业管用",22,"只",52.7,1159.4,"新增项目"]
[695,"▲","UPVC双由令球阀","五金材料","联塑/日丰/南亚","dn40（公称外径）,PN16",22,"只",28.3,622.6]
[696,"▲","UPVC双由令球阀","五金材料","联塑/日丰/南亚","dn40（公称外径）,PN16，工业管用",22,"只",76.67,1686.74,"新增项目"]
[697,"▲","UPVC双由令球阀","五金材料","联塑/日丰/南亚","dn50（公称外径）,PN16",22,"只",40.42,889.24]
[698,"▲","UPVC双由令球阀","五金材料","联塑/日丰/南亚","dn50（公称外径）,PN16，工业管用",22,"只",118.63,2609.86,"新增项目"]
[699,"▲","UPVC双由令球阀","五金材料","联塑/日丰/南亚","dn63（公称外径）,PN16",16,"只",65.68,1050.88]
[700,"▲","UPVC双由令球阀","五金材料","联塑/日丰/南亚","dn63（公称外径）,PN16，工业管用",16,"只",152.81,2444.96,"新增项目"]
[701,"▲","UPVC双由令球阀","五金材料","联塑/日丰/南亚","dn75（公称外径）,PN16",16,"只",153.59,2457.44]
[702,"▲","UPVC双由令球阀","五金材料","联塑/日丰/南亚","dn75（公称外径）,PN16，工业管用",16,"只",347.12,5553.92,"新增项目"]
[703,"▲","UPVC双由令球阀","五金材料","联塑/日丰/南亚","dn90（公称外径）,PN16",13,"只",321.34,4177.42]
[704,"▲","UPVC双由令球阀","五金材料","联塑/日丰/南亚","dn90（公称外径）,PN16，工业管用",13,"只",593.95,7721.35,"新增项目"]
[705,"▲","不锈钢防爆上水管","五金材料","九牧/潜水艇/科勒","长度100cm",61,"根",67.7,{"$f":"I707*G707","v":4129.7}]
[706,"▲","不锈钢防爆上水管","五金材料","九牧/潜水艇/科勒","长度60cm",91,"根",51.54,4690.14]
[707,"▲","不锈钢防爆上水管","五金材料","九牧/潜水艇/科勒","长度80cm",91,"根",58.61,5333.51]
[708,"▲","对夹式止回阀","五金材料","冠龙/郑蝶/凯士比","DN100，PN10",8,"套",1430.84,11446.72]
[709,"▲","对夹式止回阀","五金材料","冠龙/郑蝶/凯士比","DN125，PN10",8,"套",1760.26,14082.08]
[710,"▲","对夹式止回阀","五金材料","冠龙/郑蝶/凯士比","DN150，PN10",8,"套",2075.52,16604.16]
[711,"▲","对夹式止回阀","五金材料","冠龙/郑蝶/凯士比","DN200，PN10",6,"套",3367.93,20207.58]
[712,"▲","对夹式止回阀","五金材料","冠龙/郑蝶/凯士比","DN250，PN10",6,"套",5757.6,34545.6]
[713,"▲","对夹式止回阀","五金材料","冠龙/郑蝶/凯士比","DN300，PN10",6,"套",9811.67,58870.02]
[714,"▲","法兰式手动蝶阀","五金材料","冠龙/郑蝶/凯士比","DN100，PN10",10,"套",1306.55,13065.5]
[715,"▲","法兰式手动蝶阀","五金材料","冠龙/郑蝶/凯士比","DN125，PN10",10,"套",1791.58,17915.8]
[716,"▲","法兰式手动蝶阀","五金材料","冠龙/郑蝶/凯士比","DN150，PN10",10,"套",1862.31,18623.1]
[717,"▲","法兰式手动蝶阀","五金材料","冠龙/郑蝶/凯士比","DN200，PN10",8,"套",2773.76,22190.08]
[718,"▲","法兰式手动蝶阀","五金材料","冠龙/郑蝶/凯士比","DN250，PN10",8,"套",3521.52,28172.16]
[719,"▲","法兰式手动蝶阀","五金材料","冠龙/郑蝶/凯士比","DN300，PN10",6,"套",4726.01,28356.06]
[720,"▲","硅酮免垫片红胶","五金材料","卡夫特/硅宝/万达","K-383耐油耐压耐高温",190,"支",13.14,2496.6]
[721,"▲","环氧地坪漆","五金材料","三青/千居美/迅彩","任意颜色 防水耐磨面漆 15L/桶",62,"桶",1166.13,72300.06]
[722,"▲","黄铜长柄球阀","五金材料","埃美柯/唐柯/一靓","DN100,PN16",5,"只",1205.5,6027.5]
[723,"▲","黄铜长柄球阀","五金材料","埃美柯/唐柯/一靓","DN15,PN16",32,"只",31.33,1002.56]
[724,"▲","黄铜长柄球阀","五金材料","埃美柯/唐柯/一靓","DN20,PN16",32,"只",40.42,1293.44]
[725,"▲","黄铜长柄球阀","五金材料","埃美柯/唐柯/一靓","DN25,PN16",26,"只",64.68,1681.68]
[726,"▲","黄铜长柄球阀","五金材料","埃美柯/唐柯/一靓","DN32,PN16",14,"只",99.03,1386.42]
[727,"▲","黄铜长柄球阀","五金材料","埃美柯/唐柯/一靓","DN40,PN16",14,"只",156.63,2192.82]
[728,"▲","黄铜长柄球阀","五金材料","埃美柯/唐柯/一靓","DN50,PN16",8,"只",216.25,1730]
[729,"▲","黄铜长柄球阀","五金材料","埃美柯/唐柯/一靓","DN65,PN16",8,"只",518.37,4146.96]
[730,"▲","黄铜长柄球阀","五金材料","埃美柯/唐柯/一靓","DN80,PN16",6,"只",795.25,4771.5]
[731,"▲","角阀","五金材料","潜水艇/箭牌/九牧","4分，全铜",38,"只",42.44,1612.72]
[732,"▲","聚氨酯泡沫填缝剂","五金材料","奥斯邦/纽盾/R&T","750ml(配枪)",17,"套",89.93,1528.81]
[733,"▲","螺栓锁固剂","五金材料","乐泰/奥斯邦/金士达","50ml/瓶",8,"瓶",89.93,719.44]
[734,"▲","手动闸阀","五金材料","冠龙/郑蝶/凯士比","DN100，PN10",6,"套",942.77,5656.62]
[735,"▲","手动闸阀","五金材料","冠龙/郑蝶/凯士比","DN125，PN10",4,"套",1225.71,4902.84]
[736,"▲","手动闸阀","五金材料","冠龙/郑蝶/凯士比","DN150，PN10",6,"套",1583.42,9500.52]
[737,"▲","手动闸阀","五金材料","冠龙/郑蝶/凯士比","DN200，PN10",6,"套",2324.11,13944.66]
[738,"▲","手动闸阀","五金材料","冠龙/郑蝶/凯士比","DN250，PN10",6,"套",3244.65,19467.9]
[739,"▲","手动闸阀","五金材料","冠龙/郑蝶/凯士比","DN300，PN10",5,"套",4434.2,22171]
[740,"▲","铁红防锈底漆","五金材料","电视塔/迅彩/诺一美","18kg/桶",50,"桶",555.77,27788.5]
[741,"▲","铁红防锈底漆","五金材料","电视塔/迅彩/诺一美","1kg/桶",26,"桶",122.28,3179.28]
[742,"▲","铁红防锈底漆","五金材料","电视塔/迅彩/诺一美","3kg/桶",26,"桶",143.51,3731.26]
[743,"▲","硬骨架密封","五金材料","UCK/NOK/CFW","轴径101-125mm",14,"个",103.07,1442.98]
[744,"▲","硬骨架密封","五金材料","UCK/NOK/CFW","轴径10mm",32,"个",24.25,776]
[745,"▲","硬骨架密封","五金材料","UCK/NOK/CFW","轴径11-20mm",26,"个",24.25,630.5]
[746,"▲","硬骨架密封","五金材料","UCK/NOK/CFW","轴径126-150mm",14,"个",114.19,1598.66]
[747,"▲","硬骨架密封","五金材料","UCK/NOK/CFW","轴径21-30mm",26,"个",25.27,657.02]
[748,"▲","硬骨架密封","五金材料","UCK/NOK/CFW","轴径31-40mm",26,"个",34.36,893.36]
[749,"▲","硬骨架密封","五金材料","UCK/NOK/CFW","轴径41-55mm",32,"个",39.4,1260.8]
[750,"▲","硬骨架密封","五金材料","UCK/NOK/CFW","轴径56-70mm",32,"个",49.52,1584.64]
[751,"▲","硬骨架密封","五金材料","UCK/NOK/CFW","轴径71-85mm",32,"个",67.7,2166.4]
[752,"▲","硬骨架密封","五金材料","UCK/NOK/CFW","轴径86-100mm",32,"个",68.72,2199.04]
[753,"▲","油漆","五金材料","电视塔/迅彩/诺一美","醇酸磁漆，任意颜色 18kg/桶",62,"桶",525.77,32597.74]
[754,"▲","油漆","五金材料","电视塔/迅彩/诺一美","醇酸磁漆，任意颜色 1kg/桶",50,"桶",230.39,11519.5]
[755,"▲","油漆","五金材料","电视塔/迅彩/诺一美","醇酸磁漆，任意颜色 3kg/桶",50,"桶",246.56,12328]
[756,"▲","轴承紧固剂","五金材料","乐泰/奥斯邦/金士达","50ml/瓶",8,"瓶",137.42,1099.36]
[757,null,"304不锈钢U型管卡","五金材料","任意品牌","M10×114",42,"只",11.22,471.24]
[758,null,"304不锈钢U型管卡","五金材料","任意品牌","M10×135",42,"只",13.42,563.64]
[759,null,"304不锈钢U型管卡","五金材料","任意品牌","M10×161",42,"只",16.45,690.9]
[760,null,"304不锈钢U型管卡","五金材料","任意品牌","M12×220",24,"只",28.72,689.28]
[761,null,"304不锈钢U型管卡","五金材料","任意品牌","M12×275",24,"只",39.03,936.72]
[762,null,"304不锈钢U型管卡","五金材料","任意品牌","M12×328",24,"只",45.83,1099.92]
[763,null,"304不锈钢U型管卡","五金材料","任意品牌","M4×22",42,"只",4.4,184.8]
[764,null,"304不锈钢U型管卡","五金材料","任意品牌","M4×27",42,"只",4.44,186.48]
[765,null,"304不锈钢U型管卡","五金材料","任意品牌","M5×34",42,"只",5.68,238.56]
[766,null,"304不锈钢U型管卡","五金材料","任意品牌","M5×42",42,"只",5.77,242.34]
[767,null,"304不锈钢U型管卡","五金材料","任意品牌","M6×51",42,"只",4.79,201.18]
[768,null,"304不锈钢U型管卡","五金材料","任意品牌","M6×60",42,"只",4.94,207.48]
[769,null,"304不锈钢U型管卡","五金材料","任意品牌","M8×76",42,"只",7.97,{"$f":"I771*G771","v":334.74}]
[770,null,"304不锈钢U型管卡","五金材料","任意品牌","M8×90",42,"只",9.59,402.78]
[771,null,"304不锈钢U型卸扣","五金材料","任意品牌","国标尺寸",38,"千克",237.47,9023.86]
[772,null,"304不锈钢板","五金材料","任意品牌","国标尺寸",4800,"千克",51.76,248448]
[773,null,"304不锈钢薄板","五金材料","任意品牌","1220×2440mm,0.8mm厚",4,"张",570.44,2281.76]
[774,null,"304不锈钢薄板","五金材料","任意品牌","1220×2440mm,1.0mm厚",4,"张",704.41,2817.64]
[775,null,"304不锈钢薄板","五金材料","任意品牌","1220×2440mm,1.2mm厚",4,"张",865.8,3463.2]
[776,null,"304不锈钢薄板","五金材料","任意品牌","1220×2440mm,1.4mm厚",4,"张",1088.08,4352.32]
[777,null,"304不锈钢扁钢","五金材料","任意品牌","国标尺寸",240,"千克",51.76,12422.4]
[778,null,"304不锈钢波纹伸缩接头","五金材料","任意品牌","DN100，PN10",4,"只",533.54,2134.16]
[779,null,"304不锈钢波纹伸缩接头","五金材料","任意品牌","DN125，PN10",4,"只",675,2700]
[780,null,"304不锈钢波纹伸缩接头","五金材料","任意品牌","DN150，PN10",6,"只",840.74,5044.44]
[781,null,"304不锈钢波纹伸缩接头","五金材料","任意品牌","DN200，PN10",6,"只",1059.99,6359.94]
[782,null,"304不锈钢波纹伸缩接头","五金材料","任意品牌","DN250，PN10",6,"只",1799.68,10798.08]
[783,null,"304不锈钢波纹伸缩接头","五金材料","任意品牌","DN300，PN10",5,"只",2297.83,11489.15]
[784,null,"304不锈钢槽钢","五金材料","任意品牌","国标尺寸",600,"千克",51.76,31056]
[785,null,"304不锈钢弹垫","五金材料","任意品牌","国标尺寸",14,"千克",201.08,2815.12]
[786,null,"304不锈钢电焊条","五金材料","任意品牌","2.5mm",60,"千克",41.07,2464.2]
[787,null,"304不锈钢电焊条","五金材料","任意品牌","3.2mm",90,"千克",40.22,3619.8]
[788,null,"304不锈钢电焊条","五金材料","任意品牌","4.0mm",48,"千克",40.22,1930.56]
[789,null,"304不锈钢电缆网套","五金材料","任意品牌","直径13-18mm，单股线径≥1mm，长度≥0.7m，带拉环",5,"条",80.64,403.2,"新增项目"]
[790,null,"304不锈钢电缆网套","五金材料","任意品牌","直径18-25mm，单股线径≥1mm，长度≥0.8m，带拉环",5,"条",89.64,448.2,"新增项目"]
[791,null,"304不锈钢电缆网套","五金材料","任意品牌","直径25-34mm，单股线径≥1.2mm，长度≥1.2m，带拉环",5,"条",95.95,479.75,"新增项目"]
[792,null,"304不锈钢电缆网套","五金材料","任意品牌","直径35-48mm，单股线径≥1.2mm，长度≥1.2m，带拉环",5,"条",113.63,568.15,"新增项目"]
[793,null,"304不锈钢电缆网套","五金材料","任意品牌","直径49-60mm，单股线径≥1.2mm，长度≥1.2m，带拉环",5,"条",145.33,726.65,"新增项目"]
[794,null,"304不锈钢电缆网套","五金材料","任意品牌","直径9-12mm，单股线径≥1mm，长度≥0.6m，带拉环",5,"条",76.74,383.7,"新增项目"]
[795,null,"304不锈钢吊环螺母","五金材料","任意品牌","国标尺寸",14,"千克",167.74,2348.36]
[796,null,"304不锈钢吊环螺栓","五金材料","任意品牌","国标尺寸",14,"千克",155.62,2178.68]
[797,null,"304不锈钢法兰盲板","五金材料","任意品牌","DN100，PN10",9,"片",172.91,1556.19]
[798,null,"304不锈钢法兰盲板","五金材料","任意品牌","DN100，PN16",3,"片",266.15,798.45]
[799,null,"304不锈钢法兰盲板","五金材料","任意品牌","DN125，PN10",9,"片",235.07,2115.63]
[800,null,"304不锈钢法兰盲板","五金材料","任意品牌","DN125，PN16",3,"片",377.41,1132.23]
[801,null,"304不锈钢法兰盲板","五金材料","任意品牌","DN150，PN10",4,"片",348.64,1394.56]
[802,null,"304不锈钢法兰盲板","五金材料","任意品牌","DN150，PN16",3,"片",500.68,1502.04]
[803,null,"304不锈钢法兰盲板","五金材料","任意品牌","DN200，PN10",4,"片",560.93,2243.72]
[804,null,"304不锈钢法兰盲板","五金材料","任意品牌","DN200，PN16",3,"片",864.33,2592.99]
[805,null,"304不锈钢法兰盲板","五金材料","任意品牌","DN25，PN10",9,"片",49.7,447.3]
[806,null,"304不锈钢法兰盲板","五金材料","任意品牌","DN25，PN16",3,"片",64.15,192.45]
[807,null,"304不锈钢法兰盲板","五金材料","任意品牌","DN250，PN10",4,"片",860.24,3440.96]
[808,null,"304不锈钢法兰盲板","五金材料","任意品牌","DN250，PN16",3,"片",1390.17,4170.51]
[809,null,"304不锈钢法兰盲板","五金材料","任意品牌","DN300，PN10",4,"片",1107.41,4429.64]
[810,null,"304不锈钢法兰盲板","五金材料","任意品牌","DN300，PN16",2,"片",1928.4,3856.8]
[811,null,"304不锈钢法兰盲板","五金材料","任意品牌","DN32，PN10",9,"片",72.15,649.35]
[812,null,"304不锈钢法兰盲板","五金材料","任意品牌","DN32，PN16",3,"片",98.26,294.78]
[813,null,"304不锈钢法兰盲板","五金材料","任意品牌","DN40，PN10",9,"片",85.74,771.66]
[814,null,"304不锈钢法兰盲板","五金材料","任意品牌","DN40，PN16",3,"片",113.06,339.18]
[815,null,"304不锈钢法兰盲板","五金材料","任意品牌","DN50，PN10",9,"片",105.46,949.14]
[816,null,"304不锈钢法兰盲板","五金材料","任意品牌","DN50，PN16",3,"片",136.31,408.93]
[817,null,"304不锈钢法兰盲板","五金材料","任意品牌","DN65，PN10",9,"片",126.65,1139.85]
[818,null,"304不锈钢法兰盲板","五金材料","任意品牌","DN65，PN16",3,"片",175.03,525.09]
[819,null,"304不锈钢法兰盲板","五金材料","任意品牌","DN80，PN10",9,"片",149.73,1347.57]
[820,null,"304不锈钢法兰盲板","五金材料","任意品牌","DN80，PN16",3,"片",221.05,663.15]
[821,null,"304不锈钢法兰橡胶软接头","五金材料","任意品牌","DN100，PN16，耐酸碱、高温",4,"只",504.22,2016.88]
[822,null,"304不锈钢法兰橡胶软接头","五金材料","任意品牌","DN125，PN16，耐酸碱、高温",4,"只",825.56,3302.24]
[823,null,"304不锈钢法兰橡胶软接头","五金材料","任意品牌","DN150，PN16，耐酸碱、高温",4,"只",1019.57,4078.28]
[824,null,"304不锈钢法兰橡胶软接头","五金材料","任意品牌","DN200，PN16，耐酸碱、高温",4,"只",1350,5400]
[825,null,"304不锈钢法兰橡胶软接头","五金材料","任意品牌","DN250，PN16，耐酸碱、高温",4,"只",2032.08,8128.32]
[826,null,"304不锈钢法兰橡胶软接头","五金材料","任意品牌","DN300，PN16，耐酸碱、高温",3,"只",2557.53,7672.59]
[827,null,"304不锈钢方钢","五金材料","任意品牌","国标尺寸",360,"千克",51.76,18633.6]
[828,null,"304不锈钢方通","五金材料","任意品牌","国标尺寸",600,"千克",51.76,31056]
[829,null,"304不锈钢钢丝绳","五金材料","任意品牌","直径10mm",300,"米",15.75,4725]
[830,null,"304不锈钢钢丝绳","五金材料","任意品牌","直径12mm",180,"米",19.53,3515.4]
[831,null,"304不锈钢钢丝绳","五金材料","任意品牌","直径14mm",12,"米",26.57,318.84]
[832,null,"304不锈钢钢丝绳","五金材料","任意品牌","直径16mm",12,"米",36.26,435.12]
[833,null,"304不锈钢钢丝绳","五金材料","任意品牌","直径20mm",12,"米",53.96,{"$f":"I835*G835","v":647.52}]
[834,null,"304不锈钢钢丝绳","五金材料","任意品牌","直径2mm",120,"米",1.63,195.6]
[835,null,"304不锈钢钢丝绳","五金材料","任意品牌","直径3mm",120,"米",2.36,283.2]
[836,null,"304不锈钢钢丝绳","五金材料","任意品牌","直径4mm",120,"米",3.84,460.8]
[837,null,"304不锈钢钢丝绳","五金材料","任意品牌","直径5mm",120,"米",6.22,746.4]
[838,null,"304不锈钢钢丝绳","五金材料","任意品牌","直径6mm",120,"米",8.35,1002]
[839,null,"304不锈钢钢丝绳","五金材料","任意品牌","直径8mm",300,"米",11.39,3417]
[840,null,"304不锈钢钢丝绳锁扣","五金材料","任意品牌","国标尺寸",14,"千克",219.29,3070.06]
[841,null,"304不锈钢格网","五金材料","任意品牌","国标尺寸",240,"千克",63.94,15345.6]
[842,null,"304不锈钢工字钢","五金材料","任意品牌","国标尺寸",120,"千克",52.78,6333.6]
[843,null,"304不锈钢管","五金材料","任意品牌","国标尺寸",2400,"千克",51.76,124224]
[844,null,"304不锈钢管件","五金材料","任意品牌","国标尺寸",240,"千克",115.71,27770.4]
[845,null,"304不锈钢焊接法兰","五金材料","任意品牌","DN100，PN10",21,"片",141.82,2978.22]
[846,null,"304不锈钢焊接法兰","五金材料","任意品牌","DN100，PN16",12,"片",209.6,2515.2]
[847,null,"304不锈钢焊接法兰","五金材料","任意品牌","DN125，PN10",12,"片",193.31,2319.72]
[848,null,"304不锈钢焊接法兰","五金材料","任意品牌","DN125，PN16",12,"片",281.83,3381.96]
[849,null,"304不锈钢焊接法兰","五金材料","任意品牌","DN150，PN10",21,"片",248.46,5217.66]
[850,null,"304不锈钢焊接法兰","五金材料","任意品牌","DN150，PN16",12,"片",360.45,4325.4]
[851,null,"304不锈钢焊接法兰","五金材料","任意品牌","DN200，PN10",21,"片",341.72,7176.12]
[852,null,"304不锈钢焊接法兰","五金材料","任意品牌","DN200，PN16",12,"片",470.4,5644.8]
[853,null,"304不锈钢焊接法兰","五金材料","任意品牌","DN25，PN10",12,"片",39.34,472.08]
[854,null,"304不锈钢焊接法兰","五金材料","任意品牌","DN25，PN16",12,"片",47.77,573.24]
[855,null,"304不锈钢焊接法兰","五金材料","任意品牌","DN250，PN10",21,"片",439.69,9233.49]
[856,null,"304不锈钢焊接法兰","五金材料","任意品牌","DN250，PN16",12,"片",760.24,9122.88]
[857,null,"304不锈钢焊接法兰","五金材料","任意品牌","DN300，PN10",12,"片",580.98,6971.76]
[858,null,"304不锈钢焊接法兰","五金材料","任意品牌","DN300，PN16",12,"片",962.81,11553.72]
[859,null,"304不锈钢焊接法兰","五金材料","任意品牌","DN32，PN10",12,"片",59.55,714.6]
[860,null,"304不锈钢焊接法兰","五金材料","任意品牌","DN32，PN16",12,"片",65.48,785.76]
[861,null,"304不锈钢焊接法兰","五金材料","任意品牌","DN40，PN10",12,"片",68.41,820.92]
[862,null,"304不锈钢焊接法兰","五金材料","任意品牌","DN40，PN16",12,"片",76.55,918.6]
[863,null,"304不锈钢焊接法兰","五金材料","任意品牌","DN50，PN10",12,"片",78,936]
[864,null,"304不锈钢焊接法兰","五金材料","任意品牌","DN50，PN16",12,"片",95,1140]
[865,null,"304不锈钢焊接法兰","五金材料","任意品牌","DN65，PN10",12,"片",97.93,1175.16]
[866,null,"304不锈钢焊接法兰","五金材料","任意品牌","DN65，PN16",12,"片",124.98,1499.76]
[867,null,"304不锈钢焊接法兰","五金材料","任意品牌","DN80，PN10",12,"片",116.44,1397.28]
[868,null,"304不锈钢焊接法兰","五金材料","任意品牌","DN80，PN16",12,"片",140.76,1689.12]
[869,null,"304不锈钢喉箍","五金材料","任意品牌","130-178mm",38,"个",3.03,115.14]
[870,null,"304不锈钢喉箍","五金材料","任意品牌","14-51mm",50,"个",2.03,101.5]
[871,null,"304不锈钢喉箍","五金材料","任意品牌","160-245mm",26,"个",4.04,105.04]
[872,null,"304不锈钢喉箍","五金材料","任意品牌","230-340mm",26,"个",5.05,131.3]
[873,null,"304不锈钢喉箍","五金材料","任意品牌","46-95mm",38,"个",2.03,77.14]
[874,null,"304不锈钢喉箍","五金材料","任意品牌","84-140mm",38,"个",2.03,77.14]
[875,null,"304不锈钢花篮螺栓","五金材料","任意品牌","国标尺寸",26,"千克",167.74,4361.24]
[876,null,"304不锈钢角钢","五金材料","任意品牌","国标尺寸",4800,"千克",51.76,248448]
[877,null,"304不锈钢金属缠绕石墨垫片","五金材料","任意品牌","DN100",6,"片",16.17,97.02]
[878,null,"304不锈钢金属缠绕石墨垫片","五金材料","任意品牌","DN125",6,"片",19.19,115.14]
[879,null,"304不锈钢金属缠绕石墨垫片","五金材料","任意品牌","DN150",6,"片",24.25,145.5]
[880,null,"304不锈钢金属缠绕石墨垫片","五金材料","任意品牌","DN200",6,"片",39.4,236.4]
[881,null,"304不锈钢金属缠绕石墨垫片","五金材料","任意品牌","DN250",6,"片",46.48,278.88]
[882,null,"304不锈钢金属缠绕石墨垫片","五金材料","任意品牌","DN300",6,"片",55.58,333.48]
[883,null,"304不锈钢金属缠绕石墨垫片","五金材料","任意品牌","DN350",6,"片",74.78,448.68]
[884,null,"304不锈钢金属缠绕石墨垫片","五金材料","任意品牌","DN400",6,"片",99.11,594.66]
[885,null,"304不锈钢金属缠绕石墨垫片","五金材料","任意品牌","DN450",4,"片",109.14,436.56]
[886,null,"304不锈钢金属缠绕石墨垫片","五金材料","任意品牌","DN500",4,"片",134.4,537.6]
[887,null,"304不锈钢金属缠绕石墨垫片","五金材料","任意品牌","DN600",4,"片",170.77,683.08]
[888,null,"304不锈钢卡扣式快速接头","五金材料","任意品牌","DN100",62,"套",398.13,24684.06]
[889,null,"304不锈钢卡扣式快速接头","五金材料","任意品牌","DN150",32,"套",1086.28,34760.96]
[890,null,"304不锈钢卡扣式快速接头","五金材料","任意品牌","DN50",62,"套",132.39,8208.18]
[891,null,"304不锈钢卡扣式快速接头","五金材料","任意品牌","DN65",62,"套",189.97,11778.14]
[892,null,"304不锈钢卡扣式快速接头","五金材料","任意品牌","DN80",62,"套",261.71,16226.02]
[893,null,"304不锈钢链条","五金材料","任意品牌","国标尺寸",240,"千克",54.81,13154.4]
[894,null,"304不锈钢螺钉","五金材料","任意品牌","国标尺寸",26,"千克",134.4,3494.4]
[895,null,"304不锈钢螺母","五金材料","任意品牌","国标尺寸",38,"千克",189.03,7183.14]
[896,null,"304不锈钢内六角螺栓","五金材料","任意品牌","国标尺寸",122,"千克",134.4,16396.8]
[897,null,"304不锈钢膨胀螺栓","五金材料","任意品牌","国标尺寸",182,"千克",79.82,{"$f":"I899*G899","v":14527.24}]
[898,null,"304不锈钢膨胀弯钩螺栓","五金材料","任意品牌","国标尺寸",26,"千克",89.93,2338.18]
[899,null,"304不锈钢平垫","五金材料","任意品牌","国标尺寸",14,"千克",201.08,2815.12]
[900,null,"304不锈钢骑马卡管夹","五金材料","任意品牌","M16，加厚",30,"只",4.04,121.2]
[901,null,"304不锈钢骑马卡管夹","五金材料","任意品牌","M18，加厚",30,"只",4.04,121.2]
[902,null,"304不锈钢骑马卡管夹","五金材料","任意品牌","M20，加厚",30,"只",5.06,151.8]
[903,null,"304不锈钢骑马卡管夹","五金材料","任意品牌","M25，加厚",30,"只",5.06,151.8]
[904,null,"304不锈钢骑马卡管夹","五金材料","任意品牌","M32，加厚",30,"只",5.06,151.8]
[905,null,"304不锈钢骑马卡管夹","五金材料","任意品牌","M35，加厚",30,"只",6.06,181.8]
[906,null,"304不锈钢骑马卡管夹","五金材料","任意品牌","M40，加厚",30,"只",6.06,181.8]
[907,null,"304不锈钢骑马卡管夹","五金材料","任意品牌","M50，加厚",30,"只",7.07,212.1]
[908,null,"304不锈钢骑马卡管夹","五金材料","任意品牌","M57，加厚",18,"只",7.07,127.26]
[909,null,"304不锈钢骑马卡管夹","五金材料","任意品牌","M63，加厚",18,"只",8.09,145.62]
[910,null,"304不锈钢骑马卡管夹","五金材料","任意品牌","M76，加厚",18,"只",9.1,163.8]
[911,null,"304不锈钢骑马卡管夹","五金材料","任意品牌","M90，加厚",18,"只",10.11,181.98]
[912,null,"304不锈钢丝杆","五金材料","任意品牌","国标尺寸",62,"千克",79.82,4948.84]
[913,null,"304不锈钢外六角螺栓","五金材料","任意品牌","国标尺寸",242,"千克",134.4,32524.8]
[914,null,"304不锈钢无轴螺旋","五金材料","任意品牌","螺旋外径200mm；厚度≥15mm，国标尺寸",10,"米",1761.03,17610.3]
[915,null,"304不锈钢无轴螺旋","五金材料","任意品牌","螺旋外径260mm；厚度≥16mm，国标尺寸",10,"米",2185.3,21853]
[916,null,"304不锈钢无轴螺旋","五金材料","任意品牌","螺旋外径320mm；厚度≥20mm，国标尺寸",10,"米",2754.71,27547.1]
[917,null,"304不锈钢圆钢","五金材料","任意品牌","国标尺寸",720,"千克",51.76,37267.2]
[918,null,"304不锈钢扎带","五金材料","任意品牌","4.6×300mm，100条/包",6,"包",42.46,254.76]
[919,null,"304不锈钢扎带","五金材料","任意品牌","7.9×400mm，100条/包",6,"包",94.99,569.94]
[920,null,"410不锈钢自钻螺钉","五金材料","任意品牌","国标尺寸",24,"千克",202.1,4850.4]
[921,null,"502胶水","五金材料","任意品牌","快干",60,"支",4.04,242.4]
[922,null,"ABS外牙旋转喷头","五金材料","任意品牌","4分",3,"个",11.12,33.36]
[923,null,"ABS外牙旋转喷头","五金材料","任意品牌","6分",3,"个",17.19,51.57]
[924,null,"AB胶","五金材料","任意品牌","20g/组",120,"组",15.17,1820.4]
[925,null,"L型加油管","五金材料","任意品牌","M16×1.5 长160cm",6,"个",45.48,272.88]
[926,null,"PA6尼龙气管","五金材料","任意品牌","10×1.5mm",60,"米",7.07,424.2]
[927,null,"PA6尼龙气管","五金材料","任意品牌","12×1.5mm",60,"米",9.1,546]
[928,null,"PA6尼龙气管","五金材料","任意品牌","12×1mm",60,"米",7.07,424.2]
[929,null,"PA6尼龙气管","五金材料","任意品牌","14×1.5mm",48,"米",11.12,533.76]
[930,null,"PA6尼龙气管","五金材料","任意品牌","16×1.5mm",48,"米",14.15,679.2]
[931,null,"PA6尼龙气管","五金材料","任意品牌","6×1mm",48,"米",4.04,193.92]
[932,null,"PA6尼龙气管","五金材料","任意品牌","8×1.5mm",60,"米",5.05,303]
[933,null,"PP隔膜压力表","五金材料","任意品牌","耐酸碱,径向安装",6,"个",67.7,406.2]
[934,null,"pu聚氨酯板","五金材料","任意品牌","4m*1m，厚8mm",2,"块",1403.46,2806.92]
[935,null,"PU气管","五金材料","任意品牌","外径10mm、内径6.5mm",90,"米",3.03,272.7]
[936,null,"PU气管","五金材料","任意品牌","外径12mm、内径8mm",180,"米",4.04,727.2]
[937,null,"PU气管","五金材料","任意品牌","外径14mm、内径10mm",180,"米",6.06,1090.8]
[938,null,"PU气管","五金材料","任意品牌","外径16mm、内径12mm",180,"米",8.09,1456.2]
[939,null,"PU气管","五金材料","任意品牌","外径6mm、内径4mm",90,"米",2.03,182.7]
[940,null,"PU气管","五金材料","任意品牌","外径8mm、内径5mm",90,"米",2.92,262.8]
[941,null,"PU气管管件","五金材料","任意品牌","国标尺寸",18,"千克",51.54,927.72]
[942,null,"PVC挡鼠板","五金材料","任意品牌","2000mm*600mm*10mm",12,"块",921.58,11058.96]
[943,null,"PVC透明钢丝软管","五金材料","任意品牌","内径110mm，厚5.5mm",83,"米",111.16,9226.28]
[944,null,"PVC透明钢丝软管","五金材料","任意品牌","内径127mm，厚6.5mm",18,"米",146.53,2637.54]
[945,null,"PVC透明钢丝软管","五金材料","任意品牌","内径160mm，厚7mm",18,"米",242.52,4365.36]
[946,null,"PVC透明钢丝软管","五金材料","任意品牌","内径25mm，厚3.5mm",101,"米",11.12,1123.12]
[947,null,"PVC透明钢丝软管","五金材料","任意品牌","内径32mm，厚4mm",185,"米",17.19,3180.15]
[948,null,"PVC透明钢丝软管","五金材料","任意品牌","内径40mm，厚3.5mm",95,"米",21.23,2016.85]
[949,null,"PVC透明钢丝软管","五金材料","任意品牌","内径50mm，厚5mm",95,"米",38.44,3651.8]
[950,null,"PVC透明钢丝软管","五金材料","任意品牌","内径64mm，厚4.5mm",53,"米",50.53,2678.09]
[951,null,"PVC透明钢丝软管","五金材料","任意品牌","内径75mm，厚4.5mm",47,"米",59.61,2801.67]
[952,null,"PVC透明管","五金材料","任意品牌","DN20",60,"米",13.13,787.8]
[953,null,"PVC透明管","五金材料","任意品牌","DN25",60,"米",18.21,1092.6]
[954,null,"PVC透明管","五金材料","任意品牌","DN32",60,"米",21.23,1273.8]
[955,null,"PVC阻燃波纹管","五金材料","任意品牌","内径12mm，50米/卷，任意颜色",12,"卷",71.75,861]
[956,null,"PVC阻燃波纹管","五金材料","任意品牌","内径16mm，50米/卷，任意颜色",12,"卷",83.87,1006.44]
[957,null,"PVC阻燃波纹管","五金材料","任意品牌","内径20mm，50米/卷，任意颜色",12,"卷",100.03,1200.36]
[958,null,"PVC阻燃波纹管","五金材料","任意品牌","内径25mm，50米/卷，任意颜色",18,"卷",140.45,2528.1]
[959,null,"PVC阻燃波纹管","五金材料","任意品牌","内径32mm，30米/卷，任意颜色",18,"卷",143.51,2583.18]
[960,null,"PVC阻燃波纹管","五金材料","任意品牌","内径40mm，25米/卷，任意颜色",12,"卷",206.14,2473.68]
[961,null,"PVC阻燃波纹管","五金材料","任意品牌","内径50mm，15米/卷，任意颜色",6,"卷",231.4,{"$f":"I963*G963","v":1388.4}]
[962,null,"PVC阻燃线槽","五金材料","任意品牌","20mmX10mmX4000mm",60,"条",11.12,667.2]
[963,null,"PVC阻燃线槽","五金材料","任意品牌","30mmX15mmX4000mm",36,"条",21.23,764.28]
[964,null,"PVC阻燃线槽","五金材料","任意品牌","39mmX19mmX4000mm",30,"条",23.24,697.2]
[965,null,"PVC阻燃线槽","五金材料","任意品牌","50mmX25mmX4000mm",24,"条",39.4,945.6]
[966,null,"PVC阻燃线管","五金材料","任意品牌","DN20，4米/根",30,"根",12.13,363.9]
[967,null,"PVC阻燃线管","五金材料","任意品牌","DN25，4米/根",30,"根",20.21,606.3]
[968,null,"PVC阻燃线管","五金材料","任意品牌","DN32，4米/根",18,"根",31.33,563.94]
[969,null,"PVC阻燃线管","五金材料","任意品牌","DN40，4米/根",18,"根",42.46,764.28]
[970,null,"PVC阻燃线管45°弯头","五金材料","任意品牌","dn20",48,"个",1.02,48.96]
[971,null,"PVC阻燃线管45°弯头","五金材料","任意品牌","dn25",48,"个",1.02,48.96]
[972,null,"PVC阻燃线管45°弯头","五金材料","任意品牌","dn32",48,"个",2.03,97.44]
[973,null,"PVC阻燃线管45°弯头","五金材料","任意品牌","dn40",48,"个",2.03,97.44]
[974,null,"PVC阻燃线管90°弯头","五金材料","任意品牌","dn20",120,"个",1.02,122.4]
[975,null,"PVC阻燃线管90°弯头","五金材料","任意品牌","dn25",120,"个",1.02,122.4]
[976,null,"PVC阻燃线管90°弯头","五金材料","任意品牌","dn32",120,"个",2.03,243.6]
[977,null,"PVC阻燃线管90°弯头","五金材料","任意品牌","dn40",120,"个",3.03,363.6]
[978,null,"PVC阻燃线管盒","五金材料","任意品牌","明装 86mmX86mm",180,"个",7.07,1272.6]
[979,null,"PVC阻燃线管三通","五金材料","任意品牌","dn20",120,"个",1.02,122.4]
[980,null,"PVC阻燃线管三通","五金材料","任意品牌","dn25",120,"个",2.03,243.6]
[981,null,"PVC阻燃线管三通","五金材料","任意品牌","dn32",120,"个",2.03,243.6]
[982,null,"PVC阻燃线管三通","五金材料","任意品牌","dn40",120,"个",3.03,363.6]
[983,null,"PVC阻燃线管直接","五金材料","任意品牌","dn20",90,"个",1.02,91.8]
[984,null,"PVC阻燃线管直接","五金材料","任意品牌","dn25",90,"个",1.02,91.8]
[985,null,"PVC阻燃线管直接","五金材料","任意品牌","dn32",90,"个",1.02,91.8]
[986,null,"PVC阻燃线管直接","五金材料","任意品牌","dn40",90,"个",2.03,182.7]
[987,null,"UPVC Y型过滤器","五金材料","任意品牌","dn110",3,"只",2246.14,6738.42]
[988,null,"UPVC Y型过滤器","五金材料",null,"dn110，工业管用",3,"只",2269.28,6807.84,"新增项目"]
[989,null,"UPVC Y型过滤器","五金材料","任意品牌","dn125",3,"只",2923.34,8770.02]
[990,null,"UPVC Y型过滤器","五金材料",null,"dn125，工业管用",3,"只",2953.68,8861.04,"新增项目"]
[991,null,"UPVC Y型过滤器","五金材料","任意品牌","dn140",3,"只",3622.58,10867.74]
[992,null,"UPVC Y型过滤器","五金材料",null,"dn140，工业管用",3,"只",3660.15,10980.45,"新增项目"]
[993,null,"UPVC Y型过滤器","五金材料","任意品牌","dn15",19,"只",26.27,499.13]
[994,null,"UPVC Y型过滤器","五金材料",null,"dn15，工业管用",19,"只",26.54,504.26,"新增项目"]
[995,null,"UPVC Y型过滤器","五金材料","任意品牌","dn160",3,"只",2717.9,8153.7]
[996,null,"UPVC Y型过滤器","五金材料",null,"dn160，工业管用",3,"只",3687.8,11063.4,"新增项目"]
[997,null,"UPVC Y型过滤器","五金材料","任意品牌","dn25",19,"只",39.4,748.6]
[998,null,"UPVC Y型过滤器","五金材料",null,"dn25，工业管用",19,"只",39.8,756.2,"新增项目"]
[999,null,"UPVC Y型过滤器","五金材料","任意品牌","dn32",19,"只",52.55,998.45]
[1000,null,"UPVC Y型过滤器","五金材料",null,"dn32，工业管用",19,"只",53.09,1008.71,"新增项目"]
[1001,null,"UPVC Y型过滤器","五金材料","任意品牌","dn40",19,"只",83.88,1593.72]
[1002,null,"UPVC Y型过滤器","五金材料",null,"dn40，工业管用",19,"只",84.76,1610.44,"新增项目"]
[1003,null,"UPVC Y型过滤器","五金材料","任意品牌","dn50",19,"只",131.36,2495.84]
[1004,null,"UPVC Y型过滤器","五金材料",null,"dn50，工业管用",19,"只",132.72,2521.68,"新增项目"]
[1005,null,"UPVC Y型过滤器","五金材料","任意品牌","dn63",19,"只",234.45,4454.55]
[1006,null,"UPVC Y型过滤器","五金材料",null,"dn63，工业管用",19,"只",236.9,4501.1,"新增项目"]
[1007,null,"UPVC Y型过滤器","五金材料","任意品牌","dn75",19,"只",639.64,12153.16]
[1008,null,"UPVC Y型过滤器","五金材料",null,"dn75，工业管用",19,"只",646.27,12279.13,"新增项目"]
[1009,null,"UPVC Y型过滤器","五金材料","任意品牌","dn90",19,"只",1000.38,19007.22]
[1010,null,"UPVC Y型过滤器","五金材料",null,"dn90，工业管用",19,"只",1010.75,19204.25,"新增项目"]
[1011,null,"UPVC背压阀","五金材料","任意品牌","活接头粘接dn15 PN16",7,"个",220.27,1541.89]
[1012,null,"UPVC背压阀","五金材料","任意品牌","活接头粘接dn20 PN16",7,"个",237.46,1662.22]
[1013,null,"UPVC背压阀","五金材料","任意品牌","活接头粘接dn25 PN16",7,"个",346.6,2426.2]
[1014,null,"UPVC背压阀","五金材料","任意品牌","活接头粘接dn32 PN16",7,"个",416.34,2914.38]
[1015,null,"UPVC背压阀","五金材料","任意品牌","活接头粘接dn40 PN16",7,"个",799.3,5595.1]
[1016,null,"UPVC背压阀","五金材料","任意品牌","活接头粘接dn50 PN16",7,"个",992.31,6946.17]
[1017,null,"UPVC背压阀","五金材料","任意品牌","活接头粘接dn63 PN16",7,"个",1056.96,7398.72]
[1018,null,"UPVC法兰式手柄蝶阀","五金材料","任意品牌","DN110",2,"个",200.08,400.16]
[1019,null,"UPVC给水管60°弯头","五金材料","联塑/日丰/南亚","dn20（公称外径）,PN16",6,"只",2.03,12.18]
[1020,null,"UPVC给水管60°弯头","五金材料","联塑/日丰/南亚","dn25（公称外径）,PN16",6,"只",2.03,12.18]
[1021,null,"UPVC给水管60°弯头","五金材料","联塑/日丰/南亚","dn32（公称外径）,PN16",6,"只",2.03,12.18]
[1022,null,"UPVC给水管60°弯头","五金材料","联塑/日丰/南亚","dn40（公称外径）,PN16",5,"只",3.03,15.15]
[1023,null,"UPVC给水管60°弯头","五金材料","联塑/日丰/南亚","dn50（公称外径）,PN16",5,"只",4.01,20.05]
[1024,null,"UPVC给水管60°弯头","五金材料","联塑/日丰/南亚","dn63（公称外径）,PN16",5,"只",5.07,25.35]
[1025,null,"UPVC给水管60°弯头","五金材料","联塑/日丰/南亚","dn75（公称外径）,PN16",3,"只",9.1,{"$f":"I1027*G1027","v":27.3}]
[1026,null,"UPVC给水管60°弯头","五金材料","联塑/日丰/南亚","dn90（公称外径）,PN16",3,"只",12.15,36.45]
[1027,null,"UPVC给水管胶水","五金材料","任意品牌","100ml/瓶",36,"瓶",9.1,327.6]
[1028,null,"UPVC给水管胶水","五金材料","任意品牌","500ml/瓶",36,"瓶",29.31,1055.16]
[1029,null,"UPVC工业管补芯","五金材料",null,"dn110转dn90",16,"只",94.12,1505.92,"新增项目"]
[1030,null,"UPVC工业管补芯","五金材料",null,"dn125转dn110",13,"只",46.71,607.23,"新增项目"]
[1031,null,"UPVC工业管补芯","五金材料",null,"dn140转dn125",13,"只",193.61,2516.93,"新增项目"]
[1032,null,"UPVC工业管补芯","五金材料",null,"dn160转dn140",13,"只",231.81,3013.53,"新增项目"]
[1033,null,"UPVC工业管补芯","五金材料",null,"dn25转dn20",28,"只",1.79,50.12,"新增项目"]
[1034,null,"UPVC工业管补芯","五金材料",null,"dn32转dn25",28,"只",2.76,77.28,"新增项目"]
[1035,null,"UPVC工业管补芯","五金材料",null,"dn40转dn32",28,"只",4.55,127.4,"新增项目"]
[1036,null,"UPVC工业管补芯","五金材料",null,"dn50转dn40",28,"只",7.96,222.88,"新增项目"]
[1037,null,"UPVC工业管补芯","五金材料",null,"dn63转dn50",22,"只",9.9,217.8,"新增项目"]
[1038,null,"UPVC工业管补芯","五金材料",null,"dn75转dn63",22,"只",15.91,350.02,"新增项目"]
[1039,null,"UPVC工业管补芯","五金材料",null,"dn90转dn75",22,"只",52.41,1153.02,"新增项目"]
[1040,null,"UPVC工业管带法兰接头","五金材料",null,"dn110（公称外径）,PN16",22,"只",173.85,3824.7,"新增项目"]
[1041,null,"UPVC工业管带法兰接头","五金材料",null,"dn125（公称外径）,PN16",16,"只",225.53,3608.48,"新增项目"]
[1042,null,"UPVC工业管带法兰接头","五金材料",null,"dn140（公称外径）,PN16",16,"只",225.53,3608.48,"新增项目"]
[1043,null,"UPVC工业管带法兰接头","五金材料",null,"dn15（公称外径）,PN16",14,"只",21.11,295.54,"新增项目"]
[1044,null,"UPVC工业管带法兰接头","五金材料",null,"dn160（公称外径）,PN16",22,"只",350.48,7710.56,"新增项目"]
[1045,null,"UPVC工业管带法兰接头","五金材料",null,"dn20（公称外径）,PN16",34,"只",21.11,717.74,"新增项目"]
[1046,null,"UPVC工业管带法兰接头","五金材料",null,"dn200（公称外径）,PN16",22,"只",465.15,10233.3,"新增项目"]
[1047,null,"UPVC工业管带法兰接头","五金材料",null,"dn225（公称外径）,PN16",14,"只",519.2,7268.8,"新增项目"]
[1048,null,"UPVC工业管带法兰接头","五金材料",null,"dn25（公称外径）,PN16",34,"只",30.83,1048.22,"新增项目"]
[1049,null,"UPVC工业管带法兰接头","五金材料",null,"dn250（公称外径）,PN16",14,"只",633.76,8872.64,"新增项目"]
[1050,null,"UPVC工业管带法兰接头","五金材料",null,"dn32（公称外径）,PN16",34,"只",35.7,1213.8,"新增项目"]
[1051,null,"UPVC工业管带法兰接头","五金材料",null,"dn40（公称外径）,PN16",34,"只",45.57,1549.38,"新增项目"]
[1052,null,"UPVC工业管带法兰接头","五金材料",null,"dn50（公称外径）,PN16",34,"只",57.95,1970.3,"新增项目"]
[1053,null,"UPVC工业管带法兰接头","五金材料",null,"dn63（公称外径）,PN16",46,"只",65.9,3031.4,"新增项目"]
[1054,null,"UPVC工业管带法兰接头","五金材料",null,"dn75（公称外径）,PN16",46,"只",90.86,4179.56,"新增项目"]
[1055,null,"UPVC工业管带法兰接头","五金材料",null,"dn90（公称外径）,PN16",46,"只",135.71,6242.66,"新增项目"]
[1056,null,"UPVC工业管单内丝90°弯头","五金材料",null,"dn20（公称外径）,PN16",28,"只",6.14,171.92,"新增项目"]
[1057,null,"UPVC工业管单内丝90°弯头","五金材料",null,"dn25（公称外径）,PN16",28,"只",7.79,218.12,"新增项目"]
[1058,null,"UPVC工业管单内丝90°弯头","五金材料",null,"dn32（公称外径）,PN16",28,"只",11.91,333.48,"新增项目"]
[1059,null,"UPVC工业管单内丝90°弯头","五金材料",null,"dn40（公称外径）,PN16",28,"只",18.77,525.56,"新增项目"]
[1060,null,"UPVC工业管单内丝90°弯头","五金材料",null,"dn50（公称外径）,PN16",22,"只",24.11,530.42,"新增项目"]
[1061,null,"UPVC工业管单内丝90°弯头","五金材料",null,"dn63（公称外径）,PN16",22,"只",46.19,1016.18,"新增项目"]
[1062,null,"UPVC工业管单内丝90°弯头","五金材料",null,"dn75（公称外径）,PN16",22,"只",70.18,1543.96,"新增项目"]
[1063,null,"UPVC工业管单内丝接头","五金材料",null,"dn20（公称外径）,PN16",34,"只",2.11,71.74,"新增项目"]
[1064,null,"UPVC工业管单内丝接头","五金材料",null,"dn25（公称外径）,PN16",34,"只",2.94,99.96,"新增项目"]
[1065,null,"UPVC工业管单内丝接头","五金材料",null,"dn32（公称外径）,PN16",34,"只",4.7,159.8,"新增项目"]
[1066,null,"UPVC工业管单内丝接头","五金材料",null,"dn40（公称外径）,PN16",34,"只",7.31,248.54,"新增项目"]
[1067,null,"UPVC工业管单内丝接头","五金材料",null,"dn50（公称外径）,PN16",34,"只",10.24,348.16,"新增项目"]
[1068,null,"UPVC工业管单内丝接头","五金材料",null,"dn63（公称外径）,PN16",22,"只",15.19,334.18,"新增项目"]
[1069,null,"UPVC工业管单内丝接头","五金材料",null,"dn75（公称外径）,PN16",22,"只",20.17,443.74,"新增项目"]
[1070,null,"UPVC工业管单外丝90°弯头","五金材料",null,"dn20（公称外径）,PN16",28,"只",1.16,32.48,"新增项目"]
[1071,null,"UPVC工业管单外丝90°弯头","五金材料",null,"dn25（公称外径）,PN16",28,"只",1.86,52.08,"新增项目"]
[1072,null,"UPVC工业管单外丝90°弯头","五金材料",null,"dn32（公称外径）,PN16",28,"只",2.96,82.88,"新增项目"]
[1073,null,"UPVC工业管单外丝90°弯头","五金材料",null,"dn40（公称外径）,PN16",28,"只",4.47,125.16,"新增项目"]
[1074,null,"UPVC工业管单外丝90°弯头","五金材料",null,"dn50（公称外径）,PN16",22,"只",5.86,128.92,"新增项目"]
[1075,null,"UPVC工业管单外丝90°弯头","五金材料",null,"dn63（公称外径）,PN16",22,"只",8.55,188.1,"新增项目"]
[1076,null,"UPVC工业管单外丝90°弯头","五金材料",null,"dn75（公称外径）,PN16",22,"只",14.4,316.8,"新增项目"]
[1077,null,"UPVC工业管单外丝接头","五金材料",null,"dn20（公称外径）,PN16",34,"只",1.79,60.86,"新增项目"]
[1078,null,"UPVC工业管单外丝接头","五金材料",null,"dn25（公称外径）,PN16",34,"只",2.59,88.06,"新增项目"]
[1079,null,"UPVC工业管单外丝接头","五金材料",null,"dn32（公称外径）,PN16",34,"只",3.58,121.72,"新增项目"]
[1080,null,"UPVC工业管单外丝接头","五金材料",null,"dn40（公称外径）,PN16",34,"只",6.49,220.66,"新增项目"]
[1081,null,"UPVC工业管单外丝接头","五金材料",null,"dn50（公称外径）,PN16",34,"只",8.25,280.5,"新增项目"]
[1082,null,"UPVC工业管单外丝接头","五金材料",null,"dn63（公称外径）,PN16",22,"只",13.88,305.36,"新增项目"]
[1083,null,"UPVC工业管单外丝接头","五金材料",null,"dn75（公称外径）,PN16",22,"只",29.04,638.88,"新增项目"]
[1084,null,"UPVC工业管管帽","五金材料",null,"dn110",16,"只",50.79,812.64,"新增项目"]
[1085,null,"UPVC工业管管帽","五金材料",null,"dn125",13,"只",146.03,1898.39,"新增项目"]
[1086,null,"UPVC工业管管帽","五金材料",null,"dn140",13,"只",146.03,1898.39,"新增项目"]
[1087,null,"UPVC工业管管帽","五金材料",null,"dn160",13,"只",158.69,2062.97,"新增项目"]
[1088,null,"UPVC工业管管帽","五金材料",null,"dn20",16,"只",1.2,19.2,"新增项目"]
[1089,null,"UPVC工业管管帽","五金材料",null,"dn25",16,"只",2.03,{"$f":"I1091*G1091","v":32.48},"新增项目"]
[1090,null,"UPVC工业管管帽","五金材料",null,"dn32",16,"只",2.71,43.36,"新增项目"]
[1091,null,"UPVC工业管管帽","五金材料",null,"dn40",16,"只",4,64,"新增项目"]
[1092,null,"UPVC工业管管帽","五金材料",null,"dn50",16,"只",6.67,106.72,"新增项目"]
[1093,null,"UPVC工业管管帽","五金材料",null,"dn63",16,"只",11.14,178.24,"新增项目"]
[1094,null,"UPVC工业管管帽","五金材料",null,"dn75",16,"只",24.34,389.44,"新增项目"]
[1095,null,"UPVC工业管管帽","五金材料",null,"dn90",16,"只",40.69,651.04,"新增项目"]
[1096,null,"UPVC工业管活接","五金材料",null,"dn110（公称外径）,PN16",19,"只",432.67,8220.73,"新增项目"]
[1097,null,"UPVC工业管活接","五金材料",null,"dn125（公称外径）,PN16",13,"只",500.18,6502.34,"新增项目"]
[1098,null,"UPVC工业管活接","五金材料",null,"dn20（公称外径）,PN16",34,"只",16.24,552.16,"新增项目"]
[1099,null,"UPVC工业管活接","五金材料",null,"dn25（公称外径）,PN16",34,"只",28.94,983.96,"新增项目"]
[1100,null,"UPVC工业管活接","五金材料",null,"dn32（公称外径）,PN16",34,"只",42.09,1431.06,"新增项目"]
[1101,null,"UPVC工业管活接","五金材料",null,"dn40（公称外径）,PN16",34,"只",52.85,1796.9,"新增项目"]
[1102,null,"UPVC工业管活接","五金材料",null,"dn50（公称外径）,PN16",34,"只",65.71,2234.14,"新增项目"]
[1103,null,"UPVC工业管活接","五金材料",null,"dn63（公称外径）,PN16",34,"只",67.74,2303.16,"新增项目"]
[1104,null,"UPVC工业管活接","五金材料",null,"dn75（公称外径）,PN16",34,"只",107.1,3641.4,"新增项目"]
[1105,null,"UPVC工业管活接","五金材料",null,"dn90（公称外径）,PN16",34,"只",216.73,7368.82,"新增项目"]
[1106,null,"UPVC工业管胶水","五金材料","任意品牌","473ml/瓶",18,"瓶",119.28,2147.04]
[1107,null,"UPVC管码","五金材料","任意品牌","dn20",50,"只",0.86,43]
[1108,null,"UPVC管码","五金材料","任意品牌","dn20",240,"只",0.86,206.4]
[1109,null,"UPVC管码","五金材料","任意品牌","dn25",360,"只",0.89,320.4]
[1110,null,"UPVC管码","五金材料","任意品牌","dn32",240,"只",0.95,228]
[1111,null,"UPVC管码","五金材料","任意品牌","dn40",240,"只",1.79,429.6]
[1112,null,"UPVC管码","五金材料","任意品牌","dn50",240,"只",1.02,244.8]
[1113,null,"UPVC排水管胶水","五金材料","任意品牌","100ml/瓶",36,"瓶",9.1,327.6]
[1114,null,"UPVC排水管胶水","五金材料","任意品牌","500ml/瓶",36,"瓶",26.27,945.72]
[1115,null,"UPVC球式止回阀","五金材料","任意品牌","dn20,PN16",24,"只",10.11,242.64]
[1116,null,"UPVC球式止回阀","五金材料","任意品牌","dn25,PN16",24,"只",13.14,315.36]
[1117,null,"UPVC球式止回阀","五金材料","任意品牌","dn32,PN16",24,"只",21.23,509.52]
[1118,null,"UPVC球式止回阀","五金材料","任意品牌","dn40,PN16",24,"只",36.38,873.12]
[1119,null,"UPVC球式止回阀","五金材料","任意品牌","dn50,PN16",24,"只",44.47,1067.28]
[1120,null,"UPVC球式止回阀","五金材料","任意品牌","dn63,PN16",15,"只",64.68,970.2]
[1121,null,"UPVC水箱接头","五金材料","任意品牌","DN32",5,"个",34.36,171.8]
[1122,null,"UPVC水箱接头","五金材料","任意品牌","DN40",3,"个",40.42,121.26]
[1123,null,"WD-40 除锈剂","五金材料","任意品牌","400ml/瓶",120,"瓶",74.54,8944.8]
[1124,null,"XL星型联轴器","五金材料","开天传动/伏尔康/通力","适用轴径32mm-42mm，联轴器两端轴径可定制",5,"个",593.7,2968.5,"新增项目"]
[1125,null,"安全阀","五金材料","任意品牌","A28W-16T,DN25(1.0-1.3)  整定1.05Mpa",4,"个",294.06,1176.24]
[1126,null,"安全阀/背压阀","五金材料","任意品牌","口径：DN15(1/2)，材质：UPVC，压力等级：1.0Mpa",4,"个",211.19,844.76]
[1127,null,"百叶窗","五金材料","任意品牌","电柜散热风扇用",6,"个",177.84,1067.04]
[1128,null,"宝塔接头","五金材料","任意品牌","304不锈钢材质",5,"千克",220.31,1101.55]
[1129,null,"扁钢","五金材料","任意品牌","碳钢材质，国标尺寸",120,"千克",13.14,1576.8]
[1130,null,"标签打印机色带","五金材料","任意品牌","宽度12mm，任意颜色，8m/卷，适配PT-P900机型",10,"套",18.09,180.9,"新增项目"]
[1131,null,"标签打印机色带","五金材料","任意品牌","宽度18mm，任意颜色，8m/卷，适配PT-P900机型",10,"套",31.65,316.5,"新增项目"]
[1132,null,"标签打印机色带","五金材料","任意品牌","宽度24mm，任意颜色，8m/卷，适配PT-P900机型",10,"套",38.62,386.2,"新增项目"]
[1133,null,"标签打印机色带","五金材料","任意品牌","宽度36mm，任意颜色，8m/卷，适配PT-P900机型",10,"套",51.32,513.2,"新增项目"]
[1134,null,"标签打印机色带","五金材料","任意品牌","宽度6mm，任意颜色，8m/卷，适配PT-P900机型",5,"套",16.85,84.25,"新增项目"]
[1135,null,"标签打印机色带","五金材料","任意品牌","宽度9mm，任意颜色，8m/卷，适配PT-P900机型",10,"套",16.85,168.5,"新增项目"]
[1136,null,"丙烯酸地坪漆","五金材料","任意品牌","任意颜色，11kg/桶",30,"桶",245.55,7366.5]
[1137,null,"玻璃反光贴膜","五金材料","任意品牌","120cm",72,"米",56.59,4074.48]
[1138,null,"玻璃反光贴膜","五金材料","任意品牌","宽50cm",72,"米",29.31,2110.32]
[1139,null,"玻璃反光贴膜","五金材料","任意品牌","宽80cm",72,"米",44.47,3201.84]
[1140,null,"玻璃胶","五金材料","任意品牌","300ml/支，任意颜色",60,"支",61.65,3699]
[1141,null,"玻璃自动门防撞条","五金材料","任意品牌","长2.2m，宽12mm",2,"条",42.99,85.98,"新增项目"]
[1142,null,"不锈钢冲孔网板","五金材料","需要定制","1500mm*2000mm*2mm 孔径10mm",2,"块",2700,5400]
[1143,null,"不锈钢储气罐","五金材料","任意品牌","304不锈钢材质容积1m3，承压16kg",2,"套",18060.29,36120.58]
[1144,null,"不锈钢二保焊焊丝","五金材料","任意品牌","国标尺寸",5,"千克",362.75,1813.75]
[1145,null,"不锈钢管道连接器","五金材料","任意品牌","适用范围:106-112mm，工作温度-30-130度，工作压力＞2.0MPa，外壳304材质",20,"套",380.18,7603.6,"新增项目"]
[1146,null,"不锈钢管道连接器","五金材料","任意品牌","适用范围:106-112mm，工作温度-30-130度，工作压力＞2.0MPa，外壳316材质",20,"套",474.12,9482.4,"新增项目"]
[1147,null,"不锈钢管道连接器","五金材料","任意品牌","适用范围:113-117mm，工作温度-30-130度，工作压力＞2.0MPa，外壳304材质",20,"套",380.68,7613.6,"新增项目"]
[1148,null,"不锈钢管道连接器","五金材料","任意品牌","适用范围:113-117mm，工作温度-30-130度，工作压力＞2.0MPa，外壳316材质",20,"套",532.05,10641,"新增项目"]
[1149,null,"不锈钢管道连接器","五金材料","任意品牌","适用范围:131-137mm，工作温度-30-130度，工作压力＞2.0MPa，外壳304材质",20,"套",464.26,9285.2,"新增项目"]
[1150,null,"不锈钢管道连接器","五金材料","任意品牌","适用范围:131-137mm，工作温度-30-130度，工作压力＞2.0MPa，外壳316材质",20,"套",587.4,11748,"新增项目"]
[1151,null,"不锈钢管道连接器","五金材料","任意品牌","适用范围:138-144mm，工作温度-30-130度，工作压力＞1.6MPa，外壳304材质",20,"套",464.76,9295.2,"新增项目"]
[1152,null,"不锈钢管道连接器","五金材料","任意品牌","适用范围:138-144mm，工作温度-30-130度，工作压力＞1.6MPa，外壳316材质",20,"套",611.4,12228,"新增项目"]
[1153,null,"不锈钢管道连接器","五金材料","任意品牌","适用范围:157-163mm，工作温度-30-130度，工作压力＞1.6MPa，外壳304材质",20,"套",546.34,{"$f":"I1155*G1155","v":10926.8},"新增项目"]
[1154,null,"不锈钢管道连接器","五金材料","任意品牌","适用范围:157-163mm，工作温度-30-130度，工作压力＞1.6MPa，外壳316材质",20,"套",709.85,14197,"新增项目"]
[1155,null,"不锈钢管道连接器","五金材料","任意品牌","适用范围:166-172mm，工作温度-30-130度，工作压力＞1.6MPa，外壳304材质",20,"套",546.84,10936.8,"新增项目"]
[1156,null,"不锈钢管道连接器","五金材料","任意品牌","适用范围:166-172mm，工作温度-30-130度，工作压力＞1.6MPa，外壳316材质",20,"套",713.85,14277,"新增项目"]
[1157,null,"不锈钢管道连接器","五金材料","任意品牌","适用范围:74-79mm，工作温度-30-130度，工作压力＞2.0MPa，外壳304材质",20,"套",256.24,5124.8,"新增项目"]
[1158,null,"不锈钢管道连接器","五金材料","任意品牌","适用范围:74-79mm，工作温度-30-130度，工作压力＞2.0MPa，外壳316材质",20,"套",336.46,6729.2,"新增项目"]
[1159,null,"不锈钢管道连接器","五金材料","任意品牌","适用范围:87-92mm，工作温度-30-130度，工作压力＞2.0MPa，外壳304材质",20,"套",327.46,6549.2,"新增项目"]
[1160,null,"不锈钢管道连接器","五金材料","任意品牌","适用范围:87-92mm，工作温度-30-130度，工作压力＞2.0MPa，外壳316材质",20,"套",400.75,8015,"新增项目"]
[1161,null,"不锈钢花纹板","五金材料","任意品牌","201不锈钢，1220×2440mm,3mm厚",20,"块",1640.44,32808.8,"新增项目"]
[1162,null,"不锈钢金属修补剂","五金材料","任意品牌","双组分，1kg/组，304不锈钢件修复",5,"组",245.55,1227.75]
[1163,null,"不锈钢冷热进水软管","五金材料","任意品牌","4分，1米",30,"根",24.95,748.5]
[1164,null,"不锈钢门锁","五金材料","任意品牌","304通用型孔距110mm边距35mm",6,"套",164.14,984.84]
[1165,null,"不锈钢盆","五金材料","任意品牌","304不锈钢材质，加厚，直径50cm",12,"个",132.38,1588.56]
[1166,null,"不锈钢扇形喷嘴","五金材料","任意品牌","1/4-65度 出水孔径2.0",12,"个",11.12,133.44]
[1167,null,"不锈钢扇形喷嘴","五金材料","任意品牌","1/8-65度 出水孔径2.0",12,"个",11.12,133.44]
[1168,null,"不锈钢提水桶","五金材料","任意品牌","6L，加厚",2,"个",56.58,113.16,"新增项目"]
[1169,null,"不锈钢脱胶纸剂","五金材料","任意品牌","450mL",6,"瓶",30.32,181.92]
[1170,null,"不锈钢氩弧焊丝","五金材料","任意品牌","国标尺寸",26,"千克",56.59,1471.34]
[1171,null,"不锈钢专用抛光蜡","五金材料","任意品牌","长18.5cm",12,"个",19.19,230.28]
[1172,null,"不锈钢锥形喷嘴","五金材料","任意品牌","1/4-50度 出水孔径1.2",12,"个",15.16,181.92]
[1173,null,"擦拭用脱脂棉花球","五金材料","任意品牌","20g",6,"包",13.14,78.84]
[1174,null,"采水器","五金材料","任意品牌","透明亚克力；容积3L；厚5mm；含5米尼龙绳",5,"套",354.68,1773.4]
[1175,null,"彩钢瓦","五金材料","任意品牌","201不锈钢材质，厚度≥0.5mm，宽度0.9m",48,"米",80.83,3879.84]
[1176,null,"彩钢瓦","五金材料","任意品牌","PVC材质，厚度≥3mm，宽度0.9m",48,"米",49.31,2366.88]
[1177,null,"槽钢","五金材料","任意品牌","碳钢材质，国标尺寸",1200,"千克",14.15,16980]
[1178,null,"插销","五金材料","任意品牌","304不锈钢，6寸",18,"付",44.47,800.46]
[1179,null,"冲厕阀","五金材料","任意品牌","1寸",24,"个",96.4,2313.6]
[1180,null,"冲洗水箱","五金材料","箭牌/九牧/日丰","7L",3,"套",417.5,1252.5]
[1181,null,"储药罐","五金材料","任意品牌","PE立式储罐，V=10m3，壁厚不低于8mm",2,"套",10676.72,21353.44]
[1182,null,"储药罐","五金材料","任意品牌","PE立式储罐，V=6m3，壁厚不低于8mm，全黑",6,"个",6422.61,38535.66]
[1183,null,"传送皮带","五金材料","任意品牌","SPZ 1837Lw",6,"条",41.58,249.48]
[1184,null,"磁吸式库存卡","五金材料","任意品牌","55×75三轮磁，蓝色",300,"个",3.03,909]
[1185,null,"磁悬浮空气滤芯","五金材料","需要定制","长590mm*宽390mm*厚46mm过滤等级G4,高效过滤棉，铝合金外框，测量误差±0.5mm",3,"块",1770.38,5311.14]
[1186,null,"磁悬浮空气滤芯","五金材料","需要定制","长955mm*宽405mm*厚46mm过滤等级G4,高效过滤棉，铝合金外框，测量误差±0.5mm",6,"块",2141.21,12847.26]
[1187,null,"带电清洗剂","五金材料","任意品牌","JX-823，25kg/桶",6,"桶",842.82,5056.92]
[1188,null,"氮气充装","五金材料","任意品牌","40L/瓶",48,"瓶",132.2,6345.6]
[1189,null,"导轨","五金材料","任意品牌","电气元件安装用，国标尺寸",6,"千克",447.67,2686.02]
[1190,null,"导热硅脂","五金材料","任意品牌","HY-2015，1公斤罐装",2,"罐",93.41,186.82,"新增项目"]
[1191,null,"地板警示胶带","五金材料","3M/鸣固/优仪","颜色：黑黄，宽50mm，卷长33米",18,"卷",87.58,1576.44]
[1192,null,"点火枪","五金材料","任意品牌","总长约27CM",2,"把",77.49,154.98,"新增项目"]
[1193,null,"电动车轮胎","五金材料","台铃/朝阳/正新","16×4.0",4,"条",308.24,1232.96]
[1194,null,"电动螺丝刀头","五金材料","博世/威克士/世达","TS2 PH2强磁防滑抗冲击钨钢十字头，长度50mm",5,"个",12.72,63.6,"新增项目"]
[1195,null,"电动螺丝刀头","五金材料","博世/威克士/世达","TS2 PH2强磁防滑抗冲击钨钢十字头，长度70mm",5,"个",13.77,68.85,"新增项目"]
[1196,null,"电动螺丝刀头","五金材料","博世/威克士/世达","TS2 PH2强磁防滑抗冲击钨钢十字头，长度90mm",5,"个",14.47,72.35,"新增项目"]
[1197,null,"电工胶布","五金材料","公牛/3M/正泰","18mmX10m,阻燃防潮，任意颜色",500,"卷",4.04,2020]
[1198,null,"电接点压力表","五金材料","红旗/伊莱斯/润能","YXC-100 0-0.6MPa M20×1.5铜接头",2,"个",123.3,246.6]
[1199,null,"丁晴橡胶O型密封圈","五金材料","任意品牌","直径100-125mm，线径2.5-6.5mm",36,"个",3.03,109.08]
[1200,null,"丁晴橡胶O型密封圈","五金材料","任意品牌","直径10-15mm，线径1.0-2.4mm",54,"个",1.02,55.08]
[1201,null,"丁晴橡胶O型密封圈","五金材料","任意品牌","直径125-150mm，线径2.5-6.5mm",24,"个",6.06,145.44]
[1202,null,"丁晴橡胶O型密封圈","五金材料","任意品牌","直径150-175mm，线径2.5-6.5mm",24,"个",6.06,145.44]
[1203,null,"丁晴橡胶O型密封圈","五金材料","任意品牌","直径15-20mm，线径1.0-2.5mm",54,"个",1.02,55.08]
[1204,null,"丁晴橡胶O型密封圈","五金材料","任意品牌","直径175-200mm，线径2.5-6.5mm",24,"个",7.07,169.68]
[1205,null,"丁晴橡胶O型密封圈","五金材料","任意品牌","直径200-250mm，线径2.5-6.5mm",9,"个",8.09,72.81]
[1206,null,"丁晴橡胶O型密封圈","五金材料","任意品牌","直径20-30mm，线径1.0-3.5mm",54,"个",2.03,109.62]
[1207,null,"丁晴橡胶O型密封圈","五金材料","任意品牌","直径250-280mm，线径2.5-6.5mm",9,"个",8.09,72.81]
[1208,null,"丁晴橡胶O型密封圈","五金材料","任意品牌","直径280-300mm，线径2.5-8.0mm",9,"个",8.09,72.81]
[1209,null,"丁晴橡胶O型密封圈","五金材料","任意品牌","直径30-40mm，线径1.5-5.0mm",36,"个",2.03,73.08]
[1210,null,"丁晴橡胶O型密封圈","五金材料","任意品牌","直径40-50mm，线径2.0-5.0mm",36,"个",2.03,73.08]
[1211,null,"丁晴橡胶O型密封圈","五金材料","任意品牌","直径50-65mm，线径2.5-5.0mm",36,"个",2.03,73.08]
[1212,null,"丁晴橡胶O型密封圈","五金材料","任意品牌","直径65-80mm，线径2.5-6.0mm",36,"个",2.03,73.08]
[1213,null,"丁晴橡胶O型密封圈","五金材料","任意品牌","直径80-100mm，线径2.5-6.5mm",36,"个",3.03,109.08]
[1214,null,"丁晴橡胶O型密封条","五金材料","任意品牌","线径10.1-12.0mm",30,"米",13.14,394.2]
[1215,null,"丁晴橡胶O型密封条","五金材料","任意品牌","线径12.1-14.0mm",30,"米",16.17,485.1]
[1216,null,"丁晴橡胶O型密封条","五金材料","任意品牌","线径14.1-16.0mm",30,"米",21.23,636.9]
[1217,null,"丁晴橡胶O型密封条","五金材料","任意品牌","线径16.1-18.0mm",9,"米",26.27,{"$f":"I1219*G1219","v":236.43}]
[1218,null,"丁晴橡胶O型密封条","五金材料","任意品牌","线径18.1-20mm",9,"米",34.36,309.24]
[1219,null,"丁晴橡胶O型密封条","五金材料","任意品牌","线径2.5-3.0mm",12,"米",3.03,36.36]
[1220,null,"丁晴橡胶O型密封条","五金材料","任意品牌","线径3.1-4.0mm",12,"米",4.06,48.72]
[1221,null,"丁晴橡胶O型密封条","五金材料","任意品牌","线径4.1-5.0mm",36,"米",5.05,181.8]
[1222,null,"丁晴橡胶O型密封条","五金材料","任意品牌","线径5.1-6.5mm",42,"米",5.05,212.1]
[1223,null,"丁晴橡胶O型密封条","五金材料","任意品牌","线径6.6-7.5mm",42,"米",7.07,296.94]
[1224,null,"丁晴橡胶O型密封条","五金材料","任意品牌","线径7.6-8.5mm",42,"米",7.07,296.94]
[1225,null,"丁晴橡胶O型密封条","五金材料","任意品牌","线径8.5-10.0mm",30,"米",9.1,273]
[1226,null,"定向轮","五金材料","任意品牌","6英寸超重型铁芯橡胶轮，承重1.35吨",4,"个",107.57,430.28,"新增项目"]
[1227,null,"定向轮","五金材料","任意品牌","三寸,尼龙材质",3,"个",16.17,48.51]
[1228,null,"堵漏王","五金材料","任意品牌","2kg/包",24,"包",39.4,945.6]
[1229,null,"镀锌板","五金材料","任意品牌","1220×2440mm,1mm厚",4,"张",329.88,1319.52]
[1230,null,"镀锌板","五金材料","任意品牌","1220×2440mm,2mm厚",4,"张",586.67,2346.68]
[1231,null,"镀锌扁钢","五金材料","任意品牌","碳钢镀锌，国标尺寸",120,"千克",18.27,2192.4]
[1232,null,"镀锌方钢","五金材料","任意品牌","碳钢镀锌，国标尺寸",120,"千克",18.27,2192.4]
[1233,null,"镀锌方通","五金材料","任意品牌","碳钢镀锌，国标尺寸",600,"千克",18.27,10962]
[1234,null,"镀锌钢管","五金材料","任意品牌","碳钢镀锌，国标尺寸",1200,"千克",18.27,21924]
[1235,null,"镀锌钢丝绳","五金材料","任意品牌","直径10mm",120,"米",4.43,531.6]
[1236,null,"镀锌钢丝绳","五金材料","任意品牌","直径12mm",120,"米",6.79,814.8]
[1237,null,"镀锌钢丝绳","五金材料","任意品牌","直径14mm",30,"米",8.86,265.8]
[1238,null,"镀锌钢丝绳","五金材料","任意品牌","直径16mm",30,"米",11.96,358.8]
[1239,null,"镀锌钢丝绳","五金材料","任意品牌","直径20mm",18,"米",31.01,558.18]
[1240,null,"镀锌钢丝绳","五金材料","任意品牌","直径3mm",90,"米",1.55,139.5]
[1241,null,"镀锌钢丝绳","五金材料","任意品牌","直径4mm",90,"米",1.63,146.7]
[1242,null,"镀锌钢丝绳","五金材料","任意品牌","直径5mm",90,"米",2.36,212.4]
[1243,null,"镀锌钢丝绳","五金材料","任意品牌","直径6mm",90,"米",2.51,225.9]
[1244,null,"镀锌钢丝绳","五金材料","任意品牌","直径8mm",90,"米",3.47,312.3]
[1245,null,"镀锌格网","五金材料","任意品牌","碳钢镀锌，国标尺寸",60,"千克",32.48,1948.8]
[1246,null,"镀锌角钢","五金材料","任意品牌","碳钢镀锌，国标尺寸",600,"千克",18.27,10962]
[1247,null,"镀锌链条","五金材料","任意品牌","碳钢镀锌，国标尺寸",60,"千克",22.33,1339.8]
[1248,null,"镀锌铁丝","五金材料","任意品牌","国标尺寸",14,"千克",24.25,339.5]
[1249,null,"镀锌圆钢","五金材料","任意品牌","碳钢镀锌，国标尺寸",500,"千克",31.33,15665]
[1250,null,"二沉池导轮包胶","五金材料","任意品牌","轮直径400mm",3,"个",4110.63,12331.89]
[1251,null,"发电机机油滤清器","五金材料","任意品牌","LF670",2,"个",136.43,272.86]
[1252,null,"发电机机油滤清器","五金材料","任意品牌","LF777",2,"个",143.51,287.02]
[1253,null,"发电机空气滤芯","五金材料","任意品牌","A478-020",2,"个",628.54,1257.08]
[1254,null,"发电机水滤芯","五金材料","任意品牌","WF2076",2,"个",152.6,305.2]
[1255,null,"阀门电动装置","五金材料","西门子、霍尼韦尔、方威","CLX30-24",8,"个",6280.14,50241.12]
[1256,null,"方杆无头对夹式蝶阀","五金材料","任意品牌","D071FD-10Q-DN250球铁阀体、四氟密封、304阀板，不含执行机构，方杆22*22",2,"套",2740.44,5480.88]
[1257,null,"方钢","五金材料","任意品牌","碳钢材质，国标尺寸",360,"千克",14.15,5094]
[1258,null,"方通","五金材料","任意品牌","碳钢材质，国标尺寸",600,"千克",15.16,9096]
[1259,null,"防臭地漏芯","五金材料","任意品牌","304材质",3,"个",45.48,136.44]
[1260,null,"防火门合页","五金材料","任意品牌","304不锈钢",48,"付",32.34,1552.32]
[1261,null,"防火门锁","五金材料","任意品牌","通用型304不锈钢",3,"个",115.2,345.6]
[1262,null,"防火泥","五金材料","任意品牌","3C消防认证，10kg/箱",12,"箱",99.8,1197.6]
[1263,null,"分水鞍座","五金材料","任意品牌","PE，主管32，增接20",24,"个",16.55,397.2]
[1264,null,"风机专用泄压阀","五金材料","任意品牌","A27TW-2Q SVF-100",2,"个",834.66,1669.32]
[1265,null,"氟橡胶O型密封圈","五金材料","任意品牌","直径100-125mm，线径2.5-6.5mm",18,"个",8.09,145.62]
[1266,null,"氟橡胶O型密封圈","五金材料","任意品牌","直径10-15mm，线径1.0-2.4mm",48,"个",2.03,97.44]
[1267,null,"氟橡胶O型密封圈","五金材料","任意品牌","直径125-150mm，线径2.5-6.5mm",18,"个",9.1,163.8]
[1268,null,"氟橡胶O型密封圈","五金材料","任意品牌","直径150-175mm，线径2.5-6.5mm",6,"个",11.12,66.72]
[1269,null,"氟橡胶O型密封圈","五金材料","任意品牌","直径15-20mm，线径1.0-2.5mm",48,"个",2.03,97.44]
[1270,null,"氟橡胶O型密封圈","五金材料","任意品牌","直径175-200mm，线径2.5-6.5mm",6,"个",14.15,84.9]
[1271,null,"氟橡胶O型密封圈","五金材料","任意品牌","直径20-30mm，线径1.0-3.5mm",48,"个",3.03,145.44]
[1272,null,"氟橡胶O型密封圈","五金材料","任意品牌","直径30-40mm，线径1.5-5.0mm",48,"个",5.05,242.4]
[1273,null,"氟橡胶O型密封圈","五金材料","任意品牌","直径40-50mm，线径2.0-5.0mm",18,"个",5.05,90.9]
[1274,null,"氟橡胶O型密封圈","五金材料","任意品牌","直径50-65mm，线径2.5-5.0mm",18,"个",6.06,109.08]
[1275,null,"氟橡胶O型密封圈","五金材料","任意品牌","直径65-80mm，线径2.5-6.0mm",18,"个",6.06,109.08]
[1276,null,"氟橡胶O型密封圈","五金材料","任意品牌","直径80-100mm，线径2.5-6.5mm",18,"个",6.06,109.08]
[1277,null,"钢板","五金材料","任意品牌","碳钢材质，国标尺寸",1200,"千克",15.16,18192]
[1278,null,"高温油漆稀释剂","五金材料","任意品牌","高温油漆配套用",6,"升",510.34,3062.04]
[1279,null,"高压黑色夹布橡胶管","五金材料","任意品牌","防爆耐热耐磨耐高压管内径13mm",18,"米",176.83,3182.94]
[1280,null,"高压洗车机喷头","五金材料","任意品牌","0度柱形出水（孔径1毫米）",5,"个",32.98,164.9,"新增项目"]
[1281,null,"高压洗车机喷头","五金材料","任意品牌","0度柱形出水（孔径2毫米）",5,"个",32.98,{"$f":"I1283*G1283","v":164.9},"新增项目"]
[1282,null,"隔膜泵泵头","五金材料","任意品牌","与意大利赛高（SEKO）MS4H210L31Q4080型泵配套",2,"套",2732.51,5465.02]
[1283,null,"隔膜泵单向阀","五金材料","任意品牌","适合替换米顿罗、普罗名特、南方泵业等品牌计量泵使用",2,"套",639.63,1279.26]
[1284,null,"隔膜泵单向阀","五金材料","任意品牌","与韩国威邦 XDF-120 220v型泵配套",2,"套",514.32,1028.64]
[1285,null,"隔膜泵单向阀","五金材料","任意品牌","与意大利赛高（SEKO）MS4H210L31Q4080型泵配套",2,"套",856.89,1713.78]
[1286,null,"隔膜泵膜片","五金材料","任意品牌","适合替换替换米顿罗、普罗名特、南方泵业等品牌计量泵使用",2,"套",342.55,685.1]
[1287,null,"隔膜泵膜片","五金材料","任意品牌","适用GB1200",2,"套",514.32,1028.64]
[1288,null,"隔膜泵膜片","五金材料","任意品牌","适用GM0240",2,"套",514.32,1028.64]
[1289,null,"隔膜泵膜片","五金材料","任意品牌","适用GM0500",2,"套",514.32,1028.64]
[1290,null,"隔膜泵膜片","五金材料","任意品牌","适用MM2HI57G31C40800",2,"套",639.63,1279.26]
[1291,null,"隔膜泵膜片","五金材料","任意品牌","适用MS1C165C31C4080",2,"套",639.63,1279.26]
[1292,null,"隔膜泵膜片","五金材料","任意品牌","适用于赛高牌隔膜泵，型号：AF000018PHXTPT1",2,"套",2734.6,5469.2,"新增项目"]
[1293,null,"隔膜泵膜片","五金材料","任意品牌","适用于赛高牌隔膜泵，型号：AF000030PHXNPT1",2,"套",4226.2,8452.4,"新增项目"]
[1294,null,"隔膜泵膜片","五金材料","任意品牌","与意大利赛高（SEKO）MS4H210L31Q4080型泵配套",2,"套",639.63,1279.26]
[1295,null,"隔膜泵油封","五金材料","任意品牌","适合替换米顿罗、普罗名特、南方泵业等品牌计量泵使用",2,"套",342.55,685.1]
[1296,null,"隔膜泵油封","五金材料","任意品牌","适用GB1200",2,"套",514.32,1028.64]
[1297,null,"隔膜泵油封","五金材料","任意品牌","适用GM0240",2,"套",514.32,1028.64]
[1298,null,"隔膜泵油封","五金材料","任意品牌","适用GM0500",2,"套",514.32,1028.64]
[1299,null,"隔膜泵油封","五金材料","任意品牌","适用MM2HI57G31C40800",2,"套",639.63,1279.26]
[1300,null,"隔膜泵油封","五金材料","任意品牌","适用MS1C165C31C4080",2,"套",639.63,1279.26]
[1301,null,"隔热棉","五金材料","任意品牌","10mm厚",30,"平方米",20.79,623.7]
[1302,null,"隔热棉","五金材料","任意品牌","20mm厚",120,"平方米",74.78,8973.6]
[1303,null,"隔热棉","五金材料","任意品牌","5mm厚",30,"平方米",15.59,467.7]
[1304,null,"工业不锈钢编织管","五金材料","任意品牌","DN20",2,"米",90.95,181.9]
[1305,null,"工业不锈钢编织管","五金材料","任意品牌","DN25",2,"米",116.22,232.44]
[1306,null,"工业草酸清洗剂","五金材料","任意品牌","25kg/桶，浓度≥55%",30,"桶",205.16,6154.8]
[1307,null,"工业级尼龙扎带","五金材料","任意品牌","10×500mm，100根/包",18,"包",47.49,854.82]
[1308,null,"工业级尼龙扎带","五金材料","任意品牌","12×600mm，100根/包",12,"包",94.99,1139.88]
[1309,null,"工业级尼龙扎带","五金材料","任意品牌","2.5×100mm，500根/包",18,"包",17.18,309.24]
[1310,null,"工业级尼龙扎带","五金材料","任意品牌","3×150mm，500根/包",18,"包",17.18,309.24]
[1311,null,"工业级尼龙扎带","五金材料","任意品牌","3×200mm，500根/包",18,"包",18.19,327.42]
[1312,null,"工业级尼龙扎带","五金材料","任意品牌","4×250mm，300根/包",36,"包",16.17,582.12]
[1313,null,"工业级尼龙扎带","五金材料","任意品牌","5×300mm，200根/包",36,"包",22.25,801]
[1314,null,"工业级尼龙扎带","五金材料","任意品牌","6×350mm，200根/包",36,"包",35.38,1273.68]
[1315,null,"工业级尼龙扎带","五金材料","任意品牌","8×400mm，100根/包",24,"包",38.44,922.56]
[1316,null,"工字钢","五金材料","任意品牌","碳钢材质，国标尺寸",360,"千克",14.15,5094]
[1317,null,"管道疏通强力溶解剂","五金材料","任意品牌","1L装",5,"瓶",63.17,315.85,"新增项目"]
[1318,null,"硅胶软管","五金材料","任意品牌","10mm*16mm",20,"米",10.27,205.4,"新增项目"]
[1319,null,"国标碳钢电焊条","五金材料","任意品牌","2.5mm",30,"千克",12.58,377.4]
[1320,null,"国标碳钢电焊条","五金材料","任意品牌","3.2mm",60,"千克",11.87,712.2]
[1321,null,"国标碳钢电焊条","五金材料","任意品牌","4.0mm",30,"千克",11.72,351.6]
[1322,null,"过滤棉","五金材料","任意品牌","材质：聚氨酯",120,"平方米",136.12,16334.4]
[1323,null,"过滤棉","五金材料","任意品牌","无纺布空气过滤棉，过滤等级G4",480,"平方米",25.26,12124.8]
[1324,null,"过滤器","五金材料","任意品牌","适用于160CDL480-RC1鼓风机，QX109511",15,"个",90.95,1364.25]
[1325,null,"哈夫节","五金材料","任意品牌","DN100，铸铁材质，长度200mm",6,"只",266.7,1600.2]
[1326,null,"哈夫节","五金材料","任意品牌","DN125，铸铁材质，长度200mm",6,"只",361.89,2171.34]
[1327,null,"哈夫节","五金材料","任意品牌","DN150，铸铁材质，长度200mm",6,"只",410.23,2461.38]
[1328,null,"哈夫节","五金材料","任意品牌","DN20，铸铁材质，长度110mm",6,"只",73.57,441.42]
[1329,null,"哈夫节","五金材料","任意品牌","DN200，铸铁材质，长度200mm",6,"只",583.65,3501.9]
[1330,null,"哈夫节","五金材料","任意品牌","DN25，铸铁材质，长度110mm",6,"只",89.97,539.82]
[1331,null,"哈夫节","五金材料","任意品牌","DN250，铸铁材质，长度300mm",6,"只",747.4,4484.4]
[1332,null,"哈夫节","五金材料","任意品牌","DN300，铸铁材质，长度300mm",6,"只",1029.05,6174.3]
[1333,null,"哈夫节","五金材料","任意品牌","DN32，铸铁材质，长度110mm",6,"只",101.02,606.12]
[1334,null,"哈夫节","五金材料","任意品牌","DN40，铸铁材质，长度120mm",6,"只",105.84,635.04]
[1335,null,"哈夫节","五金材料","任意品牌","DN50，铸铁材质，长度120mm",6,"只",159.12,954.72]
[1336,null,"哈夫节","五金材料","任意品牌","DN65，铸铁材质，长度200mm",6,"只",200.55,1203.3]
[1337,null,"哈夫节","五金材料","任意品牌","DN80，铸铁材质，长度200mm",6,"只",231.69,1390.14]
[1338,null,"合页","五金材料","任意品牌","304不锈钢，4寸，     不分左右",72,"付",44.37,3194.64]
[1339,null,"红砖","五金材料","任意品牌","不限",1200,"块",2.03,2436]
[1340,null,"花洒软管套装","五金材料","任意品牌","免打孔底座，2米软管，大面板3挡出水",6,"套",86.9,521.4]
[1341,null,"花纹铝合金钢板","五金材料","任意品牌","铝合金材质，1220×2440mm，4mm厚",12,"张",1389.54,16674.48]
[1342,null,"花纹碳钢板","五金材料","任意品牌","碳钢材质，1220×2440mm，4mm厚",9,"张",875.95,7883.55]
[1343,null,"滑触线轨道夹","五金材料","任意品牌","4P",9,"个",5.05,45.45]
[1344,null,"滑触线支架","五金材料","任意品牌","4P",9,"个",6.06,54.54]
[1345,null,"化油器清洗剂","五金材料","任意品牌","400ml",6,"瓶",18.19,{"$f":"I1347*G1347","v":109.14}]
[1346,null,"环保中性洗手沙","五金材料","任意品牌","2.7kg",18,"箱",27.28,491.04]
[1347,null,"缓冲闭门器","五金材料","任意品牌","大号 承重65-85KG",6,"个",125.3,751.8]
[1348,null,"黄铜板","五金材料","任意品牌","任意尺寸",14,"千克",133.38,1867.32]
[1349,null,"黄铜棒","五金材料","任意品牌","任意尺寸",20,"千克",92.99,1859.8]
[1350,null,"黄油嘴","五金材料","任意品牌","铜M10×1，45°，国标",12,"个",4.04,48.48]
[1351,null,"黄油嘴","五金材料","任意品牌","铜M10×1，中直，国标",12,"个",2.03,24.36]
[1352,null,"黄油嘴","五金材料","任意品牌","铜M12×1，45°，国标",12,"个",5.03,60.36]
[1353,null,"黄油嘴","五金材料","任意品牌","铜M12×1，中直，国标",12,"个",2.03,24.36]
[1354,null,"黄油嘴","五金材料","任意品牌","铜M8×1，45°，国标",12,"个",3.03,36.36]
[1355,null,"黄油嘴","五金材料","任意品牌","铜M8×1，中直，国标",12,"个",1.02,12.24]
[1356,null,"混合阀通用阀芯","五金材料","任意品牌","黄铜，43~49mm，每个尺寸各3个",6,"个",19.2,115.2]
[1357,null,"加厚黄蜡管","五金材料","任意品牌","管径10mm，100米/卷",3,"卷",116.66,349.98]
[1358,null,"加厚黄蜡管","五金材料","任意品牌","管径12mm，50米/卷",3,"卷",98.05,294.15]
[1359,null,"加厚黄蜡管","五金材料","任意品牌","管径14mm，50米/卷",3,"卷",104.11,312.33]
[1360,null,"加厚黄蜡管","五金材料","任意品牌","管径16mm，50米/卷",3,"卷",103.24,309.72]
[1361,null,"加厚黄蜡管","五金材料","任意品牌","管径18mm，50米/卷",3,"卷",118.23,354.69]
[1362,null,"加厚黄蜡管","五金材料","任意品牌","管径20mm，50米/卷",3,"卷",138.45,415.35]
[1363,null,"加厚黄蜡管","五金材料","任意品牌","管径25mm，20米/卷",2,"卷",151.57,303.14]
[1364,null,"加厚黄蜡管","五金材料","任意品牌","管径30mm，20米/卷",2,"卷",172.81,345.62]
[1365,null,"加厚黄蜡管","五金材料","任意品牌","管径3mm，100米/卷",3,"卷",100.03,300.09]
[1366,null,"加厚黄蜡管","五金材料","任意品牌","管径40mm，20米/卷",2,"卷",275.86,551.72]
[1367,null,"加厚黄蜡管","五金材料","任意品牌","管径5mm，100米/卷",3,"卷",109.3,327.9]
[1368,null,"加厚黄蜡管","五金材料","任意品牌","管径6mm，100米/卷",3,"卷",111.73,335.19]
[1369,null,"加厚黄蜡管","五金材料","任意品牌","管径8mm，100米/卷",3,"卷",121.43,364.29]
[1370,null,"胶合木板","五金材料","任意品牌","三合板，多层复合胶合板 2440*1220*12mm（BB/BB)",4,"块",281.1,1124.4,"新增项目"]
[1371,null,"胶塞","五金材料","任意品牌","塑料膨胀管",9,"千克",108.12,973.08]
[1372,null,"角钢","五金材料","任意品牌","碳钢材质，国标尺寸",1800,"千克",14.15,25470]
[1373,null,"角磨机改切割机支架固定保护罩","五金材料","任意品牌","总长：137mm，总宽：89mm，厚度：2mm，锯片槽：114mm，调节高度：15mm",2,"个",34.73,69.46,"新增项目"]
[1374,null,"聚四氟乙烯棒材","五金材料","任意品牌","任意尺寸",14,"千克",104.08,1457.12]
[1375,null,"聚四氟乙烯盘根","五金材料","任意品牌","任意尺寸",6,"千克",81.86,491.16]
[1376,null,"绝缘橡胶垫","五金材料","任意品牌","10KV，5mm厚，1米宽，绿色，防滑，5米/卷",48,"卷",305.52,14664.96]
[1377,null,"抗静电地板","五金材料","任意品牌","600*600*30，包含安装附件",20,"块",65.51,1310.2,"新增项目"]
[1378,null,"抗静电地板","五金材料","任意品牌","600*600*35，包含安装附件",20,"块",96.87,1937.4,"新增项目"]
[1379,null,"可调节脚钉","五金材料","任意品牌","尼龙材质脚钉，可调节",30,"个",2.03,60.9]
[1380,null,"空气滤芯","五金材料","任意品牌","外径500*高370mm(上下金属固定环外径498mm) p385",3,"个",1826.95,5480.85]
[1381,null,"空气芯滤器","五金材料","按需定制","外径21.5cm×高70cm，过滤等级G5,高效过滤棉，铝合金外框，测量误差±0.5cm，具体需要现场看样品",2,"个",760.89,1521.78]
[1382,null,"空气芯滤器","五金材料","按需定制","外径23.1cm,内径19.7cm，高8.2cm，过滤等级G5,高效过滤棉，铝合金外框；测量误差±0.5cm，具体需要现场看样品",2,"个",456.76,913.52]
[1383,null,"空气芯滤器","五金材料","按需定制","直径17.8cm，高度11.5cm，过滤等级G5，高效过滤棉，铝合金外框，测量误差±0.5cm，具体需要现场看样品",2,"个",760.87,1521.74]
[1384,null,"空压机精密滤芯","五金材料","任意品牌","ND-013",3,"个",48.51,145.53]
[1385,null,"空压机纸滤","五金材料","任意品牌","SL-165E-S8,直径70mm长50mm",12,"个",243.54,2922.48]
[1386,null,"冷却加工乳化油","五金材料","任意品牌","JZ-520",30,"千克",128.34,3850.2]
[1387,null,"沥青料","五金材料","任意品牌","25KG/包",30,"包",73.76,2212.8]
[1388,null,"沥青油","五金材料","任意品牌","50KG/桶",3,"桶",515.64,1546.92]
[1389,null,"联轴器弹性胶","五金材料","任意品牌","CJ28/38/92SHA9(32*38)",6,"个",51.54,309.24]
[1390,null,"淋浴三联龙头","五金材料","任意品牌","入墙式，孔距13.5-16cm",6,"个",350.64,2103.84]
[1391,null,"零气耗过滤排水阀","五金材料","任意品牌","型号WBK-20，重力1.8KG，压力0.16Kg，尺寸82*110*150mm，接口G1/2\"，出口G3/8\"",5,"个",400.15,2000.75]
[1392,null,"零气耗过滤排水阀","五金材料","任意品牌","型号WBK-20，重力1.8KG，压力0.16Kg，尺寸82*110*150mm，接口G1/2\"，出口G3/8\"",5,"套",400.15,2000.75]
[1393,null,"六角弹性缓冲垫","五金材料","任意品牌","按需定制",18,"个",64.68,1164.24]
[1394,null,"螺纹钢","五金材料","任意品牌","碳钢材质，国标尺寸",600,"千克",13.14,7884]
[1395,null,"铝皮","五金材料","任意品牌","厚0.5mm",120,"平方米",56.59,6790.8]
[1396,null,"绿色彩瓦","五金材料","任意品牌","800*3500*0.5mm",60,"块",153.59,9215.4]
[1397,null,"毛巾架","五金材料","任意品牌","浴巾架含挂钩",3,"个",122.28,366.84]
[1398,null,"铆钉","五金材料","任意品牌","M2.4×10，1000枚/盒",7,"盒",109.14,763.98]
[1399,null,"铆钉","五金材料","任意品牌","M3.2×20，1000枚/盒",7,"盒",120.9,846.3]
[1400,null,"铆钉","五金材料","任意品牌","M4×25，500枚/盒",7,"盒",111.16,778.12]
[1401,null,"铆钉","五金材料","任意品牌","M5×30，400枚/盒",7,"盒",179.58,1257.06]
[1402,null,"镁棒","五金材料","任意品牌","配40L美的热水器用",12,"根",49.52,594.24]
[1403,null,"门窗把手","五金材料","任意品牌","铝合金（左右为一副）",2,"付",43.45,86.9]
[1404,null,"门缝密封条","五金材料","任意品牌","宽46mm，长6米",5,"条",60.14,300.7,"新增项目"]
[1405,null,"门扣","五金材料","任意品牌","304不锈钢、4寸",3,"个",15.59,46.77]
[1406,null,"门卫电动栏杆","五金材料","任意品牌","八角红白色长3米，宽45mm",2,"个",628.54,1257.08]
[1407,null,"免钉胶","五金材料","任意品牌","12g/支",60,"支",8.09,485.4]
[1408,null,"磨砂工业油污洗手液","五金材料","任意品牌","5L一桶",36,"桶",119.25,4293]
[1409,null,"木锯片","五金材料","任意品牌","110*20*2.0mm（内径20可变16，送20变16垫圈）",5,"片",34.25,{"$f":"I1411*G1411","v":171.25},"新增项目"]
[1410,null,"耐震压力表","五金材料","上海江云仪表厂/红旗/伊莱斯","Y100型，0-0.1MPa，机械指针",12,"个",152.25,1827]
[1411,null,"内六角批头强磁加长风批电钻批头套装","五金材料","任意品牌","【10件组合套装】\n六角100mm 柄径对边长6.35mm S2合金*带磁性 总长100mm H1.5/H2/H2.5 /H3/H4/H5/H6/H8/H10/H12",1,"套",58.74,58.74,"新增项目"]
[1412,null,"内六角强磁套筒头手电钻批头","五金材料","任意品牌","加长加厚【8-32mm】电动内六角套筒，20件装8/9/10/11/12/13/14/15/16/17/18/19/20/21/22/23/24/27/30/32",1,"套",159.97,159.97,"新增项目"]
[1413,null,"内墙修补膏","五金材料","嘉宝莉/德高/牛盾","白色 1.5kg/桶",18,"桶",120.25,2164.5]
[1414,null,"尼龙板材","五金材料","任意品牌","任意尺寸",74,"千克",60.63,4486.62]
[1415,null,"尼龙棒材","五金材料","任意品牌","任意尺寸",20,"千克",46.48,929.6]
[1416,null,"排风扇专用过滤网","五金材料","任意品牌","1cm×1m×1m",3,"块",749.8,2249.4]
[1417,null,"排气扇（百叶窗）","五金材料","任意品牌","8寸,面板尺寸300*300mm，开孔250*250mm",4,"个",212.2,848.8]
[1418,null,"排气扇（橱窗式）","五金材料","任意品牌","8寸",8,"个",215.2,1721.6]
[1419,null,"排气扇（天花板管道式）","五金材料","任意品牌","10寸，面板尺寸270*270mm,开孔232*232mm",4,"个",225.59,902.36]
[1420,null,"排气扇（天花板管道式）","五金材料","任意品牌","12寸,面板尺寸320*320mm,开孔280*280mm",9,"个",235.99,2123.91]
[1421,null,"泡沫双面胶","五金材料","任意品牌","3mm厚*24cm宽5m长",36,"卷",20.21,727.56]
[1422,null,"配电柜门锁","五金材料","任意品牌","AB301-3-1",36,"个",28.3,1018.8]
[1423,null,"配电柜门锁","五金材料","任意品牌","AB303-1-2平面锁",36,"个",19.19,690.84]
[1424,null,"配电柜门锁","五金材料","任意品牌","AB403-1铝合金",36,"个",7.07,254.52]
[1425,null,"配电柜门锁","五金材料","任意品牌","MS308-2-1亮铬",36,"个",25.26,909.36]
[1426,null,"配电柜门锁","五金材料","任意品牌","MS401铜芯",36,"个",20.21,727.56]
[1427,null,"配电柜门锁","五金材料","任意品牌","MS818",36,"个",17.18,618.48]
[1428,null,"配电柜门锁","五金材料","任意品牌","MS830-P米色带挂",36,"个",54.57,1964.52]
[1429,null,"配电柜散热过滤棉","五金材料","任意品牌","1m×5m×3mm",30,"块",297.08,8912.4]
[1430,null,"皮带","五金材料","任意品牌","XPC",3,"条",137.45,412.35]
[1431,null,"平键料","五金材料","任意品牌","碳钢材质，国标尺寸",12,"千克",46.48,557.76]
[1432,null,"起重滑轮","五金材料","任意品牌","国标尺寸",3,"个",27.28,81.84]
[1433,null,"起重机起升限位器","五金材料","力诺、鑫玺、豫鲁","YBLX-3/11H",6,"个",171.78,1030.68]
[1434,null,"气动两联调压阀","五金材料","任意品牌","AASF50.MAX250PS",3,"个",699.19,2097.57]
[1435,null,"气动消音器","五金材料","任意品牌","平头二分螺纹",10,"个",2.5,25,"新增项目"]
[1436,null,"气动消音器","五金材料","任意品牌","平头三分螺纹",10,"个",3.14,31.4,"新增项目"]
[1437,null,"气动消音器","五金材料","任意品牌","平头四分螺纹",10,"个",3.7,37,"新增项目"]
[1438,null,"气动消音器","五金材料","任意品牌","平头一分螺纹",10,"个",2.1,21,"新增项目"]
[1439,null,"气动消音器","五金材料","任意品牌","长头二分螺纹",10,"个",3.44,34.4,"新增项目"]
[1440,null,"气动消音器","五金材料","任意品牌","长头三分螺纹",10,"个",4.34,43.4,"新增项目"]
[1441,null,"气动消音器","五金材料","任意品牌","长头四分螺纹",10,"个",5.41,54.1,"新增项目"]
[1442,null,"气动消音器","五金材料","任意品牌","长头一分螺纹",10,"个",2.89,28.9,"新增项目"]
[1443,null,"气动执行器","五金材料","任意品牌","EB8.1SYD",1,"个",13329.93,13329.93,"新增项目"]
[1444,null,"气动执行器","五金材料","任意品牌","EB9.1SYD",1,"个",12509.55,12509.55,"新增项目"]
[1445,null,"气管直通二口接头","五金材料","任意品牌","PU10-10   10只/包",3,"包",14.15,42.45]
[1446,null,"气管直通二口接头","五金材料","任意品牌","PU12-12   10只/包",3,"包",16.17,48.51]
[1447,null,"气管直通二口接头","五金材料","任意品牌","PU14-14   10只/包",3,"包",50.53,151.59]
[1448,null,"气管直通二口接头","五金材料","任意品牌","PU16-16  10只/包",3,"包",56.59,169.77]
[1449,null,"气管直通二口接头","五金材料","任意品牌","PU6-6   10只/包",3,"包",9.1,27.3]
[1450,null,"气管直通二口接头","五金材料","任意品牌","PU8-8   10只/包",3,"包",12.15,36.45]
[1451,null,"气管直通三口       T型接头","五金材料","任意品牌","PU10-10   10只/包",5,"包",19.19,95.95]
[1452,null,"气管直通三口       T型接头","五金材料","任意品牌","PU12-12   10只/包",5,"包",23.24,116.2]
[1453,null,"气管直通三口       T型接头","五金材料","任意品牌","PU14-14   10只/包",5,"包",84.92,424.6]
[1454,null,"气管直通三口       T型接头","五金材料","任意品牌","PU16-16  10只/包",5,"包",84.89,424.45]
[1455,null,"气管直通三口       T型接头","五金材料","任意品牌","PU6-6   10只/包",5,"包",13.14,65.7]
[1456,null,"气管直通三口       T型接头","五金材料","任意品牌","PU8-8   10只/包",5,"包",14.15,70.75]
[1457,null,"气管自锁快速接头","五金材料","任意品牌","公母头，接内径10mmPU气管",12,"对",14.06,168.72]
[1458,null,"气管自锁快速接头","五金材料","任意品牌","公母头，接内径12mmPU气管",12,"对",15.6,187.2]
[1459,null,"气管自锁快速接头","五金材料","任意品牌","公母头，接内径8mmPU气管",12,"对",11.75,141]
[1460,null,"气罐自动排水阀","五金材料","任意品牌","进口口径DN1/2，出口口径DN3/8，工作压力1.6MPa，链接方式：螺纹管，最大工作温度：100度，最大排量:680KG/H，适用流体：空气/水",4,"套",369.18,1476.72,"新增项目"]
[1461,null,"潜污泵防护网罩","五金材料","任意品牌","材质：304不锈钢，D4直径30cm，高度40cm，8毫米过滤圆孔",4,"个",410.75,1643,"新增项目"]
[1462,null,"墙槽片","五金材料","任意品牌","114*20*2.0mm（内径20可变16，送20变16垫圈）",5,"块",29.08,145.4,"新增项目"]
[1463,null,"青壳纸","五金材料","任意品牌","0.5mm厚，耐油、耐高温",15,"平方米",46.48,697.2]
[1464,null,"青壳纸","五金材料","任意品牌","1.0mm厚，耐油、耐高温",15,"平方米",52.55,788.25]
[1465,null,"青壳纸","五金材料","任意品牌","1.2mm厚，耐油、耐高温",15,"平方米",57.6,864]
[1466,null,"青壳纸","五金材料","任意品牌","1.5mm厚，耐油、耐高温",15,"平方米",59.61,894.15]
[1467,null,"青壳纸","五金材料","任意品牌","2.0mm厚，耐油、耐高温",9,"平方米",69.72,627.48]
[1468,null,"球形锁","五金材料","任意品牌","304不锈钢",15,"套",61.64,924.6]
[1469,null,"三角皮带","五金材料","三维/风豹/三力士","SPA型",18,"米",135.41,2437.38]
[1470,null,"三角皮带","五金材料","三维/风豹/三力士","SPB型",18,"米",161.68,2910.24]
[1471,null,"三角皮带","五金材料","三维/风豹/三力士","SPC型",18,"米",190.98,3437.64]
[1472,null,"三角皮带","五金材料","三星/风豹/三力士","SPZ型",18,"米",137.42,2473.56]
[1473,null,"杀虫喷雾","五金材料","任意品牌","专杀蜘蛛",6,"瓶",73.76,{"$f":"I1475*G1475","v":442.56}]
[1474,null,"沙袋","五金材料","任意品牌","25mm×60mm",30,"个",6.06,181.8]
[1475,null,"扇型喷嘴","五金材料","任意品牌","螺纹4分，孔径2.8mm",12,"个",15.68,188.16]
[1476,null,"深水采样器","五金材料","任意品牌","容积2L，配采样绳10m,止水夹，橡胶管，304不锈钢材质。",5,"套",250.6,1253]
[1477,null,"深水采样器","五金材料","任意品牌","容积5L，配采样绳10m,止水夹，橡胶管，304不锈钢材质。",2,"个",351.31,702.62,"新增项目"]
[1478,null,"生料带","五金材料","任意品牌","生料带",600,"卷",3.03,1818]
[1479,null,"石笔","五金材料","任意品牌","材质：石矿，长68mm*宽8.2mm",3,"盒",14.15,42.45]
[1480,null,"石棉垫","五金材料","任意品牌","任意尺寸，耐油、耐高温",24,"千克",45.48,1091.52]
[1481,null,"石棉盘根","五金材料","任意品牌","任意尺寸",6,"千克",93.98,563.88]
[1482,null,"石子","五金材料","任意品牌","25KG/包",5,"包",88.93,444.65]
[1483,null,"手动闸阀","五金材料","任意品牌","DN50球磨铸铁材质",2,"个",514.32,1028.64]
[1484,null,"双开门不锈钢门锁","五金材料","任意品牌","304不锈钢 双开门式锁具",3,"付",121.26,363.78]
[1485,null,"水表","五金材料","任意品牌","100mm",2,"个",500.45,1000.9]
[1486,null,"水表","五金材料","任意品牌","125mm",2,"个",894.43,1788.86]
[1487,null,"水表","五金材料","任意品牌","150mm",2,"个",1053.91,2107.82]
[1488,null,"水表","五金材料","任意品牌","200mm",2,"个",1606.66,3213.32]
[1489,null,"水表","五金材料","任意品牌","20mm",3,"个",112.86,338.58]
[1490,null,"水表","五金材料","任意品牌","32mm",3,"个",204.21,612.63]
[1491,null,"水表","五金材料","任意品牌","40mm",3,"个",245.39,736.17]
[1492,null,"水表","五金材料","任意品牌","50mm",3,"个",261.82,785.46]
[1493,null,"水表","五金材料","任意品牌","65mm",3,"个",332.27,996.81]
[1494,null,"水表","五金材料","任意品牌","80mm",3,"个",466.94,1400.82]
[1495,null,"水管快速对接头","五金材料","任意品牌","1寸软管对接",10,"个",8.72,87.2,"新增项目"]
[1496,null,"水管快速对接头","五金材料","任意品牌","4分软管对接",10,"个",7.72,77.2,"新增项目"]
[1497,null,"水管快速对接头","五金材料","任意品牌","4分转6分软管对接",10,"个",5.23,52.3,"新增项目"]
[1498,null,"水管快速对接头","五金材料","任意品牌","6分软管对接",10,"个",6.23,62.3,"新增项目"]
[1499,null,"水管快速对接头","五金材料","任意品牌","6分转1寸软管对接",10,"个",5.23,52.3,"新增项目"]
[1500,null,"水龙头","五金材料","任意品牌","4分/6分",37,"只",32.34,1196.58]
[1501,null,"水泥","五金材料","任意品牌","25kg/包",18,"包",51.54,927.72]
[1502,null,"水泥桶","五金材料","任意品牌","30×20×22cm",6,"个",17.18,103.08]
[1503,null,"水箱接头","五金材料","任意品牌","dn40",3,"个",130.11,390.33]
[1504,null,"水箱接头","五金材料","任意品牌","dn50",3,"个",172.68,518.04]
[1505,null,"水箱接头","五金材料","任意品牌","dn63",3,"个",223.98,671.94]
[1506,null,"四氟管","五金材料","任意品牌","7×10mm",60,"米",18.19,1091.4]
[1507,null,"塑钢门窗滑轮子","五金材料","任意品牌","88型(轴承)，铜双平轮",30,"个",11.12,333.6]
[1508,null,"塑料管转子流量计","五金材料","任意品牌","最大量程1000L/h",4,"只",113.2,452.8]
[1509,null,"塑料管转子流量计","五金材料","任意品牌","最大量程100L/h",4,"只",106.11,424.44]
[1510,null,"塑料管转子流量计","五金材料","任意品牌","最大量程1600L/h",2,"只",114.86,229.72]
[1511,null,"塑料管转子流量计","五金材料","任意品牌","最大量程160L/h",4,"只",106.11,424.44]
[1512,null,"塑料管转子流量计","五金材料","任意品牌","最大量程2500L/h",2,"只",114.86,229.72]
[1513,null,"塑料管转子流量计","五金材料","任意品牌","最大量程250L/h",4,"只",106.11,424.44]
[1514,null,"塑料管转子流量计","五金材料","任意品牌","最大量程3000L/h",2,"只",114.86,229.72]
[1515,null,"塑料管转子流量计","五金材料","任意品牌","最大量程400L/h",4,"只",106.11,424.44]
[1516,null,"塑料管转子流量计","五金材料","任意品牌","最大量程600L/h",4,"只",113.2,452.8]
[1517,null,"塑料管转子流量计","五金材料","任意品牌","最大量程60L/h",4,"只",106.11,424.44]
[1518,null,"塑料扇形喷嘴","五金材料","任意品牌","dn20(1/2外丝）",12,"个",9.1,109.2]
[1519,null,"碎布/碎布条","五金材料","任意品牌","不限",300,"千克",18.21,5463]
[1520,null,"台上盆单冷龙头","五金材料","任意品牌","单冷",37,"只",73.76,2729.12]
[1521,null,"台上盆冷热龙头","五金材料","任意品牌","冷热",37,"只",112.17,4150.29]
[1522,null,"碳钢弹垫","五金材料","任意品牌","国标尺寸",5,"千克",116.26,581.3]
[1523,null,"碳钢镀锌U型卸扣","五金材料","任意品牌","国标尺寸",14,"千克",104.08,1457.12]
[1524,null,"碳钢镀锌弹垫","五金材料","任意品牌","国标尺寸",6,"千克",111.25,667.5]
[1525,null,"碳钢镀锌钢丝绳锁扣","五金材料","任意品牌","国标尺寸",14,"千克",149.55,2093.7]
[1526,null,"碳钢镀锌管件","五金材料","任意品牌","国标尺寸",60,"千克",51.76,3105.6]
[1527,null,"碳钢镀锌花篮螺栓","五金材料","任意品牌","国标尺寸",14,"千克",94.99,1329.86]
[1528,null,"碳钢镀锌螺钉","五金材料","任意品牌","国标尺寸",14,"千克",92.99,1301.86]
[1529,null,"碳钢镀锌螺母","五金材料","任意品牌","国标尺寸",10,"千克",99.01,990.1]
[1530,null,"碳钢镀锌内六角螺栓","五金材料","任意品牌","国标尺寸",38,"千克",88.93,3379.34]
[1531,null,"碳钢镀锌膨胀螺栓","五金材料","任意品牌","国标尺寸",26,"千克",50.53,1313.78]
[1532,null,"碳钢镀锌平垫","五金材料","任意品牌","国标尺寸",6,"千克",111.25,667.5]
[1533,null,"碳钢镀锌丝杆","五金材料","任意品牌","国标尺寸",26,"千克",41.44,1077.44]
[1534,null,"碳钢镀锌外六角螺栓","五金材料","任意品牌","国标尺寸",62,"千克",88.93,5513.66]
[1535,null,"碳钢发黑内六角螺栓","五金材料","任意品牌","国标尺寸",26,"千克",95.03,2470.78]
[1536,null,"碳钢管","五金材料","任意品牌","碳钢材质，国标尺寸",500,"千克",15.16,7580]
[1537,null,"碳钢焊接法兰","五金材料","任意品牌","DN100，PN10",12,"片",53.1,{"$f":"I1539*G1539","v":637.2}]
[1538,null,"碳钢焊接法兰","五金材料","任意品牌","DN100，PN16",12,"片",71.89,862.68]
[1539,null,"碳钢焊接法兰","五金材料","任意品牌","DN125，PN10",12,"片",71.36,856.32]
[1540,null,"碳钢焊接法兰","五金材料","任意品牌","DN125，PN16",12,"片",95.25,1143]
[1541,null,"碳钢焊接法兰","五金材料","任意品牌","DN150，PN10",12,"片",77.92,935.04]
[1542,null,"碳钢焊接法兰","五金材料","任意品牌","DN150，PN16",12,"片",103.51,1242.12]
[1543,null,"碳钢焊接法兰","五金材料","任意品牌","DN200，PN10",12,"片",104.99,1259.88]
[1544,null,"碳钢焊接法兰","五金材料","任意品牌","DN200，PN16",12,"片",139.39,1672.68]
[1545,null,"碳钢焊接法兰","五金材料","任意品牌","DN25，PN10",12,"片",15.36,184.32]
[1546,null,"碳钢焊接法兰","五金材料","任意品牌","DN25，PN16",12,"片",20.39,244.68]
[1547,null,"碳钢焊接法兰","五金材料","任意品牌","DN250，PN10",12,"片",140.03,1680.36]
[1548,null,"碳钢焊接法兰","五金材料","任意品牌","DN250，PN16",12,"片",202.67,2432.04]
[1549,null,"碳钢焊接法兰","五金材料","任意品牌","DN300，PN10",12,"片",167.35,2008.2]
[1550,null,"碳钢焊接法兰","五金材料","任意品牌","DN300，PN16",12,"片",235.44,2825.28]
[1551,null,"碳钢焊接法兰","五金材料","任意品牌","DN32，PN10",12,"片",20.53,246.36]
[1552,null,"碳钢焊接法兰","五金材料","任意品牌","DN32，PN16",12,"片",24.15,289.8]
[1553,null,"碳钢焊接法兰","五金材料","任意品牌","DN40，PN10",12,"片",22.22,266.64]
[1554,null,"碳钢焊接法兰","五金材料","任意品牌","DN40，PN16",12,"片",29.02,348.24]
[1555,null,"碳钢焊接法兰","五金材料","任意品牌","DN50，PN10",12,"片",27.69,332.28]
[1556,null,"碳钢焊接法兰","五金材料","任意品牌","DN50，PN16",12,"片",37.08,444.96]
[1557,null,"碳钢焊接法兰","五金材料","任意品牌","DN65，PN10",12,"片",36.54,438.48]
[1558,null,"碳钢焊接法兰","五金材料","任意品牌","DN65，PN16",12,"片",50,600]
[1559,null,"碳钢焊接法兰","五金材料","任意品牌","DN80，PN10",12,"片",44.67,536.04]
[1560,null,"碳钢焊接法兰","五金材料","任意品牌","DN80，PN16",12,"片",54.43,653.16]
[1561,null,"碳钢螺钉","五金材料","任意品牌","国标尺寸",14,"千克",86.9,1216.6]
[1562,null,"碳钢螺母","五金材料","任意品牌","国标尺寸",20,"千克",107.11,2142.2]
[1563,null,"碳钢平垫","五金材料","任意品牌","国标尺寸",6,"千克",116.26,697.56]
[1564,null,"碳钢外六角螺栓","五金材料","任意品牌","国标尺寸",62,"千克",98.05,6079.1]
[1565,null,"铁丝","五金材料","任意品牌","国标尺寸",14,"千克",21.23,297.22]
[1566,null,"铜管件","五金材料","任意品牌","国标尺寸",240,"千克",175.6,42144]
[1567,null,"铜锁芯","五金材料","任意品牌","304不锈钢，锁芯总长70mm，高29mm，锁孔距140mm",12,"把",108.37,1300.44]
[1568,null,"透明硅胶管","五金材料","任意品牌","4mm×6mm",30,"米",4.04,121.2]
[1569,null,"透明塑料瓶","五金材料","任意品牌","350ML,厚款",120,"个",2.03,243.6]
[1570,null,"透明油位计","五金材料","任意品牌","长80mm",24,"个",40.42,970.08]
[1571,null,"涂塑水带","五金材料","任意品牌","1寸，壁厚2-3mm，20米/卷，耐磨",17,"卷",79.82,1356.94]
[1572,null,"涂塑水带","五金材料","任意品牌","2寸，壁厚2-3mm，20米/卷，耐磨",23,"卷",152.6,3509.8]
[1573,null,"涂塑水带","五金材料","任意品牌","3寸，壁厚2-3mm，20米/卷，耐磨",23,"卷",267.78,6158.94]
[1574,null,"涂塑水带","五金材料","任意品牌","4寸，壁厚2-3mm，20米/卷，耐磨",32,"卷",324.38,10380.16]
[1575,null,"涂塑水带","五金材料","任意品牌","6寸，壁厚2-3mm，20米/卷，耐磨",44,"卷",544.64,23964.16]
[1576,null,"涂塑水带","五金材料","任意品牌","8寸，壁厚2-3mm，20米/卷，耐磨",7,"卷",642.63,4498.41]
[1577,null,"涂塑水带加厚铝接头","五金材料","任意品牌","1寸",50,"套",53.55,2677.5]
[1578,null,"涂塑水带加厚铝接头","五金材料","任意品牌","2寸",50,"套",100.03,5001.5]
[1579,null,"涂塑水带加厚铝接头","五金材料","任意品牌","3寸",50,"套",153.59,7679.5]
[1580,null,"涂塑水带加厚铝接头","五金材料","任意品牌","4寸",44,"套",206.14,9070.16]
[1581,null,"涂塑水带加厚铝接头","五金材料","任意品牌","6寸",38,"套",328.41,12479.58]
[1582,null,"涂塑水带加厚铝接头","五金材料","任意品牌","8寸",14,"套",446.65,6253.1]
[1583,null,"万向轮","五金材料","任意品牌","6英寸超重型铁芯橡胶轮，承重1.35吨，无刹车",4,"个",127.84,511.36,"新增项目"]
[1584,null,"万向轮","五金材料","任意品牌","6英寸超重型铁芯橡胶轮，承重1.35吨，有刹车",4,"个",116.17,464.68,"新增项目"]
[1585,null,"万向轮","五金材料","任意品牌","三寸,尼龙材质",24,"个",16.17,388.08]
[1586,null,"吸顶灯卡扣","五金材料","任意品牌",null,30,"个",11.12,333.6]
[1587,null,"吸油棉","五金材料","任意品牌","400*500*2mm，100片/箱",1,"箱",400.15,400.15]
[1588,null,"吸油索","五金材料","任意品牌","12cm*6m",10,"条",348.74,3487.4,"新增项目"]
[1589,null,"洗手粉","五金材料","任意品牌","8斤/箱",12,"箱",27.28,327.36]
[1590,null,"洗手盆排水管","五金材料","任意品牌","通用",12,"条",67.33,807.96]
[1591,null,"洗衣机水龙头","五金材料","任意品牌","304不锈钢、4分",12,"个",32.34,388.08]
[1592,null,"纤维增强软管","五金材料","任意品牌","1.2寸",60,"米",30.32,1819.2]
[1593,null,"纤维增强软管","五金材料","任意品牌","1.5寸",30,"米",39.4,1182]
[1594,null,"纤维增强软管","五金材料","任意品牌","1寸",240,"米",21.23,5095.2]
[1595,null,"纤维增强软管","五金材料","任意品牌","4分",180,"米",13.14,2365.2]
[1596,null,"纤维增强软管","五金材料","任意品牌","6分",240,"米",18.21,4370.4]
[1597,null,"线缆标签打印纸","五金材料","任意品牌","25*38+40，任意颜色，450张/包",5,"包",54.74,273.7,"新增项目"]
[1598,null,"橡胶垫","五金材料","任意品牌","2m*5m*3mm",3,"张",1111.57,3334.71]
[1599,null,"橡胶垫片","五金材料","任意品牌","DN32，外径68mm，内径38mm，厚度2.5mm",60,"片",1.51,9.06]
[1600,null,"橡胶垫片","五金材料","任意品牌","DN40，外径81mm，内径45mm，厚度5mm",60,"个",2.1,12.6]
[1601,null,"橡胶垫片","五金材料","任意品牌","DN50，外径95mm，内径57mm，厚度5mm",60,"个",2.12,12.72]
[1602,null,"橡胶垫片","五金材料","任意品牌","DN65，外径118mm，内径76mm，厚度5mm",60,"个",2.16,12.96]
[1603,null,"橡胶垫片","五金材料","任意品牌","DN80，外径130mm，内径89mm，厚度5mm",60,"个",3.5,21]
[1604,null,"橡胶垫片","五金材料","任意品牌","DN100，外径153mm，内径108mm，厚度5mm",60,"个",4.21,25.26]
[1605,null,"橡胶垫片","五金材料","任意品牌","DN125，外径180mm，内径133mm，厚度5mm",60,"个",6.31,37.86]
[1606,null,"橡胶垫片","五金材料","任意品牌","DN150，外径205mm，内径159mm，厚度5mm",60,"个",6.36,38.16]
[1607,null,"橡胶垫片","五金材料","任意品牌","DN200，外径268mm，内径219mm，厚度5mm",30,"个",7.22,43.32]
[1608,null,"橡胶垫片","五金材料","任意品牌","DN250，外径325mm，内径273mm，厚度5mm",30,"个",7.8,46.8]
[1609,null,"橡胶垫片","五金材料","任意品牌","DN300，外径377mm，内径325mm，厚度5mm",5,"个",10.61,63.66]
[1610,null,"橡胶垫片","五金材料","任意品牌","DN350，外径418mm，内径377mm，厚度5mm",5,"个",19.35,116.1]
[1611,null,"橡胶垫片","五金材料","任意品牌","DN400，外径485mm，内径426mm，厚度5mm",5,"个",23.07,138.42]
[1612,null,"橡胶垫片","五金材料","任意品牌","DN450，外径540mm，内径475mm，厚度5mm",5,"个",27.45,164.7]
[1613,null,"橡胶垫片","五金材料","任意品牌","DN500，外径595mm，内径530mm，厚度5mm",3,"个",25.99,77.97]
[1614,null,"橡胶垫片","五金材料","任意品牌","DN600，外径695mm，内径630mm，厚度5mm",3,"个",28.07,84.21]
[1615,null,"橡胶垫片","五金材料","任意品牌","DN700，外径800mm，内径720mm，厚度5mm",3,"个",37.43,112.29]
[1616,null,"橡胶垫片","五金材料","任意品牌","DN800，外径910mm，内径820mm，厚度5mm",3,"个",41.58,124.74]
[1617,null,"橡胶垫片","五金材料","任意品牌","DN900，外径1010mm，内径920mm，厚度5mm",3,"个",46.78,140.34]
[1618,null,"橡胶垫片","五金材料","任意品牌","DN1000，外径1120mm，内径1020mm，厚度5mm",2,"个",55.1,110.2]
[1619,null,"橡胶垫片","五金材料","任意品牌","DN1200，外径1320mm，内径1220mm，厚度5mm",2,"个",74.85,149.7]
[1620,null,"橡胶垫片","五金材料","任意品牌","DN1400，外径1520mm，内径1420mm，厚度5mm",2,"个",108.12,216.24]
[1621,null,"橡胶垫片","五金材料","任意品牌","DN1600，外径1720mm，内径1620mm，厚度5mm",2,"个",124.75,249.5]
[1622,null,"消防栓","五金材料","任意品牌","DN150",5,"个",2086.17,{"$f":"I1624*G1624","v":10430.85}]
[1623,null,"消防栓","五金材料","任意品牌","地上式，DN100",18,"个",1135.66,20441.88]
[1624,null,"小型储药罐","五金材料","任意品牌","容积300L",4,"个",422.42,1689.68]
[1625,null,"压力表","五金材料","任意品牌","0-0.16Mpa",3,"套",73.39,220.17]
[1626,null,"压力表","五金材料","任意品牌","1.0Mpa防震、不锈钢材质、G1/4、表盘直径60mm",9,"个",114.18,1027.62]
[1627,null,"压力表","五金材料","任意品牌","1.6Mpa防震、不锈钢材质、G1/4、表盘直径60mm",9,"个",114.18,1027.62]
[1628,null,"压力表","五金材料","任意品牌","1.6Mpa防震、不锈钢材质、M20×1.5、表盘直径100mm",9,"个",130.35,1173.15]
[1629,null,"压力表","五金材料","任意品牌","150kpa、防震、不锈钢材质、M20×1.5、表盘直径100mm",9,"个",156.64,1409.76]
[1630,null,"压力罐","五金材料","任意品牌","304不锈钢材质，容积450升，承压25kg。",2,"套",21361.52,42723.04]
[1631,null,"亚克力板","五金材料","任意品牌","尺寸1.22*2.44m，厚度5mm",6,"块",1234.22,7405.32]
[1632,null,"氩气充装","五金材料","任意品牌","10L/次",4,"次",108.12,432.48]
[1633,null,"氩气充装","五金材料","任意品牌","20L/次",3,"次",171.78,515.34]
[1634,null,"氩气充装","五金材料","任意品牌","40L/次",2,"次",235.67,471.34]
[1635,null,"氧气充装","五金材料","任意品牌","40L/瓶",96,"瓶",117.65,11294.4]
[1636,null,"乙二醇冷却液","五金材料","任意品牌","FD-2(20L/桶）",3,"桶",268.53,805.59]
[1637,null,"乙炔充装","五金材料","任意品牌","40L/瓶",48,"瓶",351.65,16879.2]
[1638,null,"油布","五金材料","任意品牌","防水抗老化，6*6m",6,"张",525.45,3152.7]
[1639,null,"油漆刷","五金材料","任意品牌","1英寸",36,"把",1.02,36.72]
[1640,null,"油漆刷","五金材料","任意品牌","2英寸",36,"把",2.03,73.08]
[1641,null,"油漆刷","五金材料","任意品牌","3英寸",36,"把",3.03,109.08]
[1642,null,"油漆刷","五金材料","任意品牌","4英寸",36,"把",4.04,145.44]
[1643,null,"油漆刷","五金材料","任意品牌","5英寸",36,"把",4.04,145.44]
[1644,null,"油漆刷","五金材料","任意品牌","6英寸",24,"把",5.03,120.72]
[1645,null,"油漆刷","五金材料","任意品牌","8英寸",18,"把",7.07,127.26]
[1646,null,"油漆稀释剂","五金材料","任意品牌","414# 6kg/桶",12,"桶",107.11,1285.32]
[1647,null,"油漆稀释剂","五金材料","任意品牌","414#1kg/桶",12,"桶",45.48,545.76]
[1648,null,"雨水篦","五金材料","任意品牌","75cm*45cm，重型",6,"个",332.67,1996.02]
[1649,null,"圆钢","五金材料","任意品牌","碳钢材质，国标尺寸",50,"千克",15.16,758]
[1650,null,"长消声器","五金材料","任意品牌","304不锈钢4分",20,"个",20.21,{"$f":"I1652*G1652","v":404.2}]
[1651,null,"遮蔽保护膜","五金材料","任意品牌","1.1m×30m",30,"卷",18.19,545.7]
[1652,null,"遮阳网","五金材料","任意品牌","黑色，新料聚乙烯，尺寸8.5*4m",6,"张",165.72,994.32]
[1653,null,"真空发生器","五金材料","任意品牌","真空发生管数量：2；压缩空气连接口：@8mm推入式接头；真空连接口：G3/4\"内螺纹最大真空度：-75kPa；进气压力：0.6MPa；耗气量：≤5nl/s。",5,"套",1895.68,9478.4]
[1654,null,"中性硅酮幕墙结构胶","五金材料","任意品牌","室外使用寿命30年",30,"支",39.4,1182]
[1655,null,"重型脚轮","五金材料","任意品牌","PU减震轮，直径100mm*宽50mm，万向轮带刹车",4,"个",129.39,517.56,"新增项目"]
[1656,null,"重型脚轮","五金材料","任意品牌","PU减震轮，直径100mm*宽50mm，万向轮无刹车",4,"个",124.39,497.56,"新增项目"]
[1657,null,"铸铁金属修补剂","五金材料","任意品牌","双组分，1kg/组，铸铁件修复",5,"组",188.96,944.8]
[1658,null,"铸铁井盖","五金材料","任意品牌","800*700",18,"个",752.21,13539.78]
[1659,null,"铸铁井盖","五金材料","任意品牌","任意尺寸",180,"千克",38.4,6912]
[1660,null,"子母合页","五金材料","任意品牌","304不锈钢，4寸，      4×3×3.0",72,"付",43.45,3128.4]
[1661,null,"紫铜板","五金材料","任意品牌","任意尺寸",20,"千克",164.74,3294.8]
[1662,null,"紫铜棒","五金材料","任意品牌","任意尺寸",38,"千克",131.36,4991.68]
[1663,null,"紫铜箔","五金材料","任意品牌","厚度0.01-1mm长、宽任意尺寸",14,"千克",221.29,3098.06]
[1664,null,"自动喷漆","五金材料","任意品牌","任意颜色，400ml/瓶",180,"瓶",17.19,3094.2]
[1665,null,"阻尼器","五金材料","任意品牌","RXMZ-1.0/1.0 PVC材质",3,"个",815.05,2445.15]
[1666,null,"阻尼器","五金材料","任意品牌","RXMZ-2.0/1.0 PVC材质",3,"个",1530.29,4590.87]
[1667,"▲","pvc剪管器","工器具","上匠/世达/史丹利","0-64mm+刀片",8,"把",231.39,1851.12]
[1668,"▲","八合一水槽扳手","工器具","ZHCY/绿林/得力","适用于2/3/4/6分螺母",8,"把",64.68,517.44]
[1669,"▲","八角锤","工器具","世达/老A/史丹利","10磅",5,"把",420.13,2100.65]
[1670,"▲","八角锤","工器具","世达/老A/史丹利","12磅",5,"把",486.38,2431.9]
[1671,"▲","八角锤","工器具","世达/老A/史丹利","14磅",5,"把",529.38,2646.9]
[1672,"▲","八角锤","工器具","世达/老A/史丹利","16磅",5,"把",508.26,2541.3]
[1673,"▲","八角锤","工器具","世达/老A/史丹利","2.5磅",10,"把",128.88,1288.8]
[1674,"▲","八角锤","工器具","世达/老A/史丹利","3磅",10,"把",152.88,1528.8]
[1675,"▲","八角锤","工器具","世达/老A/史丹利","4磅",10,"把",162.13,1621.3]
[1676,"▲","八角锤","工器具","世达/老A/史丹利","6磅",7,"把",331.38,2319.66]
[1677,"▲","八角锤","工器具","世达/老A/史丹利","8磅",7,"把",381.88,2673.16]
[1678,"▲","百分表","工器具","哈量/上工/世达/青量","测量范围0-10mm，精度值0.01mm，精度等级1级",7,"只",288,2016]
[1679,"▲","百分表","工器具","哈量/上工/世达/青量","测量范围0-20mm，精度值0.01mm，精度等级1级",6,"只",471.89,2831.34]
[1680,"▲","百分表","工器具","哈量/上工/世达/青量","测量范围0-30mm，精度值0.01mm，精度等级1级",6,"只",548.68,3292.08]
[1681,"▲","百分表","工器具","哈量/上工/世达/青量","测量范围0-5mm，精度值0.01mm，精度等级1级。",7,"只",234.45,1641.15]
[1682,"▲","剥线钳","工器具","世达/老A/罗宾汉","6寸",20,"把",127.34,2546.8]
[1683,"▲","充电式吹风机","工器具","东成/老A/雷蒙","1.6-2.8m3/min，3档调风，电池容量4.0Ah，一电一充。",7,"台",596.18,4173.26]
[1684,"▲","充电式电锤","工器具","博世/牧田/德伟","单次锤击力1.7焦耳，锤击率0-4550bpm，空载转速0-1800rpm，配两电一充。",10,"台",2906.14,29061.4]
[1685,"▲","充电式角磨机","工器具","博世/牧田/德伟","适用砂轮直径少于等于105mm，双电套装。",10,"台",2907.98,29079.8]
[1686,"▲","充电式手电钻","工器具","博世/牧田/德伟","最大扭矩100牛米，1/4英寸内六角夹头，电池容量12V/2.0安时，配两电一充。",8,"台",705.34,5642.72]
[1687,"▲","充电式手电钻","工器具","博世/牧田/德伟","最大扭矩50/28牛米，扭矩设置20档，最大夹持能力13mm，三爪夹头，电池容量18V/4.0安时，配两电一充。",8,"台",1938.12,15504.96]
[1688,"▲","大开口卫浴扳手","工器具","ZHCY/绿林/得力","6-75mm",8,"把",114.18,913.44]
[1689,"▲","大力钳","工器具","老A/世达/史丹利","10寸",7,"把",105.1,735.7]
[1690,"▲","大力钳","工器具","老A/世达/史丹利","7寸",7,"把",62.67,438.69]
[1691,"▲","大容量拉杆式工具包","工器具","世达/老A/史丹利","23寸 430×240×380mm",7,"个",922.56,6457.92]
[1692,"▲","带水平尺的角尺","工器具","史丹利/世达/伍尔特","300mmx164mm",8,"把",58.63,469.04]
[1693,"▲","电锤","工器具","博世/牧田/德伟","功率约900W，单次最大锤击力5.0焦耳，锤击率0-3600bpm，空载转速0-760rpm。",6,"台",3523.99,21143.94]
[1694,"▲","短款十字螺丝刀","工器具","史丹利/世达/罗宾汉","杆径5mm，杆长30mm",26,"把",49.5,1287]
[1695,"▲","短款十字螺丝刀","工器具","史丹利/世达/罗宾汉","杆径6mm，杆长30mm",26,"把",50.53,1313.78]
[1696,"▲","短款一字螺丝刀","工器具","史丹利/世达/罗宾汉","杆径5mm，杆长30mm",26,"把",51.54,1340.04]
[1697,"▲","短款一字螺丝刀","工器具","史丹利/世达/罗宾汉","杆径6mm，杆长30mm",26,"把",56.59,1471.34]
[1698,"▲","断头螺丝取丝器","工器具","史丹利/世达/宝工","M3-M14",12,"套",56.59,679.08]
[1699,"▲","多功能网络压线钳","工器具","胜为/锐能/山泽","4P/6P/8P",6,"把",89.92,539.52]
[1700,"▲","防护眼镜","工器具","3M/霍尼韦尔/世达","防雾版",32,"付",64.68,2069.76]
[1701,"▲","钢板尺","工器具","史丹利/世达/得力","1米",8,"把",61.11,488.88]
[1702,"▲","钢板尺","工器具","史丹利/世达/伍尔特","30cm",8,"把",19.19,153.52]
[1703,"▲","钢板尺","工器具","史丹利/世达/伍尔特","50cm",8,"把",34.36,274.88]
[1704,"▲","钢丝钳","工器具","世达/史丹利/宝工","6寸",26,"把",93.97,2443.22]
[1705,"▲","钢丝钳","工器具","世达/史丹利/宝工","8寸",26,"把",71.3,1853.8]
[1706,"▲","焊把钳","工器具","金象/沪工之星/长城精工","全铜，300A",14,"把",68.72,962.08]
[1707,"▲","焊把钳","工器具","金象/沪工之星/长城精工","全铜，500A",14,"把",77.82,1089.48]
[1708,"▲","焊把钳","工器具","金象/沪工之星/长城精工","全铜，800A",8,"把",93.97,751.76]
[1709,"▲","黄油枪","工器具","世达/史丹利/宝工","100CC",14,"把",119.25,1669.5]
[1710,"▲","黄油枪","工器具","世达/史丹利/宝工","400CC",14,"把",154.6,2164.4]
[1711,"▲","黄油枪","工器具","世达/史丹利/宝工","600CC",14,"把",241.5,3381]
[1712,"▲","黄油枪尖嘴","工器具","世达/史丹利/宝工","通用尺寸",32,"颗",13.13,420.16]
[1713,"▲","黄油枪软管","工器具","世达/史丹利/宝工","18英寸",6,"条",46.48,278.88]
[1714,"▲","黄油枪油嘴","工器具","世达/史丹利/宝工","通用尺寸",32,"颗",15.17,{"$f":"I1716*G1716","v":485.44}]
[1715,"▲","活动扳手","工器具","世达/宝工/史丹利","10寸",26,"把",57.61,1497.86]
[1716,"▲","活动扳手","工器具","世达/宝工/史丹利","12寸",17,"把",77.82,1322.94]
[1717,"▲","活动扳手","工器具","世达/宝工/史丹利","15寸",17,"把",150.57,2559.69]
[1718,"▲","活动扳手","工器具","世达/宝工/史丹利","18寸",10,"把",269.79,2697.9]
[1719,"▲","活动扳手","工器具","世达/宝工/史丹利","24寸",6,"把",432.49,2594.94]
[1720,"▲","活动扳手","工器具","世达/宝工/史丹利","4寸",17,"把",32.34,549.78]
[1721,"▲","活动扳手","工器具","世达/宝工/史丹利","6寸",26,"把",39.4,1024.4]
[1722,"▲","活动扳手","工器具","世达/宝工/史丹利","8寸",26,"把",46.48,1208.48]
[1723,"▲","棘轮齿轮扳手套装","工器具","开拓/世达/史丹利","8mm-24mm（14件套）",8,"套",1345,10760]
[1724,"▲","棘轮螺丝刀组合套装","工器具","史丹利/世达/罗宾汉","含十字批头、一字批头、梅花批头、六角批头",14,"套",302.13,4229.82]
[1725,"▲","尖嘴钳","工器具","世达/史丹利/宝工","5寸",26,"把",64.68,1681.68]
[1726,"▲","尖嘴钳","工器具","世达/史丹利/宝工","6寸",26,"把",77.82,2023.32]
[1727,"▲","尖嘴钳","工器具","世达/史丹利/宝工","8寸",26,"把",98.03,2548.78]
[1728,"▲","剪剥压线钳","工器具","世达/老A/罗宾汉","7寸",20,"把",323.36,6467.2]
[1729,"▲","角磨机","工器具","博世/牧田/德伟","适用砂轮直径少于等于105mm，功率约700W。",10,"台",472.55,4725.5]
[1730,"▲","金刚石切割片","工器具","博世/老A/雷蒙","4寸",26,"片",44.47,1156.22]
[1731,"▲","精修螺丝刀套装","工器具","史丹利/世达/罗宾汉","6件套",15,"套",70.5,1057.5]
[1732,"▲","锯条","工器具","史丹利/世达/老A","12寸，18齿，10片/盒",6,"盒",131.36,788.16]
[1733,"▲","锯条","工器具","史丹利/世达/老A","12寸，24齿，11片/盒",14,"盒",131.36,1839.04]
[1734,"▲","锯条","工器具","史丹利/世达/老A","12寸，32齿，12片/盒",6,"盒",131.36,788.16]
[1735,"▲","卷尺","工器具","世达/史丹利/老A","5米",14,"把",52.55,735.7]
[1736,"▲","卷尺","工器具","世达/史丹利/老A","7.5米",14,"把",83.9,1174.6]
[1737,"▲","卡簧钳套装","工器具","钢盾/宝拉/世达","轴用、孔用",14,"套",275.85,3861.9]
[1738,"▲","开口扳手","工器具","百威狮/世达/史丹利","12-14mm",51,"把",22.97,1171.47]
[1739,"▲","开口扳手","工器具","百威狮/世达/史丹利","13-16mm",51,"把",25.72,1311.72]
[1740,"▲","开口扳手","工器具","百威狮/世达/史丹利","14-17mm",51,"把",27.22,1388.22]
[1741,"▲","开口扳手","工器具","百威狮/世达/史丹利","17-19mm",51,"把",34.87,1778.37]
[1742,"▲","开口扳手","工器具","百威狮/世达/史丹利","19-22mm",51,"把",39.86,2032.86]
[1743,"▲","开口扳手","工器具","百威狮/世达/史丹利","22-24mm",33,"把",49.5,1633.5]
[1744,"▲","开口扳手","工器具","百威狮/世达/史丹利","24-27mm",33,"把",62.29,2055.57]
[1745,"▲","开口扳手","工器具","百威狮/世达/史丹利","27-30mm",33,"把",74.98,2474.34]
[1746,"▲","开口扳手","工器具","百威狮/世达/史丹利","30-32mm",33,"把",84.28,2781.24]
[1747,"▲","开口扳手","工器具","百威狮/世达/史丹利","32-36mm",33,"把",115.5,3811.5]
[1748,"▲","开口扳手","工器具","百威狮/世达/史丹利","9-11mm",51,"把",19.04,971.04]
[1749,"▲","开口扳手套装","工器具","百威狮/世达/史丹利","5.5mm-32mm",8,"套",390.73,3125.84]
[1750,"▲","可敲击十字螺丝刀","工器具","史丹利/世达/罗宾汉","杆径6mm，杆长150mm",15,"把",53.55,803.25]
[1751,"▲","可敲击十字螺丝刀","工器具","史丹利/世达/罗宾汉","杆径8mm，杆长200mm",15,"把",68.72,1030.8]
[1752,"▲","可敲击十字螺丝刀","工器具","史丹利/世达/罗宾汉","杆径8mm，杆长250mm",15,"把",74.78,1121.7]
[1753,"▲","可敲击十字螺丝刀","工器具","史丹利/世达/罗宾汉","杆径8mm，杆长300mm",15,"把",79.82,1197.3]
[1754,"▲","可敲击一字螺丝刀","工器具","史丹利/世达/罗宾汉","杆径6mm，杆长150mm",15,"把",53.55,803.25]
[1755,"▲","可敲击一字螺丝刀","工器具","史丹利/世达/罗宾汉","杆径8mm，杆长200mm",15,"把",68.72,1030.8]
[1756,"▲","可敲击一字螺丝刀","工器具","史丹利/世达/罗宾汉","杆径8mm，杆长250mm",15,"把",74.78,1121.7]
[1757,"▲","孔用卡簧钳","工器具","世达/史丹利/宝工","13寸，弯嘴",8,"把",144.49,1155.92]
[1758,"▲","孔用卡簧钳","工器具","世达/史丹利/宝工","13寸，直嘴",8,"把",144.49,1155.92]
[1759,"▲","孔用卡簧钳","工器具","世达/史丹利/宝工","5寸，弯嘴",8,"把",54.57,436.56]
[1760,"▲","孔用卡簧钳","工器具","世达/史丹利/宝工","5寸，直嘴",8,"把",54.57,436.56]
[1761,"▲","孔用卡簧钳","工器具","世达/史丹利/宝工","7寸，弯嘴",8,"把",71.75,574]
[1762,"▲","孔用卡簧钳","工器具","世达/史丹利/宝工","7寸，直嘴",8,"把",71.75,574]
[1763,"▲","孔用卡簧钳","工器具","世达/史丹利/宝工","9寸，弯嘴",8,"把",88.93,711.44]
[1764,"▲","孔用卡簧钳","工器具","世达/史丹利/宝工","9寸，直嘴",8,"把",88.93,711.44]
[1765,"▲","链条扳手","工器具","世达/宝工/史丹利","12寸",8,"把",151.08,1208.64]
[1766,"▲","链条扳手","工器具","世达/宝工/史丹利","15寸",8,"把",196.48,1571.84]
[1767,"▲","铝合金尺座不锈钢角尺","工器具","史丹利/世达/伍尔特","300mm",8,"把",56.59,452.72]
[1768,"▲","梅花扳手","工器具","百威狮/世达/史丹利","12-14mm",51,"把",27.48,1401.48]
[1769,"▲","梅花扳手","工器具","百威狮/世达/史丹利","13-16mm",51,"把",31.69,1616.19]
[1770,"▲","梅花扳手","工器具","百威狮/世达/史丹利","14-17mm",51,"把",32.17,1640.67]
[1771,"▲","梅花扳手","工器具","百威狮/世达/史丹利","17-19mm",51,"把",38.49,1962.99]
[1772,"▲","梅花扳手","工器具","百威狮/世达/史丹利","19-22mm",51,"把",44.12,2250.12]
[1773,"▲","梅花扳手","工器具","百威狮/世达/史丹利","22-24mm",33,"把",51.98,1715.34]
[1774,"▲","梅花扳手","工器具","百威狮/世达/史丹利","24-27mm",33,"把",68.79,2270.07]
[1775,"▲","梅花扳手","工器具","百威狮/世达/史丹利","27-30mm",33,"把",92.47,3051.51]
[1776,"▲","梅花扳手","工器具","百威狮/世达/史丹利","30-32mm",33,"把",95.67,3157.11]
[1777,"▲","梅花扳手","工器具","百威狮/世达/史丹利","32-36mm",33,"把",136.67,4510.11]
[1778,"▲","梅花扳手","工器具","百威狮/世达/史丹利","9-11mm",51,"把",24.51,{"$f":"I1780*G1780","v":1250.01}]
[1779,"▲","梅花扳手套装","工器具","世达/史丹利/田岛","5.5mm-32mm",8,"套",877.98,7023.84]
[1780,"▲","梅花棘轮-开口扳手","工器具","百威狮/世达/史丹利","12mm",51,"把",42.56,2170.56]
[1781,"▲","梅花棘轮-开口扳手","工器具","百威狮/世达/史丹利","13mm",51,"把",43.58,2222.58]
[1782,"▲","梅花棘轮-开口扳手","工器具","百威狮/世达/史丹利","14mm",51,"把",45.76,2333.76]
[1783,"▲","梅花棘轮-开口扳手","工器具","百威狮/世达/史丹利","17mm",51,"把",55.85,2848.35]
[1784,"▲","梅花棘轮-开口扳手","工器具","百威狮/世达/史丹利","19mm",51,"把",60.45,3082.95]
[1785,"▲","梅花棘轮-开口扳手","工器具","百威狮/世达/史丹利","22mm",51,"把",98.56,5026.56]
[1786,"▲","梅花棘轮-开口扳手","工器具","百威狮/世达/史丹利","24mm",33,"把",110.89,3659.37]
[1787,"▲","梅花棘轮-开口扳手套装","工器具","百威狮/世达/史丹利","6-32mm",8,"套",2150.5,17204]
[1788,"▲","梅花开口扳手","工器具","百威狮/世达/史丹利","13mm",33,"把",16.51,544.83]
[1789,"▲","梅花开口扳手","工器具","百威狮/世达/史丹利","17mm",33,"把",23.42,772.86]
[1790,"▲","梅花开口扳手","工器具","百威狮/世达/史丹利","19mm",33,"把",27.55,909.15]
[1791,"▲","梅花开口扳手","工器具","百威狮/世达/史丹利","27mm",21,"把",54.96,1154.16]
[1792,"▲","梅花开口扳手","工器具","百威狮/世达/史丹利","30mm",21,"把",69.31,1455.51]
[1793,"▲","梅花开口扳手","工器具","百威狮/世达/史丹利","32mm",21,"把",75.69,1589.49]
[1794,"▲","梅花开口扳手","工器具","百威狮/世达/史丹利","34mm",21,"把",91.77,1927.17]
[1795,"▲","梅花开口扳手","工器具","百威狮/世达/史丹利","36mm",21,"把",114.91,2413.11]
[1796,"▲","梅花开口扳手","工器具","百威狮/世达/史丹利","38mm",12,"把",118.1,1417.2]
[1797,"▲","梅花开口扳手","工器具","百威狮/世达/史丹利","40mm",12,"把",84.93,1019.16]
[1798,"▲","梅花开口扳手","工器具","百威狮/世达/史丹利","41mm",8,"把",141.97,1135.76]
[1799,"▲","梅花开口扳手","工器具","百威狮/世达/史丹利","42mm",8,"把",148.95,1191.6]
[1800,"▲","梅花开口扳手","工器具","百威狮/世达/史丹利","44mm",8,"把",100.81,806.48]
[1801,"▲","梅花开口扳手","工器具","百威狮/世达/史丹利","45mm",8,"把",105.7,845.6]
[1802,"▲","梅花开口扳手","工器具","百威狮/世达/史丹利","46mm",8,"把",183.91,1471.28]
[1803,"▲","梅花开口扳手","工器具","百威狮/世达/史丹利","48mm",8,"把",211.17,1689.36]
[1804,"▲","梅花开口扳手套装","工器具","百威狮/世达/史丹利","5.5mm-32mm",8,"套",946.74,7573.92]
[1805,"▲","内径千分尺","工器具","哈量/上工/世达/青量","0-30mm，分度值0.01mm，带校对环规",5,"把",374.39,1871.95]
[1806,"▲","内径千分尺","工器具","哈量/上工/世达/青量","25-50mm，分度值0.01mm带校对环规",5,"把",518.31,2591.55]
[1807,"▲","内径千分尺","工器具","哈量/上工/世达/青量","50-75mm，分度值0.01mm",5,"把",555.25,2776.25]
[1808,"▲","内径千分尺","工器具","哈量/上工/世达/青量","75-100mm，分度值0.01mm",5,"把",617.15,3085.75]
[1809,"▲","内六角扳手","工器具","史丹利/世达/高松","12mm",10,"把",24.09,240.9]
[1810,"▲","内六角扳手","工器具","史丹利/世达/高松","14mm",10,"把",36.52,365.2]
[1811,"▲","内六角扳手","工器具","史丹利/世达/高松","16mm",10,"把",48.86,488.6]
[1812,"▲","内六角扳手","工器具","史丹利/世达/高松","17mm",6,"把",61.54,369.24]
[1813,"▲","内六角扳手","工器具","史丹利/世达/高松","18mm",6,"把",67.09,402.54]
[1814,"▲","内六角扳手","工器具","史丹利/世达/高松","19mm",6,"把",79.29,475.74]
[1815,"▲","内六角扳手","工器具","史丹利/世达/高松","22mm",5,"把",159.4,797]
[1816,"▲","内六角扳手套装","工器具","史丹利/世达/高松","1.5mm-10mm",14,"套",140.45,1966.3]
[1817,"▲","内六角扳手套装","工器具","史丹利/世达/高松","加长球头 10件套（2mm-10）",14,"套",158.66,2221.24]
[1818,"▲","内六角扳手套装","工器具","史丹利/世达/高松","英制",7,"套",177.84,1244.88]
[1819,"▲","扭力扳手","工器具","开拓/世达/史丹利","28-210Nm",6,"把",1703.22,10219.32]
[1820,"▲","皮带扳手","工器具","世达/宝工/史丹利","11寸",6,"把",148.57,891.42]
[1821,"▲","钳工锉刀","工器具","史丹利/世达/得力","粗齿半圆锉10寸",8,"把",78.84,630.72]
[1822,"▲","钳工锉刀","工器具","史丹利/世达/得力","粗齿半圆锉6寸",8,"把",65.69,525.52]
[1823,"▲","钳工锉刀","工器具","史丹利/世达/得力","粗齿平锉10寸",8,"把",64.68,517.44]
[1824,"▲","钳工锉刀","工器具","史丹利/世达/得力","粗齿平锉6寸",8,"把",48.51,388.08]
[1825,"▲","钳工锉刀","工器具","史丹利/世达/得力","粗齿三角锉10寸",8,"把",81.86,654.88]
[1826,"▲","钳工锉刀","工器具","史丹利/世达/得力","粗齿三角锉6寸",8,"把",53.55,428.4]
[1827,"▲","钳工锉刀","工器具","史丹利/世达/得力","粗齿圆锉6寸",8,"把",63.69,509.52]
[1828,"▲","钳工锉刀","工器具","史丹利/世达/得力","粗齿圆锉6寸",8,"把",63.69,509.52]
[1829,"▲","钳工锉刀","工器具","史丹利/世达/得力","细齿半圆锉10寸",8,"把",91.96,735.68]
[1830,"▲","钳工锉刀","工器具","史丹利/世达/得力","细齿半圆锉6寸",8,"把",71.75,574]
[1831,"▲","钳工锉刀","工器具","史丹利/世达/得力","细齿平锉10寸",8,"把",73.76,590.08]
[1832,"▲","钳工锉刀","工器具","史丹利/世达/得力","细齿平锉6寸",8,"把",56.59,452.72]
[1833,"▲","钳工锉刀","工器具","史丹利/世达/得力","细齿三角锉10寸",8,"把",88.93,711.44]
[1834,"▲","钳工锉刀","工器具","史丹利/世达/得力","细齿三角锉6寸",8,"把",55.59,444.72]
[1835,"▲","钳工锉刀","工器具","史丹利/世达/得力","细齿圆锉10寸",8,"把",82.88,663.04]
[1836,"▲","钳工锉刀","工器具","史丹利/世达/得力","细齿圆锉6寸",8,"把",66.69,533.52]
[1837,"▲","钳工锉刀","工器具","史丹利/世达/得力","中齿半圆锉10寸",8,"把",90.95,727.6]
[1838,"▲","钳工锉刀","工器具","史丹利/世达/得力","中齿半圆锉6寸",8,"把",70.74,565.92]
[1839,"▲","钳工锉刀","工器具","史丹利/世达/得力","中齿平锉10寸",8,"把",67.7,541.6]
[1840,"▲","钳工锉刀","工器具","史丹利/世达/得力","中齿平锉6寸",8,"把",51.54,412.32]
[1841,"▲","钳工锉刀","工器具","史丹利/世达/得力","中齿三角锉10寸",8,"把",84.92,679.36]
[1842,"▲","钳工锉刀","工器具","史丹利/世达/得力","中齿三角锉6寸",8,"把",55.59,{"$f":"I1844*G1844","v":444.72}]
[1843,"▲","钳工锉刀","工器具","史丹利/世达/得力","中齿圆锉10寸",8,"把",73.76,590.08]
[1844,"▲","钳工锉刀","工器具","史丹利/世达/得力","中齿圆锉6寸",8,"把",56.59,452.72]
[1845,"▲","钳型电流表","工器具","福禄克（FLUKE）    /日置（HIOKI）/GMC高美","3280-10F",7,"套",737.82,5164.74]
[1846,"▲","钳型电流表","工器具","福禄克（FLUKE）/   日置（HIOKI）/GMC高美","F317",7,"套",2156.37,15094.59]
[1847,"▲","钳型电流表","工器具","福禄克（FLUKE）/   日置（HIOKI）/GMC高美","F319",7,"套",2867.76,20074.32]
[1848,"▲","切割片","工器具","大白鲨/金象/砂威","350*3.2*25.4mm        25片/盒",20,"盒",428.48,8569.6]
[1849,"▲","切割片","工器具","大白鲨/金象/砂威","400*3.2*32mm 25片/盒",20,"盒",388.48,7769.6]
[1850,"▲","轻型电锤","工器具","博世/牧田/德伟","功率约720W，单次最大锤击力2.0焦耳，锤击率0-4800bpm，空载转速0-2000rpm。",10,"台",1066.11,10661.1]
[1851,"▲","十字绝缘螺丝刀","工器具","史丹利/世达/罗宾汉","杆径3mm，杆长60mm",27,"把",62.67,1692.09]
[1852,"▲","十字绝缘螺丝刀","工器具","史丹利/世达/罗宾汉","杆径5mm，杆长80mm",27,"把",66.69,1800.63]
[1853,"▲","十字绝缘螺丝刀","工器具","史丹利/世达/罗宾汉","杆径6mm，杆长100mm",27,"把",87.91,2373.57]
[1854,"▲","十字绝缘螺丝刀","工器具","史丹利/世达/罗宾汉","杆径8mm，杆长150mm",27,"把",109.14,2946.78]
[1855,"▲","十字螺丝刀","工器具","史丹利/世达/罗宾汉","杆径3.2mm，杆长100mm",39,"把",18.21,710.19]
[1856,"▲","十字螺丝刀","工器具","史丹利/世达/罗宾汉","杆径3.2mm，杆长125mm",39,"把",19.19,748.41]
[1857,"▲","十字螺丝刀","工器具","史丹利/世达/罗宾汉","杆径3.2mm，杆长150mm",39,"把",21.23,827.97]
[1858,"▲","十字螺丝刀","工器具","史丹利/世达/罗宾汉","杆径3.2mm，杆长60-75mm",33,"把",17.19,567.27]
[1859,"▲","十字螺丝刀","工器具","史丹利/世达/罗宾汉","杆径5mm，杆长100mm",39,"把",18.37,716.43]
[1860,"▲","十字螺丝刀","工器具","史丹利/世达/罗宾汉","杆径5mm，杆长150mm",39,"把",18.92,737.88]
[1861,"▲","十字螺丝刀","工器具","史丹利/世达/罗宾汉","杆径5mm，杆长200mm",27,"把",31.33,845.91]
[1862,"▲","十字螺丝刀","工器具","史丹利/世达/罗宾汉","杆径5mm，杆长60-75mm",27,"把",17.61,475.47]
[1863,"▲","十字螺丝刀","工器具","史丹利/世达/罗宾汉","杆径6mm，杆长100mm",39,"把",27.28,1063.92]
[1864,"▲","十字螺丝刀","工器具","史丹利/世达/罗宾汉","杆径6mm，杆长125mm",39,"把",30.32,1182.48]
[1865,"▲","十字螺丝刀","工器具","史丹利/世达/罗宾汉","杆径6mm，杆长150mm",39,"把",30.32,1182.48]
[1866,"▲","十字螺丝刀","工器具","史丹利/世达/罗宾汉","杆径6mm，杆长200mm",39,"把",34.36,1340.04]
[1867,"▲","十字螺丝刀","工器具","史丹利/世达/罗宾汉","杆径6mm，杆长250mm",39,"把",37.4,1458.6]
[1868,"▲","十字螺丝刀","工器具","史丹利/世达/罗宾汉","杆径6mm，杆长40-60mm",33,"把",21.23,700.59]
[1869,"▲","十字螺丝刀","工器具","史丹利/世达/罗宾汉","杆径8mm，杆长150mm",21,"把",38.42,806.82]
[1870,"▲","十字螺丝刀","工器具","史丹利/世达/罗宾汉","杆径8mm，杆长200mm",21,"把",29.59,621.39]
[1871,"▲","十字螺丝刀","工器具","史丹利/世达/罗宾汉","杆径8mm，杆长250mm",21,"把",36.05,757.05]
[1872,"▲","手持式工程钻机","工器具","博森/得力/东成","额定输入功率2200W，额定电压220V，额定负责转速0-1250rpm，最大钻孔直径168mm。",5,"台",838.03,4190.15]
[1873,"▲","手电钻","工器具","博世/牧田/德伟","功率约345W",10,"台",260.08,2600.8]
[1874,"▲","手动棘轮剪线钳","工器具","罗宾汉/史丹利/世达","剪切单股350mm2以下电缆",7,"把",1150.93,8056.51]
[1875,"▲","手动吸锡器","工器具","宝工/世达/史丹利","吸力30cm-Hg，ABS材质",5,"把",56.59,282.95]
[1876,"▲","手砂轮百叶砂轮片","工器具","大白鲨/金象/砂威","100*16mm 40片/盒",62,"盒",133.4,8270.8]
[1877,"▲","手砂轮磨片","工器具","大白鲨/金象/砂威","100*4*16mm 50片/盒",32,"盒",144.64,4628.48]
[1878,"▲","手砂轮磨片","工器具","大白鲨/金象/砂威","100*6*16mm 50片/盒",62,"盒",150.53,9332.86]
[1879,"▲","手砂轮切割片","工器具","大白鲨/金象/砂威","105*1.2*16mm  50片/盒",122,"盒",64.68,7890.96]
[1880,"▲","手砂轮切割片","工器具","大白鲨/金象/砂威","105*2.5*16mm  50片/盒",92,"盒",69.74,6416.08]
[1881,"▲","手用丝锥","工器具","上工/沪工/博世","M14",10,"付",37.4,374]
[1882,"▲","手用丝锥","工器具","上工/沪工/博世","M16",10,"付",42.46,424.6]
[1883,"▲","手用丝锥","工器具","上工/沪工/博世","M18",10,"付",53.55,535.5]
[1884,"▲","手用丝锥","工器具","上工/沪工/博世","M20",10,"付",57.61,576.1]
[1885,"▲","手用丝锥","工器具","上工/沪工/博世","M22",10,"付",74.78,747.8]
[1886,"▲","数字万用表","工器具","福禄克（FLUKE）/   日置（HIOKI）/GMC高美","F17B",13,"套",1095.24,14238.12]
[1887,"▲","双轴承手拉葫芦","工器具","沪工/世达/得力","1吨3米",10,"台",521.17,5211.7]
[1888,"▲","双轴承手拉葫芦","工器具","沪工/世达/得力","1吨6米",10,"台",671.06,6710.6]
[1889,"▲","双轴承手拉葫芦","工器具","沪工/世达/得力","2吨3米",10,"台",745.27,7452.7]
[1890,"▲","双轴承手拉葫芦","工器具","沪工/世达/得力","2吨6米",10,"台",962.26,9622.6]
[1891,"▲","双轴承手拉葫芦","工器具","沪工/世达/得力","2吨9米",8,"台",1178.72,9429.76]
[1892,"▲","双轴承手拉葫芦","工器具","沪工/世达/得力","3吨12米",6,"台",1779.64,10677.84]
[1893,"▲","双轴承手拉葫芦","工器具","沪工/世达/得力","3吨3米",8,"台",998.35,7986.8]
[1894,"▲","双轴承手拉葫芦","工器具","沪工/世达/得力","3吨6米",8,"台",1253.34,10026.72]
[1895,"▲","双轴承手拉葫芦","工器具","沪工/世达/得力","3吨9米",8,"台",1493,11944]
[1896,"▲","双轴承手拉葫芦","工器具","沪工/世达/得力","5吨12米",6,"台",2649.39,15896.34]
[1897,"▲","双轴承手拉葫芦","工器具","沪工/世达/得力","5吨3米",6,"台",1575.23,9451.38]
[1898,"▲","双轴承手拉葫芦","工器具","沪工/世达/得力","5吨6米",6,"台",1991.04,11946.24]
[1899,"▲","双轴承手拉葫芦","工器具","沪工/世达/得力","5吨9米",6,"台",2200.16,13200.96]
[1900,"▲","套筒","工器具","百威狮/世达/史丹利","27mm",33,"只",61.59,2032.47]
[1901,"▲","套筒","工器具","百威狮/世达/史丹利","30mm",33,"只",50.61,1670.13]
[1902,"▲","套筒","工器具","百威狮/世达/史丹利","32mm",33,"只",75.58,2494.14]
[1903,"▲","套筒","工器具","百威狮/世达/史丹利","34mm",33,"只",77.01,2541.33]
[1904,"▲","套筒","工器具","百威狮/世达/史丹利","36mm",21,"只",77.65,1630.65]
[1905,"▲","套筒","工器具","百威狮/世达/史丹利","38mm",21,"只",79.29,1665.09]
[1906,"▲","套筒","工器具","百威狮/世达/史丹利","40mm",21,"只",80.65,{"$f":"I1908*G1908","v":1693.65}]
[1907,"▲","套筒","工器具","百威狮/世达/史丹利","41mm",21,"只",82.03,1722.63]
[1908,"▲","套筒","工器具","百威狮/世达/史丹利","46mm",21,"只",93.77,1969.17]
[1909,"▲","套筒扳手套装","工器具","沪工/百威狮/瑞能","5.5mm-32mm",8,"套",797.37,6378.96]
[1910,"▲","头戴式电焊防护面罩","工器具","迅达/者也/世达","自动变光",14,"套",222.33,3112.62]
[1911,"▲","透明管黄油枪","工器具","世达/史丹利/宝工","400CC",8,"把",229.37,1834.96]
[1912,"▲","外径千分尺","工器具","哈量/上工/世达/青量","0-25mm，分度值0.01mm",6,"把",156.64,939.84]
[1913,"▲","外径千分尺","工器具","哈量/上工/世达/青量","100-125mm，分度值0.01mm",6,"把",254.64,1527.84]
[1914,"▲","外径千分尺","工器具","哈量/上工/世达/青量","125-150mm，分度值0.01mm",5,"把",280.94,1404.7]
[1915,"▲","外径千分尺","工器具","哈量/上工/世达/青量","25-50mm，分度值0.01mm",6,"把",183.93,1103.58]
[1916,"▲","外径千分尺","工器具","哈量/上工/世达/青量","50-75mm，分度值0.01mm",6,"把",212.2,1273.2]
[1917,"▲","外径千分尺","工器具","哈量/上工/世达/青量","75-100mm，分度值0.01mm",6,"把",250.6,1503.6]
[1918,"▲","无刷电动扳手","工器具","博世/牧田/德伟","最大扭矩300牛米，工具夹头1/2英寸，电池容量18V/4.0安时，配两电一充。",8,"套",2405.96,19247.68]
[1919,"▲","斜口钳","工器具","世达/史丹利/宝工","5寸",26,"把",67.7,1760.2]
[1920,"▲","斜口钳","工器具","世达/史丹利/宝工","6寸",26,"把",68.72,1786.72]
[1921,"▲","斜口钳","工器具","世达/史丹利/宝工","7寸",26,"把",82.88,2154.88]
[1922,"▲","鸭嘴锤","工器具","麦思德/老A/史丹利","1000g",10,"把",177.84,1778.4]
[1923,"▲","鸭嘴锤","工器具","麦思德/老A/史丹利","500g",10,"把",122.28,1222.8]
[1924,"▲","液压压线钳","工器具","正泰/德力西/得力","压接10-120mm2",6,"套",378.94,2273.64]
[1925,"▲","液压压线钳","工器具","正泰/德力西/得力","压接16-240mm2",5,"套",434.51,2172.55]
[1926,"▲","液压压线钳","工器具","正泰/德力西/得力","压接16-300mm2",5,"套",469.88,2349.4]
[1927,"▲","液压压线钳","工器具","正泰/德力西/得力","压接4-70mm2",6,"套",345.6,2073.6]
[1928,"▲","一字绝缘螺丝刀","工器具","史丹利/世达/罗宾汉","杆径3mm，杆长60mm",27,"把",61.65,1664.55]
[1929,"▲","一字绝缘螺丝刀","工器具","史丹利/世达/罗宾汉","杆径5mm，杆长80mm",27,"把",70.74,1909.98]
[1930,"▲","一字绝缘螺丝刀","工器具","史丹利/世达/罗宾汉","杆径6mm，杆长100mm",27,"把",85.9,2319.3]
[1931,"▲","一字绝缘螺丝刀","工器具","史丹利/世达/罗宾汉","杆径8mm，杆长150mm",26,"把",105.1,2732.6]
[1932,"▲","一字螺丝刀","工器具","史丹利/世达/罗宾汉","杆径3.2mm，杆长100mm",39,"把",18.21,710.19]
[1933,"▲","一字螺丝刀","工器具","史丹利/世达/罗宾汉","杆径3.2mm，杆长125mm",39,"把",19.19,748.41]
[1934,"▲","一字螺丝刀","工器具","史丹利/世达/罗宾汉","杆径3.2mm，杆长150mm",39,"把",21.23,827.97]
[1935,"▲","一字螺丝刀","工器具","史丹利/世达/罗宾汉","杆径3.2mm，杆长60-75mm",33,"把",17.19,567.27]
[1936,"▲","一字螺丝刀","工器具","史丹利/世达/罗宾汉","杆径5mm，杆长100mm",39,"把",26.27,1024.53]
[1937,"▲","一字螺丝刀","工器具","史丹利/世达/罗宾汉","杆径5mm，杆长150mm",39,"把",29.32,1143.48]
[1938,"▲","一字螺丝刀","工器具","史丹利/世达/罗宾汉","杆径5mm，杆长200mm",27,"把",31.33,845.91]
[1939,"▲","一字螺丝刀","工器具","史丹利/世达/罗宾汉","杆径5mm，杆长60-75mm",27,"把",25.27,682.29]
[1940,"▲","一字螺丝刀","工器具","史丹利/世达/罗宾汉","杆径6mm，杆长100mm",39,"把",27.28,1063.92]
[1941,"▲","一字螺丝刀","工器具","史丹利/世达/罗宾汉","杆径6mm，杆长125mm",39,"把",32.34,1261.26]
[1942,"▲","一字螺丝刀","工器具","史丹利/世达/罗宾汉","杆径6mm，杆长150mm",39,"把",32.34,1261.26]
[1943,"▲","一字螺丝刀","工器具","史丹利/世达/罗宾汉","杆径6mm，杆长200mm",39,"把",37.09,1446.51]
[1944,"▲","一字螺丝刀","工器具","史丹利/世达/罗宾汉","杆径6mm，杆长250mm",39,"把",37.4,1458.6]
[1945,"▲","一字螺丝刀","工器具","史丹利/世达/罗宾汉","杆径6mm，杆长40-60mm",33,"把",21.23,700.59]
[1946,"▲","一字螺丝刀","工器具","史丹利/世达/罗宾汉","杆径8mm，杆长150mm",27,"把",38.4,1036.8]
[1947,"▲","一字螺丝刀","工器具","史丹利/世达/罗宾汉","杆径8mm，杆长200mm",27,"把",42.46,1146.42]
[1948,"▲","一字螺丝刀","工器具","史丹利/世达/罗宾汉","杆径8mm，杆长250mm",27,"把",51.54,1391.58]
[1949,"▲","硬质合金钢        金属开孔器","工器具","佰瑞特/世博/优尼卡","开孔100mm",17,"只",340.55,5789.35]
[1950,"▲","硬质合金钢        金属开孔器","工器具","佰瑞特/世博/优尼卡","开孔16-20mm",26,"只",135.41,3520.66]
[1951,"▲","硬质合金钢        金属开孔器","工器具","佰瑞特/世博/优尼卡","开孔21-30mm",26,"只",162.7,4230.2]
[1952,"▲","硬质合金钢        金属开孔器","工器具","佰瑞特/世博/优尼卡","开孔32-40mm",26,"只",199.08,5176.08]
[1953,"▲","硬质合金钢        金属开孔器","工器具","佰瑞特/世博/优尼卡","开孔42-50mm",26,"只",241.5,6279]
[1954,"▲","硬质合金钢        金属开孔器","工器具","佰瑞特/世博/优尼卡","开孔53-60mm",26,"只",263.75,6857.5]
[1955,"▲","硬质合金钢        金属开孔器","工器具","佰瑞特/世博/优尼卡","开孔65-70mm",17,"只",278.9,4741.3]
[1956,"▲","硬质合金钢        金属开孔器","工器具","佰瑞特/世博/优尼卡","开孔75-80mm",17,"只",298.1,5067.7]
[1957,"▲","硬质合金钢        金属开孔器","工器具","佰瑞特/世博/优尼卡","开孔85mm",17,"只",293.04,4981.68]
[1958,"▲","硬质合金钢        金属开孔器","工器具","佰瑞特/世博/优尼卡","开孔90mm",17,"只",297.08,5050.36]
[1959,"▲","硬质合金钢        金属开孔器","工器具","佰瑞特/世博/优尼卡","开孔95mm",17,"只",317.29,5393.93]
[1960,"▲","游标卡尺","工器具","上工/世达/史丹利","0-200mm（带表）",7,"把",445.63,3119.41]
[1961,"▲","游标卡尺","工器具","上工/世达/史丹利","0-300mm（带表）",7,"把",593.14,4151.98]
[1962,"▲","圆头锤","工器具","麦思德/老A/史丹利","1磅",10,"把",74.78,747.8]
[1963,"▲","圆头锤","工器具","麦思德/老A/史丹利","2磅",10,"把",98.03,980.3]
[1964,"▲","整型锉刀套装","工器具","卡夫威尔/世达/史丹利","10件套",8,"套",139.43,1115.44]
[1965,"▲","轴用卡簧钳","工器具","世达/史丹利/宝工","13寸，弯嘴",8,"把",144.51,1156.08]
[1966,"▲","轴用卡簧钳","工器具","世达/史丹利/宝工","13寸，直嘴",8,"把",144.49,1155.92]
[1967,"▲","轴用卡簧钳","工器具","世达/史丹利/宝工","5寸，弯嘴",8,"把",54.57,436.56]
[1968,"▲","轴用卡簧钳","工器具","世达/史丹利/宝工","5寸，直嘴",8,"把",54.57,436.56]
[1969,"▲","轴用卡簧钳","工器具","世达/史丹利/宝工","7寸，弯嘴",8,"把",71.75,574]
[1970,"▲","轴用卡簧钳","工器具","世达/史丹利/宝工","7寸，直嘴",8,"把",71.75,{"$f":"I1972*G1972","v":574}]
[1971,"▲","轴用卡簧钳","工器具","世达/史丹利/宝工","9寸，弯嘴",8,"把",108.12,864.96]
[1972,"▲","轴用卡簧钳","工器具","世达/史丹利/宝工","9寸，直嘴",8,"把",88.93,711.44]
[1973,null,"304不锈钢国标     孔用卡簧","工器具","任意品牌","φ110-125mm",13,"个",35.38,459.94]
[1974,null,"304不锈钢国标     孔用卡簧","工器具","任意品牌","φ22-35mm",31,"个",2.03,62.93]
[1975,null,"304不锈钢国标     孔用卡簧","工器具","任意品牌","φ36-50mm",31,"个",3.03,93.93]
[1976,null,"304不锈钢国标     孔用卡簧","工器具","任意品牌","φ52-70mm",19,"个",7.06,134.14]
[1977,null,"304不锈钢国标     孔用卡簧","工器具","任意品牌","φ72-90mm",19,"个",10.11,192.09]
[1978,null,"304不锈钢国标     孔用卡簧","工器具","任意品牌","φ8-20mm",31,"个",1.02,31.62]
[1979,null,"304不锈钢国标     孔用卡簧","工器具","任意品牌","φ95-105mm",13,"个",23.23,301.99]
[1980,null,"304不锈钢国标     轴用卡簧","工器具","任意品牌","φ110-125mm",13,"个",28.3,367.9]
[1981,null,"304不锈钢国标     轴用卡簧","工器具","任意品牌","φ22-35mm",31,"个",2.03,62.93]
[1982,null,"304不锈钢国标     轴用卡簧","工器具","任意品牌","φ36-50mm",31,"个",2.03,62.93]
[1983,null,"304不锈钢国标     轴用卡簧","工器具","任意品牌","φ52-70mm",19,"个",5.06,96.14]
[1984,null,"304不锈钢国标     轴用卡簧","工器具","任意品牌","φ72-90mm",19,"个",9.08,172.52]
[1985,null,"304不锈钢国标     轴用卡簧","工器具","任意品牌","φ8-20mm",31,"个",1.02,31.62]
[1986,null,"304不锈钢国标     轴用卡簧","工器具","任意品牌","φ95-105mm",13,"个",17.19,223.47]
[1987,null,"C型夹","工器具","任意品牌","10寸",4,"只",77.82,311.28]
[1988,null,"C型夹","工器具","任意品牌","12寸",4,"只",99.05,396.2]
[1989,null,"C型夹","工器具","任意品牌","2寸",10,"只",15.17,151.7]
[1990,null,"C型夹","工器具","任意品牌","3寸",10,"只",21.23,212.3]
[1991,null,"C型夹","工器具","任意品牌","4寸",10,"只",30.32,303.2]
[1992,null,"C型夹","工器具","任意品牌","5寸",6,"只",36.38,218.28]
[1993,null,"C型夹","工器具","任意品牌","6寸",6,"只",47.49,284.94]
[1994,null,"C型夹","工器具","任意品牌","8寸",6,"只",60.63,363.78]
[1995,null,"LED多用头灯","工器具","世达/史丹利/神火","ip54，可充电、调节角度、拆卸，三挡开关，光通量≥150LM，最大照射距离≥40M，点亮时间≥4H",2,"个",275.14,550.28]
[1996,null,"LED手提式照明灯","工器具","任意品牌","移动式可充电，最大功率50W，续航6-8小时，俯仰角度可调节，防护等级IP65",12,"盏",432.49,5189.88]
[1997,null,"LED投光灯","工器具","任意品牌","电源220V，额定功率100W，防护等级IP65",12,"个",381.98,4583.76]
[1998,null,"L型套筒扳手","工器具","世达/史丹利/田岛","开口17mm，长度187mm",13,"个",59.26,770.38]
[1999,null,"L型套筒扳手","工器具","世达/史丹利/田岛","开口19mm，长度204mm",13,"个",70.95,922.35]
[2000,null,"L型套筒扳手","工器具","世达/史丹利/田岛","开口21mm，长度221mm",13,"个",84.19,1094.47]
[2001,null,"L型套筒扳手","工器具","世达/史丹利/田岛","开口22mm，长度230mm",13,"个",92.56,1203.28]
[2002,null,"O型圈拼接专用工具","工器具","任意品牌","2-10mm",4,"套",84.89,339.56]
[2003,null,"P80电极超音速割嘴","工器具","任意品牌","1.5孔，10套/盒",5,"盒",111.16,555.8]
[2004,null,"P80电极割嘴","工器具","任意品牌","1.5孔，10套/盒",13,"盒",114.18,1484.34]
[2005,null,"P80电极铪丝割嘴","工器具","任意品牌","1.5孔，10套/盒",13,"盒",99.05,1287.65]
[2006,null,"PE管热熔器","工器具","得力/世达/博世","模头20-63mm",4,"台",402.19,1608.76]
[2007,null,"T型内六角扳手","工器具","任意品牌","T型六角平头8件套 2mm/2.5mm/3mm/4mm/5mm/6mm/8mm/10mm",1,"套",255.9,255.9,"新增项目"]
[2008,null,"T型套筒扳手","工器具","任意品牌","14件套【6-19mm】6mm/7mm/8mm/9mm/10mm/11mm/12mm/13mm/14mm/15mm16mm/17mm18mm/19mm",1,"套",190.42,190.42,"新增项目"]
[2009,null,"板牙","工器具","任意品牌","M14",10,"付",25.27,252.7]
[2010,null,"板牙","工器具","任意品牌","M16",10,"付",30.32,303.2]
[2011,null,"板牙","工器具","任意品牌","M18",10,"付",41.44,414.4]
[2012,null,"板牙","工器具","任意品牌","M20",10,"付",44.47,444.7]
[2013,null,"板牙","工器具","任意品牌","M22",10,"付",50.53,505.3]
[2014,null,"便携储油桶","工器具","任意品牌","20L，铝盖加厚",12,"只",171.78,2061.36]
[2015,null,"便携储油桶","工器具","任意品牌","30L，铝盖加厚",12,"只",213.23,2558.76]
[2016,null,"标签打印机","工器具","任意品牌","PT-P900，支持色带打印宽幅6/9/12/18/24/36mm",1,"台",4657,4657,"新增项目"]
[2017,null,"波纹铣刀","工器具","任意品牌","直径10mm",13,"支",131.36,1707.68]
[2018,null,"波纹铣刀","工器具","任意品牌","直径12mm",13,"支",160.66,2088.58]
[2019,null,"波纹铣刀","工器具","任意品牌","直径14mm",13,"支",227.37,2955.81]
[2020,null,"波纹铣刀","工器具","任意品牌","直径16mm",13,"支",383.98,4991.74]
[2021,null,"波纹铣刀","工器具","任意品牌","直径6mm",13,"支",48.51,630.63]
[2022,null,"波纹铣刀","工器具","任意品牌","直径8mm",13,"支",89.92,1168.96]
[2023,null,"玻璃胶枪","工器具","任意品牌",null,18,"把",23.23,418.14]
[2024,null,"玻璃吸盘","工器具","任意品牌","通用型",15,"个",54.57,818.55]
[2025,null,"不锈钢铲","工器具","任意品牌","1m，方头",6,"把",201.08,1206.48]
[2026,null,"不锈钢铲","工器具","任意品牌","1m，尖头",6,"把",201.08,1206.48]
[2027,null,"不锈钢取样桶","工器具","任意品牌","1L",24,"个",149.55,3589.2]
[2028,null,"不锈钢扎带拉紧器","工器具","任意品牌","适用宽度12mm以内的不锈钢扎带",5,"把",247.58,1237.9]
[2029,null,"裁纸刀片","工器具","任意品牌","大号",61,"盒",19.19,1170.59]
[2030,null,"抄网杆","工器具","任意品牌","不锈钢，9米长",5,"根",411.26,2056.3]
[2031,null,"冲洗水枪","工器具","任意品牌","水枪材质：锌合金+工程塑料，枪头口径8mm（带10米软水管，带多功能接头、台盆接头、通水接头）",12,"套",175.83,2109.96]
[2032,null,"充电式电动马锯","工器具","任意品牌","16寸，1500W，锂电池，电池容量6.0AH，两电一充。",3,"把",2538.33,7614.99]
[2033,null,"充电式电动马锯","工器具","任意品牌","8寸，1280W，锂电池，电池容量6.0AH，两电一充。",3,"把",2688.34,8065.02]
[2034,null,"充电式手持吸尘器","工器具","得力/世达/博世","功率：30-80W",12,"个",760.88,{"$f":"I2036*G2036","v":9130.56}]
[2035,null,"抽屉式物料存放柜","工器具","任意品牌","75抽 蓝色抽屉 不带门     高90cm宽65cm深22cm",12,"个",751.8,9021.6]
[2036,null,"锄头","工器具","任意品牌","木柄特大号宽锄",12,"把",76.8,921.6]
[2037,null,"锄头","工器具","任意品牌","木柄小号宽锄",12,"把",71.75,861]
[2038,null,"吹尘枪","工器具","任意品牌","带15米气管及接头",12,"把",98.03,1176.36]
[2039,null,"吹尘枪","工器具","任意品牌",null,30,"把",37.4,1122]
[2040,null,"瓷砖专用钻头","工器具","任意品牌","M10",25,"支",10.11,252.75]
[2041,null,"瓷砖专用钻头","工器具","任意品牌","M6",25,"支",6.06,151.5]
[2042,null,"瓷砖专用钻头","工器具","任意品牌","M8",25,"支",8.09,202.25]
[2043,null,"磁力钻","工器具","任意品牌","1500W，适用钻头直柄麻花 钻头（3-16），锥柄麻花砖头（14-23），空心钻头（12-50）",1,"套",3375.79,3375.79]
[2044,null,"磁性焊接定位器","工器具","任意品牌","全方位套装",13,"套",366.83,4768.79]
[2045,null,"磁性水平尺","工器具","任意品牌","400mm",4,"把",139.46,557.84]
[2046,null,"带盖腰挂包","工器具","任意品牌","多功能便携工具包 大号含腰带含背带",18,"个",97.01,1746.18]
[2047,null,"弹簧弯管器","工器具","任意品牌","DN15",18,"支",59.61,1072.98]
[2048,null,"氮气瓶","工器具","任意品牌","国标40L,不带气",6,"瓶",662.71,3976.26]
[2049,null,"刀口尺","工器具","任意品牌","200mm",4,"把",81.9,327.6]
[2050,null,"导流体","工器具","任意品牌","1.6mm",13,"只",10.11,131.43]
[2051,null,"导流体","工器具","任意品牌","2.0mm",13,"只",10.11,131.43]
[2052,null,"导流体","工器具","任意品牌","2.4mm",13,"只",10.11,131.43]
[2053,null,"导流体","工器具","任意品牌","3.0mm",13,"只",11.12,144.56]
[2054,null,"等离子切割枪把","工器具","任意品牌","含枪头、防爆橡胶管、纯铜线、防火橡胶套等，长度8米。",7,"套",477.95,3345.65]
[2055,null,"等离子切割枪头","工器具","任意品牌","P80",13,"把",160.66,2088.58]
[2056,null,"点胶纱手套","工器具","任意品牌","加厚、点胶",400,"双",6.06,2424]
[2057,null,"电动扳手转换头","工器具","任意品牌","伸缩转换头",4,"个",28.1,112.4,"新增项目"]
[2058,null,"电动抽油泵","工器具","任意品牌","适用200L油桶，150W    金属管、金属嘴",18,"把",306.17,5511.06]
[2059,null,"电动螺丝刀","工器具","博世/威克士/世达","配一字头、十字头、内六角扳手，扭矩可调",6,"个",930.66,5583.96]
[2060,null,"电动喷壶","工器具","任意品牌","锂电池充电，20L",6,"个",625.15,3750.9]
[2061,null,"电动液压冲孔机","工器具","任意品牌","出力≤16吨，喉深5.3cm，电压220V，可冲各类型角钢角铁，铜线铝牌，槽钢等",2,"台",5473.79,10947.58]
[2062,null,"电动液压堆高叉车","工器具","任意品牌","2T，升高高度1600mm",1,"台",15221.28,15221.28]
[2063,null,"电动液压堆高叉车","工器具","任意品牌","3T，升高高度1600mm",1,"台",12624.34,12624.34]
[2064,null,"电镐","工器具","东城/博世/大艺","1000W—1500W功率，冲击频率不少于3800BMP,冲击能量不少于15J，配套尖凿平凿各一个",1,"套",889.68,889.68,"新增项目"]
[2065,null,"电工工作台","工器具","任意品牌","2100*750*800，防静电",2,"台",1370.21,2740.42]
[2066,null,"电焊机地线钳","工器具","任意品牌","全铜，300A",10,"把",35.38,353.8]
[2067,null,"电焊机地线钳","工器具","任意品牌","全铜，500A",10,"把",56.59,565.9]
[2068,null,"电焊机地线钳","工器具","任意品牌","全铜，800A",6,"把",70.74,424.44]
[2069,null,"电焊面罩玻璃镜片","工器具","任意品牌","10#，10片/盒",7,"盒",18.21,127.47]
[2070,null,"电焊面罩玻璃镜片","工器具","任意品牌","7#/8#/9#,10片/盒",25,"盒",23.23,580.75]
[2071,null,"电缆剪线钳","工器具","任意品牌","10寸",5,"把",48.51,242.55]
[2072,null,"电缆剪线钳","工器具","任意品牌","12寸",5,"把",76.8,384]
[2073,null,"电缆剪线钳","工器具","任意品牌","18寸",4,"把",133.4,533.6]
[2074,null,"电缆剪线钳","工器具","任意品牌","24寸",4,"把",155.62,622.48]
[2075,null,"电缆剪线钳","工器具","任意品牌","32寸",4,"把",274.87,1099.48]
[2076,null,"电缆剪线钳","工器具","任意品牌","6寸",6,"把",30.32,181.92]
[2077,null,"电缆剪线钳","工器具","任意品牌","8寸",5,"把",42.46,212.3]
[2078,null,"电烙铁","工器具","任意品牌","40W",9,"把",27.28,245.52]
[2079,null,"电烙铁","工器具","任意品牌","60W",9,"把",49.5,445.5]
[2080,null,"电烙铁","工器具","任意品牌","80W",9,"把",82.88,745.92]
[2081,null,"电桥","工器具","任意品牌","测试频率10-10KHz，测量范围（L）0.001μH-99999H，测量范围（C）0.001pF-99.999mF，测量范围（R）0.0001Ω-99.999MΩ，分辨率1mHz，准确度0.01%。",2,"台",3080.94,6161.88]
[2082,null,"电热吸锡器","工器具","任意品牌","加热功率30W、吸锡功率350W,吸锡筒直径32mm。",5,"把",128.32,641.6]
[2083,null,"电子计时器","工器具","任意品牌","带电池，LED显示 ，具备计时，闹钟等功能",3,"个",35.55,106.65]
[2084,null,"电钻式管道疏通机","工器具","任意品牌","额定电压220V,适用于疏通下水道、马桶、地漏、厨房洗菜池等。",6,"套",573.95,3443.7]
[2085,null,"垫片切割器","工器具","任意品牌","IMPA612001",3,"套",94.99,284.97]
[2086,null,"调温热风枪","工器具","任意品牌","2000W，数显调温，无极调温。",6,"把",183.93,1103.58]
[2087,null,"斗车","工器具","任意品牌","加厚 实芯轮",6,"台",562.48,3374.88]
[2088,null,"断头螺丝取丝器","工器具","任意品牌","双头，4分-6分",10,"个",16.17,161.7]
[2089,null,"多功能数显测电笔","工器具","任意品牌","测试范围10-250VAC、12/36/55VDC",24,"支",26.39,633.36]
[2090,null,"多用分离器工具套装","工器具","任意品牌","齿轮、轴承拆卸器组合，14件套，适用范围35mm-75mm。",5,"套",753.82,3769.1]
[2091,null,"多用分离器工具套装","工器具","任意品牌","齿轮、轴承拆卸器组合，8件套，适用范围75mm-105mm。",5,"套",584.07,2920.35]
[2092,null,"发泡剂枪","工器具","任意品牌",null,18,"把",40.42,727.56]
[2093,null,"帆布手套","工器具","任意品牌","24线加固",400,"双",6.06,2424]
[2094,null,"非接触式测电笔","工器具","任意品牌","电压探测范围:低灵敏度:AC48~1000高灵敏度:AC12~1000V",1,"支",73.79,73.79]
[2095,null,"分贝测量仪","工器具","任意品牌","可测30-130dB，高精度：±1.5",5,"台",297.08,1485.4]
[2096,null,"分贝检测器","工器具","任意品牌","测量范围30-130dB",6,"台",178.81,1072.86]
[2097,null,"分离式液压千斤顶","工器具","任意品牌","10t",1,"套",2438.97,2438.97]
[2098,null,"分体式铁皮柜","工器具","任意品牌","高390mm、宽850mm、深360mm。",18,"个",258.69,{"$f":"I2100*G2100","v":4656.42}]
[2099,null,"分体式振动检测仪","工器具","任意品牌","振动加速度量程0.1-199.9m/S2，振动速度量程0.1-199.9mm/S，振动位移量程1-1999μm，精度误差±5%，带磁性吸盘。",5,"台",2696.96,13484.8]
[2100,null,"分体液压式三爪拉马","工器具","任意品牌","10吨",3,"台",1004.42,3013.26]
[2101,null,"分体液压式三爪拉马","工器具","任意品牌","20吨",3,"台",1844.13,5532.39]
[2102,null,"分体液压式三爪拉马","工器具","任意品牌","30吨",3,"台",2415.05,7245.15]
[2103,null,"分体液压式三爪拉马","工器具","任意品牌","50吨",3,"台",3199.18,9597.54]
[2104,null,"分体液压式三爪拉马","工器具","任意品牌","5吨",3,"台",811.44,2434.32]
[2105,null,"钢管柄羊角锤","工器具","任意品牌","0.25kg",10,"把",31.33,313.3]
[2106,null,"钢管柄羊角锤","工器具","任意品牌","0.5kg",10,"把",36.38,363.8]
[2107,null,"钢管柄羊角锤","工器具","任意品牌","0.75kg",10,"把",46.48,464.8]
[2108,null,"钢凿","工器具","任意品牌","250mm，尖头",10,"把",33.34,333.4]
[2109,null,"钢凿","工器具","任意品牌","250mm，平头",10,"把",41.44,414.4]
[2110,null,"钢凿","工器具","任意品牌","300mm，尖头",10,"把",42.46,424.6]
[2111,null,"钢凿","工器具","任意品牌","300mm，平头",10,"把",49.5,495]
[2112,null,"高速合金硬质麻花钻头","工器具","任意品牌","12mm-13.5mm",13,"支",48.51,630.63]
[2113,null,"高速合金硬质麻花钻头","工器具","任意品牌","13.5mm-15.5mm",13,"支",54.57,709.41]
[2114,null,"高速合金硬质麻花钻头","工器具","任意品牌","15.6mm-16.5mm",13,"支",62.67,814.71]
[2115,null,"高速合金硬质麻花钻头","工器具","任意品牌","16.6mm-18.5mm",13,"支",71.75,932.75]
[2116,null,"高速合金硬质麻花钻头","工器具","任意品牌","18.6mm-20.5mm",13,"支",92.97,1208.61]
[2117,null,"高速合金硬质麻花钻头","工器具","任意品牌","20.6mm-22.5mm",10,"支",107.11,1071.1]
[2118,null,"高速合金硬质麻花钻头","工器具","任意品牌","22.6mm-24.5mm",10,"支",138.45,1384.5]
[2119,null,"高速合金硬质麻花钻头","工器具","任意品牌","24.6mm-26.5mm",6,"支",171.78,1030.68]
[2120,null,"高速合金硬质麻花钻头","工器具","任意品牌","26.6mm-28.5mm",5,"支",187.95,939.75]
[2121,null,"高速合金硬质麻花钻头","工器具","任意品牌","28.6mm-30.5mm",5,"支",249.58,1247.9]
[2122,null,"高压水枪","工器具","任意品牌","高压清洗机用，管长6米，枪头一米五加长款",4,"把",373.88,1495.52]
[2123,null,"工程铝合金脚手架","工器具","任意品牌","5.6米，带制动轮",3,"套",15807.81,47423.43]
[2124,null,"工业级干湿两用吸尘器","工器具","任意品牌","干湿吹三用，80L，4800w",2,"台",2679.95,5359.9]
[2125,null,"工业级耐酸碱加长乳胶手套","工器具","任意品牌","45cm",120,"双",18.63,2235.6]
[2126,null,"工业级耐酸碱加长乳胶手套","工器具","任意品牌","55cm",120,"双",22.25,2670]
[2127,null,"工业用厚壁裁纸刀","工器具","任意品牌","大号",31,"把",21.23,658.13]
[2128,null,"管钳","工器具","任意品牌","10寸",10,"把",55.59,555.9]
[2129,null,"管钳","工器具","任意品牌","12寸",10,"把",68.72,687.2]
[2130,null,"管钳","工器具","任意品牌","14寸",10,"把",82.88,828.8]
[2131,null,"管钳","工器具","任意品牌","18寸",7,"把",116.22,813.54]
[2132,null,"管钳","工器具","任意品牌","24寸",7,"把",158.66,1110.62]
[2133,null,"管钳","工器具","任意品牌","36寸",6,"把",367.81,2206.86]
[2134,null,"管钳","工器具","任意品牌","48寸",6,"把",607.5,3645]
[2135,null,"管钳","工器具","任意品牌","8寸",10,"把",40.42,404.2]
[2136,null,"焊把线","工器具","任意品牌","纯铜16mm2",61,"米",24.25,1479.25]
[2137,null,"焊把线","工器具","任意品牌","纯铜25mm2",121,"米",35.38,4280.98]
[2138,null,"焊把线","工器具","任意品牌","纯铜35mm2",181,"米",52.55,9511.55]
[2139,null,"焊把线","工器具","任意品牌","纯铜50mm2",61,"米",68.72,4191.92]
[2140,null,"焊工手套","工器具","任意品牌","软牛皮",73,"对",32.34,2360.82]
[2141,null,"焊工用墨镜","工器具","任意品牌","不限",37,"付",20.21,747.77]
[2142,null,"红外测距仪","工器具","任意品牌","0-100米",3,"个",297.08,891.24]
[2143,null,"红外线测温仪","工器具","任意品牌","﹣50度至900度",6,"台",406.23,2437.38]
[2144,null,"户外遮阳棚","工器具","任意品牌","3*3米",10,"个",511.82,5118.2]
[2145,null,"划规","工器具","任意品牌","12寸，总长度300mm",9,"把",27.28,245.52]
[2146,null,"划规","工器具","任意品牌","20寸，总长度500mm",9,"把",47.49,427.41]
[2147,null,"划规","工器具","任意品牌","6寸，总长度150mm",9,"把",13.13,118.17]
[2148,null,"灰匙抹灰刀","工器具","任意品牌","大号",3,"把",24.25,72.75]
[2149,null,"回火防止器","工器具","任意品牌","适用于割枪",13,"套",64.68,840.84]
[2150,null,"回火防止器","工器具","任意品牌","适用于乙炔减压阀",13,"套",54.57,709.41]
[2151,null,"活动立柱磁性表座","工器具","任意品牌","磁吸力60kg",6,"套",87.91,527.46]
[2152,null,"火石仔砂轮磨头","工器具","任意品牌","圆柱形 柄直径：6mm磨头直径：10mm",60,"支",3.02,181.2]
[2153,null,"货架","工器具","任意品牌","长2m、宽0.6米、高1.8米，4层，单层承载100kg以上。",36,"个",740.71,26665.56]
[2154,null,"激光测距仪","工器具","任意品牌","测量范围0.05m-100m，显示精度1mm。",5,"台",269.79,1348.95]
[2155,null,"激光测距仪","工器具","任意品牌","测量范围0.05m-60m，显示精度1mm。",5,"台",225.33,1126.65]
[2156,null,"激光水平仪","工器具","任意品牌","高精度5线，水平精度±1.5mm/m，垂直精度±1.5mm/m，室内可视范围10m-15m。",4,"台",450.67,1802.68]
[2157,null,"棘轮拉紧器","工器具","任意品牌","绑带宽5cm*长1米，承重5吨",2,"条",52.04,104.08,"新增项目"]
[2158,null,"棘轮拉紧器","工器具","任意品牌","绑带宽5cm*长2米，承重5吨",2,"条",57.76,115.52,"新增项目"]
[2159,null,"棘轮拉紧器","工器具","任意品牌","绑带宽5cm*长3米，承重5吨",2,"条",63.49,126.98,"新增项目"]
[2160,null,"棘轮拉紧器","工器具","任意品牌","绑带宽5cm*长4米，承重5吨",2,"条",69.22,138.44,"新增项目"]
[2161,null,"棘轮拉紧器","工器具","任意品牌","绑带宽5cm*长5米，承重5吨",2,"条",74.95,149.9,"新增项目"]
[2162,null,"加油漏斗","工器具","任意品牌","直径13cm，配套出油软管、过滤网",2,"个",12.02,{"$f":"I2164*G2164","v":24.04},"新增项目"]
[2163,null,"加油漏斗","工器具","任意品牌","直径14.5cm，配套出油软管、过滤网",2,"个",17.75,35.5,"新增项目"]
[2164,null,"加油漏斗","工器具","任意品牌","直径16.5cm，配套出油软管、过滤网",2,"个",25.56,51.12,"新增项目"]
[2165,null,"剪刀","工器具","任意品牌","不锈钢，大号",6,"把",36.38,218.28]
[2166,null,"剪刀","工器具","任意品牌","不锈钢，中号",6,"把",29.29,175.74]
[2167,null,"角磨机钢丝刷","工器具","任意品牌","孔径16mm，特厚耐磨",120,"只",4.04,484.8]
[2168,null,"接地电阻检测仪","工器具","任意品牌","0-1000Ω",2,"台",672.98,1345.96]
[2169,null,"结构胶枪","工器具","任意品牌",null,18,"把",64.68,1164.24]
[2170,null,"金刚石合金直磨头","工器具","任意品牌","圆柱3*12",120,"个",4.04,484.8]
[2171,null,"锦纶尼龙绳","工器具","任意品牌","绳径16mm",181,"米",7.06,1277.86]
[2172,null,"锦纶尼龙绳","工器具","任意品牌","绳径18mm",181,"米",7.06,1277.86]
[2173,null,"锦纶尼龙绳","工器具","任意品牌","绳径20mm",181,"米",9.08,1643.48]
[2174,null,"锦纶尼龙绳","工器具","任意品牌","绳径22mm",121,"米",11.12,1345.52]
[2175,null,"锦纶尼龙绳","工器具","任意品牌","绳径24mm",121,"米",12.15,1470.15]
[2176,null,"锯弓","工器具","任意品牌","12寸，重型",7,"把",109.14,763.98]
[2177,null,"可视红外测温仪","工器具","任意品牌","温度测量范围-10℃~+250℃，内置可视摄像仪，红外热图与视觉图像融合。聚焦调整视场范围：28X28。电池类型：4节5号电池",1,"台",6236.22,6236.22]
[2178,null,"捞网","工器具","任意品牌","带4米长杆、孔径30mm。口宽45×50cm",12,"把",91.96,1103.52]
[2179,null,"锂电油漆喷枪","工器具","任意品牌","最大流量：1000ml，频率50HZ,额定电压：21v，最大转速32000r/min，包含两块电池及一个充电器",1,"台",620.88,620.88,"新增项目"]
[2180,null,"镰刀","工器具","任意品牌","加厚长弯头，110钢柄，18×48cm",6,"把",59.61,357.66]
[2181,null,"零件盒","工器具","任意品牌","470×300×180mm      斜口箱，任意颜色",48,"个",39.4,1891.2]
[2182,null,"零件清洗盆","工器具","任意品牌","大号 45L",9,"个",135.15,1216.35]
[2183,null,"零件清洗盆","工器具","任意品牌","小号 12L",9,"个",60.3,542.7]
[2184,null,"零件清洗盆","工器具","任意品牌","中号 25L",9,"个",103.96,935.64]
[2185,null,"螺丝盒","工器具","任意品牌","10mm×15mm×50mm     任意颜色",60,"个",5.06,303.6]
[2186,null,"铝合金便携竹节升降人字梯","工器具","任意品牌","3.5米",6,"张",1318.69,7912.14]
[2187,null,"铝合金便携竹节升降人字梯","工器具","任意品牌","3.9米",6,"张",1630.91,9785.46]
[2188,null,"铝合金便携竹节升降人字梯","工器具","任意品牌","4.7米",6,"张",2218.01,13308.06]
[2189,null,"铝合金便携竹节升降人字梯","工器具","任意品牌","5.5米",6,"张",2978.89,17873.34]
[2190,null,"铝合金便携竹节升降直梯","工器具","任意品牌","3.8米",6,"张",585.06,3510.36]
[2191,null,"铝合金便携竹节升降直梯","工器具","任意品牌","4.6米",6,"张",664.92,3989.52]
[2192,null,"铝合金便携竹节升降直梯","工器具","任意品牌","5.4米",6,"张",815.45,4892.7]
[2193,null,"铝合金便携竹节升降直梯","工器具","任意品牌","6.6米",6,"张",1107.49,6644.94]
[2194,null,"铝合金便携竹节升降直梯","工器具","任意品牌","8米",6,"张",1834.03,11004.18]
[2195,null,"铝合金人字梯","工器具","任意品牌","10步（2.5米），加厚",6,"张",527.49,3164.94]
[2196,null,"铝合金人字梯","工器具","任意品牌","12步（3米），加厚",6,"张",687.13,4122.78]
[2197,null,"铝合金人字梯","工器具","任意品牌","16步（4米），加厚",5,"张",1037.75,5188.75]
[2198,null,"铝合金人字梯","工器具","任意品牌","20步（5米），加厚",5,"张",1324.75,6623.75]
[2199,null,"铝合金人字梯","工器具","任意品牌","24步（6米），加厚",5,"张",1651.12,8255.6]
[2200,null,"铝合金人字梯","工器具","任意品牌","6步（1.5米），加厚",6,"张",292.02,1752.12]
[2201,null,"铝合金伸缩直梯","工器具","任意品牌","收4.7伸7.7米，加厚",4,"张",1939.1,7756.4]
[2202,null,"铝合金伸缩直梯","工器具","任意品牌","收4.9，伸8.9米，加厚",4,"张",2017.94,8071.76]
[2203,null,"铝合金伸缩直梯","工器具","任意品牌","收5.5米，伸10米，加厚",4,"张",2292.77,9171.08]
[2204,null,"铝合金手摇油泵","工器具","任意品牌","适用200L油桶",6,"把",170.77,1024.62]
[2205,null,"氯气报警器","工器具","爱德克斯/保时安/希玛","YT-10 0-100PPM",3,"台",2111.41,6334.23]
[2206,null,"铆钉枪","工器具","任意品牌","11寸",12,"把",147.53,1770.36]
[2207,null,"梅花内六角扳手","工器具","任意品牌","标准9件套",3,"套",74.5,223.5]
[2208,null,"锰钢国标孔用卡簧","工器具","任意品牌","φ110-125mm",25,"个",8.9,222.5]
[2209,null,"锰钢国标孔用卡簧","工器具","任意品牌","φ22-35mm",91,"个",1.02,92.82]
[2210,null,"锰钢国标孔用卡簧","工器具","任意品牌","φ36-50mm",91,"个",2.03,184.73]
[2211,null,"锰钢国标孔用卡簧","工器具","任意品牌","φ52-70mm",49,"个",2.03,99.47]
[2212,null,"锰钢国标孔用卡簧","工器具","任意品牌","φ72-90mm",37,"个",3.76,139.12]
[2213,null,"锰钢国标孔用卡簧","工器具","任意品牌","φ95-105mm",37,"个",5.06,187.22]
[2214,null,"锰钢国标轴用卡簧","工器具","任意品牌","φ110-125mm",25,"个",8.09,202.25]
[2215,null,"锰钢国标轴用卡簧","工器具","任意品牌","φ22-35mm",91,"个",1.02,92.82]
[2216,null,"锰钢国标轴用卡簧","工器具","任意品牌","φ36-50mm",91,"个",2.03,184.73]
[2217,null,"锰钢国标轴用卡簧","工器具","任意品牌","φ52-70mm",49,"个",2.03,99.47]
[2218,null,"锰钢国标轴用卡簧","工器具","任意品牌","φ72-90mm",37,"个",3.03,112.11]
[2219,null,"锰钢国标轴用卡簧","工器具","任意品牌","φ8-20mm",91,"个",1.02,92.82]
[2220,null,"锰钢国标轴用卡簧","工器具","任意品牌","φ8-20mm",91,"个",1.02,92.82]
[2221,null,"锰钢国标轴用卡簧","工器具","任意品牌","φ95-105mm",37,"个",6.06,224.22]
[2222,null,"木工开孔器","工器具","任意品牌","开孔19-64mm",5,"套",162.7,813.5]
[2223,null,"木工开孔器","工器具","任意品牌","开孔64-127mm",5,"套",230.39,1151.95]
[2224,null,"木工凿","工器具","任意品牌","1/2寸",5,"把",22.25,111.25]
[2225,null,"木工凿","工器具","任意品牌","1寸",5,"把",25.27,126.35]
[2226,null,"木工凿","工器具","任意品牌","3/4寸",5,"把",22.25,{"$f":"I2228*G2228","v":111.25}]
[2227,null,"内孔轴承拉马","工器具","任意品牌","拆卸内孔直径16-38mm轴承",8,"套",127.32,1018.56]
[2228,null,"内磨机","工器具","任意品牌","220V、105W，可调速",6,"把",234.43,1406.58]
[2229,null,"内磨机","工器具","任意品牌","220V、400W",6,"把",285.96,1715.76]
[2230,null,"牛皮电焊围裙","工器具","任意品牌","70*100cm 棕色整体",13,"件",129.34,1681.42]
[2231,null,"皮尺","工器具","任意品牌","50米",6,"个",182.91,1097.46]
[2232,null,"皮带冲","工器具","任意品牌","3-25mm套装",6,"套",178.87,1073.22]
[2233,null,"皮划艇","工器具","任意品牌","双人",2,"艘",1293.41,2586.82]
[2234,null,"平板小推车","工器具","任意品牌","90cm×60cm",4,"辆",382.96,1531.84]
[2235,null,"平面剪钳","工器具","任意品牌","6寸",5,"把",73.79,368.95]
[2236,null,"起重吊带","工器具","任意品牌","10T×2米",5,"条",94.99,474.95]
[2237,null,"起重吊带","工器具","任意品牌","10T×4米",5,"条",173.82,869.1]
[2238,null,"起重吊带","工器具","任意品牌","10T×5米",5,"条",203.12,1015.6]
[2239,null,"起重吊带","工器具","任意品牌","10T×6米",5,"条",238.48,1192.4]
[2240,null,"起重吊带","工器具","任意品牌","1T×1米",13,"条",12.13,157.69]
[2241,null,"起重吊带","工器具","任意品牌","1T×2米",25,"条",18.21,455.25]
[2242,null,"起重吊带","工器具","任意品牌","1T×3米",25,"条",24.25,606.25]
[2243,null,"起重吊带","工器具","任意品牌","2T×1米",13,"条",20.21,262.73]
[2244,null,"起重吊带","工器具","任意品牌","2T×2米",25,"条",22.25,556.25]
[2245,null,"起重吊带","工器具","任意品牌","2T×3米",25,"条",32.34,808.5]
[2246,null,"起重吊带","工器具","任意品牌","2T×4米",25,"条",41.44,1036]
[2247,null,"起重吊带","工器具","任意品牌","3T×1米",13,"条",29.29,380.77]
[2248,null,"起重吊带","工器具","任意品牌","3T×2米",25,"条",33.34,833.5]
[2249,null,"起重吊带","工器具","任意品牌","3T×4米",25,"条",55.59,1389.75]
[2250,null,"起重吊带","工器具","任意品牌","5T×2米",13,"条",43.44,564.72]
[2251,null,"起重吊带","工器具","任意品牌","5T×3米",25,"条",62.67,1566.75]
[2252,null,"起重吊带","工器具","任意品牌","5T×4米",25,"条",82.88,2072]
[2253,null,"起重吊带","工器具","任意品牌","5T×6米",13,"条",121.26,1576.38]
[2254,null,"气缸","工器具","任意品牌","ACTAIRC70",2,"个",6816.71,13633.42]
[2255,null,"气缸","工器具","怀利/德力西/正泰","SC62×50",3,"个",239.49,718.47]
[2256,null,"气瓶推车","工器具","任意品牌","适用于40L气瓶",9,"辆",511.3,4601.7]
[2257,null,"气源处理器","工器具","正泰/施耐德/西门子","单联件，可调压",19,"套",109.14,2073.66]
[2258,null,"气源处理器","工器具","正泰/德力西/西门子","三联件，可调压",19,"套",234.45,4454.55]
[2259,null,"气源处理器","工器具","正泰/施耐德/西门子","双联件，可调压",19,"套",188.96,3590.24]
[2260,null,"钳工工作台","工器具","任意品牌","2000*1000*800，无抽带底板",2,"台",7005.25,14010.5]
[2261,null,"撬棍","工器具","任意品牌","六凌钢      粗16mm，长35cm",6,"把",29.29,175.74]
[2262,null,"撬棍","工器具","任意品牌","六凌钢      粗16mm，长55cm",6,"把",29.29,175.74]
[2263,null,"撬棍","工器具","任意品牌","六凌钢      粗18mm，长75cm",6,"把",47.49,284.94]
[2264,null,"撬棍","工器具","任意品牌","六凌钢      粗23mm，长95cm",4,"把",86.93,347.72]
[2265,null,"撬棍","工器具","任意品牌","六凌钢      粗25mm，长115cm",4,"把",149.55,598.2]
[2266,null,"撬棍","工器具","任意品牌","六凌钢      粗25mm，长135cm",5,"把",163.72,818.6]
[2267,null,"切割枪头开关","工器具","任意品牌","P80割枪使用，10只/包",5,"包",54.57,272.85]
[2268,null,"轻型管子铰板套装","工器具","任意品牌","攻4分、6分、1寸管螺纹",4,"套",225.33,901.32]
[2269,null,"球形万向磁性表座","工器具","任意品牌","磁吸力60kg  总长约200mm",6,"套",191.99,1151.94]
[2270,null,"球形万向磁性表座","工器具","任意品牌","磁吸力60kg  总长约380mm",4,"套",302.13,1208.52]
[2271,null,"热成像仪","工器具","任意品牌","测温范围：≤-15℃、≥400℃。",6,"台",2976.31,17857.86]
[2272,null,"热镀锌移动脚手架","工器具","任意品牌","工程型，1.7m（高）×0.95m（宽）×1.8m（长），管厚不少于2mm，每套含2片架子+2对拉杆+1个踏板+4链接棒+4个开口销。另加四个轮子",3,"套",1026.65,3079.95]
[2273,null,"热熔胶棒","工器具","任意品牌","φ11mm，10支/包",6,"包",17.19,103.14]
[2274,null,"热熔胶棒","工器具","任意品牌","φ7mm，10支/包",6,"包",13.13,78.78]
[2275,null,"热熔胶枪","工器具","任意品牌","100-150W",6,"把",101.05,606.3]
[2276,null,"塞尺","工器具","任意品牌","0.02-1.0mm 长150mm",4,"把",23.23,92.92]
[2277,null,"塞尺","工器具","任意品牌","0.02-1.0mm 长500mm",4,"把",95,380]
[2278,null,"三爪拉马","工器具","任意品牌","10寸",2,"套",138.45,276.9]
[2279,null,"三爪拉马","工器具","任意品牌","12寸",2,"套",183.93,367.86]
[2280,null,"三爪拉马","工器具","任意品牌","14寸",2,"套",260.73,521.46]
[2281,null,"三爪拉马","工器具","任意品牌","16寸",2,"套",342.55,685.1]
[2282,null,"三爪拉马","工器具","任意品牌","20寸",2,"套",482.01,964.02]
[2283,null,"三爪拉马","工器具","任意品牌","3寸",4,"套",27.28,109.12]
[2284,null,"三爪拉马","工器具","任意品牌","4寸",4,"套",41.44,165.76]
[2285,null,"三爪拉马","工器具","任意品牌","6寸",4,"套",54.57,218.28]
[2286,null,"三爪拉马","工器具","任意品牌","8寸",4,"套",87.91,351.64]
[2287,null,"纱手套","工器具","任意品牌","加厚",400,"双",4.04,1616]
[2288,null,"砂轮机砂轮片","工器具","任意品牌","5寸，白刚玉",4,"片",56.59,226.36]
[2289,null,"砂轮机砂轮片","工器具","任意品牌","6寸，白刚玉",4,"片",69.71,278.84]
[2290,null,"砂轮机砂轮片","工器具","任意品牌","8寸，白刚玉",4,"片",130.35,{"$f":"I2292*G2292","v":521.4}]
[2291,null,"砂纸","工器具","任意品牌","干湿两用，1000目",360,"张",4.04,1454.4]
[2292,null,"砂纸","工器具","任意品牌","干湿两用，120目",360,"张",4.04,1454.4]
[2293,null,"砂纸","工器具","任意品牌","干湿两用，1500目",360,"张",4.04,1454.4]
[2294,null,"砂纸","工器具","任意品牌","干湿两用，180目",360,"张",4.04,1454.4]
[2295,null,"砂纸","工器具","任意品牌","干湿两用，2000目",360,"张",4.04,1454.4]
[2296,null,"砂纸","工器具","任意品牌","干湿两用，240目",360,"张",4.04,1454.4]
[2297,null,"砂纸","工器具","任意品牌","干湿两用，3000目",180,"张",5.06,910.8]
[2298,null,"砂纸","工器具","任意品牌","干湿两用，320目",360,"张",4.04,1454.4]
[2299,null,"砂纸","工器具","任意品牌","干湿两用，400目",360,"张",4.04,1454.4]
[2300,null,"砂纸","工器具","任意品牌","干湿两用，5000目",180,"张",5.06,910.8]
[2301,null,"砂纸","工器具","任意品牌","干湿两用，60目",360,"张",4.04,1454.4]
[2302,null,"砂纸","工器具","任意品牌","干湿两用，800目",360,"张",4.04,1454.4]
[2303,null,"射钉枪","工器具","任意品牌","S8000工具箱套装(消音+自动排渣+威力可调)",9,"套",543.72,4893.48]
[2304,null,"绳梯","工器具","任意品牌","涤纶梯绳，防滑树脂梯棍，10米长。",4,"张",262.73,1050.92]
[2305,null,"绳梯","工器具","任意品牌","涤纶梯绳，防滑树脂梯棍，15米长。",4,"张",351.65,1406.6]
[2306,null,"绳梯","工器具","任意品牌","涤纶梯绳，防滑树脂梯棍，20米长。",4,"张",460.78,1843.12]
[2307,null,"手持切割机","工器具","任意品牌","电压220V，功率1400W，最大切割深度30mm，锯片直径110mm",1,"台",465.48,465.48,"新增项目"]
[2308,null,"手持式电焊防护面罩","工器具","任意品牌","红钢纸",25,"个",53.55,1338.75]
[2309,null,"手电筒","工器具","任意品牌","充电式，光源类型：LED，电池类型：锂电池，最大流明500-1000lm，续航5-10小时，电池容量8400mAh",30,"把",132.39,3971.7]
[2310,null,"手电钻钥匙","工器具","任意品牌",null,13,"把",9.08,118.04]
[2311,null,"手动叉车","工器具","任意品牌","3T，550×1200mm",3,"台",2839.45,8518.35]
[2312,null,"手动叉车","工器具","任意品牌","5T，550×1200mm",2,"台",4970.54,9941.08]
[2313,null,"手动绞盘双向自锁式手摇卷扬机","工器具","任意品牌","型号:1200LBS",6,"台",292.02,1752.12]
[2314,null,"手动液压堆高叉车","工器具","任意品牌","2T，升高高度1600mm",2,"台",4107.61,8215.22]
[2315,null,"手动液压堆高叉车","工器具","任意品牌","3T，升高高度1600mm",2,"台",6407.46,12814.92]
[2316,null,"手虎钳","工器具","任意品牌","25mm",5,"把",23.99,119.95]
[2317,null,"手虎钳","工器具","任意品牌","40mm",5,"把",28.11,140.55]
[2318,null,"手虎钳","工器具","任意品牌","50mm",5,"把",29.19,145.95]
[2319,null,"手拉吊葫芦手板紧线器","工器具","任意品牌","0.75吨1.5米",2,"个",270.3,540.6]
[2320,null,"手拉吊葫芦手板紧线器","工器具","任意品牌","0.75吨3米",2,"个",343.07,686.14]
[2321,null,"手拉吊葫芦手板紧线器","工器具","任意品牌","0.75吨6米",2,"个",374.26,748.52]
[2322,null,"手拉吊葫芦手板紧线器","工器具","任意品牌","1.5吨1.5米",2,"个",395.05,790.1]
[2323,null,"手拉吊葫芦手板紧线器","工器具","任意品牌","1.5吨3米",2,"个",436.64,873.28]
[2324,null,"手拉吊葫芦手板紧线器","工器具","任意品牌","1.5吨6米",2,"个",520.22,1040.44]
[2325,null,"手拉吊葫芦手板紧线器","工器具","任意品牌","1吨1.5米",2,"个",374.26,748.52]
[2326,null,"手拉吊葫芦手板紧线器","工器具","任意品牌","1吨3米",2,"个",374.26,748.52]
[2327,null,"手拉吊葫芦手板紧线器","工器具","任意品牌","1吨6米",2,"个",405.6,811.2]
[2328,null,"手拉吊葫芦手板紧线器","工器具","任意品牌","2吨1.5米",2,"个",447.03,894.06]
[2329,null,"手拉吊葫芦手板紧线器","工器具","任意品牌","2吨3米",2,"个",488.61,977.22]
[2330,null,"手拉吊葫芦手板紧线器","工器具","任意品牌","2吨6米",2,"个",540.59,1081.18]
[2331,null,"手摇式兆欧表","工器具","任意品牌","1000V，测量范围0-1000MΩ，允差±10%，铝合金外壳。",6,"台",236.45,1418.7]
[2332,null,"手摇式兆欧表","工器具","任意品牌","500V，测量范围0-500MΩ，允差±10%，铝合金外壳。",6,"台",231.87,1391.22]
[2333,null,"手用丝锥板牙套装","工器具","任意品牌","可套M3-M12螺纹",4,"套",81.86,327.44]
[2334,null,"水平尺","工器具","任意品牌","24寸 铝合金 磁性 质量好的",13,"把",121.26,1576.38]
[2335,null,"水钻头","工器具","任意品牌","金刚石，102×350mm",7,"支",125.3,877.1]
[2336,null,"水钻头","工器具","任意品牌","金刚石，112×350mm",7,"支",131.36,919.52]
[2337,null,"水钻头","工器具","任意品牌","金刚石，120×350mm",7,"支",137.42,961.94]
[2338,null,"水钻头","工器具","任意品牌","金刚石，132×350mm",7,"支",158.66,1110.62]
[2339,null,"水钻头","工器具","任意品牌","金刚石，160×350mm",5,"支",207.16,1035.8]
[2340,null,"水钻头","工器具","任意品牌","金刚石，168×350mm",5,"支",219.29,1096.45]
[2341,null,"水钻头","工器具","任意品牌","金刚石，25×370mm",25,"支",36.38,909.5]
[2342,null,"水钻头","工器具","任意品牌","金刚石，27×370mm",13,"支",43.44,564.72]
[2343,null,"水钻头","工器具","任意品牌","金刚石，30×370mm",25,"支",44.47,1111.75]
[2344,null,"水钻头","工器具","任意品牌","金刚石，32×370mm",13,"支",45.48,591.24]
[2345,null,"水钻头","工器具","任意品牌","金刚石，36×370mm",25,"支",51.54,1288.5]
[2346,null,"水钻头","工器具","任意品牌","金刚石，40×370mm",25,"支",53.55,1338.75]
[2347,null,"水钻头","工器具","任意品牌","金刚石，44×370mm",13,"支",57.61,748.93]
[2348,null,"水钻头","工器具","任意品牌","金刚石，46×370mm",19,"支",58.63,1113.97]
[2349,null,"水钻头","工器具","任意品牌","金刚石，51×370mm",10,"支",59.61,596.1]
[2350,null,"水钻头","工器具","任意品牌","金刚石，63×370mm",10,"支",60.63,606.3]
[2351,null,"水钻头","工器具","任意品牌","金刚石，71×370mm",7,"支",75.8,530.6]
[2352,null,"水钻头","工器具","任意品牌","金刚石，76×370mm",7,"支",79.82,558.74]
[2353,null,"水钻头","工器具","任意品牌","金刚石，83×370mm",7,"支",88.93,622.51]
[2354,null,"丝攻铰手","工器具","任意品牌","180mm",10,"把",28.3,{"$f":"I2356*G2356","v":283}]
[2355,null,"丝攻铰手","工器具","任意品牌","280mm",10,"把",39.4,394]
[2356,null,"丝攻铰手","工器具","任意品牌","380mm",10,"把",53.55,535.5]
[2357,null,"松香","工器具","任意品牌","20g",12,"盒",8.09,97.08]
[2358,null,"塑料筐","工器具","任意品牌","540×360×310mm        任意颜色",78,"个",56.59,4414.02]
[2359,null,"台秤","工器具","任意品牌","300kg，电子计数",2,"台",527.49,1054.98]
[2360,null,"台虎钳","工器具","任意品牌","6寸",4,"套",557.81,2231.24]
[2361,null,"台虎钳","工器具","任意品牌","8寸",4,"套",989.25,3957]
[2362,null,"太阳伞","工器具","任意品牌","直径2.8m",12,"把",260.73,3128.76]
[2363,null,"探照灯","工器具","任意品牌","电池容量15000mAh，可充电，电量显示",9,"个",781.13,7030.17]
[2364,null,"挑钩套装","工器具","Ronix/史丹利/世达","5件密封圈挑钩套装，带把手",3,"套",121.26,363.78]
[2365,null,"铁皮柜","工器具","任意品牌","高810mm、宽630mm、深400mm,双门，2层，表面喷塑加工。",12,"个",759.9,9118.8]
[2366,null,"透明收纳箱","工器具","任意品牌","44cm×30cm×16cm，加厚",60,"个",63.65,3819]
[2367,null,"透明收纳箱","工器具","任意品牌","44cm×30cm×25cm，加厚",60,"个",71.75,4305]
[2368,null,"透明收纳箱","工器具","任意品牌","53cm×38cm×24.5cm，加厚",60,"个",92.97,5578.2]
[2369,null,"万用表表笔鳄鱼夹","工器具","任意品牌","10A",3,"套",16.63,49.89]
[2370,null,"万用表表笔鳄鱼夹","工器具","任意品牌","20A",3,"套",40.42,121.26]
[2371,null,"万用表测试线","工器具","任意品牌","10A",3,"套",16.63,49.89]
[2372,null,"万用表测试线","工器具","任意品牌","20A",3,"套",40.42,121.26]
[2373,null,"卧式液压千斤顶","工器具","任意品牌","1.5吨",4,"台",253.64,1014.56]
[2374,null,"卧式液压千斤顶","工器具","任意品牌","2吨",4,"台",268.79,1075.16]
[2375,null,"卧式液压千斤顶","工器具","任意品牌","3吨",4,"台",627.52,2510.08]
[2376,null,"钨针夹","工器具","任意品牌","1.6mm，紫铜，10个/盒",4,"盒",18.21,72.84]
[2377,null,"钨针夹","工器具","任意品牌","2.0mm，紫铜，10个/盒",4,"盒",18.21,72.84]
[2378,null,"钨针夹","工器具","任意品牌","2.4mm，紫铜，10个/盒",4,"盒",18.21,72.84]
[2379,null,"钨针夹","工器具","任意品牌","3.0mm，紫铜，10个/盒",4,"盒",18.21,72.84]
[2380,null,"无铅锡焊丝","工器具","任意品牌","100g",18,"卷",45.48,818.64]
[2381,null,"线缆标签打印机","工器具","任意品牌","出纸宽度25-75mm，打印精度200dpi，可自动识别打印耗材",1,"台",220.2,220.2,"新增项目"]
[2382,null,"橡胶锤","工器具","任意品牌","16oz",7,"把",26.27,183.89]
[2383,null,"橡胶锤","工器具","任意品牌","24oz",7,"把",32.34,226.38]
[2384,null,"橡胶量杯","工器具","任意品牌","1000ml",15,"个",14.15,212.25]
[2385,null,"橡胶量杯","工器具","任意品牌","500ml",15,"个",11.12,166.8]
[2386,null,"橡胶手套","工器具","任意品牌","加厚，乳胶",180,"双",8.09,1456.2]
[2387,null,"蓄电池检测仪","工器具","胜利仪器/泰克曼/霍尼韦尔","VC3025",2,"个",394.09,788.18]
[2388,null,"氩弧焊保护套","工器具","任意品牌","适配TIG150型焊枪",31,"米",11.12,344.72]
[2389,null,"氩弧焊机枪","工器具","任意品牌","150A,4米长度",5,"套",186.95,934.75]
[2390,null,"氩弧焊机枪","工器具","任意品牌","150A,8米长度",4,"套",327.4,1309.6]
[2391,null,"氩弧焊机枪头","工器具","任意品牌","150A",7,"把",22.25,155.75]
[2392,null,"氩弧焊枪瓷嘴","工器具","任意品牌","任意规格",31,"包",23.23,720.13]
[2393,null,"氩弧焊手套","工器具","任意品牌","全羊皮，耐高温",13,"副",85.9,1116.7]
[2394,null,"氩弧焊钨针","工器具","任意品牌","1.6mm，纯钨，10支/盒",5,"盒",62.65,313.25]
[2395,null,"氩弧焊钨针","工器具","任意品牌","1.6mm，铈钨，10支/盒",5,"盒",60.63,303.15]
[2396,null,"氩弧焊钨针","工器具","任意品牌","1.6mm，钍钨，10支/盒",5,"盒",62.65,313.25]
[2397,null,"氩弧焊钨针","工器具","任意品牌","2.0mm，纯钨，10支/盒",5,"盒",89.92,449.6]
[2398,null,"氩弧焊钨针","工器具","任意品牌","2.0mm，铈钨，10支/盒",5,"盒",86.9,434.5]
[2399,null,"氩弧焊钨针","工器具","任意品牌","2.0mm，钍钨，10支/盒",5,"盒",96.01,480.05]
[2400,null,"氩弧焊钨针","工器具","任意品牌","2.4mm，纯钨，10支/盒",5,"盒",132.39,661.95]
[2401,null,"氩弧焊钨针","工器具","任意品牌","2.4mm，铈钨，10支/盒",5,"盒",117.21,586.05]
[2402,null,"氩弧焊钨针","工器具","任意品牌","2.4mm，钍钨，10支/盒",5,"盒",129.34,646.7]
[2403,null,"氩弧焊钨针","工器具","任意品牌","3.0mm，纯钨，10支/盒",5,"盒",226.35,1131.75]
[2404,null,"氩弧焊钨针","工器具","任意品牌","3.0mm，铈钨，10支/盒",5,"盒",199.08,995.4]
[2405,null,"氩弧焊钨针","工器具","任意品牌","3.0mm，钍钨，10支/盒",5,"盒",232.42,1162.1]
[2406,null,"氩气表","工器具","任意品牌","锌合金+铝材质  最大输入压力15MPa调节范围：0.01-0.15MPa公称压力：25L/min 进口链接螺纹G5/8\"（M23*1.8）出口链接螺纹：M16*1.5出口连接气管：内径6.5-8mm均可",10,"个",380.96,3809.6]
[2407,null,"氩气减压表","工器具","任意品牌","全铜",16,"套",303.15,4850.4]
[2408,null,"氩气瓶","工器具","任意品牌","国标10L,不带气",6,"瓶",342.55,2055.3]
[2409,null,"羊毛抛光片","工器具","任意品牌","100*8*16mm 5片/盒",30,"盒",27.28,818.4]
[2410,null,"氧气减压表","工器具","任意品牌","全铜",16,"套",203.12,3249.92]
[2411,null,"氧气瓶","工器具","任意品牌","国标40L,不带气",6,"瓶",1130.72,6784.32]
[2412,null,"氧气乙炔割枪","工器具","任意品牌","100型，全铜国标",10,"套",134.39,1343.9]
[2413,null,"氧气乙炔割枪","工器具","任意品牌","300型，全铜国标",7,"套",196.04,1372.28]
[2414,null,"氧气乙炔割枪","工器具","任意品牌","30型，全铜国标",10,"套",109.14,1091.4]
[2415,null,"氧气乙炔工具套装","工器具","任意品牌","30型/100型，含铜割枪、氧气乙炔气管，氧气乙炔减压阀、回火防止器等。",10,"套",624.5,6245]
[2416,null,"氧气乙炔管","工器具","任意品牌","含氧气管、乙炔管，双色管，φ8mm，配接头。",150,"米",224.07,33610.5]
[2417,null,"液化气喷火枪","工器具","任意品牌","30型",4,"把",44.47,177.88]
[2418,null,"液化气喷火枪","工器具","任意品牌","35型",4,"把",53.55,{"$f":"I2420*G2420","v":214.2}]
[2419,null,"液化气喷火枪","工器具","任意品牌","50型",4,"把",69.71,278.84]
[2420,null,"液位标尺","工器具","任意品牌","不锈钢材质，1米/把，宽度15cm",18,"米",187.95,3383.1]
[2421,null,"液压表","工器具","任意品牌","0-16MPA不锈钢材质，径向安装，不锈钢材质接头，M14×1.5",9,"个",140.45,1264.05]
[2422,null,"液压电缆剪线钳","工器具","任意品牌","出力10吨，剪切φ95mm以下电缆",6,"把",1461.73,8770.38]
[2423,null,"液压法兰分离器","工器具","任意品牌","工作能力14T，最大扩张距离81mm",2,"个",2516.09,5032.18]
[2424,null,"液压立式千斤顶","工器具","任意品牌","10吨",12,"台",229.37,2752.44]
[2425,null,"液压立式千斤顶","工器具","任意品牌","16吨",6,"台",314.27,1885.62]
[2426,null,"液压立式千斤顶","工器具","任意品牌","20吨",6,"台",360.75,2164.5]
[2427,null,"液压立式千斤顶","工器具","任意品牌","2吨",12,"台",106.11,1273.32]
[2428,null,"液压立式千斤顶","工器具","任意品牌","32吨",3,"台",634.58,1903.74]
[2429,null,"液压立式千斤顶","工器具","任意品牌","3吨",12,"台",138.45,1661.4]
[2430,null,"液压立式千斤顶","工器具","任意品牌","50吨",3,"台",901.37,2704.11]
[2431,null,"液压立式千斤顶","工器具","任意品牌","5吨",12,"台",159.64,1915.68]
[2432,null,"液压弯管器","工器具","任意品牌","工作管材壁厚2.7-4.5mm，工作管径范围22-60mm",2,"台",2003.77,4007.54]
[2433,null,"液压弯管器","工器具","任意品牌","工作管材壁厚2.7-4.5mm，工作管径范围22-89mm",2,"台",3026.39,6052.78]
[2434,null,"液压弯管器","工器具","任意品牌","工作管材壁厚2.7-6mm，工作管径范围22-108mm",2,"台",3869.12,7738.24]
[2435,null,"液压弯管器","工器具","任意品牌","工作管材壁厚2-3.5mm，工作管径范围13-24mm",2,"台",842.74,1685.48]
[2436,null,"一体式振动检测仪","工器具","任意品牌","振动加速度量程0.1-199.9m/S2，振动速度量程0.1-199.9mm/S，振动位移量程1-1999μm，精度误差±5%±2字节。",5,"台",1995.14,9975.7]
[2437,null,"乙炔割嘴","工器具","任意品牌","100型，全铜，5只/盒",19,"盒",30.32,576.08]
[2438,null,"乙炔割嘴","工器具","任意品牌","300型，全铜，5只/盒",13,"盒",44.47,578.11]
[2439,null,"乙炔割嘴","工器具","任意品牌","30型，全铜，5只/盒",19,"盒",22.25,422.75]
[2440,null,"乙炔减压表","工器具","任意品牌","全铜",16,"套",203.95,3263.2]
[2441,null,"乙炔瓶","工器具","任意品牌","国标40L,不带气",6,"瓶",1130.72,6784.32]
[2442,null,"油壶","工器具","任意品牌","300ml",12,"把",35.38,424.56]
[2443,null,"油灰刀","工器具","任意品牌","1寸",6,"把",5.06,30.36]
[2444,null,"油灰刀","工器具","任意品牌","2寸",6,"把",5.06,30.36]
[2445,null,"油灰刀","工器具","任意品牌","3寸",6,"把",6.06,36.36]
[2446,null,"油漆滚筒","工器具","任意品牌","4寸",24,"支",5.06,121.44]
[2447,null,"油漆滚筒","工器具","任意品牌","8寸",24,"支",6.06,145.44]
[2448,null,"油桶","工器具","任意品牌","200L/个",2,"个",266.14,532.28]
[2449,null,"圆柄/方柄冲击钻头","工器具","任意品牌","超硬钨钢合金，M10×100mm",97,"支",8.09,784.73]
[2450,null,"圆柄/方柄冲击钻头","工器具","任意品牌","超硬钨钢合金，M10×160mm",97,"支",13.13,1273.61]
[2451,null,"圆柄/方柄冲击钻头","工器具","任意品牌","超硬钨钢合金，M12×120mm",73,"支",14.15,1032.95]
[2452,null,"圆柄/方柄冲击钻头","工器具","任意品牌","超硬钨钢合金，M12×160mm",73,"支",16.17,1180.41]
[2453,null,"圆柄/方柄冲击钻头","工器具","任意品牌","超硬钨钢合金，M12×200mm",73,"支",19.81,1446.13]
[2454,null,"圆柄/方柄冲击钻头","工器具","任意品牌","超硬钨钢合金，M14×160mm",73,"支",16.17,1180.41]
[2455,null,"圆柄/方柄冲击钻头","工器具","任意品牌","超硬钨钢合金，M14×200mm",73,"支",22.15,1616.95]
[2456,null,"圆柄/方柄冲击钻头","工器具","任意品牌","超硬钨钢合金，M16×160mm",73,"支",19.19,1400.87]
[2457,null,"圆柄/方柄冲击钻头","工器具","任意品牌","超硬钨钢合金，M16×200mm",73,"支",51.74,3777.02]
[2458,null,"圆柄/方柄冲击钻头","工器具","任意品牌","超硬钨钢合金，M16×350mm",73,"支",56.35,4113.55]
[2459,null,"圆柄/方柄冲击钻头","工器具","任意品牌","超硬钨钢合金，M18×200mm",49,"支",36.38,1782.62]
[2460,null,"圆柄/方柄冲击钻头","工器具","任意品牌","超硬钨钢合金，M18×350mm",49,"支",90.41,4430.09]
[2461,null,"圆柄/方柄冲击钻头","工器具","任意品牌","超硬钨钢合金，M20×200mm",49,"支",45.48,2228.52]
[2462,null,"圆柄/方柄冲击钻头","工器具","任意品牌","超硬钨钢合金，M20×350mm",49,"支",103.43,5068.07]
[2463,null,"圆柄/方柄冲击钻头","工器具","任意品牌","超硬钨钢合金，M22×200mm",31,"支",51.54,1597.74]
[2464,null,"圆柄/方柄冲击钻头","工器具","任意品牌","超硬钨钢合金，M22×350mm",31,"支",154.52,4790.12]
[2465,null,"圆柄/方柄冲击钻头","工器具","任意品牌","超硬钨钢合金，M25×200mm",31,"支",70.74,2192.94]
[2466,null,"圆柄/方柄冲击钻头","工器具","任意品牌","超硬钨钢合金，M25×350mm",31,"支",177.84,5513.04]
[2467,null,"圆柄/方柄冲击钻头","工器具","任意品牌","超硬钨钢合金，M6×100mm",61,"支",8.09,493.49]
[2468,null,"圆柄/方柄冲击钻头","工器具","任意品牌","超硬钨钢合金，M8×100mm",61,"支",8.9,542.9]
[2469,null,"兆欧表连接线","工器具","任意品牌","1000v，1m",3,"套",29.29,87.87]
[2470,null,"兆欧表连接线","工器具","任意品牌","1000v，3m",3,"套",45.48,136.44]
[2471,null,"兆欧表连接线","工器具","任意品牌","1000v，5m",3,"套",59.61,178.83]
[2472,null,"兆欧表连接线","工器具","任意品牌","1000v，8m",3,"套",68.72,206.16]
[2473,null,"兆欧表连接线","工器具","任意品牌","2500v，1m",3,"套",45.48,136.44]
[2474,null,"兆欧表连接线","工器具","任意品牌","2500v，3m",3,"套",93.97,281.91]
[2475,null,"兆欧表连接线","工器具","任意品牌","2500v，5m",3,"套",121.26,363.78]
[2476,null,"兆欧表连接线","工器具","任意品牌","2500v，8m",3,"套",155.62,466.86]
[2477,null,"整体液压式三爪拉马","工器具","任意品牌","10吨",4,"台",607.5,2430]
[2478,null,"整体液压式三爪拉马","工器具","任意品牌","20吨",3,"台",1149.95,3449.85]
[2479,null,"整体液压式三爪拉马","工器具","任意品牌","30吨",3,"台",1588.49,4765.47]
[2480,null,"整体液压式三爪拉马","工器具","任意品牌","5吨",4,"台",389.05,1556.2]
[2481,null,"直柄麻花钻头","工器具","任意品牌","10.5mm，含钴高速钢全磨制",25,"支",29.29,732.25]
[2482,null,"直柄麻花钻头","工器具","任意品牌","11.5mm，含钴高速钢全磨制",25,"支",35.36,{"$f":"I2484*G2484","v":884}]
[2483,null,"直柄麻花钻头","工器具","任意品牌","12.5mm，含钴高速钢全磨制",25,"支",43.44,1086]
[2484,null,"直柄麻花钻头","工器具","任意品牌","13mm，含钴高速钢全磨制",25,"支",51.54,1288.5]
[2485,null,"直柄麻花钻头","工器具","任意品牌","14mm，含钴高速钢全磨制",25,"支",54.57,1364.25]
[2486,null,"直柄麻花钻头","工器具","任意品牌","16mm，含钴高速钢全磨制",25,"支",75.8,1895]
[2487,null,"直柄麻花钻头","工器具","任意品牌","2.5mm，含钴高速钢全磨制",19,"支",2.03,38.57]
[2488,null,"直柄麻花钻头","工器具","任意品牌","3.5mm，含钴高速钢全磨制",25,"支",4.04,101]
[2489,null,"直柄麻花钻头","工器具","任意品牌","3mm，含钴高速钢全磨制",25,"支",3.03,75.75]
[2490,null,"直柄麻花钻头","工器具","任意品牌","4.5mm，含钴高速钢全磨制",25,"支",5.06,126.5]
[2491,null,"直柄麻花钻头","工器具","任意品牌","4mm，含钴高速钢全磨制",25,"支",5.06,126.5]
[2492,null,"直柄麻花钻头","工器具","任意品牌","5mm，含钴高速钢全磨制",25,"支",6.06,151.5]
[2493,null,"直柄麻花钻头","工器具","任意品牌","6mm，含钴高速钢全磨制",25,"支",8.09,202.25]
[2494,null,"直柄麻花钻头","工器具","任意品牌","7mm，含钴高速钢全磨制",25,"支",11.11,277.75]
[2495,null,"直柄麻花钻头","工器具","任意品牌","8mm，含钴高速钢全磨制",25,"支",15.17,379.25]
[2496,null,"直柄麻花钻头","工器具","任意品牌","9mm，含钴高速钢全磨制",25,"支",19.19,479.75]
[2497,null,"中心冲","工器具","任意品牌","6mm",2,"支",41.44,82.88]
[2498,null,"周转箱","工器具","任意品牌","550×400×300mm        任意颜色",60,"个",103.09,6185.4]
[2499,null,"竹筐/箩筐","工器具","任意品牌","不限 直径50mm高40mm",3,"个",115.2,345.6]
[2500,null,"注射器","工器具","任意品牌","250mL+针头+1米管",18,"个",21.23,382.14]
[2501,null,"注射器","工器具","任意品牌","500mL+针头+1米管",2,"个",31.29,62.58,"新增项目"]
[2502,null,"撞批","工器具","任意品牌","六角多批头",5,"套",138.45,692.25]
[2503,null,"钻夹","工器具","任意品牌","1-13mm",25,"个",62.67,1566.75]
["合计金额",{"$nulls":7},{"$f":"SUM(J3:J2505)","v":6784311.30000002}]

{"sheet":"Sheet1","index":1,"n_rows":2521,"n_cols":11,"rows_kept":2521,"merged":[[0,0,0,10]]}
["2025年五金材料及工器具暂定采购清单"]
["序号","物资重要程度","物资名称","物资类别","推荐品牌","规格型号","暂定数量","单位","暂定含税单价","暂定含税总价","备注"]
[1,"▲","UPVC给水管","五金材料","联塑/日丰/南亚","DN20,PN16",240,"米",null,0]
[2,"▲","UPVC给水管","五金材料","联塑/日丰/南亚","DN25,PN16",360,"米",null,0]
[3,"▲","UPVC给水管","五金材料","联塑/日丰/南亚","DN32,PN16",360,"米",null,0]
[4,"▲","UPVC给水管","五金材料","联塑/日丰/南亚","DN40,PN16",240,"米",null,0]
[5,"▲","UPVC给水管","五金材料","联塑/日丰/南亚","DN50,PN16",240,"米",null,0]
[6,"▲","UPVC给水管","五金材料","联塑/日丰/南亚","DN63,PN16",150,"米",null,0]
[7,"▲","UPVC给水管","五金材料","联塑/日丰/南亚","DN75,PN16",70,"米",null,0]
[8,"▲","UPVC给水管","五金材料","联塑/日丰/南亚","DN90,PN16",70,"米",null,0]
[9,"▲","UPVC给水管","五金材料","联塑/日丰/南亚","DN110,PN16",130,"米",null,0]
[10,"▲","UPVC给水管","五金材料","联塑/日丰/南亚","DN125,PN16",46,"米",null,0]
[11,"▲","UPVC给水管","五金材料","联塑/日丰/南亚","DN140,PN16",34,"米",null,0]
[12,"▲","UPVC给水管","五金材料","联塑/日丰/南亚","DN160,PN16",34,"米",null,0]
[13,"▲","UPVC给水管","五金材料","联塑/日丰/南亚","DN200,PN16",16,"米",null,0]
[14,"▲","UPVC给水管","五金材料","联塑/日丰/南亚","DN225,PN16",16,"米",null,0]
[15,"▲","UPVC给水管","五金材料","联塑/日丰/南亚","DN250,PN16",16,"米",null,0]
[16,"▲","UPVC给水管直接","五金材料","联塑/日丰/南亚","DN20,PN16",240,"只",null,0]
[17,"▲","UPVC给水管直接","五金材料","联塑/日丰/南亚","DN25,PN16",240,"只",null,0]
[18,"▲","UPVC给水管直接","五金材料","联塑/日丰/南亚","DN32,PN16",240,"只",null,0]
[19,"▲","UPVC给水管直接","五金材料","联塑/日丰/南亚","DN40,PN16",150,"只",null,0]
[20,"▲","UPVC给水管直接","五金材料","联塑/日丰/南亚","DN50,PN16",150,"只",null,0]
[21,"▲","UPVC给水管直接","五金材料","联塑/日丰/南亚","DN63,PN16",105,"只",null,0]
[22,"▲","UPVC给水管直接","五金材料","联塑/日丰/南亚","DN75,PN16",55,"只",null,0]
[23,"▲","UPVC给水管直接","五金材料","联塑/日丰/南亚","DN90,PN16",55,"只",null,0]
[24,"▲","UPVC给水管直接","五金材料","联塑/日丰/南亚","DN110,PN16",55,"只",null,0]
[25,"▲","UPVC给水管直接","五金材料","联塑/日丰/南亚","DN125,PN16",37,"只",null,0]
[26,"▲","UPVC给水管直接","五金材料","联塑/日丰/南亚","DN140,PN16",37,"只",null,0]
[27,"▲","UPVC给水管直接","五金材料","联塑/日丰/南亚","DN160,PN16",25,"只",null,0]
[28,"▲","UPVC给水管直接","五金材料","联塑/日丰/南亚","DN200,PN16",10,"只",null,0]
[29,"▲","UPVC给水管直接","五金材料","联塑/日丰/南亚","DN225,PN16",10,"只",null,0]
[30,"▲","UPVC给水管直接","五金材料","联塑/日丰/南亚","DN250,PN16",10,"只",null,0]
[31,"▲","UPVC给水管90°弯头","五金材料","联塑/日丰/南亚","DN20,PN16",150,"只",null,0]
[32,"▲","UPVC给水管90°弯头","五金材料","联塑/日丰/南亚","DN25,PN16",195,"只",null,0]
[33,"▲","UPVC给水管90°弯头","五金材料","联塑/日丰/南亚","DN32,PN16",195,"只",null,0]
[34,"▲","UPVC给水管90°弯头","五金材料","联塑/日丰/南亚","DN40,PN16",195,"只",null,0]
[35,"▲","UPVC给水管90°弯头","五金材料","联塑/日丰/南亚","DN50,PN16",195,"只",null,0]
[36,"▲","UPVC给水管90°弯头","五金材料","联塑/日丰/南亚","DN63,PN16",132,"只",null,0]
[37,"▲","UPVC给水管90°弯头","五金材料","联塑/日丰/南亚","DN75,PN16",55,"只",null,0]
[38,"▲","UPVC给水管90°弯头","五金材料","联塑/日丰/南亚","DN90,PN16",37,"只",null,0]
[39,"▲","UPVC给水管90°弯头","五金材料","联塑/日丰/南亚","DN110,PN16",28,"只",null,0]
[40,"▲","UPVC给水管90°弯头","五金材料","联塑/日丰/南亚","DN125,PN16",19,"只",null,0]
[41,"▲","UPVC给水管90°弯头","五金材料","联塑/日丰/南亚","DN140,PN16",19,"只",null,0]
[42,"▲","UPVC给水管90°弯头","五金材料","联塑/日丰/南亚","DN160,PN16",19,"只",null,0]
[43,"▲","UPVC给水管90°弯头","五金材料","联塑/日丰/南亚","DN200,PN16",13,"只",null,0]
[44,"▲","UPVC给水管90°弯头","五金材料","联塑/日丰/南亚","DN225,PN16",10,"只",null,0]
[45,"▲","UPVC给水管90°弯头","五金材料","联塑/日丰/南亚","DN250,PN16",10,"只",null,0]
[46,"▲","UPVC给水管45°弯头","五金材料","联塑/日丰/南亚","DN20,PN16",19,"只",null,0]
[47,"▲","UPVC给水管45°弯头","五金材料","联塑/日丰/南亚","DN25,PN16",19,"只",null,0]
[48,"▲","UPVC给水管45°弯头","五金材料","联塑/日丰/南亚","DN32,PN16",19,"只",null,0]
[49,"▲","UPVC给水管45°弯头","五金材料","联塑/日丰/南亚","DN40,PN16",19,"只",null,0]
[50,"▲","UPVC给水管45°弯头","五金材料","联塑/日丰/南亚","DN50,PN16",19,"只",null,0]
[51,"▲","UPVC给水管45°弯头","五金材料","联塑/日丰/南亚","DN63,PN16",13,"只",null,0]
[52,"▲","UPVC给水管45°弯头","五金材料","联塑/日丰/南亚","DN75,PN16",13,"只",null,0]
[53,"▲","UPVC给水管45°弯头","五金材料","联塑/日丰/南亚","DN90,PN16",13,"只",null,0]
[54,"▲","UPVC给水管45°弯头","五金材料","联塑/日丰/南亚","DN110,PN16",13,"只",null,0]
[55,"▲","UPVC给水管45°弯头","五金材料","联塑/日丰/南亚","DN125,PN16",8,"只",null,0]
[56,"▲","UPVC给水管45°弯头","五金材料","联塑/日丰/南亚","DN140,PN16",8,"只",null,0]
[57,"▲","UPVC给水管45°弯头","五金材料","联塑/日丰/南亚","DN160,PN16",8,"只",null,0]
[58,"▲","UPVC给水管45°弯头","五金材料","联塑/日丰/南亚","DN200,PN16",7,"只",null,0]
[59,"▲","UPVC给水管45°弯头","五金材料","联塑/日丰/南亚","DN225,PN16",7,"只",null,0]
[60,"▲","UPVC给水管45°弯头","五金材料","联塑/日丰/南亚","DN250,PN16",7,"只",null,0]
[61,"▲","UPVC给水管正三通","五金材料","联塑/日丰/南亚","DN20,PN16",94,"只",null,0]
[62,"▲","UPVC给水管正三通","五金材料","联塑/日丰/南亚","DN25,PN16",94,"只",null,0]
[63,"▲","UPVC给水管正三通","五金材料","联塑/日丰/南亚","DN32,PN16",94,"只",null,0]
[64,"▲","UPVC给水管正三通","五金材料","联塑/日丰/南亚","DN40,PN16",94,"只",null,0]
[65,"▲","UPVC给水管正三通","五金材料","联塑/日丰/南亚","DN50,PN16",94,"只",null,0]
[66,"▲","UPVC给水管正三通","五金材料","联塑/日丰/南亚","DN63,PN16",52,"只",null,0]
[67,"▲","UPVC给水管正三通","五金材料","联塑/日丰/南亚","DN75,PN16",52,"只",null,0]
[68,"▲","UPVC给水管正三通","五金材料","联塑/日丰/南亚","DN90,PN16",34,"只",null,0]
[69,"▲","UPVC给水管正三通","五金材料","联塑/日丰/南亚","DN110,PN16",34,"只",null,0]
[70,"▲","UPVC给水管正三通","五金材料","联塑/日丰/南亚","DN125,PN16",16,"只",null,0]
[71,"▲","UPVC给水管正三通","五金材料","联塑/日丰/南亚","DN140,PN16",13,"只",null,0]
[72,"▲","UPVC给水管正三通","五金材料","联塑/日丰/南亚","DN160,PN16",13,"只",null,0]
[73,"▲","UPVC给水管正三通","五金材料","联塑/日丰/南亚","DN200,PN16",13,"只",null,0]
[74,"▲","UPVC给水管正三通","五金材料","联塑/日丰/南亚","DN225,PN16",10,"只",null,0]
[75,"▲","UPVC给水管正三通","五金材料","联塑/日丰/南亚","DN250,PN16",8,"只",null,0]
[76,"▲","UPVC给水管异径三通","五金材料","联塑/日丰/南亚","DN32转DN20，PN16",28,"只",null,0]
[77,"▲","UPVC给水管异径三通","五金材料","联塑/日丰/南亚","DN40转DN20，PN16",28,"只",null,0]
[78,"▲","UPVC给水管异径三通","五金材料","联塑/日丰/南亚","DN40转DN32，PN16",28,"只",null,0]
[79,"▲","UPVC给水管异径三通","五金材料","联塑/日丰/南亚","DN50转DN40，PN16",28,"只",null,0]
[80,"▲","UPVC给水管异径三通","五金材料","联塑/日丰/南亚","DN50转DN32，PN16",28,"只",null,0]
[81,"▲","UPVC给水管异径三通","五金材料","联塑/日丰/南亚","DN63转DN50，PN16",19,"只",null,0]
[82,"▲","UPVC给水管异径三通","五金材料","联塑/日丰/南亚","DN75转DN65，PN16",19,"只",null,0]
[83,"▲","UPVC给水管异径三通","五金材料","联塑/日丰/南亚","DN90转DN75，PN16",19,"只",null,0]
[84,"▲","UPVC给水管异径三通","五金材料","联塑/日丰/南亚","DN110转DN90，PN16",19,"只",null,0]
[85,"▲","UPVC给水管异径接头","五金材料","联塑/日丰/南亚","DN32转DN20，PN16",25,"只",null,0]
[86,"▲","UPVC给水管异径接头","五金材料","联塑/日丰/南亚","DN40转DN32，PN16",25,"只",null,0]
[87,"▲","UPVC给水管异径接头","五金材料","联塑/日丰/南亚","DN50转DN40，PN16",25,"只",null,0]
[88,"▲","UPVC给水管异径接头","五金材料","联塑/日丰/南亚","DN63转DN50，PN16",25,"只",null,0]
[89,"▲","UPVC给水管异径接头","五金材料","联塑/日丰/南亚","DN75转DN63，PN16",16,"只",null,0]
[90,"▲","UPVC给水管异径接头","五金材料","联塑/日丰/南亚","DN90转DN75，PN16",16,"只",null,0]
[91,"▲","UPVC给水管异径接头","五金材料","联塑/日丰/南亚","DN110转DN90，PN16",16,"只",null,0]
[92,"▲","UPVC给水管异径接头","五金材料","联塑/日丰/南亚","DN125转DN110，PN16",10,"只",null,0]
[93,"▲","UPVC给水管异径接头","五金材料","联塑/日丰/南亚","DN140转DN125，PN16",10,"只",null,0]
[94,"▲","UPVC给水管异径接头","五金材料","联塑/日丰/南亚","DN160转DN110，PN16",10,"只",null,0]
[95,"▲","UPVC给水管异径接头","五金材料","联塑/日丰/南亚","DN200转DN160，PN16",10,"只",null,0]
[96,"▲","UPVC给水管异径接头","五金材料","联塑/日丰/南亚","DN225转DN200，PN16",6,"只",null,0]
[97,"▲","UPVC给水管异径接头","五金材料","联塑/日丰/南亚","DN250转DN225，PN16",6,"只",null,0]
[98,"▲","UPVC带法兰接头","五金材料","联塑/日丰/南亚","DN15,PN16",14,"只",null,0]
[99,"▲","UPVC带法兰接头","五金材料","联塑/日丰/南亚","DN20,PN16",34,"只",null,0]
[100,"▲","UPVC带法兰接头","五金材料","联塑/日丰/南亚","DN25,PN16",34,"只",null,0]
[101,"▲","UPVC带法兰接头","五金材料","联塑/日丰/南亚","DN32,PN16",34,"只",null,0]
[102,"▲","UPVC带法兰接头","五金材料","联塑/日丰/南亚","DN40,PN16",34,"只",null,0]
[103,"▲","UPVC带法兰接头","五金材料","联塑/日丰/南亚","DN50,PN16",34,"只",null,0]
[104,"▲","UPVC带法兰接头","五金材料","联塑/日丰/南亚","DN63,PN16",46,"只",null,0]
[105,"▲","UPVC带法兰接头","五金材料","联塑/日丰/南亚","DN75,PN16",46,"只",null,0]
[106,"▲","UPVC带法兰接头","五金材料","联塑/日丰/南亚","DN90,PN16",46,"只",null,0]
[107,"▲","UPVC带法兰接头","五金材料","联塑/日丰/南亚","DN110,PN16",22,"只",null,0]
[108,"▲","UPVC带法兰接头","五金材料","联塑/日丰/南亚","DN125,PN16",16,"只",null,0]
[109,"▲","UPVC带法兰接头","五金材料","联塑/日丰/南亚","DN140,PN16",16,"只",null,0]
[110,"▲","UPVC带法兰接头","五金材料","联塑/日丰/南亚","DN160,PN16",22,"只",null,0]
[111,"▲","UPVC带法兰接头","五金材料","联塑/日丰/南亚","DN200,PN16",22,"只",null,0]
[112,"▲","UPVC带法兰接头","五金材料","联塑/日丰/南亚","DN225,PN16",14,"只",null,0]
[113,"▲","UPVC带法兰接头","五金材料","联塑/日丰/南亚","DN250,PN16",14,"只",null,0]
[114,"▲","UPVC单外丝接头","五金材料","联塑/日丰/南亚","DN20,PN16",34,"只",null,0]
[115,"▲","UPVC单外丝接头","五金材料","联塑/日丰/南亚","DN25,PN16",34,"只",null,0]
[116,"▲","UPVC单外丝接头","五金材料","联塑/日丰/南亚","DN32,PN16",34,"只",null,0]
[117,"▲","UPVC单外丝接头","五金材料","联塑/日丰/南亚","DN40,PN16",34,"只",null,0]
[118,"▲","UPVC单外丝接头","五金材料","联塑/日丰/南亚","DN50,PN16",34,"只",null,0]
[119,"▲","UPVC单外丝接头","五金材料","联塑/日丰/南亚","DN63,PN16",22,"只",null,0]
[120,"▲","UPVC单外丝接头","五金材料","联塑/日丰/南亚","DN75,PN16",22,"只",null,0]
[121,"▲","UPVC单内丝接头","五金材料","联塑/日丰/南亚","DN20,PN16",34,"只",null,0]
[122,"▲","UPVC单内丝接头","五金材料","联塑/日丰/南亚","DN25,PN16",34,"只",null,0]
[123,"▲","UPVC单内丝接头","五金材料","联塑/日丰/南亚","DN32,PN16",34,"只",null,0]
[124,"▲","UPVC单内丝接头","五金材料","联塑/日丰/南亚","DN40,PN16",34,"只",null,0]
[125,"▲","UPVC单内丝接头","五金材料","联塑/日丰/南亚","DN50,PN16",34,"只",null,0]
[126,"▲","UPVC单内丝接头","五金材料","联塑/日丰/南亚","DN63,PN16",22,"只",null,0]
[127,"▲","UPVC单内丝接头","五金材料","联塑/日丰/南亚","DN75,PN16",22,"只",null,0]
[128,"▲","UPVC单外丝90°弯头","五金材料","联塑/日丰/南亚","DN20,PN16",28,"只",null,0]
[129,"▲","UPVC单外丝90°弯头","五金材料","联塑/日丰/南亚","DN25,PN16",28,"只",null,0]
[130,"▲","UPVC单外丝90°弯头","五金材料","联塑/日丰/南亚","DN32,PN16",28,"只",null,0]
[131,"▲","UPVC单外丝90°弯头","五金材料","联塑/日丰/南亚","DN40,PN16",28,"只",null,0]
[132,"▲","UPVC单外丝90°弯头","五金材料","联塑/日丰/南亚","DN50,PN16",22,"只",null,0]
[133,"▲","UPVC单外丝90°弯头","五金材料","联塑/日丰/南亚","DN63,PN16",22,"只",null,0]
[134,"▲","UPVC单外丝90°弯头","五金材料","联塑/日丰/南亚","DN75,PN16",22,"只",null,0]
[135,"▲","UPVC单内丝90°弯头","五金材料","联塑/日丰/南亚","DN20,PN16",28,"只",null,0]
[136,"▲","UPVC单内丝90°弯头","五金材料","联塑/日丰/南亚","DN25,PN16",28,"只",null,0]
[137,"▲","UPVC单内丝90°弯头","五金材料","联塑/日丰/南亚","DN32,PN16",28,"只",null,0]
[138,"▲","UPVC单内丝90°弯头","五金材料","联塑/日丰/南亚","DN40,PN16",28,"只",null,0]
[139,"▲","UPVC单内丝90°弯头","五金材料","联塑/日丰/南亚","DN50,PN16",22,"只",null,0]
[140,"▲","UPVC单内丝90°弯头","五金材料","联塑/日丰/南亚","DN63,PN16",22,"只",null,0]
[141,"▲","UPVC单内丝90°弯头","五金材料","联塑/日丰/南亚","DN75,PN16",22,"只",null,0]
[142,"▲","UPVC活接","五金材料","联塑/日丰/南亚","DN20,PN16",34,"只",null,0]
[143,"▲","UPVC活接","五金材料","联塑/日丰/南亚","DN25,PN16",34,"只",null,0]
[144,"▲","UPVC活接","五金材料","联塑/日丰/南亚","DN32,PN16",34,"只",null,0]
[145,"▲","UPVC活接","五金材料","联塑/日丰/南亚","DN40,PN16",34,"只",null,0]
[146,"▲","UPVC活接","五金材料","联塑/日丰/南亚","DN50,PN16",34,"只",null,0]
[147,"▲","UPVC活接","五金材料","联塑/日丰/南亚","DN63,PN16",34,"只",null,0]
[148,"▲","UPVC活接","五金材料","联塑/日丰/南亚","DN75,PN16",34,"只",null,0]
[149,"▲","UPVC活接","五金材料","联塑/日丰/南亚","DN90,PN16",34,"只",null,0]
[150,"▲","UPVC活接","五金材料","联塑/日丰/南亚","DN110,PN16",19,"只",null,0]
[151,"▲","UPVC活接","五金材料","联塑/日丰/南亚","DN125,PN16",13,"只",null,0]
[152,"▲","UPVC补芯","五金材料","联塑/日丰/南亚","DN25转DN20",28,"只",null,0]
[153,"▲","UPVC补芯","五金材料","联塑/日丰/南亚","DN32转DN25",28,"只",null,0]
[154,"▲","UPVC补芯","五金材料","联塑/日丰/南亚","DN40转DN32",28,"只",null,0]
[155,"▲","UPVC补芯","五金材料","联塑/日丰/南亚","DN50转DN40",28,"只",null,0]
[156,"▲","UPVC补芯","五金材料","联塑/日丰/南亚","DN63转DN50",22,"只",null,0]
[157,"▲","UPVC补芯","五金材料","联塑/日丰/南亚","DN75转DN63",22,"只",null,0]
[158,"▲","UPVC补芯","五金材料","联塑/日丰/南亚","DN90转DN75",22,"只",null,0]
[159,"▲","UPVC补芯","五金材料","联塑/日丰/南亚","DN110转DN90",16,"只",null,0]
[160,"▲","UPVC补芯","五金材料","联塑/日丰/南亚","DN125转DN110",13,"只",null,0]
[161,"▲","UPVC补芯","五金材料","联塑/日丰/南亚","DN140转DN125",13,"只",null,0]
[162,"▲","UPVC补芯","五金材料","联塑/日丰/南亚","DN160转DN140",13,"只",null,0]
[163,"▲","UPVC管帽","五金材料","联塑/日丰/南亚","DN20",16,"只",null,0]
[164,"▲","UPVC管帽","五金材料","联塑/日丰/南亚","DN25",16,"只",null,0]
[165,"▲","UPVC管帽","五金材料","联塑/日丰/南亚","DN32",16,"只",null,0]
[166,"▲","UPVC管帽","五金材料","联塑/日丰/南亚","DN40",16,"只",null,0]
[167,"▲","UPVC管帽","五金材料","联塑/日丰/南亚","DN50",16,"只",null,0]
[168,"▲","UPVC管帽","五金材料","联塑/日丰/南亚","DN63",16,"只",null,0]
[169,"▲","UPVC管帽","五金材料","联塑/日丰/南亚","DN75",16,"只",null,0]
[170,"▲","UPVC管帽","五金材料","联塑/日丰/南亚","DN90",16,"只",null,0]
[171,"▲","UPVC管帽","五金材料","联塑/日丰/南亚","DN110",16,"只",null,0]
[172,"▲","UPVC管帽","五金材料","联塑/日丰/南亚","DN125",13,"只",null,0]
[173,"▲","UPVC管帽","五金材料","联塑/日丰/南亚","DN140",13,"只",null,0]
[174,"▲","UPVC管帽","五金材料","联塑/日丰/南亚","DN160",13,"只",null,0]
[175,"▲","UPVC简单型球阀","五金材料","联塑/日丰/南亚","DN20,PN16",40,"只",null,0]
[176,"▲","UPVC简单型球阀","五金材料","联塑/日丰/南亚","DN25,PN16",40,"只",null,0]
[177,"▲","UPVC简单型球阀","五金材料","联塑/日丰/南亚","DN32,PN16",40,"只",null,0]
[178,"▲","UPVC简单型球阀","五金材料","联塑/日丰/南亚","DN40,PN16",28,"只",null,0]
[179,"▲","UPVC简单型球阀","五金材料","联塑/日丰/南亚","DN50,PN16",28,"只",null,0]
[180,"▲","UPVC简单型球阀","五金材料","联塑/日丰/南亚","DN63,PN16",28,"只",null,0]
[181,"▲","UPVC简单型球阀","五金材料","联塑/日丰/南亚","DN75,PN16",12,"只",null,0]
[182,"▲","UPVC简单型球阀","五金材料","联塑/日丰/南亚","DN90,PN16",16,"只",null,0]
[183,"▲","UPVC简单型球阀","五金材料","联塑/日丰/南亚","DN110,PN16",16,"只",null,0]
[184,"▲","UPVC简单型球阀","五金材料","联塑/日丰/南亚","DN125,PN16",13,"只",null,0]
[185,"▲","UPVC简单型球阀","五金材料","联塑/日丰/南亚","DN140,PN16",13,"只",null,0]
[186,"▲","UPVC简单型球阀","五金材料","联塑/日丰/南亚","DN160,PN16",13,"只",null,0]
[187,"▲","UPVC双由令球阀","五金材料","联塑/日丰/南亚","DN20,PN16",22,"只",null,0]
[188,"▲","UPVC双由令球阀","五金材料","联塑/日丰/南亚","DN25,PN16",22,"只",null,0]
[189,"▲","UPVC双由令球阀","五金材料","联塑/日丰/南亚","DN32,PN16",22,"只",null,0]
[190,"▲","UPVC双由令球阀","五金材料","联塑/日丰/南亚","DN40,PN16",22,"只",null,0]
[191,"▲","UPVC双由令球阀","五金材料","联塑/日丰/南亚","DN50,PN16",22,"只",null,0]
[192,"▲","UPVC双由令球阀","五金材料","联塑/日丰/南亚","DN63,PN16",16,"只",null,0]
[193,"▲","UPVC双由令球阀","五金材料","联塑/日丰/南亚","DN75,PN16",16,"只",null,0]
[194,"▲","UPVC双由令球阀","五金材料","联塑/日丰/南亚","DN90,PN16",13,"只",null,0]
[195,"▲","UPVC双由令球阀","五金材料","联塑/日丰/南亚","DN110,PN16",12,"只",null,0]
[196,"▲","黄铜长柄球阀","五金材料","埃美柯/唐柯/一靓","DN15,PN16",32,"只",null,0]
[197,"▲","黄铜长柄球阀","五金材料","埃美柯/唐柯/一靓","DN20,PN16",32,"只",null,0]
[198,"▲","黄铜长柄球阀","五金材料","埃美柯/唐柯/一靓","DN25,PN16",26,"只",null,0]
[199,"▲","黄铜长柄球阀","五金材料","埃美柯/唐柯/一靓","DN32,PN16",14,"只",null,0]
[200,"▲","黄铜长柄球阀","五金材料","埃美柯/唐柯/一靓","DN40,PN16",14,"只",null,0]
[201,"▲","黄铜长柄球阀","五金材料","埃美柯/唐柯/一靓","DN50,PN16",8,"只",null,0]
[202,"▲","黄铜长柄球阀","五金材料","埃美柯/唐柯/一靓","DN65,PN16",8,"只",null,0]
[203,"▲","黄铜长柄球阀","五金材料","埃美柯/唐柯/一靓","DN80,PN16",6,"只",null,0]
[204,"▲","黄铜长柄球阀","五金材料","埃美柯/唐柯/一靓","DN100,PN16",5,"只",null,0]
[205,"▲","304不锈钢长柄球阀","五金材料","埃美柯/一靓/海胜","DN15,PN16",20,"只",null,0]
[206,"▲","304不锈钢长柄球阀","五金材料","埃美柯/一靓/海胜","DN20,PN16",20,"只",null,0]
[207,"▲","304不锈钢长柄球阀","五金材料","埃美柯/一靓/海胜","DN25,PN16",20,"只",null,0]
[208,"▲","304不锈钢长柄球阀","五金材料","埃美柯/一靓/海胜","DN32,PN16",11,"只",null,0]
[209,"▲","304不锈钢长柄球阀","五金材料","埃美柯/一靓/海胜","DN40,PN16",8,"只",null,0]
[210,"▲","304不锈钢长柄球阀","五金材料","埃美柯/一靓/海胜","DN50,PN16",8,"只",null,0]
[211,"▲","304不锈钢长柄球阀","五金材料","埃美柯/一靓/海胜","DN65,PN16",5,"只",null,0]
[212,"▲","304不锈钢长柄球阀","五金材料","埃美柯/一靓/海胜","DN80,PN16",5,"只",null,0]
[213,"▲","304不锈钢长柄球阀","五金材料","埃美柯/一靓/海胜","DN100,PN16",4,"只",null,0]
[214,"▲","角阀","五金材料","潜水艇/箭牌/九牧","4分，全铜",38,"只",null,0]
[215,"▲","法兰式手动蝶阀","五金材料","冠龙/郑蝶/凯士比","DN100，PN10",11,"套",null,0]
[216,"▲","法兰式手动蝶阀","五金材料","冠龙/郑蝶/凯士比","DN125，PN10",11,"套",null,0]
[217,"▲","法兰式手动蝶阀","五金材料","冠龙/郑蝶/凯士比","DN150，PN10",11,"套",null,0]
[218,"▲","法兰式手动蝶阀","五金材料","冠龙/郑蝶/凯士比","DN200，PN10",8,"套",null,0]
[219,"▲","法兰式手动蝶阀","五金材料","冠龙/郑蝶/凯士比","DN250，PN10",8,"套",null,0]
[220,"▲","法兰式手动蝶阀","五金材料","冠龙/郑蝶/凯士比","DN300，PN10",6,"套",null,0]
[221,"▲","对夹式止回阀","五金材料","冠龙/郑蝶/凯士比","DN100，PN10",8,"套",null,0]
[222,"▲","对夹式止回阀","五金材料","冠龙/郑蝶/凯士比","DN125，PN10",8,"套",null,0]
[223,"▲","对夹式止回阀","五金材料","冠龙/郑蝶/凯士比","DN150，PN10",8,"套",null,0]
[224,"▲","对夹式止回阀","五金材料","冠龙/郑蝶/凯士比","DN200，PN10",6,"套",null,0]
[225,"▲","对夹式止回阀","五金材料","冠龙/郑蝶/凯士比","DN250，PN10",6,"套",null,0]
[226,"▲","对夹式止回阀","五金材料","冠龙/郑蝶/凯士比","DN300，PN10",6,"套",null,0]
[227,"▲","手动闸阀","五金材料","冠龙/郑蝶/凯士比","DN100，PN10",6,"套",null,0]
[228,"▲","手动闸阀","五金材料","冠龙/郑蝶/凯士比","DN125，PN10",4,"套",null,0]
[229,"▲","手动闸阀","五金材料","冠龙/郑蝶/凯士比","DN150，PN10",6,"套",null,0]
[230,"▲","手动闸阀","五金材料","冠龙/郑蝶/凯士比","DN200，PN10",6,"套",null,0]
[231,"▲","手动闸阀","五金材料","冠龙/郑蝶/凯士比","DN250，PN10",6,"套",null,0]
[232,"▲","手动闸阀","五金材料","冠龙/郑蝶/凯士比","DN300，PN10",5,"套",null,0]
[233,"▲","UPVC排水管","五金材料","联塑/日丰/南亚","DN32",65,"米",null,0]
[234,"▲","UPVC排水管","五金材料","联塑/日丰/南亚","DN40",65,"米",null,0]
[235,"▲","UPVC排水管","五金材料","联塑/日丰/南亚","DN50",65,"米",null,0]
[236,"▲","UPVC排水管","五金材料","联塑/日丰/南亚","DN63",65,"米",null,0]
[237,"▲","UPVC排水管","五金材料","联塑/日丰/南亚","DN75",65,"米",null,0]
[238,"▲","UPVC排水管","五金材料","联塑/日丰/南亚","DN90",65,"米",null,0]
[239,"▲","UPVC排水管","五金材料","联塑/日丰/南亚","DN110",65,"米",null,0]
[240,"▲","UPVC排水管","五金材料","联塑/日丰/南亚","DN160",65,"米",null,0]
[241,"▲","UPVC排水管","五金材料","联塑/日丰/南亚","DN200",65,"米",null,0]
[242,"▲","UPVC排水管","五金材料","联塑/日丰/南亚","DN225",65,"米",null,0]
[243,"▲","UPVC排水管","五金材料","联塑/日丰/南亚","DN250",65,"米",null,0]
[244,"▲","UPVC排水管直接","五金材料","联塑/日丰/南亚","DN32",10,"只",null,0]
[245,"▲","UPVC排水管直接","五金材料","联塑/日丰/南亚","DN40",10,"只",null,0]
[246,"▲","UPVC排水管直接","五金材料","联塑/日丰/南亚","DN50",10,"只",null,0]
[247,"▲","UPVC排水管直接","五金材料","联塑/日丰/南亚","DN63",10,"只",null,0]
[248,"▲","UPVC排水管直接","五金材料","联塑/日丰/南亚","DN75",7,"只",null,0]
[249,"▲","UPVC排水管直接","五金材料","联塑/日丰/南亚","DN90",7,"只",null,0]
[250,"▲","UPVC排水管直接","五金材料","联塑/日丰/南亚","DN110",7,"只",null,0]
[251,"▲","UPVC排水管直接","五金材料","联塑/日丰/南亚","DN160",5,"只",null,0]
[252,"▲","UPVC排水管直接","五金材料","联塑/日丰/南亚","DN200",5,"只",null,0]
[253,"▲","UPVC排水管直接","五金材料","联塑/日丰/南亚","DN225",5,"只",null,0]
[254,"▲","UPVC排水管直接","五金材料","联塑/日丰/南亚","DN250",5,"只",null,0]
[255,"▲","UPVC排水管90°弯头","五金材料","联塑/日丰/南亚","DN32",13,"只",null,0]
[256,"▲","UPVC排水管90°弯头","五金材料","联塑/日丰/南亚","DN40",13,"只",null,0]
[257,"▲","UPVC排水管90°弯头","五金材料","联塑/日丰/南亚","DN50",13,"只",null,0]
[258,"▲","UPVC排水管90°弯头","五金材料","联塑/日丰/南亚","DN63",13,"只",null,0]
[259,"▲","UPVC排水管90°弯头","五金材料","联塑/日丰/南亚","DN75",7,"只",null,0]
[260,"▲","UPVC排水管90°弯头","五金材料","联塑/日丰/南亚","DN90",7,"只",null,0]
[261,"▲","UPVC排水管90°弯头","五金材料","联塑/日丰/南亚","DN110",7,"只",null,0]
[262,"▲","UPVC排水管90°弯头","五金材料","联塑/日丰/南亚","DN160",5,"只",null,0]
[263,"▲","UPVC排水管90°弯头","五金材料","联塑/日丰/南亚","DN200",5,"只",null,0]
[264,"▲","UPVC排水管90°弯头","五金材料","联塑/日丰/南亚","DN225",5,"只",null,0]
[265,"▲","UPVC排水管90°弯头","五金材料","联塑/日丰/南亚","DN250",5,"只",null,0]
[266,"▲","UPVC排水管带检查口90°弯头","五金材料","联塑/日丰/南亚","DN32",13,"只",null,0]
[267,"▲","UPVC排水管带检查口90°弯头","五金材料","联塑/日丰/南亚","DN40",13,"只",null,0]
[268,"▲","UPVC排水管带检查口90°弯头","五金材料","联塑/日丰/南亚","DN50",13,"只",null,0]
[269,"▲","UPVC排水管带检查口90°弯头","五金材料","联塑/日丰/南亚","DN63",7,"只",null,0]
[270,"▲","UPVC排水管带检查口90°弯头","五金材料","联塑/日丰/南亚","DN75",7,"只",null,0]
[271,"▲","UPVC排水管带检查口90°弯头","五金材料","联塑/日丰/南亚","DN90",7,"只",null,0]
[272,"▲","UPVC排水管带检查口90°弯头","五金材料","联塑/日丰/南亚","DN110",7,"只",null,0]
[273,"▲","UPVC排水管带检查口90°弯头","五金材料","联塑/日丰/南亚","DN160",5,"只",null,0]
[274,"▲","UPVC排水管带检查口90°弯头","五金材料","联塑/日丰/南亚","DN200",5,"只",null,0]
[275,"▲","UPVC排水管带检查口90°弯头","五金材料","联塑/日丰/南亚","DN225",5,"只",null,0]
[276,"▲","UPVC排水管带检查口90°弯头","五金材料","联塑/日丰/南亚","DN250",5,"只",null,0]
[277,"▲","UPVC排水管45°弯头","五金材料","联塑/日丰/南亚","DN32",7,"只",null,0]
[278,"▲","UPVC排水管45°弯头","五金材料","联塑/日丰/南亚","DN40",7,"只",null,0]
[279,"▲","UPVC排水管45°弯头","五金材料","联塑/日丰/南亚","DN50",7,"只",null,0]
[280,"▲","UPVC排水管45°弯头","五金材料","联塑/日丰/南亚","DN63",5,"只",null,0]
[281,"▲","UPVC排水管45°弯头","五金材料","联塑/日丰/南亚","DN75",5,"只",null,0]
[282,"▲","UPVC排水管45°弯头","五金材料","联塑/日丰/南亚","DN90",5,"只",null,0]
[283,"▲","UPVC排水管45°弯头","五金材料","联塑/日丰/南亚","DN110",5,"只",null,0]
[284,"▲","UPVC排水管45°弯头","五金材料","联塑/日丰/南亚","DN160",5,"只",null,0]
[285,"▲","UPVC排水管45°弯头","五金材料","联塑/日丰/南亚","DN200",4,"只",null,0]
[286,"▲","UPVC排水管45°弯头","五金材料","联塑/日丰/南亚","DN225",4,"只",null,0]
[287,"▲","UPVC排水管45°弯头","五金材料","联塑/日丰/南亚","DN250",4,"只",null,0]
[288,"▲","UPVC排水管正三通","五金材料","联塑/日丰/南亚","DN32",25,"只",null,0]
[289,"▲","UPVC排水管正三通","五金材料","联塑/日丰/南亚","DN40",25,"只",null,0]
[290,"▲","UPVC排水管正三通","五金材料","联塑/日丰/南亚","DN50",25,"只",null,0]
[291,"▲","UPVC排水管正三通","五金材料","联塑/日丰/南亚","DN63",25,"只",null,0]
[292,"▲","UPVC排水管正三通","五金材料","联塑/日丰/南亚","DN75",25,"只",null,0]
[293,"▲","UPVC排水管正三通","五金材料","联塑/日丰/南亚","DN90",25,"只",null,0]
[294,"▲","UPVC排水管正三通","五金材料","联塑/日丰/南亚","DN110",25,"只",null,0]
[295,"▲","UPVC排水管正三通","五金材料","联塑/日丰/南亚","DN160",10,"只",null,0]
[296,"▲","UPVC排水管正三通","五金材料","联塑/日丰/南亚","DN200",10,"只",null,0]
[297,"▲","UPVC排水管正三通","五金材料","联塑/日丰/南亚","DN225",10,"只",null,0]
[298,"▲","UPVC排水管正三通","五金材料","联塑/日丰/南亚","DN250",10,"只",null,0]
[299,"▲","UPVC排水管异径三通","五金材料","联塑/日丰/南亚","DN40转DN32",13,"只",null,0]
[300,"▲","UPVC排水管异径三通","五金材料","联塑/日丰/南亚","DN50转DN40",13,"只",null,0]
[301,"▲","UPVC排水管异径三通","五金材料","联塑/日丰/南亚","DN50转DN32",13,"只",null,0]
[302,"▲","UPVC排水管异径三通","五金材料","联塑/日丰/南亚","DN63转DN50",13,"只",null,0]
[303,"▲","UPVC排水管异径三通","五金材料","联塑/日丰/南亚","DN75转DN63",13,"只",null,0]
[304,"▲","UPVC排水管异径三通","五金材料","联塑/日丰/南亚","DN90转DN75",13,"只",null,0]
[305,"▲","UPVC排水管异径接头","五金材料","联塑/日丰/南亚","DN40转DN32",13,"只",null,0]
[306,"▲","UPVC排水管异径接头","五金材料","联塑/日丰/南亚","DN50转DN40",13,"只",null,0]
[307,"▲","UPVC排水管异径接头","五金材料","联塑/日丰/南亚","DN63转DN50",13,"只",null,0]
[308,"▲","UPVC排水管异径接头","五金材料","联塑/日丰/南亚","DN75转DN63",13,"只",null,0]
[309,"▲","UPVC排水管异径接头","五金材料","联塑/日丰/南亚","DN90转DN75",13,"只",null,0]
[310,"▲","UPVC排水管异径接头","五金材料","联塑/日丰/南亚","DN110转DN90",13,"只",null,0]
[311,"▲","UPVC排水管异径接头","五金材料","联塑/日丰/南亚","DN160转DN110",7,"只",null,0]
[312,"▲","UPVC排水管异径接头","五金材料","联塑/日丰/南亚","DN200转DN160",7,"只",null,0]
[313,"▲","HDPE管","五金材料","联塑/日丰/南亚","DN20,PN16",185,"米",null,0]
[314,"▲","HDPE管","五金材料","联塑/日丰/南亚","DN25,PN16",185,"米",null,0]
[315,"▲","HDPE管","五金材料","联塑/日丰/南亚","DN32,PN16",185,"米",null,0]
[316,"▲","HDPE管","五金材料","联塑/日丰/南亚","DN40,PN16",185,"米",null,0]
[317,"▲","HDPE管","五金材料","联塑/日丰/南亚","DN50,PN16",185,"米",null,0]
[318,"▲","HDPE管","五金材料","联塑/日丰/南亚","DN63,PN16",65,"米",null,0]
[319,"▲","HDPE管","五金材料","联塑/日丰/南亚","DN75,PN16",65,"米",null,0]
[320,"▲","HDPE管","五金材料","联塑/日丰/南亚","DN90,PN16",65,"米",null,0]
[321,"▲","HDPE管","五金材料","联塑/日丰/南亚","DN110,PN16",65,"米",null,0]
[322,"▲","HDPE管","五金材料","联塑/日丰/南亚","DN125,PN16",53,"米",null,0]
[323,"▲","HDPE管","五金材料","联塑/日丰/南亚","DN140,PN16",53,"米",null,0]
[324,"▲","HDPE管","五金材料","联塑/日丰/南亚","DN160,PN16",53,"米",null,0]
[325,"▲","HDPE管","五金材料","联塑/日丰/南亚","DN200,PN16",53,"米",null,0]
[326,"▲","HDPE管","五金材料","联塑/日丰/南亚","DN225,PN16",17,"米",null,0]
[327,"▲","HDPE管","五金材料","联塑/日丰/南亚","DN250,PN16",17,"米",null,0]
[328,"▲","HDPE直接","五金材料","联塑/日丰/南亚","DN20,PN16",19,"只",null,0]
[329,"▲","HDPE直接","五金材料","联塑/日丰/南亚","DN25,PN16",19,"只",null,0]
[330,"▲","HDPE直接","五金材料","联塑/日丰/南亚","DN32,PN16",19,"只",null,0]
[331,"▲","HDPE直接","五金材料","联塑/日丰/南亚","DN40,PN16",19,"只",null,0]
[332,"▲","HDPE直接","五金材料","联塑/日丰/南亚","DN50,PN16",19,"只",null,0]
[333,"▲","HDPE直接","五金材料","联塑/日丰/南亚","DN63,PN16",10,"只",null,0]
[334,"▲","HDPE直接","五金材料","联塑/日丰/南亚","DN75,PN16",10,"只",null,0]
[335,"▲","HDPE直接","五金材料","联塑/日丰/南亚","DN90,PN16",10,"只",null,0]
[336,"▲","HDPE直接","五金材料","联塑/日丰/南亚","DN110,PN16",10,"只",null,0]
[337,"▲","HDPE直接","五金材料","联塑/日丰/南亚","DN125,PN16",4,"只",null,0]
[338,"▲","HDPE直接","五金材料","联塑/日丰/南亚","DN140,PN16",4,"只",null,0]
[339,"▲","HDPE直接","五金材料","联塑/日丰/南亚","DN160,PN16",4,"只",null,0]
[340,"▲","HDPE直接","五金材料","联塑/日丰/南亚","DN200,PN16",4,"只",null,0]
[341,"▲","HDPE直接","五金材料","联塑/日丰/南亚","DN225,PN16",4,"只",null,0]
[342,"▲","HDPE直接","五金材料","联塑/日丰/南亚","DN250,PN16",4,"只",null,0]
[343,"▲","HDPE 90°弯头","五金材料","联塑/日丰/南亚","DN20,PN16",19,"只",null,0]
[344,"▲","HDPE 90°弯头","五金材料","联塑/日丰/南亚","DN25,PN16",19,"只",null,0]
[345,"▲","HDPE 90°弯头","五金材料","联塑/日丰/南亚","DN32,PN16",19,"只",null,0]
[346,"▲","HDPE 90°弯头","五金材料","联塑/日丰/南亚","DN40,PN16",19,"只",null,0]
[347,"▲","HDPE 90°弯头","五金材料","联塑/日丰/南亚","DN50,PN16",19,"只",null,0]
[348,"▲","HDPE 90°弯头","五金材料","联塑/日丰/南亚","DN63,PN16",19,"只",null,0]
[349,"▲","HDPE 90°弯头","五金材料","联塑/日丰/南亚","DN75,PN16",7,"只",null,0]
[350,"▲","HDPE 90°弯头","五金材料","联塑/日丰/南亚","DN90,PN16",7,"只",null,0]
[351,"▲","HDPE 90°弯头","五金材料","联塑/日丰/南亚","DN110,PN16",7,"只",null,0]
[352,"▲","HDPE 90°弯头","五金材料","联塑/日丰/南亚","DN125,PN16",4,"只",null,0]
[353,"▲","HDPE 90°弯头","五金材料","联塑/日丰/南亚","DN140,PN16",4,"只",null,0]
[354,"▲","HDPE 90°弯头","五金材料","联塑/日丰/南亚","DN160,PN16",7,"只",null,0]
[355,"▲","HDPE 90°弯头","五金材料","联塑/日丰/南亚","DN200,PN16",7,"只",null,0]
[356,"▲","HDPE 90°弯头","五金材料","联塑/日丰/南亚","DN225,PN16",4,"只",null,0]
[357,"▲","HDPE 90°弯头","五金材料","联塑/日丰/南亚","DN250,PN16",4,"只",null,0]
[358,"▲","HDPE 45°弯头","五金材料","联塑/日丰/南亚","DN20,PN16",7,"只",null,0]
[359,"▲","HDPE 45°弯头","五金材料","联塑/日丰/南亚","DN25,PN16",7,"只",null,0]
[360,"▲","HDPE 45°弯头","五金材料","联塑/日丰/南亚","DN32,PN16",7,"只",null,0]
[361,"▲","HDPE 45°弯头","五金材料","联塑/日丰/南亚","DN40,PN16",7,"只",null,0]
[362,"▲","HDPE 45°弯头","五金材料","联塑/日丰/南亚","DN50,PN16",7,"只",null,0]
[363,"▲","HDPE 45°弯头","五金材料","联塑/日丰/南亚","DN63,PN16",4,"只",null,0]
[364,"▲","HDPE 45°弯头","五金材料","联塑/日丰/南亚","DN75,PN16",4,"只",null,0]
[365,"▲","HDPE 45°弯头","五金材料","联塑/日丰/南亚","DN90,PN16",4,"只",null,0]
[366,"▲","HDPE 45°弯头","五金材料","联塑/日丰/南亚","DN110,PN16",4,"只",null,0]
[367,"▲","HDPE 45°弯头","五金材料","联塑/日丰/南亚","DN125,PN16",3,"只",null,0]
[368,"▲","HDPE 45°弯头","五金材料","联塑/日丰/南亚","DN140,PN16",3,"只",null,0]
[369,"▲","HDPE 45°弯头","五金材料","联塑/日丰/南亚","DN160,PN16",3,"只",null,0]
[370,"▲","HDPE 45°弯头","五金材料","联塑/日丰/南亚","DN200,PN16",3,"只",null,0]
[371,"▲","HDPE 45°弯头","五金材料","联塑/日丰/南亚","DN225,PN16",3,"只",null,0]
[372,"▲","HDPE 45°弯头","五金材料","联塑/日丰/南亚","DN250,PN16",3,"只",null,0]
[373,"▲","HDPE正三通","五金材料","联塑/日丰/南亚","DN20,PN16",7,"只",null,0]
[374,"▲","HDPE正三通","五金材料","联塑/日丰/南亚","DN25,PN16",7,"只",null,0]
[375,"▲","HDPE正三通","五金材料","联塑/日丰/南亚","DN32,PN16",7,"只",null,0]
[376,"▲","HDPE正三通","五金材料","联塑/日丰/南亚","DN40,PN16",7,"只",null,0]
[377,"▲","HDPE正三通","五金材料","联塑/日丰/南亚","DN50,PN16",7,"只",null,0]
[378,"▲","HDPE正三通","五金材料","联塑/日丰/南亚","DN63,PN16",7,"只",null,0]
[379,"▲","HDPE正三通","五金材料","联塑/日丰/南亚","DN75,PN16",7,"只",null,0]
[380,"▲","HDPE正三通","五金材料","联塑/日丰/南亚","DN90,PN16",7,"只",null,0]
[381,"▲","HDPE正三通","五金材料","联塑/日丰/南亚","DN110,PN16",5,"只",null,0]
[382,"▲","HDPE正三通","五金材料","联塑/日丰/南亚","DN125,PN16",3,"只",null,0]
[383,"▲","HDPE正三通","五金材料","联塑/日丰/南亚","DN140,PN16",3,"只",null,0]
[384,"▲","HDPE正三通","五金材料","联塑/日丰/南亚","DN160,PN16",4,"只",null,0]
[385,"▲","HDPE正三通","五金材料","联塑/日丰/南亚","DN200,PN16",4,"只",null,0]
[386,"▲","HDPE正三通","五金材料","联塑/日丰/南亚","DN225,PN16",3,"只",null,0]
[387,"▲","HDPE正三通","五金材料","联塑/日丰/南亚","DN250,PN16",4,"只",null,0]
[388,"▲","HDPE异径三通","五金材料","联塑/日丰/南亚","DN32转DN20，PN16",4,"只",null,0]
[389,"▲","HDPE异径三通","五金材料","联塑/日丰/南亚","DN40转DN20，PN16",4,"只",null,0]
[390,"▲","HDPE异径三通","五金材料","联塑/日丰/南亚","DN40转DN32，PN16",4,"只",null,0]
[391,"▲","HDPE异径三通","五金材料","联塑/日丰/南亚","DN50转DN40，PN16",4,"只",null,0]
[392,"▲","HDPE异径三通","五金材料","联塑/日丰/南亚","DN50转DN32，PN16",4,"只",null,0]
[393,"▲","HDPE异径三通","五金材料","联塑/日丰/南亚","DN63转DN50，PN16",4,"只",null,0]
[394,"▲","HDPE异径三通","五金材料","联塑/日丰/南亚","DN75转DN65，PN16",4,"只",null,0]
[395,"▲","HDPE异径三通","五金材料","联塑/日丰/南亚","DN90转DN75，PN16",4,"只",null,0]
[396,"▲","HDPE异径三通","五金材料","联塑/日丰/南亚","DN110转DN90，PN16",4,"只",null,0]
[397,"▲","HDPE异径三通","五金材料","联塑/日丰/南亚","DN125转DN110，PN16",3,"只",null,0]
[398,"▲","HDPE异径三通","五金材料","联塑/日丰/南亚","DN140转DN125，PN16",3,"只",null,0]
[399,"▲","HDPE异径三通","五金材料","联塑/日丰/南亚","DN160转DN140，PN16",3,"只",null,0]
[400,"▲","HDPE异径接头","五金材料","联塑/日丰/南亚","DN32转DN20，PN16",4,"只",null,0]
[401,"▲","HDPE异径接头","五金材料","联塑/日丰/南亚","DN40转DN32，PN16",4,"只",null,0]
[402,"▲","HDPE异径接头","五金材料","联塑/日丰/南亚","DN50转DN40，PN16",4,"只",null,0]
[403,"▲","HDPE异径接头","五金材料","联塑/日丰/南亚","DN63转DN50，PN16",4,"只",null,0]
[404,"▲","HDPE异径接头","五金材料","联塑/日丰/南亚","DN75转DN63，PN16",4,"只",null,0]
[405,"▲","HDPE异径接头","五金材料","联塑/日丰/南亚","DN90转DN75，PN16",4,"只",null,0]
[406,"▲","HDPE异径接头","五金材料","联塑/日丰/南亚","DN110转DN90，PN16",4,"只",null,0]
[407,"▲","HDPE异径接头","五金材料","联塑/日丰/南亚","DN125转DN110，PN16",3,"只",null,0]
[408,"▲","HDPE异径接头","五金材料","联塑/日丰/南亚","DN140转DN125，PN16",3,"只",null,0]
[409,"▲","HDPE异径接头","五金材料","联塑/日丰/南亚","DN160转DN140，PN16",3,"只",null,0]
[410,"▲","HDPE异径接头","五金材料","联塑/日丰/南亚","DN200转DN160，PN16",4,"只",null,0]
[411,"▲","HDPE异径接头","五金材料","联塑/日丰/南亚","DN225转DN200，PN16",3,"只",null,0]
[412,"▲","HDPE异径接头","五金材料","联塑/日丰/南亚","DN250转DN225，PN16",3,"只",null,0]
[413,"▲","HDPE带法兰接头","五金材料","联塑/日丰/南亚","DN32,PN16",7,"只",null,0]
[414,"▲","HDPE带法兰接头","五金材料","联塑/日丰/南亚","DN40,PN16",7,"只",null,0]
[415,"▲","HDPE带法兰接头","五金材料","联塑/日丰/南亚","DN50,PN16",7,"只",null,0]
[416,"▲","HDPE带法兰接头","五金材料","联塑/日丰/南亚","DN63,PN16",7,"只",null,0]
[417,"▲","HDPE带法兰接头","五金材料","联塑/日丰/南亚","DN75,PN16",7,"只",null,0]
[418,"▲","HDPE带法兰接头","五金材料","联塑/日丰/南亚","DN90,PN16",7,"只",null,0]
[419,"▲","HDPE带法兰接头","五金材料","联塑/日丰/南亚","DN110,PN16",7,"只",null,0]
[420,"▲","HDPE带法兰接头","五金材料","联塑/日丰/南亚","DN125，PN16",5,"只",null,0]
[421,"▲","HDPE带法兰接头","五金材料","联塑/日丰/南亚","DN140,PN16",5,"只",null,0]
[422,"▲","HDPE带法兰接头","五金材料","联塑/日丰/南亚","DN160,PN16",5,"只",null,0]
[423,"▲","HDPE带法兰接头","五金材料","联塑/日丰/南亚","DN200,PN16",5,"只",null,0]
[424,"▲","HDPE带法兰接头","五金材料","联塑/日丰/南亚","DN225,PN16",5,"只",null,0]
[425,"▲","HDPE带法兰接头","五金材料","联塑/日丰/南亚","DN250,PN16",5,"只",null,0]
[426,"▲","HDPE单外丝接头","五金材料","联塑/日丰/南亚","DN20,PN16",7,"只",null,0]
[427,"▲","HDPE单外丝接头","五金材料","联塑/日丰/南亚","DN25,PN16",7,"只",null,0]
[428,"▲","HDPE单外丝接头","五金材料","联塑/日丰/南亚","DN32,PN16",7,"只",null,0]
[429,"▲","HDPE单外丝接头","五金材料","联塑/日丰/南亚","DN40,PN16",7,"只",null,0]
[430,"▲","HDPE单外丝接头","五金材料","联塑/日丰/南亚","DN50,PN16",7,"只",null,0]
[431,"▲","HDPE单外丝接头","五金材料","联塑/日丰/南亚","DN63,PN16",7,"只",null,0]
[432,"▲","HDPE单外丝接头","五金材料","联塑/日丰/南亚","DN75,PN16",7,"只",null,0]
[433,"▲","HDPE单内丝接头","五金材料","联塑/日丰/南亚","DN20,PN16",7,"只",null,0]
[434,"▲","HDPE单内丝接头","五金材料","联塑/日丰/南亚","DN25,PN16",7,"只",null,0]
[435,"▲","HDPE单内丝接头","五金材料","联塑/日丰/南亚","DN32,PN16",7,"只",null,0]
[436,"▲","HDPE单内丝接头","五金材料","联塑/日丰/南亚","DN40,PN16",7,"只",null,0]
[437,"▲","HDPE单内丝接头","五金材料","联塑/日丰/南亚","DN50,PN16",7,"只",null,0]
[438,"▲","HDPE单内丝接头","五金材料","联塑/日丰/南亚","DN63,PN16",7,"只",null,0]
[439,"▲","HDPE单内丝接头","五金材料","联塑/日丰/南亚","DN75,PN16",7,"只",null,0]
[440,"▲","HDPE单外丝90°弯头","五金材料","联塑/日丰/南亚","DN20,PN16",7,"只",null,0]
[441,"▲","HDPE单外丝90°弯头","五金材料","联塑/日丰/南亚","DN25,PN16",7,"只",null,0]
[442,"▲","HDPE单外丝90°弯头","五金材料","联塑/日丰/南亚","DN32,PN16",7,"只",null,0]
[443,"▲","HDPE单外丝90°弯头","五金材料","联塑/日丰/南亚","DN40,PN16",7,"只",null,0]
[444,"▲","HDPE单外丝90°弯头","五金材料","联塑/日丰/南亚","DN50,PN16",7,"只",null,0]
[445,"▲","HDPE单外丝90°弯头","五金材料","联塑/日丰/南亚","DN63,PN16",7,"只",null,0]
[446,"▲","HDPE单外丝90°弯头","五金材料","联塑/日丰/南亚","DN75,PN16",7,"只",null,0]
[447,"▲","HDPE单内丝90°弯头","五金材料","联塑/日丰/南亚","DN20,PN16",7,"只",null,0]
[448,"▲","HDPE单内丝90°弯头","五金材料","联塑/日丰/南亚","DN25,PN16",7,"只",null,0]
[449,"▲","HDPE单内丝90°弯头","五金材料","联塑/日丰/南亚","DN32,PN16",7,"只",null,0]
[450,"▲","HDPE单内丝90°弯头","五金材料","联塑/日丰/南亚","DN40,PN16",7,"只",null,0]
[451,"▲","HDPE单内丝90°弯头","五金材料","联塑/日丰/南亚","DN50,PN16",7,"只",null,0]
[452,"▲","HDPE单内丝90°弯头","五金材料","联塑/日丰/南亚","DN63,PN16",7,"只",null,0]
[453,"▲","HDPE单内丝90°弯头","五金材料","联塑/日丰/南亚","DN75,PN16",7,"只",null,0]
[454,"▲","HDPE管帽","五金材料","联塑/日丰/南亚","DN32",4,"只",null,0]
[455,"▲","HDPE管帽","五金材料","联塑/日丰/南亚","DN40",4,"只",null,0]
[456,"▲","HDPE管帽","五金材料","联塑/日丰/南亚","DN50",4,"只",null,0]
[457,"▲","HDPE管帽","五金材料","联塑/日丰/南亚","DN63",4,"只",null,0]
[458,"▲","HDPE管帽","五金材料","联塑/日丰/南亚","DN75",4,"只",null,0]
[459,"▲","HDPE管帽","五金材料","联塑/日丰/南亚","DN90",4,"只",null,0]
[460,"▲","HDPE管帽","五金材料","联塑/日丰/南亚","DN110",4,"只",null,0]
[461,"▲","HDPE管帽","五金材料","联塑/日丰/南亚","DN125",4,"只",null,0]
[462,"▲","HDPE管帽","五金材料","联塑/日丰/南亚","DN140",4,"只",null,0]
[463,"▲","HDPE管帽","五金材料","联塑/日丰/南亚","DN160",4,"只",null,0]
[464,"▲","HDPE截止阀","五金材料","联塑/日丰/南亚","DN20,PN16",7,"只",null,0]
[465,"▲","HDPE截止阀","五金材料","联塑/日丰/南亚","DN25,PN16",7,"只",null,0]
[466,"▲","HDPE截止阀","五金材料","联塑/日丰/南亚","DN32,PN16",7,"只",null,0]
[467,"▲","HDPE截止阀","五金材料","联塑/日丰/南亚","DN40,PN16",7,"只",null,0]
[468,"▲","HDPE截止阀","五金材料","联塑/日丰/南亚","DN50,PN16",7,"只",null,0]
[469,"▲","HDPE截止阀","五金材料","联塑/日丰/南亚","DN63,PN16",7,"只",null,0]
[470,"▲","HDPE截止阀","五金材料","联塑/日丰/南亚","DN75,PN16",7,"只",null,0]
[471,"▲","HDPE截止阀","五金材料","联塑/日丰/南亚","DN90,PN16",4,"只",null,0]
[472,"▲","HDPE截止阀","五金材料","联塑/日丰/南亚","DN110,PN16",4,"只",null,0]
[473,"▲","PPR 管","五金材料","联塑/日丰/南亚","DN20,PN16",91,"米",null,0]
[474,"▲","PPR 管","五金材料","联塑/日丰/南亚","DN25,PN16",91,"米",null,0]
[475,"▲","PPR 管","五金材料","联塑/日丰/南亚","DN32,PN16",91,"米",null,0]
[476,"▲","PPR 管","五金材料","联塑/日丰/南亚","DN40,PN16",91,"米",null,0]
[477,"▲","PPR 管","五金材料","联塑/日丰/南亚","DN50,PN16",91,"米",null,0]
[478,"▲","PPR 管","五金材料","联塑/日丰/南亚","DN63,PN16",43,"米",null,0]
[479,"▲","PPR 管","五金材料","联塑/日丰/南亚","DN75,PN16",43,"米",null,0]
[480,"▲","PPR 管","五金材料","联塑/日丰/南亚","DN90,PN16",43,"米",null,0]
[481,"▲","PPR 管","五金材料","联塑/日丰/南亚","DN110,PN16",25,"米",null,0]
[482,"▲","PPR 管","五金材料","联塑/日丰/南亚","DN125,PN16",25,"米",null,0]
[483,"▲","PPR 管","五金材料","联塑/日丰/南亚","DN140,PN16",25,"米",null,0]
[484,"▲","PPR 管","五金材料","联塑/日丰/南亚","DN160,PN16",25,"米",null,0]
[485,"▲","PPR直接","五金材料","联塑/日丰/南亚","DN20,PN16",25,"只",null,0]
[486,"▲","PPR直接","五金材料","联塑/日丰/南亚","DN25,PN16",25,"只",null,0]
[487,"▲","PPR直接","五金材料","联塑/日丰/南亚","DN32,PN16",25,"只",null,0]
[488,"▲","PPR直接","五金材料","联塑/日丰/南亚","DN40,PN16",10,"只",null,0]
[489,"▲","PPR直接","五金材料","联塑/日丰/南亚","DN50,PN16",10,"只",null,0]
[490,"▲","PPR直接","五金材料","联塑/日丰/南亚","DN63,PN16",10,"只",null,0]
[491,"▲","PPR直接","五金材料","联塑/日丰/南亚","DN75,PN16",10,"只",null,0]
[492,"▲","PPR直接","五金材料","联塑/日丰/南亚","DN90,PN16",10,"只",null,0]
[493,"▲","PPR直接","五金材料","联塑/日丰/南亚","DN110,PN16",4,"只",null,0]
[494,"▲","PPR直接","五金材料","联塑/日丰/南亚","DN125,PN16",4,"只",null,0]
[495,"▲","PPR直接","五金材料","联塑/日丰/南亚","DN140,PN16",4,"只",null,0]
[496,"▲","PPR直接","五金材料","联塑/日丰/南亚","DN160,PN16",4,"只",null,0]
[497,"▲","PPR 90°弯头","五金材料","联塑/日丰/南亚","DN20,PN16",19,"只",null,0]
[498,"▲","PPR 90°弯头","五金材料","联塑/日丰/南亚","DN25,PN16",19,"只",null,0]
[499,"▲","PPR 90°弯头","五金材料","联塑/日丰/南亚","DN32,PN16",19,"只",null,0]
[500,"▲","PPR 90°弯头","五金材料","联塑/日丰/南亚","DN40,PN16",7,"只",null,0]
[501,"▲","PPR 90°弯头","五金材料","联塑/日丰/南亚","DN50,PN16",7,"只",null,0]
[502,"▲","PPR 90°弯头","五金材料","联塑/日丰/南亚","DN63,PN16",13,"只",null,0]
[503,"▲","PPR 90°弯头","五金材料","联塑/日丰/南亚","DN75,PN16",7,"只",null,0]
[504,"▲","PPR 90°弯头","五金材料","联塑/日丰/南亚","DN90,PN16",7,"只",null,0]
[505,"▲","PPR 90°弯头","五金材料","联塑/日丰/南亚","DN110,PN16",7,"只",null,0]
[506,"▲","PPR 90°弯头","五金材料","联塑/日丰/南亚","DN125,PN16",4,"只",null,0]
[507,"▲","PPR 90°弯头","五金材料","联塑/日丰/南亚","DN140,PN16",4,"只",null,0]
[508,"▲","PPR 90°弯头","五金材料","联塑/日丰/南亚","DN160,PN16",4,"只",null,0]
[509,"▲","PPR 45°弯头","五金材料","联塑/日丰/南亚","DN20,PN16",5,"只",null,0]
[510,"▲","PPR 45°弯头","五金材料","联塑/日丰/南亚","DN25,PN16",5,"只",null,0]
[511,"▲","PPR 45°弯头","五金材料","联塑/日丰/南亚","DN32,PN16",5,"只",null,0]
[512,"▲","PPR 45°弯头","五金材料","联塑/日丰/南亚","DN40,PN16",5,"只",null,0]
[513,"▲","PPR 45°弯头","五金材料","联塑/日丰/南亚","DN50,PN16",5,"只",null,0]
[514,"▲","PPR 45°弯头","五金材料","联塑/日丰/南亚","DN63,PN16",4,"只",null,0]
[515,"▲","PPR 45°弯头","五金材料","联塑/日丰/南亚","DN75,PN16",4,"只",null,0]
[516,"▲","PPR 45°弯头","五金材料","联塑/日丰/南亚","DN90,PN16",4,"只",null,0]
[517,"▲","PPR 45°弯头","五金材料","联塑/日丰/南亚","DN110,PN16",3,"只",null,0]
[518,"▲","PPR 45°弯头","五金材料","联塑/日丰/南亚","DN125,PN16",3,"只",null,0]
[519,"▲","PPR 45°弯头","五金材料","联塑/日丰/南亚","DN140,PN16",3,"只",null,0]
[520,"▲","PPR 45°弯头","五金材料","联塑/日丰/南亚","DN160,PN16",3,"只",null,0]
[521,"▲","PPR正三通","五金材料","联塑/日丰/南亚","DN20,PN16",10,"只",null,0]
[522,"▲","PPR正三通","五金材料","联塑/日丰/南亚","DN25,PN16",10,"只",null,0]
[523,"▲","PPR正三通","五金材料","联塑/日丰/南亚","DN32,PN16",10,"只",null,0]
[524,"▲","PPR正三通","五金材料","联塑/日丰/南亚","DN40,PN16",10,"只",null,0]
[525,"▲","PPR正三通","五金材料","联塑/日丰/南亚","DN50,PN16",10,"只",null,0]
[526,"▲","PPR正三通","五金材料","联塑/日丰/南亚","DN63,PN16",7,"只",null,0]
[527,"▲","PPR正三通","五金材料","联塑/日丰/南亚","DN75,PN16",7,"只",null,0]
[528,"▲","PPR正三通","五金材料","联塑/日丰/南亚","DN90,PN16",7,"只",null,0]
[529,"▲","PPR正三通","五金材料","联塑/日丰/南亚","DN110,PN16",7,"只",null,0]
[530,"▲","PPR正三通","五金材料","联塑/日丰/南亚","DN125,PN16",7,"只",null,0]
[531,"▲","PPR正三通","五金材料","联塑/日丰/南亚","DN140,PN16",7,"只",null,0]
[532,"▲","PPR正三通","五金材料","联塑/日丰/南亚","DN160,PN16",7,"只",null,0]
[533,"▲","PPR异径三通","五金材料","联塑/日丰/南亚","DN32转DN20，PN16",10,"只",null,0]
[534,"▲","PPR异径三通","五金材料","联塑/日丰/南亚","DN40转DN20，PN16",10,"只",null,0]
[535,"▲","PPR异径三通","五金材料","联塑/日丰/南亚","DN40转DN32，PN16",10,"只",null,0]
[536,"▲","PPR异径三通","五金材料","联塑/日丰/南亚","DN50转DN40，PN16",10,"只",null,0]
[537,"▲","PPR异径三通","五金材料","联塑/日丰/南亚","DN50转DN32，PN16",10,"只",null,0]
[538,"▲","PPR异径三通","五金材料","联塑/日丰/南亚","DN63转DN50，PN16",10,"只",null,0]
[539,"▲","PPR异径三通","五金材料","联塑/日丰/南亚","DN75转DN65，PN16",6,"只",null,0]
[540,"▲","PPR异径三通","五金材料","联塑/日丰/南亚","DN90转DN75，PN16",6,"只",null,0]
[541,"▲","PPR异径三通","五金材料","联塑/日丰/南亚","DN110转DN90，PN16",6,"只",null,0]
[542,"▲","PPR异径三通","五金材料","联塑/日丰/南亚","DN125转DN110，PN16",4,"只",null,0]
[543,"▲","PPR异径三通","五金材料","联塑/日丰/南亚","DN140转DN125，PN16",4,"只",null,0]
[544,"▲","PPR异径三通","五金材料","联塑/日丰/南亚","DN160转DN140，PN16",4,"只",null,0]
[545,"▲","PPR异径接头","五金材料","联塑/日丰/南亚","DN32转DN20，PN16",7,"只",null,0]
[546,"▲","PPR异径接头","五金材料","联塑/日丰/南亚","DN40转DN32，PN16",7,"只",null,0]
[547,"▲","PPR异径接头","五金材料","联塑/日丰/南亚","DN50转DN40，PN16",7,"只",null,0]
[548,"▲","PPR异径接头","五金材料","联塑/日丰/南亚","DN63转DN50，PN16",7,"只",null,0]
[549,"▲","PPR异径接头","五金材料","联塑/日丰/南亚","DN75转DN63，PN16",7,"只",null,0]
[550,"▲","PPR异径接头","五金材料","联塑/日丰/南亚","DN90转DN75，PN16",5,"只",null,0]
[551,"▲","PPR异径接头","五金材料","联塑/日丰/南亚","DN110转DN90，PN16",5,"只",null,0]
[552,"▲","PPR异径接头","五金材料","联塑/日丰/南亚","DN125转DN110，PN16",4,"只",null,0]
[553,"▲","PPR异径接头","五金材料","联塑/日丰/南亚","DN140转DN125，PN16",4,"只",null,0]
[554,"▲","PPR异径接头","五金材料","联塑/日丰/南亚","DN160转DN140，PN16",4,"只",null,0]
[555,"▲","PPR带法兰接头","五金材料","联塑/日丰/南亚","DN32,PN16",13,"只",null,0]
[556,"▲","PPR带法兰接头","五金材料","联塑/日丰/南亚","DN40,PN16",13,"只",null,0]
[557,"▲","PPR带法兰接头","五金材料","联塑/日丰/南亚","DN50,PN16",13,"只",null,0]
[558,"▲","PPR带法兰接头","五金材料","联塑/日丰/南亚","DN63,PN16",13,"只",null,0]
[559,"▲","PPR带法兰接头","五金材料","联塑/日丰/南亚","DN75,PN16",13,"只",null,0]
[560,"▲","PPR带法兰接头","五金材料","联塑/日丰/南亚","DN90,PN16",13,"只",null,0]
[561,"▲","PPR带法兰接头","五金材料","联塑/日丰/南亚","DN110,PN16",5,"只",null,0]
[562,"▲","PPR带法兰接头","五金材料","联塑/日丰/南亚","DN125,PN16",4,"只",null,0]
[563,"▲","PPR带法兰接头","五金材料","联塑/日丰/南亚","DN140,PN16",4,"只",null,0]
[564,"▲","PPR带法兰接头","五金材料","联塑/日丰/南亚","DN160,PN16",5,"只",null,0]
[565,"▲","PPR单外丝接头","五金材料","联塑/日丰/南亚","DN20,PN16",13,"只",null,0]
[566,"▲","PPR单外丝接头","五金材料","联塑/日丰/南亚","DN25,PN16",13,"只",null,0]
[567,"▲","PPR单外丝接头","五金材料","联塑/日丰/南亚","DN32,PN16",13,"只",null,0]
[568,"▲","PPR单外丝接头","五金材料","联塑/日丰/南亚","DN40,PN16",13,"只",null,0]
[569,"▲","PPR单外丝接头","五金材料","联塑/日丰/南亚","DN50,PN16",13,"只",null,0]
[570,"▲","PPR单外丝接头","五金材料","联塑/日丰/南亚","DN63,PN16",5,"只",null,0]
[571,"▲","PPR单外丝接头","五金材料","联塑/日丰/南亚","DN75,PN16",5,"只",null,0]
[572,"▲","PPR单内丝接头","五金材料","联塑/日丰/南亚","DN20,PN16",13,"只",null,0]
[573,"▲","PPR单内丝接头","五金材料","联塑/日丰/南亚","DN25,PN16",13,"只",null,0]
[574,"▲","PPR单内丝接头","五金材料","联塑/日丰/南亚","DN32,PN16",13,"只",null,0]
[575,"▲","PPR单内丝接头","五金材料","联塑/日丰/南亚","DN40,PN16",13,"只",null,0]
[576,"▲","PPR单内丝接头","五金材料","联塑/日丰/南亚","DN50,PN16",13,"只",null,0]
[577,"▲","PPR单内丝接头","五金材料","联塑/日丰/南亚","DN63,PN16",5,"只",null,0]
[578,"▲","PPR单内丝接头","五金材料","联塑/日丰/南亚","DN75,PN16",5,"只",null,0]
[579,"▲","PPR单外丝90°弯头","五金材料","联塑/日丰/南亚","DN20,PN16",7,"只",null,0]
[580,"▲","PPR单外丝90°弯头","五金材料","联塑/日丰/南亚","DN25,PN16",7,"只",null,0]
[581,"▲","PPR单外丝90°弯头","五金材料","联塑/日丰/南亚","DN32,PN16",7,"只",null,0]
[582,"▲","PPR单外丝90°弯头","五金材料","联塑/日丰/南亚","DN40,PN16",7,"只",null,0]
[583,"▲","PPR单外丝90°弯头","五金材料","联塑/日丰/南亚","DN50,PN16",7,"只",null,0]
[584,"▲","PPR单外丝90°弯头","五金材料","联塑/日丰/南亚","DN63,PN16",5,"只",null,0]
[585,"▲","PPR单外丝90°弯头","五金材料","联塑/日丰/南亚","DN75,PN16",5,"只",null,0]
[586,"▲","PPR单内丝90°弯头","五金材料","联塑/日丰/南亚","DN20,PN16",7,"只",null,0]
[587,"▲","PPR单内丝90°弯头","五金材料","联塑/日丰/南亚","DN25,PN16",7,"只",null,0]
[588,"▲","PPR单内丝90°弯头","五金材料","联塑/日丰/南亚","DN32,PN16",7,"只",null,0]
[589,"▲","PPR单内丝90°弯头","五金材料","联塑/日丰/南亚","DN40,PN16",7,"只",null,0]
[590,"▲","PPR单内丝90°弯头","五金材料","联塑/日丰/南亚","DN50,PN16",7,"只",null,0]
[591,"▲","PPR单内丝90°弯头","五金材料","联塑/日丰/南亚","DN63,PN16",5,"只",null,0]
[592,"▲","PPR单内丝90°弯头","五金材料","联塑/日丰/南亚","DN75,PN16",5,"只",null,0]
[593,"▲","PPR管帽","五金材料","联塑/日丰/南亚","DN32",7,"只",null,0]
[594,"▲","PPR管帽","五金材料","联塑/日丰/南亚","DN40",7,"只",null,0]
[595,"▲","PPR管帽","五金材料","联塑/日丰/南亚","DN50",7,"只",null,0]
[596,"▲","PPR管帽","五金材料","联塑/日丰/南亚","DN63",7,"只",null,0]
[597,"▲","PPR管帽","五金材料","联塑/日丰/南亚","DN75",7,"只",null,0]
[598,"▲","PPR管帽","五金材料","联塑/日丰/南亚","DN90",7,"只",null,0]
[599,"▲","PPR管帽","五金材料","联塑/日丰/南亚","DN110",5,"只",null,0]
[600,"▲","PPR管帽","五金材料","联塑/日丰/南亚","DN125",5,"只",null,0]
[601,"▲","PPR管帽","五金材料","联塑/日丰/南亚","DN140",5,"只",null,0]
[602,"▲","PPR管帽","五金材料","联塑/日丰/南亚","DN160",5,"只",null,0]
[603,"▲","PPR截止阀","五金材料","联塑/日丰/南亚","DN20,PN16",13,"只",null,0]
[604,"▲","PPR截止阀","五金材料","联塑/日丰/南亚","DN25,PN16",13,"只",null,0]
[605,"▲","PPR截止阀","五金材料","联塑/日丰/南亚","DN32,PN16",13,"只",null,0]
[606,"▲","PPR截止阀","五金材料","联塑/日丰/南亚","DN40,PN16",13,"只",null,0]
[607,"▲","PPR截止阀","五金材料","联塑/日丰/南亚","DN50,PN16",7,"只",null,0]
[608,"▲","PPR截止阀","五金材料","联塑/日丰/南亚","DN63,PN16",7,"只",null,0]
[609,"▲","PPR截止阀","五金材料","联塑/日丰/南亚","DN75,PN16",7,"只",null,0]
[610,"▲","PPR截止阀","五金材料","联塑/日丰/南亚","DN90,PN16",5,"只",null,0]
[611,"▲","PPR截止阀","五金材料","联塑/日丰/南亚","DN110,PN16",5,"只",null,0]
[612,"▲","不锈钢防爆上水管","五金材料","九牧/潜水艇/科勒","长度60cm",91,"根",null,0]
[613,"▲","不锈钢防爆上水管","五金材料","九牧/潜水艇/科勒","长度80cm",91,"根",null,0]
[614,"▲","不锈钢防爆上水管","五金材料","九牧/潜水艇/科勒","长度100cm",61,"根",null,0]
[615,"▲","硅酮免垫片红胶","五金材料","卡夫特/硅宝/万达","K-383耐油耐压耐高温",190,"支",null,0]
[616,"▲","螺栓锁固剂","五金材料","乐泰/奥斯邦/金士达","50ml/瓶",8,"瓶",null,0]
[617,"▲","轴承紧固剂","五金材料","乐泰/奥斯邦/金士达","50ml/瓶",8,"瓶",null,0]
[618,"▲","O型圈粘接胶水","五金材料","乐泰/奥斯邦/司达行","20g/瓶",8,"瓶",null,0]
[619,"▲","聚氨酯泡沫填缝剂","五金材料","奥斯邦/纽盾/R&T","750ml(配枪)",17,"套",null,0]
[620,"▲","油漆","五金材料","电视塔/迅彩/诺一美","醇酸磁漆，任意颜色 18kg/桶",62,"桶",null,0]
[621,"▲","油漆","五金材料","电视塔/迅彩/诺一美","醇酸磁漆，任意颜色 3kg/桶",50,"桶",null,0]
[622,"▲","油漆","五金材料","电视塔/迅彩/诺一美","醇酸磁漆，任意颜色 1kg/桶",50,"桶",null,0]
[623,"▲","铁红防锈底漆","五金材料","电视塔/迅彩/诺一美","18kg/桶",50,"桶",null,0]
[624,"▲","铁红防锈底漆","五金材料","电视塔/迅彩/诺一美","3kg/桶",26,"桶",null,0]
[625,"▲","铁红防锈底漆","五金材料","电视塔/迅彩/诺一美","1kg/桶",26,"桶",null,0]
[626,"▲","环氧地坪漆","五金材料","三青/千居美/迅彩","任意颜色 防水耐磨面漆 15L/桶",62,"桶",null,0]
[627,"▲","硬骨架密封","五金材料","UCK/NOK/CFW","轴径10mm",32,"个",null,0]
[628,"▲","硬骨架密封","五金材料","UCK/NOK/CFW","轴径11-20mm",26,"个",null,0]
[629,"▲","硬骨架密封","五金材料","UCK/NOK/CFW","轴径21-30mm",26,"个",null,0]
[630,"▲","硬骨架密封","五金材料","UCK/NOK/CFW","轴径31-40mm",26,"个",null,0]
[631,"▲","硬骨架密封","五金材料","UCK/NOK/CFW","轴径41-55mm",32,"个",null,0]
[632,"▲","硬骨架密封","五金材料","UCK/NOK/CFW","轴径56-70mm",32,"个",null,0]
[633,"▲","硬骨架密封","五金材料","UCK/NOK/CFW","轴径71-85mm",32,"个",null,0]
[634,"▲","硬骨架密封","五金材料","UCK/NOK/CFW","轴径86-100mm",32,"个",null,0]
[635,"▲","硬骨架密封","五金材料","UCK/NOK/CFW","轴径101-125mm",14,"个",null,0]
[636,"▲","硬骨架密封","五金材料","UCK/NOK/CFW","轴径126-150mm",14,"个",null,0]
[877,"▲","UPVC Y型过滤器","五金材料","联塑/日丰/南亚","DN15",19,"只",null,0]
[878,"▲","UPVC Y型过滤器","五金材料","联塑/日丰/南亚","DN25",19,"只",null,0]
[879,"▲","UPVC Y型过滤器","五金材料","联塑/日丰/南亚","DN32",19,"只",null,0]
[880,"▲","UPVC Y型过滤器","五金材料","联塑/日丰/南亚","DN40",19,"只",null,0]
[881,"▲","UPVC Y型过滤器","五金材料","联塑/日丰/南亚","DN50",19,"只",null,0]
[882,"▲","UPVC Y型过滤器","五金材料","联塑/日丰/南亚","DN63",19,"只",null,0]
[883,"▲","UPVC Y型过滤器","五金材料","联塑/日丰/南亚","DN75",19,"只",null,0]
[884,"▲","UPVC Y型过滤器","五金材料","联塑/日丰/南亚","DN90",19,"只",null,0]
[885,"▲","UPVC Y型过滤器","五金材料","联塑/日丰/南亚","DN110",3,"只",null,0]
[886,"▲","UPVC Y型过滤器","五金材料","联塑/日丰/南亚","DN125",3,"只",null,0]
[887,"▲","UPVC Y型过滤器","五金材料","联塑/日丰/南亚","DN140",3,"只",null,0]
[888,"▲","UPVC Y型过滤器","五金材料","联塑/日丰/南亚","DN160",3,"只",null,0]
[637,null,"安全阀/背压阀","五金材料","任意品牌","口径：DN15(1/2)，材质：UPVC，压力等级：1.0Mpa",4,"个",null,0]
[638,null,"槽钢","五金材料","任意品牌","碳钢材质，国标尺寸",1200,"千克",null,0]
[639,null,"工字钢","五金材料","任意品牌","碳钢材质，国标尺寸",360,"千克",null,0]
[640,null,"角钢","五金材料","任意品牌","碳钢材质，国标尺寸",1800,"千克",null,0]
[641,null,"方钢","五金材料","任意品牌","碳钢材质，国标尺寸",360,"千克",null,0]
[642,null,"方通","五金材料","任意品牌","碳钢材质，国标尺寸",600,"千克",null,0]
[643,null,"圆钢","五金材料","任意品牌","碳钢材质，国标尺寸",240,"千克",null,0]
[644,null,"钢板","五金材料","任意品牌","碳钢材质，国标尺寸",1200,"千克",null,0]
[645,null,"扁钢","五金材料","任意品牌","碳钢材质，国标尺寸",120,"千克",null,0]
[646,null,"螺纹钢","五金材料","任意品牌","碳钢材质，国标尺寸",600,"千克",null,0]
[647,null,"碳钢管","五金材料","任意品牌","碳钢材质，国标尺寸",3600,"千克",null,0]
[648,null,"平键料","五金材料","任意品牌","碳钢材质，国标尺寸",12,"千克",null,0]
[649,null,"304不锈钢槽钢","五金材料","任意品牌","国标尺寸",600,"千克",null,0]
[650,null,"304不锈钢工字钢","五金材料","任意品牌","国标尺寸",120,"千克",null,0]
[651,null,"304不锈钢角钢","五金材料","任意品牌","国标尺寸",4800,"千克",null,0]
[652,null,"304不锈钢方钢","五金材料","任意品牌","国标尺寸",360,"千克",null,0]
[653,null,"304不锈钢方通","五金材料","任意品牌","国标尺寸",600,"千克",null,0]
[654,null,"304不锈钢圆钢","五金材料","任意品牌","国标尺寸",720,"千克",null,0]
[655,null,"304不锈钢扁钢","五金材料","任意品牌","国标尺寸",240,"千克",null,0]
[656,null,"304不锈钢板","五金材料","任意品牌","国标尺寸",4800,"千克",null,0]
[657,null,"304不锈钢管","五金材料","任意品牌","国标尺寸",2400,"千克",null,0]
[658,null,"304不锈钢链条","五金材料","任意品牌","国标尺寸",240,"千克",null,0]
[659,null,"304不锈钢格网","五金材料","任意品牌","国标尺寸",240,"千克",null,0]
[660,null,"304不锈钢无轴螺旋","五金材料","任意品牌","螺旋外径320mm；厚度≥20mm，国标尺寸",30,"米",null,0]
[661,null,"304不锈钢无轴螺旋","五金材料","任意品牌","螺旋外径260mm；厚度≥16mm，国标尺寸",30,"米",null,0]
[662,null,"304不锈钢无轴螺旋","五金材料","任意品牌","螺旋外径200mm；厚度≥15mm，国标尺寸",30,"米",null,0]
[663,null,"镀锌角钢","五金材料","任意品牌","碳钢镀锌，国标尺寸",600,"千克",null,0]
[664,null,"镀锌扁钢","五金材料","任意品牌","碳钢镀锌，国标尺寸",120,"千克",null,0]
[665,null,"镀锌方钢","五金材料","任意品牌","碳钢镀锌，国标尺寸",120,"千克",null,0]
[666,null,"镀锌方通","五金材料","任意品牌","碳钢镀锌，国标尺寸",600,"千克",null,0]
[667,null,"镀锌钢管","五金材料","任意品牌","碳钢镀锌，国标尺寸",1200,"千克",null,0]
[668,null,"镀锌链条","五金材料","任意品牌","碳钢镀锌，国标尺寸",60,"千克",null,0]
[669,null,"镀锌格网","五金材料","任意品牌","碳钢镀锌，国标尺寸",60,"千克",null,0]
[670,null,"铜管件","五金材料","任意品牌","国标尺寸",240,"千克",null,0]
[671,null,"304不锈钢管件","五金材料","任意品牌","国标尺寸",240,"千克",null,0]
[672,null,"碳钢镀锌管件","五金材料","任意品牌","国标尺寸",60,"千克",null,0]
[673,null,"花纹碳钢板","五金材料","任意品牌","碳钢材质，1220×2440mm，4mm厚",9,"张",null,0]
[674,null,"花纹铝合金钢板","五金材料","任意品牌","铝合金材质，1220×2440mm，4mm厚",12,"张",null,0]
[675,null,"304不锈钢薄板","五金材料","任意品牌","1220×2440mm,0.8mm厚",4,"张",null,0]
[676,null,"304不锈钢薄板","五金材料","任意品牌","1220×2440mm,1.0mm厚",4,"张",null,0]
[677,null,"304不锈钢薄板","五金材料","任意品牌","1220×2440mm,1.2mm厚",4,"张",null,0]
[678,null,"304不锈钢薄板","五金材料","任意品牌","1220×2440mm,1.4mm厚",4,"张",null,0]
[679,null,"镀锌板","五金材料","任意品牌","1220×2440mm,1mm厚",4,"张",null,0]
[680,null,"镀锌板","五金材料","任意品牌","1220×2440mm,2mm厚",4,"张",null,0]
[681,null,"碳钢焊接法兰","五金材料","任意品牌","DN25，PN10",12,"片",null,0]
[682,null,"碳钢焊接法兰","五金材料","任意品牌","DN32，PN10",12,"片",null,0]
[683,null,"碳钢焊接法兰","五金材料","任意品牌","DN40，PN10",12,"片",null,0]
[684,null,"碳钢焊接法兰","五金材料","任意品牌","DN50，PN10",12,"片",null,0]
[685,null,"碳钢焊接法兰","五金材料","任意品牌","DN65，PN10",12,"片",null,0]
[686,null,"碳钢焊接法兰","五金材料","任意品牌","DN80，PN10",12,"片",null,0]
[687,null,"碳钢焊接法兰","五金材料","任意品牌","DN100，PN10",12,"片",null,0]
[688,null,"碳钢焊接法兰","五金材料","任意品牌","DN125，PN10",12,"片",null,0]
[689,null,"碳钢焊接法兰","五金材料","任意品牌","DN150，PN10",12,"片",null,0]
[690,null,"碳钢焊接法兰","五金材料","任意品牌","DN200，PN10",12,"片",null,0]
[691,null,"碳钢焊接法兰","五金材料","任意品牌","DN250，PN10",12,"片",null,0]
[692,null,"碳钢焊接法兰","五金材料","任意品牌","DN300，PN10",12,"片",null,0]
[693,null,"碳钢焊接法兰","五金材料","任意品牌","DN25，PN16",12,"片",null,0]
[694,null,"碳钢焊接法兰","五金材料","任意品牌","DN32，PN16",12,"片",null,0]
[695,null,"碳钢焊接法兰","五金材料","任意品牌","DN40，PN16",12,"片",null,0]
[696,null,"碳钢焊接法兰","五金材料","任意品牌","DN50，PN16",12,"片",null,0]
[697,null,"碳钢焊接法兰","五金材料","任意品牌","DN65，PN16",12,"片",null,0]
[698,null,"碳钢焊接法兰","五金材料","任意品牌","DN80，PN16",12,"片",null,0]
[699,null,"碳钢焊接法兰","五金材料","任意品牌","DN100，PN16",12,"片",null,0]
[700,null,"碳钢焊接法兰","五金材料","任意品牌","DN125，PN16",12,"片",null,0]
[701,null,"碳钢焊接法兰","五金材料","任意品牌","DN150，PN16",12,"片",null,0]
[702,null,"碳钢焊接法兰","五金材料","任意品牌","DN200，PN16",12,"片",null,0]
[703,null,"碳钢焊接法兰","五金材料","任意品牌","DN250，PN16",12,"片",null,0]
[704,null,"碳钢焊接法兰","五金材料","任意品牌","DN300，PN16",12,"片",null,0]
[705,null,"304不锈钢焊接法兰","五金材料","任意品牌","DN25，PN10",12,"片",null,0]
[706,null,"304不锈钢焊接法兰","五金材料","任意品牌","DN32，PN10",12,"片",null,0]
[707,null,"304不锈钢焊接法兰","五金材料","任意品牌","DN40，PN10",12,"片",null,0]
[708,null,"304不锈钢焊接法兰","五金材料","任意品牌","DN50，PN10",12,"片",null,0]
[709,null,"304不锈钢焊接法兰","五金材料","任意品牌","DN65，PN10",12,"片",null,0]
[710,null,"304不锈钢焊接法兰","五金材料","任意品牌","DN80，PN10",12,"片",null,0]
[711,null,"304不锈钢焊接法兰","五金材料","任意品牌","DN100，PN10",21,"片",null,0]
[712,null,"304不锈钢焊接法兰","五金材料","任意品牌","DN125，PN10",12,"片",null,0]
[713,null,"304不锈钢焊接法兰","五金材料","任意品牌","DN150，PN10",21,"片",null,0]
[714,null,"304不锈钢焊接法兰","五金材料","任意品牌","DN200，PN10",21,"片",null,0]
[715,null,"304不锈钢焊接法兰","五金材料","任意品牌","DN250，PN10",21,"片",null,0]
[716,null,"304不锈钢焊接法兰","五金材料","任意品牌","DN300，PN10",12,"片",null,0]
[717,null,"304不锈钢焊接法兰","五金材料","任意品牌","DN25，PN16",12,"片",null,0]
[718,null,"304不锈钢焊接法兰","五金材料","任意品牌","DN32，PN16",12,"片",null,0]
[719,null,"304不锈钢焊接法兰","五金材料","任意品牌","DN40，PN16",12,"片",null,0]
[720,null,"304不锈钢焊接法兰","五金材料","任意品牌","DN50，PN16",12,"片",null,0]
[721,null,"304不锈钢焊接法兰","五金材料","任意品牌","DN65，PN16",12,"片",null,0]
[722,null,"304不锈钢焊接法兰","五金材料","任意品牌","DN80，PN16",12,"片",null,0]
[723,null,"304不锈钢焊接法兰","五金材料","任意品牌","DN100，PN16",12,"片",null,0]
[724,null,"304不锈钢焊接法兰","五金材料","任意品牌","DN125，PN16",12,"片",null,0]
[725,null,"304不锈钢焊接法兰","五金材料","任意品牌","DN150，PN16",12,"片",null,0]
[726,null,"304不锈钢焊接法兰","五金材料","任意品牌","DN200，PN16",12,"片",null,0]
[727,null,"304不锈钢焊接法兰","五金材料","任意品牌","DN250，PN16",12,"片",null,0]
[728,null,"304不锈钢焊接法兰","五金材料","任意品牌","DN300，PN16",12,"片",null,0]
[729,null,"304不锈钢法兰盲板","五金材料","任意品牌","DN25，PN10",9,"片",null,0]
[730,null,"304不锈钢法兰盲板","五金材料","任意品牌","DN32，PN10",9,"片",null,0]
[731,null,"304不锈钢法兰盲板","五金材料","任意品牌","DN40，PN10",9,"片",null,0]
[732,null,"304不锈钢法兰盲板","五金材料","任意品牌","DN50，PN10",9,"片",null,0]
[733,null,"304不锈钢法兰盲板","五金材料","任意品牌","DN65，PN10",9,"片",null,0]
[734,null,"304不锈钢法兰盲板","五金材料","任意品牌","DN80，PN10",9,"片",null,0]
[735,null,"304不锈钢法兰盲板","五金材料","任意品牌","DN100，PN10",9,"片",null,0]
[736,null,"304不锈钢法兰盲板","五金材料","任意品牌","DN125，PN10",9,"片",null,0]
[737,null,"304不锈钢法兰盲板","五金材料","任意品牌","DN150，PN10",4,"片",null,0]
[738,null,"304不锈钢法兰盲板","五金材料","任意品牌","DN200，PN10",4,"片",null,0]
[739,null,"304不锈钢法兰盲板","五金材料","任意品牌","DN250，PN10",4,"片",null,0]
[740,null,"304不锈钢法兰盲板","五金材料","任意品牌","DN300，PN10",4,"片",null,0]
[741,null,"304不锈钢法兰盲板","五金材料","任意品牌","DN25，PN16",3,"片",null,0]
[742,null,"304不锈钢法兰盲板","五金材料","任意品牌","DN32，PN16",3,"片",null,0]
[743,null,"304不锈钢法兰盲板","五金材料","任意品牌","DN40，PN16",3,"片",null,0]
[744,null,"304不锈钢法兰盲板","五金材料","任意品牌","DN50，PN16",3,"片",null,0]
[745,null,"304不锈钢法兰盲板","五金材料","任意品牌","DN65，PN16",3,"片",null,0]
[746,null,"304不锈钢法兰盲板","五金材料","任意品牌","DN80，PN16",3,"片",null,0]
[747,null,"304不锈钢法兰盲板","五金材料","任意品牌","DN100，PN16",3,"片",null,0]
[748,null,"304不锈钢法兰盲板","五金材料","任意品牌","DN125，PN16",3,"片",null,0]
[749,null,"304不锈钢法兰盲板","五金材料","任意品牌","DN150，PN16",3,"片",null,0]
[750,null,"304不锈钢法兰盲板","五金材料","任意品牌","DN200，PN16",3,"片",null,0]
[751,null,"304不锈钢法兰盲板","五金材料","任意品牌","DN250，PN16",3,"片",null,0]
[752,null,"304不锈钢法兰盲板","五金材料","任意品牌","DN300，PN16",2,"片",null,0]
[753,null,"304不锈钢波纹伸缩接头","五金材料","任意品牌","DN100，PN10",4,"只",null,0]
[754,null,"304不锈钢波纹伸缩接头","五金材料","任意品牌","DN125，PN10",4,"只",null,0]
[755,null,"304不锈钢波纹伸缩接头","五金材料","任意品牌","DN150，PN10",6,"只",null,0]
[756,null,"304不锈钢波纹伸缩接头","五金材料","任意品牌","DN200，PN10",6,"只",null,0]
[757,null,"304不锈钢波纹伸缩接头","五金材料","任意品牌","DN250，PN10",6,"只",null,0]
[758,null,"304不锈钢波纹伸缩接头","五金材料","任意品牌","DN300，PN10",5,"只",null,0]
[759,null,"304不锈钢法兰橡胶软接头","五金材料","任意品牌","DN100，PN16，        耐酸碱、高温",4,"只",null,0]
[760,null,"304不锈钢法兰橡胶软接头","五金材料","任意品牌","DN125，PN16，        耐酸碱、高温",4,"只",null,0]
[761,null,"304不锈钢法兰橡胶软接头","五金材料","任意品牌","DN150，PN16，        耐酸碱、高温",4,"只",null,0]
[762,null,"304不锈钢法兰橡胶软接头","五金材料","任意品牌","DN200，PN16，        耐酸碱、高温",4,"只",null,0]
[763,null,"304不锈钢法兰橡胶软接头","五金材料","任意品牌","DN250，PN16，        耐酸碱、高温",4,"只",null,0]
[764,null,"304不锈钢法兰橡胶软接头","五金材料","任意品牌","DN300，PN16，        耐酸碱、高温",3,"只",null,0]
[765,null,"304不锈钢金属缠绕石墨垫片","五金材料","任意品牌","DN100",6,"片",null,0]
[766,null,"304不锈钢金属缠绕石墨垫片","五金材料","任意品牌","DN125",6,"片",null,0]
[767,null,"304不锈钢金属缠绕石墨垫片","五金材料","任意品牌","DN150",6,"片",null,0]
[768,null,"304不锈钢金属缠绕石墨垫片","五金材料","任意品牌","DN200",6,"片",null,0]
[769,null,"304不锈钢金属缠绕石墨垫片","五金材料","任意品牌","DN250",6,"片",null,0]
[770,null,"304不锈钢金属缠绕石墨垫片","五金材料","任意品牌","DN300",6,"片",null,0]
[771,null,"304不锈钢金属缠绕石墨垫片","五金材料","任意品牌","DN350",6,"片",null,0]
[772,null,"304不锈钢金属缠绕石墨垫片","五金材料","任意品牌","DN400",6,"片",null,0]
[773,null,"304不锈钢金属缠绕石墨垫片","五金材料","任意品牌","DN450",4,"片",null,0]
[774,null,"304不锈钢金属缠绕石墨垫片","五金材料","任意品牌","DN500",4,"片",null,0]
[775,null,"304不锈钢金属缠绕石墨垫片","五金材料","任意品牌","DN600",4,"片",null,0]
[776,null,"碳钢外六角螺栓","五金材料","任意品牌","国标尺寸",62,"千克",null,0]
[777,null,"碳钢发黑内六角螺栓","五金材料","任意品牌","国标尺寸",26,"千克",null,0]
[778,null,"碳钢螺母","五金材料","任意品牌","国标尺寸",20,"千克",null,0]
[779,null,"碳钢弹垫","五金材料","任意品牌","国标尺寸",5,"千克",null,0]
[780,null,"碳钢平垫","五金材料","任意品牌","国标尺寸",6,"千克",null,0]
[781,null,"304不锈钢外六角螺栓","五金材料","任意品牌","国标尺寸",242,"千克",null,0]
[782,null,"304不锈钢内六角螺栓","五金材料","任意品牌","国标尺寸",122,"千克",null,0]
[783,null,"304不锈钢丝杆","五金材料","任意品牌","国标尺寸",62,"千克",null,0]
[784,null,"304不锈钢螺母","五金材料","任意品牌","国标尺寸",38,"千克",null,0]
[785,null,"304不锈钢弹垫","五金材料","任意品牌","国标尺寸",14,"千克",null,0]
[786,null,"304不锈钢平垫","五金材料","任意品牌","国标尺寸",14,"千克",null,0]
[787,null,"碳钢镀锌外六角螺栓","五金材料","任意品牌","国标尺寸",62,"千克",null,0]
[788,null,"碳钢镀锌内六角螺栓","五金材料","任意品牌","国标尺寸",38,"千克",null,0]
[789,null,"碳钢镀锌丝杆","五金材料","任意品牌","国标尺寸",26,"千克",null,0]
[790,null,"碳钢镀锌螺母","五金材料","任意品牌","国标尺寸",11,"千克",null,0]
[791,null,"碳钢镀锌弹垫","五金材料","任意品牌","国标尺寸",6,"千克",null,0]
[792,null,"碳钢镀锌平垫","五金材料","任意品牌","国标尺寸",6,"千克",null,0]
[793,null,"304不锈钢螺钉","五金材料","任意品牌","国标尺寸",26,"千克",null,0]
[794,null,"碳钢螺钉","五金材料","任意品牌","国标尺寸",14,"千克",null,0]
[795,null,"碳钢镀锌螺钉","五金材料","任意品牌","国标尺寸",14,"千克",null,0]
[796,null,"304不锈钢膨胀螺栓","五金材料","任意品牌","国标尺寸",182,"千克",null,0]
[797,null,"304不锈钢膨胀弯钩螺栓","五金材料","任意品牌","国标尺寸",26,"千克",null,0]
[798,null,"碳钢镀锌膨胀螺栓","五金材料","任意品牌","国标尺寸",26,"千克",null,0]
[799,null,"304不锈钢吊环螺栓","五金材料","任意品牌","国标尺寸",14,"千克",null,0]
[800,null,"304不锈钢吊环螺母","五金材料","任意品牌","国标尺寸",14,"千克",null,0]
[801,null,"304不锈钢花篮螺栓","五金材料","任意品牌","国标尺寸",26,"千克",null,0]
[802,null,"碳钢镀锌花篮螺栓","五金材料","任意品牌","国标尺寸",14,"千克",null,0]
[803,null,"304不锈钢U型卸扣","五金材料","任意品牌","国标尺寸",38,"千克",null,0]
[804,null,"碳钢镀锌U型卸扣","五金材料","任意品牌","国标尺寸",14,"千克",null,0]
[805,null,"304不锈钢钢丝绳锁扣","五金材料","任意品牌","国标尺寸",14,"千克",null,0]
[806,null,"碳钢镀锌钢丝绳锁扣","五金材料","任意品牌","国标尺寸",14,"千克",null,0]
[807,null,"镀锌铁丝","五金材料","任意品牌","国标尺寸",14,"千克",null,0]
[808,null,"铁丝","五金材料","任意品牌","国标尺寸",14,"千克",null,0]
[809,null,"不锈钢氩弧焊丝","五金材料","任意品牌","国标尺寸",26,"千克",null,0]
[810,null,"304不锈钢喉箍","五金材料","任意品牌","14-51mm",50,"个",null,0]
[811,null,"304不锈钢喉箍","五金材料","任意品牌","46-95mm",38,"个",null,0]
[812,null,"304不锈钢喉箍","五金材料","任意品牌","84-140mm",38,"个",null,0]
[813,null,"304不锈钢喉箍","五金材料","任意品牌","130-178mm",38,"个",null,0]
[814,null,"304不锈钢喉箍","五金材料","任意品牌","160-245mm",26,"个",null,0]
[815,null,"304不锈钢喉箍","五金材料","任意品牌","230-340mm",26,"个",null,0]
[816,null,"铆钉","五金材料","任意品牌","M2.4×10，1000枚/盒",7,"盒",null,0]
[817,null,"铆钉","五金材料","任意品牌","M3.2×20，1000枚/盒",7,"盒",null,0]
[818,null,"铆钉","五金材料","任意品牌","M4×25，500枚/盒",7,"盒",null,0]
[819,null,"铆钉","五金材料","任意品牌","M5×30，400枚/盒",7,"盒",null,0]
[820,null,"紫铜棒","五金材料","任意品牌","任意尺寸",38,"千克",null,0]
[821,null,"紫铜板","五金材料","任意品牌","任意尺寸",20,"千克",null,0]
[822,null,"紫铜箔","五金材料","任意品牌","厚度0.01-1mm长、宽任意尺寸",14,"千克",null,0]
[823,null,"黄铜棒","五金材料","任意品牌","任意尺寸",20,"千克",null,0]
[824,null,"黄铜板","五金材料","任意品牌","任意尺寸",14,"千克",null,0]
[825,null,"尼龙棒材","五金材料","任意品牌","任意尺寸",20,"千克",null,0]
[826,null,"尼龙板材","五金材料","任意品牌","任意尺寸",74,"千克",null,0]
[827,null,"聚四氟乙烯棒材","五金材料","任意品牌","任意尺寸",14,"千克",null,0]
[828,null,"绝缘橡胶垫","五金材料","任意品牌","10KV，5mm厚，1米宽，绿色，防滑，5米/卷,",48,"卷",null,0]
[829,null,"石棉盘根","五金材料","任意品牌","任意尺寸",6,"千克",null,0]
[830,null,"聚四氟乙烯盘根","五金材料","任意品牌","任意尺寸",6,"千克",null,0]
[831,null,"304不锈钢钢丝绳","五金材料","任意品牌","直径2mm",120,"米",null,0]
[832,null,"304不锈钢钢丝绳","五金材料","任意品牌","直径3mm",120,"米",null,0]
[833,null,"304不锈钢钢丝绳","五金材料","任意品牌","直径4mm",120,"米",null,0]
[834,null,"304不锈钢钢丝绳","五金材料","任意品牌","直径5mm",120,"米",null,0]
[835,null,"304不锈钢钢丝绳","五金材料","任意品牌","直径6mm",120,"米",null,0]
[836,null,"304不锈钢钢丝绳","五金材料","任意品牌","直径8mm",120,"米",null,0]
[837,null,"304不锈钢钢丝绳","五金材料","任意品牌","直径10mm",180,"米",null,0]
[838,null,"304不锈钢钢丝绳","五金材料","任意品牌","直径12mm",300,"米",null,0]
[839,null,"304不锈钢钢丝绳","五金材料","任意品牌","直径14mm",60,"米",null,0]
[840,null,"304不锈钢钢丝绳","五金材料","任意品牌","直径16mm",30,"米",null,0]
[841,null,"304不锈钢钢丝绳","五金材料","任意品牌","直径20mm",12,"米",null,0]
[842,null,"镀锌钢丝绳","五金材料","任意品牌","直径3mm",90,"米",null,0]
[843,null,"镀锌钢丝绳","五金材料","任意品牌","直径4mm",90,"米",null,0]
[844,null,"镀锌钢丝绳","五金材料","任意品牌","直径5mm",90,"米",null,0]
[845,null,"镀锌钢丝绳","五金材料","任意品牌","直径6mm",90,"米",null,0]
[846,null,"镀锌钢丝绳","五金材料","任意品牌","直径8mm",90,"米",null,0]
[847,null,"镀锌钢丝绳","五金材料","任意品牌","直径10mm",120,"米",null,0]
[848,null,"镀锌钢丝绳","五金材料","任意品牌","直径12mm",120,"米",null,0]
[849,null,"镀锌钢丝绳","五金材料","任意品牌","直径14mm",30,"米",null,0]
[850,null,"镀锌钢丝绳","五金材料","任意品牌","直径16mm",30,"米",null,0]
[851,null,"镀锌钢丝绳","五金材料","任意品牌","直径20mm",18,"米",null,0]
[852,null,"UPVC给水管60°弯头","五金材料","联塑/日丰/南亚","DN20,PN16",6,"只",null,0]
[853,null,"UPVC给水管60°弯头","五金材料","联塑/日丰/南亚","DN25,PN16",6,"只",null,0]
[854,null,"UPVC给水管60°弯头","五金材料","联塑/日丰/南亚","DN32,PN16",6,"只",null,0]
[855,null,"UPVC给水管60°弯头","五金材料","联塑/日丰/南亚","DN40,PN16",5,"只",null,0]
[856,null,"UPVC给水管60°弯头","五金材料","联塑/日丰/南亚","DN50,PN16",5,"只",null,0]
[857,null,"UPVC给水管60°弯头","五金材料","联塑/日丰/南亚","DN63,PN16",5,"只",null,0]
[858,null,"UPVC给水管60°弯头","五金材料","联塑/日丰/南亚","DN75,PN16",3,"只",null,0]
[859,null,"UPVC给水管60°弯头","五金材料","联塑/日丰/南亚","DN90,PN16",3,"只",null,0]
[860,null,"UPVC球式止回阀","五金材料","任意品牌","DN20,PN16",24,"只",null,0]
[861,null,"UPVC球式止回阀","五金材料","任意品牌","DN25,PN16",24,"只",null,0]
[862,null,"UPVC球式止回阀","五金材料","任意品牌","DN32,PN16",24,"只",null,0]
[863,null,"UPVC球式止回阀","五金材料","任意品牌","DN40,PN16",24,"只",null,0]
[864,null,"UPVC球式止回阀","五金材料","任意品牌","DN50,PN16",24,"只",null,0]
[865,null,"UPVC球式止回阀","五金材料","任意品牌","DN63,PN16",15,"只",null,0]
[866,null,"UPVC背压阀","五金材料","任意品牌","活接头粘接DN15 PN16",7,"个",null,0]
[867,null,"UPVC背压阀","五金材料","任意品牌","活接头粘接DN20 PN16",7,"个",null,0]
[868,null,"UPVC背压阀","五金材料","任意品牌","活接头粘接DN25 PN16",7,"个",null,0]
[869,null,"UPVC背压阀","五金材料","任意品牌","活接头粘接DN32 PN16",7,"个",null,0]
[870,null,"UPVC背压阀","五金材料","任意品牌","活接头粘接DN40 PN16",7,"个",null,0]
[871,null,"UPVC背压阀","五金材料","任意品牌","活接头粘接DN50 PN16",7,"个",null,0]
[872,null,"UPVC背压阀","五金材料","任意品牌","活接头粘接DN63 PN16",7,"个",null,0]
[873,null,"安全阀","五金材料","任意品牌","A28W-16T,DN25(1.0-1.3)  整定1.05Mpa",4,"个",null,0]
[874,null,"水龙头","五金材料","任意品牌","4分/6分",37,"只",null,0]
[875,null,"台上盆单冷龙头","五金材料","任意品牌","单冷",37,"只",null,0]
[876,null,"台上盆冷热龙头","五金材料","任意品牌","冷热",37,"只",null,0]
[889,null,"UPVC管码","五金材料","任意品牌","DN20",50,"只",null,0]
[890,null,"UPVC管码","五金材料","任意品牌","DN25",360,"只",null,0]
[891,null,"UPVC管码","五金材料","任意品牌","DN32",240,"只",null,0]
[892,null,"UPVC管码","五金材料","任意品牌","DN40",240,"只",null,0]
[893,null,"UPVC管码","五金材料","任意品牌","DN50",240,"只",null,0]
[894,null,"UPVC管码","五金材料","任意品牌","DN20",240,"只",null,0]
[895,null,"塑料管转子流量计","五金材料","任意品牌","最大量程60L/h",4,"只",null,0]
[896,null,"塑料管转子流量计","五金材料","任意品牌","最大量程100L/h",4,"只",null,0]
[897,null,"塑料管转子流量计","五金材料","任意品牌","最大量程160L/h",4,"只",null,0]
[898,null,"塑料管转子流量计","五金材料","任意品牌","最大量程250L/h",4,"只",null,0]
[899,null,"塑料管转子流量计","五金材料","任意品牌","最大量程400L/h",4,"只",null,0]
[900,null,"塑料管转子流量计","五金材料","任意品牌","最大量程600L/h",4,"只",null,0]
[901,null,"塑料管转子流量计","五金材料","任意品牌","最大量程1000L/h",4,"只",null,0]
[902,null,"塑料管转子流量计","五金材料","任意品牌","最大量程1600L/h",2,"只",null,0]
[903,null,"塑料管转子流量计","五金材料","任意品牌","最大量程2500L/h",2,"只",null,0]
[904,null,"塑料管转子流量计","五金材料","任意品牌","最大量程3000L/h",2,"只",null,0]
[905,null,"304不锈钢U型管卡","五金材料","任意品牌","M4×22",42,"只",null,0]
[906,null,"304不锈钢U型管卡","五金材料","任意品牌","M4×27",42,"只",null,0]
[907,null,"304不锈钢U型管卡","五金材料","任意品牌","M5×34",42,"只",null,0]
[908,null,"304不锈钢U型管卡","五金材料","任意品牌","M5×42",42,"只",null,0]
[909,null,"304不锈钢U型管卡","五金材料","任意品牌","M6×51",42,"只",null,0]
[910,null,"304不锈钢U型管卡","五金材料","任意品牌","M6×60",42,"只",null,0]
[911,null,"304不锈钢U型管卡","五金材料","任意品牌","M8×76",42,"只",null,0]
[912,null,"304不锈钢U型管卡","五金材料","任意品牌","M8×90",42,"只",null,0]
[913,null,"304不锈钢U型管卡","五金材料","任意品牌","M10×114",42,"只",null,0]
[914,null,"304不锈钢U型管卡","五金材料","任意品牌","M10×135",42,"只",null,0]
[915,null,"304不锈钢U型管卡","五金材料","任意品牌","M10×161",42,"只",null,0]
[916,null,"304不锈钢U型管卡","五金材料","任意品牌","M12×220",24,"只",null,0]
[917,null,"304不锈钢U型管卡","五金材料","任意品牌","M12×275",24,"只",null,0]
[918,null,"304不锈钢U型管卡","五金材料","任意品牌","M12×328",24,"只",null,0]
[919,null,"304不锈钢骑马卡管夹","五金材料","任意品牌","M16，加厚",30,"只",null,0]
[920,null,"304不锈钢骑马卡管夹","五金材料","任意品牌","M18，加厚",30,"只",null,0]
[921,null,"304不锈钢骑马卡管夹","五金材料","任意品牌","M20，加厚",30,"只",null,0]
[922,null,"304不锈钢骑马卡管夹","五金材料","任意品牌","M25，加厚",30,"只",null,0]
[923,null,"304不锈钢骑马卡管夹","五金材料","任意品牌","M32，加厚",30,"只",null,0]
[924,null,"304不锈钢骑马卡管夹","五金材料","任意品牌","M35，加厚",30,"只",null,0]
[925,null,"304不锈钢骑马卡管夹","五金材料","任意品牌","M40，加厚",30,"只",null,0]
[926,null,"304不锈钢骑马卡管夹","五金材料","任意品牌","M50，加厚",30,"只",null,0]
[927,null,"304不锈钢骑马卡管夹","五金材料","任意品牌","M57，加厚",18,"只",null,0]
[928,null,"304不锈钢骑马卡管夹","五金材料","任意品牌","M63，加厚",18,"只",null,0]
[929,null,"304不锈钢骑马卡管夹","五金材料","任意品牌","M76，加厚",18,"只",null,0]
[930,null,"304不锈钢骑马卡管夹","五金材料","任意品牌","M90，加厚",18,"只",null,0]
[931,null,"哈夫节","五金材料","任意品牌","DN20，铸铁材质",6,"只",null,0]
[932,null,"哈夫节","五金材料","任意品牌","DN25，铸铁材质",6,"只",null,0]
[933,null,"哈夫节","五金材料","任意品牌","DN32，铸铁材质",6,"只",null,0]
[934,null,"哈夫节","五金材料","任意品牌","DN40，铸铁材质",6,"只",null,0]
[935,null,"哈夫节","五金材料","任意品牌","DN50，铸铁材质",6,"只",null,0]
[936,null,"哈夫节","五金材料","任意品牌","DN65，铸铁材质",6,"只",null,0]
[937,null,"哈夫节","五金材料","任意品牌","DN80，铸铁材质",6,"只",null,0]
[938,null,"哈夫节","五金材料","任意品牌","DN100，铸铁材质",6,"只",null,0]
[939,null,"哈夫节","五金材料","任意品牌","DN125，铸铁材质",6,"只",null,0]
[940,null,"哈夫节","五金材料","任意品牌","DN150，铸铁材质",6,"只",null,0]
[941,null,"哈夫节","五金材料","任意品牌","DN200，铸铁材质",6,"只",null,0]
[942,null,"哈夫节","五金材料","任意品牌","DN250，铸铁材质",6,"只",null,0]
[943,null,"哈夫节","五金材料","任意品牌","DN300，铸铁材质",6,"只",null,0]
[944,null,"PVC阻燃线槽","五金材料","任意品牌","20mmX10mmX4000mm",60,"条",null,0]
[945,null,"PVC阻燃线槽","五金材料","任意品牌","30mmX15mmX4000mm",36,"条",null,0]
[946,null,"PVC阻燃线槽","五金材料","任意品牌","50mmX25mmX4000mm",24,"条",null,0]
[947,null,"PVC阻燃线槽","五金材料","任意品牌","39mmX19mmX4000mm",30,"条",null,0]
[948,null,"PVC阻燃线管","五金材料","任意品牌","DN20，4米/根",30,"根",null,0]
[949,null,"PVC阻燃线管","五金材料","任意品牌","DN25，4米/根",30,"根",null,0]
[950,null,"PVC阻燃线管","五金材料","任意品牌","DN32，4米/根",18,"根",null,0]
[951,null,"PVC阻燃线管","五金材料","任意品牌","DN40，4米/根",18,"根",null,0]
[952,null,"PVC阻燃波纹管","五金材料","任意品牌","内径12mm，50米/卷，任意颜色",12,"卷",null,0]
[953,null,"PVC阻燃波纹管","五金材料","任意品牌","内径16mm，50米/卷，任意颜色",12,"卷",null,0]
[954,null,"PVC阻燃波纹管","五金材料","任意品牌","内径20mm，50米/卷，任意颜色",12,"卷",null,0]
[955,null,"PVC阻燃波纹管","五金材料","任意品牌","内径25mm，50米/卷，任意颜色",18,"卷",null,0]
[956,null,"PVC阻燃波纹管","五金材料","任意品牌","内径32mm，30米/卷，任意颜色",18,"卷",null,0]
[957,null,"PVC阻燃波纹管","五金材料","任意品牌","内径40mm，25米/卷，任意颜色",12,"卷",null,0]
[958,null,"PVC阻燃波纹管","五金材料","任意品牌","内径50mm，15米/卷，任意颜色",6,"卷",null,0]
[959,null,"PVC阻燃线管盒","五金材料","任意品牌","明装 86mmX86mm",180,"个",null,0]
[960,null,"PVC阻燃线管三通","五金材料","任意品牌","DN20",120,"个",null,0]
[961,null,"PVC阻燃线管三通","五金材料","任意品牌","DN25",120,"个",null,0]
[962,null,"PVC阻燃线管三通","五金材料","任意品牌","DN32",120,"个",null,0]
[963,null,"PVC阻燃线管三通","五金材料","任意品牌","DN40",120,"个",null,0]
[964,null,"PVC阻燃线管90°弯头","五金材料","任意品牌","DN20",120,"个",null,0]
[965,null,"PVC阻燃线管90°弯头","五金材料","任意品牌","DN25",120,"个",null,0]
[966,null,"PVC阻燃线管90°弯头","五金材料","任意品牌","DN32",120,"个",null,0]
[967,null,"PVC阻燃线管90°弯头","五金材料","任意品牌","DN40",120,"个",null,0]
[968,null,"PVC阻燃线管45°弯头","五金材料","任意品牌","DN20",48,"个",null,0]
[969,null,"PVC阻燃线管45°弯头","五金材料","任意品牌","DN25",48,"个",null,0]
[970,null,"PVC阻燃线管45°弯头","五金材料","任意品牌","DN32",48,"个",null,0]
[971,null,"PVC阻燃线管45°弯头","五金材料","任意品牌","DN40",48,"个",null,0]
[972,null,"PVC阻燃线管直接","五金材料","任意品牌","DN20",90,"个",null,0]
[973,null,"PVC阻燃线管直接","五金材料","任意品牌","DN25",90,"个",null,0]
[974,null,"PVC阻燃线管直接","五金材料","任意品牌","DN32",90,"个",null,0]
[975,null,"PVC阻燃线管直接","五金材料","任意品牌","DN40",90,"个",null,0]
[976,null,"涂塑水带","五金材料","任意品牌","1寸，壁厚2-3mm，20米/卷，耐磨",17,"卷",null,0]
[977,null,"涂塑水带","五金材料","任意品牌","2寸，壁厚2-3mm，20米/卷，耐磨",23,"卷",null,0]
[978,null,"涂塑水带","五金材料","任意品牌","3寸，壁厚2-3mm，20米/卷，耐磨",23,"卷",null,0]
[979,null,"涂塑水带","五金材料","任意品牌","4寸，壁厚2-3mm，20米/卷，耐磨",32,"卷",null,0]
[980,null,"涂塑水带","五金材料","任意品牌","6寸，壁厚2-3mm，20米/卷，耐磨",44,"卷",null,0]
[981,null,"涂塑水带","五金材料","任意品牌","8寸，壁厚2-3mm，20米/卷，耐磨",7,"卷",null,0]
[982,null,"涂塑水带加厚铝接头","五金材料","任意品牌","1寸",50,"套",null,0]
[983,null,"涂塑水带加厚铝接头","五金材料","任意品牌","2寸",50,"套",null,0]
[984,null,"涂塑水带加厚铝接头","五金材料","任意品牌","3寸",50,"套",null,0]
[985,null,"涂塑水带加厚铝接头","五金材料","任意品牌","4寸",44,"套",null,0]
[986,null,"涂塑水带加厚铝接头","五金材料","任意品牌","6寸",38,"套",null,0]
[987,null,"涂塑水带加厚铝接头","五金材料","任意品牌","8寸",14,"套",null,0]
[988,null,"304不锈钢卡扣式快速接头","五金材料","任意品牌","DN50",62,"套",null,0]
[989,null,"304不锈钢卡扣式快速接头","五金材料","任意品牌","DN65",62,"套",null,0]
[990,null,"304不锈钢卡扣式快速接头","五金材料","任意品牌","DN80",62,"套",null,0]
[991,null,"304不锈钢卡扣式快速接头","五金材料","任意品牌","DN100",62,"套",null,0]
[992,null,"304不锈钢卡扣式快速接头","五金材料","任意品牌","DN150",32,"套",null,0]
[993,null,"PVC透明钢丝软管","五金材料","任意品牌","内径25mm，厚3.5mm",101,"米",null,0]
[994,null,"PVC透明钢丝软管","五金材料","任意品牌","内径32mm，厚4mm",185,"米",null,0]
[995,null,"PVC透明钢丝软管","五金材料","任意品牌","内径40mm，厚3.5mm",95,"米",null,0]
[996,null,"PVC透明钢丝软管","五金材料","任意品牌","内径50mm，厚5mm",95,"米",null,0]
[997,null,"PVC透明钢丝软管","五金材料","任意品牌","内径64mm，厚4.5mm",53,"米",null,0]
[998,null,"PVC透明钢丝软管","五金材料","任意品牌","内径75mm，厚4.5mm",47,"米",null,0]
[999,null,"PVC透明钢丝软管","五金材料","任意品牌","内径110mm，厚5.5mm",83,"米",null,0]
[1000,null,"PVC透明钢丝软管","五金材料","任意品牌","内径127mm，厚6.5mm",18,"米",null,0]
[1001,null,"PVC透明钢丝软管","五金材料","任意品牌","内径160mm，厚7mm",18,"米",null,0]
[1002,null,"纤维增强软管","五金材料","任意品牌","4分",180,"米",null,0]
[1003,null,"纤维增强软管","五金材料","任意品牌","6分",240,"米",null,0]
[1004,null,"纤维增强软管","五金材料","任意品牌","1寸",240,"米",null,0]
[1005,null,"纤维增强软管","五金材料","任意品牌","1.2寸",60,"米",null,0]
[1006,null,"纤维增强软管","五金材料","任意品牌","1.5寸",30,"米",null,0]
[1007,null,"PU气管","五金材料","任意品牌","外径6mm、内径4mm",90,"米",null,0]
[1008,null,"PU气管","五金材料","任意品牌","外径8mm、内径5mm",90,"米",null,0]
[1009,null,"PU气管","五金材料","任意品牌","外径10mm、内径6.5mm",90,"米",null,0]
[1010,null,"PU气管","五金材料","任意品牌","外径12mm、内径8mm",180,"米",null,0]
[1011,null,"PU气管","五金材料","任意品牌","外径14mm、内径10mm",180,"米",null,0]
[1012,null,"PU气管","五金材料","任意品牌","外径16mm、内径12mm",180,"米",null,0]
[1013,null,"气管直通二口接头","五金材料","任意品牌","PU6-6   10只/包",3,"包",null,0]
[1014,null,"气管直通二口接头","五金材料","任意品牌","PU8-8   10只/包",3,"包",null,0]
[1015,null,"气管直通二口接头","五金材料","任意品牌","PU10-10   10只/包",3,"包",null,0]
[1016,null,"气管直通二口接头","五金材料","任意品牌","PU12-12   10只/包",3,"包",null,0]
[1017,null,"气管直通二口接头","五金材料","任意品牌","PU14-14   10只/包",3,"包",null,0]
[1018,null,"气管直通二口接头","五金材料","任意品牌","PU16-16  10只/包",3,"包",null,0]
[1019,null,"气管直通三口       T型接头","五金材料","任意品牌","PU6-6   10只/包",5,"包",null,0]
[1020,null,"气管直通三口       T型接头","五金材料","任意品牌","PU8-8   10只/包",5,"包",null,0]
[1021,null,"气管直通三口       T型接头","五金材料","任意品牌","PU10-10   10只/包",5,"包",null,0]
[1022,null,"气管直通三口       T型接头","五金材料","任意品牌","PU12-12   10只/包",5,"包",null,0]
[1023,null,"气管直通三口       T型接头","五金材料","任意品牌","PU14-14   10只/包",5,"包",null,0]
[1024,null,"气管直通三口       T型接头","五金材料","任意品牌","PU16-16  10只/包",5,"包",null,0]
[1025,null,"气管自锁快速接头","五金材料","任意品牌","公母头，接内径8mmPU气管",12,"对",null,0]
[1026,null,"气管自锁快速接头","五金材料","任意品牌","公母头，接内径10mmPU气管",12,"对",null,0]
[1027,null,"气管自锁快速接头","五金材料","任意品牌","公母头，接内径12mmPU气管",12,"对",null,0]
[1028,null,"加厚黄蜡管","五金材料","任意品牌","管径3mm，100米/卷",3,"卷",null,0]
[1029,null,"加厚黄蜡管","五金材料","任意品牌","管径5mm，100米/卷",3,"卷",null,0]
[1030,null,"加厚黄蜡管","五金材料","任意品牌","管径6mm，100米/卷",3,"卷",null,0]
[1031,null,"加厚黄蜡管","五金材料","任意品牌","管径8mm，100米/卷",3,"卷",null,0]
[1032,null,"加厚黄蜡管","五金材料","任意品牌","管径10mm，100米/卷",3,"卷",null,0]
[1033,null,"加厚黄蜡管","五金材料","任意品牌","管径12mm，50米/卷",3,"卷",null,0]
[1034,null,"加厚黄蜡管","五金材料","任意品牌","管径14mm，50米/卷",3,"卷",null,0]
[1035,null,"加厚黄蜡管","五金材料","任意品牌","管径16mm，50米/卷",3,"卷",null,0]
[1036,null,"加厚黄蜡管","五金材料","任意品牌","管径18mm，50米/卷",3,"卷",null,0]
[1037,null,"加厚黄蜡管","五金材料","任意品牌","管径20mm，50米/卷",3,"卷",null,0]
[1038,null,"加厚黄蜡管","五金材料","任意品牌","管径25mm，20米/卷",2,"卷",null,0]
[1039,null,"加厚黄蜡管","五金材料","任意品牌","管径30mm，20米/卷",2,"卷",null,0]
[1040,null,"加厚黄蜡管","五金材料","任意品牌","管径40mm，20米/卷",2,"卷",null,0]
[1041,null,"玻璃胶","五金材料","任意品牌","300ml/支，任意颜色",60,"支",null,0]
[1042,null,"中性硅酮幕墙结构胶","五金材料","任意品牌","室外使用寿命30年",30,"支",null,0]
[1043,null,"AB胶","五金材料","任意品牌","20g/组",120,"组",null,0]
[1044,null,"铸铁金属修补剂","五金材料","任意品牌","双组分，1kg/组，铸铁件修复",5,"组",null,0]
[1045,null,"不锈钢金属修补剂","五金材料","任意品牌","双组分，1kg/组，304不锈钢件修复",5,"组",null,0]
[1046,null,"502胶水","五金材料","任意品牌","快干",60,"支",null,0]
[1047,null,"UPVC给水管胶水","五金材料","任意品牌","500ml/瓶",36,"瓶",null,0]
[1048,null,"UPVC给水管胶水","五金材料","任意品牌","100ml/瓶",36,"瓶",null,0]
[1049,null,"UPVC排水管胶水","五金材料","任意品牌","500ml/瓶",36,"瓶",null,0]
[1050,null,"UPVC排水管胶水","五金材料","任意品牌","100ml/瓶",36,"瓶",null,0]
[1051,null,"UPVC工业管胶水","五金材料","任意品牌","473ml/瓶",18,"瓶",null,0]
[1052,null,"免钉胶","五金材料","任意品牌","12g/支",60,"支",null,0]
[1053,null,"WD-40 除锈剂","五金材料","任意品牌","400ml/瓶",120,"瓶",null,0]
[1054,null,"丙烯酸地坪漆","五金材料","任意品牌","任意颜色，11kg/桶",30,"桶",null,0]
[1055,null,"自动喷漆","五金材料","任意品牌","任意颜色，400ml/瓶",180,"瓶",null,0]
[1056,null,"油漆稀释剂","五金材料","任意品牌","414# 6kg/桶",12,"桶",null,0]
[1057,null,"油漆稀释剂","五金材料","任意品牌","414#1kg/桶",12,"桶",null,0]
[1058,null,"高温油漆稀释剂","五金材料","任意品牌","高温油漆配套用",6,"升",null,0]
[1059,null,"304不锈钢电焊条","五金材料","任意品牌","2.5mm",60,"千克",null,0]
[1060,null,"304不锈钢电焊条","五金材料","任意品牌","3.2mm",90,"千克",null,0]
[1061,null,"304不锈钢电焊条","五金材料","任意品牌","4.0mm",48,"千克",null,0]
[1062,null,"国标碳钢电焊条","五金材料","任意品牌","2.5mm",30,"千克",null,0]
[1063,null,"国标碳钢电焊条","五金材料","任意品牌","3.2mm",60,"千克",null,0]
[1064,null,"国标碳钢电焊条","五金材料","任意品牌","4.0mm",30,"千克",null,0]
[1065,null,"石棉垫","五金材料","任意品牌","任意尺寸，耐油、耐高温",24,"千克",null,0]
[1066,null,"青壳纸","五金材料","任意品牌","0.5mm厚，耐油、耐高温",15,"平方米",null,0]
[1067,null,"青壳纸","五金材料","任意品牌","1.0mm厚，耐油、耐高温",15,"平方米",null,0]
[1068,null,"青壳纸","五金材料","任意品牌","1.2mm厚，耐油、耐高温",15,"平方米",null,0]
[1069,null,"青壳纸","五金材料","任意品牌","1.5mm厚，耐油、耐高温",15,"平方米",null,0]
[1070,null,"青壳纸","五金材料","任意品牌","2.0mm厚，耐油、耐高温",9,"平方米",null,0]
[1071,null,"橡胶垫片","五金材料","任意品牌","DN32",60,"片",null,0]
[1072,null,"橡胶垫片","五金材料","任意品牌","DN40",60,"片",null,0]
[1073,null,"橡胶垫片","五金材料","任意品牌","DN50",60,"片",null,0]
[1074,null,"橡胶垫片","五金材料","任意品牌","DN65",60,"片",null,0]
[1075,null,"橡胶垫片","五金材料","任意品牌","DN80",30,"片",null,0]
[1076,null,"橡胶垫片","五金材料","任意品牌","DN100",30,"片",null,0]
[1077,null,"橡胶垫片","五金材料","任意品牌","DN125",18,"片",null,0]
[1078,null,"橡胶垫片","五金材料","任意品牌","DN150",30,"片",null,0]
[1079,null,"橡胶垫片","五金材料","任意品牌","DN200",30,"片",null,0]
[1080,null,"橡胶垫片","五金材料","任意品牌","DN250",30,"片",null,0]
[1081,null,"橡胶垫片","五金材料","任意品牌","DN300",12,"片",null,0]
[1082,null,"橡胶垫片","五金材料","任意品牌","DN350",12,"片",null,0]
[1083,null,"橡胶垫片","五金材料","任意品牌","DN400",6,"片",null,0]
[1084,null,"橡胶垫片","五金材料","任意品牌","DN450",6,"片",null,0]
[1085,null,"橡胶垫片","五金材料","任意品牌","DN500",6,"片",null,0]
[1086,null,"橡胶垫片","五金材料","任意品牌","DN600",6,"片",null,0]
[1087,null,"丁晴橡胶O型密封圈","五金材料","任意品牌","直径10-15mm，线径1.0-2.4mm",54,"个",null,0]
[1088,null,"丁晴橡胶O型密封圈","五金材料","任意品牌","直径15-20mm，线径1.0-2.5mm",54,"个",null,0]
[1089,null,"丁晴橡胶O型密封圈","五金材料","任意品牌","直径20-30mm，线径1.0-3.5mm",54,"个",null,0]
[1090,null,"丁晴橡胶O型密封圈","五金材料","任意品牌","直径30-40mm，线径1.5-5.0mm",36,"个",null,0]
[1091,null,"丁晴橡胶O型密封圈","五金材料","任意品牌","直径40-50mm，线径2.0-5.0mm",36,"个",null,0]
[1092,null,"丁晴橡胶O型密封圈","五金材料","任意品牌","直径50-65mm，线径2.5-5.0mm",36,"个",null,0]
[1093,null,"丁晴橡胶O型密封圈","五金材料","任意品牌","直径65-80mm，线径2.5-6.0mm",36,"个",null,0]
[1094,null,"丁晴橡胶O型密封圈","五金材料","任意品牌","直径80-100mm，线径2.5-6.5mm",36,"个",null,0]
[1095,null,"丁晴橡胶O型密封圈","五金材料","任意品牌","直径100-125mm，线径2.5-6.5mm",36,"个",null,0]
[1096,null,"丁晴橡胶O型密封圈","五金材料","任意品牌","直径125-150mm，线径2.5-6.5mm",24,"个",null,0]
[1097,null,"丁晴橡胶O型密封圈","五金材料","任意品牌","直径150-175mm，线径2.5-6.5mm",24,"个",null,0]
[1098,null,"丁晴橡胶O型密封圈","五金材料","任意品牌","直径175-200mm，线径2.5-6.5mm",24,"个",null,0]
[1099,null,"丁晴橡胶O型密封圈","五金材料","任意品牌","直径200-250mm，线径2.5-6.5mm",9,"个",null,0]
[1100,null,"丁晴橡胶O型密封圈","五金材料","任意品牌","直径250-280mm，线径2.5-6.5mm",9,"个",null,0]
[1101,null,"丁晴橡胶O型密封圈","五金材料","任意品牌","直径280-300mm，线径2.5-8.0mm",9,"个",null,0]
[1102,null,"氟橡胶O型密封圈","五金材料","任意品牌","直径10-15mm，线径1.0-2.4mm",48,"个",null,0]
[1103,null,"氟橡胶O型密封圈","五金材料","任意品牌","直径15-20mm，线径1.0-2.5mm",48,"个",null,0]
[1104,null,"氟橡胶O型密封圈","五金材料","任意品牌","直径20-30mm，线径1.0-3.5mm",48,"个",null,0]
[1105,null,"氟橡胶O型密封圈","五金材料","任意品牌","直径30-40mm，线径1.5-5.0mm",48,"个",null,0]
[1106,null,"氟橡胶O型密封圈","五金材料","任意品牌","直径40-50mm，线径2.0-5.0mm",18,"个",null,0]
[1107,null,"氟橡胶O型密封圈","五金材料","任意品牌","直径50-65mm，线径2.5-5.0mm",18,"个",null,0]
[1108,null,"氟橡胶O型密封圈","五金材料","任意品牌","直径65-80mm，线径2.5-6.0mm",18,"个",null,0]
[1109,null,"氟橡胶O型密封圈","五金材料","任意品牌","直径80-100mm，线径2.5-6.5mm",18,"个",null,0]
[1110,null,"氟橡胶O型密封圈","五金材料","任意品牌","直径100-125mm，线径2.5-6.5mm",18,"个",null,0]
[1111,null,"氟橡胶O型密封圈","五金材料","任意品牌","直径125-150mm，线径2.5-6.5mm",18,"个",null,0]
[1112,null,"氟橡胶O型密封圈","五金材料","任意品牌","直径150-175mm，线径2.5-6.5mm",6,"个",null,0]
[1113,null,"氟橡胶O型密封圈","五金材料","任意品牌","直径175-200mm，线径2.5-6.5mm",6,"个",null,0]
[1114,null,"丁晴橡胶O型密封条","五金材料","任意品牌","线径2.5-3.0mm",12,"米",null,0]
[1115,null,"丁晴橡胶O型密封条","五金材料","任意品牌","线径3.1-4.0mm",12,"米",null,0]
[1116,null,"丁晴橡胶O型密封条","五金材料","任意品牌","线径4.1-5.0mm",36,"米",null,0]
[1117,null,"丁晴橡胶O型密封条","五金材料","任意品牌","线径5.1-6.5mm",42,"米",null,0]
[1118,null,"丁晴橡胶O型密封条","五金材料","任意品牌","线径6.6-7.5mm",42,"米",null,0]
[1119,null,"丁晴橡胶O型密封条","五金材料","任意品牌","线径7.6-8.5mm",42,"米",null,0]
[1120,null,"丁晴橡胶O型密封条","五金材料","任意品牌","线径8.5-10.0mm",30,"米",null,0]
[1121,null,"丁晴橡胶O型密封条","五金材料","任意品牌","线径10.1-12.0mm",30,"米",null,0]
[1122,null,"丁晴橡胶O型密封条","五金材料","任意品牌","线径12.1-14.0mm",30,"米",null,0]
[1123,null,"丁晴橡胶O型密封条","五金材料","任意品牌","线径14.1-16.0mm",30,"米",null,0]
[1124,null,"丁晴橡胶O型密封条","五金材料","任意品牌","线径16.1-18.0mm",9,"米",null,0]
[1125,null,"丁晴橡胶O型密封条","五金材料","任意品牌","线径18.1-20mm",9,"米",null,0]
[1126,null,"生料带","五金材料","任意品牌","生料带",600,"卷",null,0]
[1127,null,"工业级尼龙扎带","五金材料","任意品牌","12×600mm，100根/包",12,"包",null,0]
[1128,null,"工业级尼龙扎带","五金材料","任意品牌","10×500mm，100根/包",18,"包",null,0]
[1129,null,"工业级尼龙扎带","五金材料","任意品牌","8×400mm，100根/包",24,"包",null,0]
[1130,null,"工业级尼龙扎带","五金材料","任意品牌","6×350mm，200根/包",36,"包",null,0]
[1131,null,"工业级尼龙扎带","五金材料","任意品牌","5×300mm，200根/包",36,"包",null,0]
[1132,null,"工业级尼龙扎带","五金材料","任意品牌","4×250mm，300根/包",36,"包",null,0]
[1133,null,"工业级尼龙扎带","五金材料","任意品牌","3×200mm，500根/包",18,"包",null,0]
[1134,null,"工业级尼龙扎带","五金材料","任意品牌","3×150mm，500根/包",18,"包",null,0]
[1135,null,"工业级尼龙扎带","五金材料","任意品牌","2.5×100mm，500根/包",18,"包",null,0]
[1136,null,"配电柜门锁","五金材料","任意品牌","MS818",36,"个",null,0]
[1137,null,"配电柜门锁","五金材料","任意品牌","AB303-1-2平面锁",36,"个",null,0]
[1138,null,"配电柜门锁","五金材料","任意品牌","MS401铜芯",36,"个",null,0]
[1139,null,"配电柜门锁","五金材料","任意品牌","MS308-2-1亮铬",36,"个",null,0]
[1140,null,"配电柜门锁","五金材料","任意品牌","MS830-P米色带挂",36,"个",null,0]
[1141,null,"配电柜门锁","五金材料","任意品牌","AB403-1铝合金",36,"个",null,0]
[1142,null,"配电柜门锁","五金材料","任意品牌","AB301-3-1",36,"个",null,0]
[1143,null,"子母合页","五金材料","任意品牌","304不锈钢，4寸，      4×3×3.0",72,"付",null,0]
[1144,null,"合页","五金材料","任意品牌","304不锈钢，4寸，     不分左右",72,"付",null,0]
[1145,null,"防火门合页","五金材料","任意品牌","304不锈钢",48,"付",null,0]
[1146,null,"插销","五金材料","任意品牌","304不锈钢，6寸",18,"付",null,0]
[1147,null,"配电柜散热过滤棉","五金材料","任意品牌","1m×5m×3mm",30,"块",null,0]
[1148,null,"碎布/碎布条","五金材料","任意品牌","不限",300,"千克",null,0]
[1149,null,"磨砂工业油污洗手液","五金材料","任意品牌","5L一桶",36,"桶",null,0]
[1150,null,"水泥","五金材料","任意品牌","25kg/包",18,"包",null,0]
[1151,null,"红砖","五金材料","任意品牌","不限",1200,"块",null,0]
[1152,null,"堵漏王","五金材料","任意品牌","2kg/包",24,"包",null,0]
[1153,null,"氧气充装","五金材料","任意品牌","40L/瓶",96,"瓶",null,0]
[1154,null,"乙炔充装","五金材料","任意品牌","40L/瓶",48,"瓶",null,0]
[1155,null,"氮气充装","五金材料","任意品牌","40L/瓶",48,"瓶",null,0]
[1156,null,"玻璃反光贴膜","五金材料","任意品牌","宽50cm",72,"米",null,0]
[1157,null,"玻璃反光贴膜","五金材料","任意品牌","宽80cm",72,"米",null,0]
[1158,null,"玻璃反光贴膜","五金材料","任意品牌","120cm",72,"米",null,0]
[1159,null,"储药罐","五金材料","任意品牌","PE立式储罐，V=10m3，壁厚不低于8mm",6,"套",null,0]
[1160,null,"储药罐","五金材料","任意品牌","PE立式储罐，V=6m3，壁厚不低于8mm，全黑",6,"个",null,0]
[1161,null,"不锈钢储气罐","五金材料","任意品牌","304不锈钢材质容积1m3，承压16kg",4,"套",null,0]
[1162,null,"采水器","五金材料","任意品牌","透明亚克力；容积3L；厚5mm；含5米尼龙绳",5,"套",null,0]
[1163,null,"深水采样器","五金材料","任意品牌","容积2L，配采样绳10m,止水夹，橡胶管，304不锈钢材质。",5,"套",null,0]
[1164,null,"压力罐","五金材料","任意品牌","304不锈钢材质，容积450升，承压25kg。",4,"套",null,0]
[1165,null,"小型储药罐","五金材料","任意品牌","容积300L",4,"个",null,0]
[1166,null,"油漆刷","五金材料","任意品牌","1英寸",36,"把",null,0]
[1167,null,"油漆刷","五金材料","任意品牌","2英寸",36,"把",null,0]
[1168,null,"油漆刷","五金材料","任意品牌","3英寸",36,"把",null,0]
[1169,null,"油漆刷","五金材料","任意品牌","4英寸",36,"把",null,0]
[1170,null,"油漆刷","五金材料","任意品牌","5英寸",36,"把",null,0]
[1171,null,"油漆刷","五金材料","任意品牌","6英寸",24,"把",null,0]
[1172,null,"油漆刷","五金材料","任意品牌","8英寸",18,"把",null,0]
[1173,null,"黄油嘴","五金材料","任意品牌","铜M8×1，中直，国标",12,"个",null,0]
[1174,null,"黄油嘴","五金材料","任意品牌","铜M10×1，中直，国标",12,"个",null,0]
[1175,null,"黄油嘴","五金材料","任意品牌","铜M12×1，中直，国标",12,"个",null,0]
[1176,null,"黄油嘴","五金材料","任意品牌","铜M8×1，45°，国标",12,"个",null,0]
[1177,null,"黄油嘴","五金材料","任意品牌","铜M10×1，45°，国标",12,"个",null,0]
[1178,null,"黄油嘴","五金材料","任意品牌","铜M12×1，45°，国标",12,"个",null,0]
[1179,null,"304不锈钢扎带","五金材料","任意品牌","4.6×300mm，100条/包",6,"包",null,0]
[1180,null,"304不锈钢扎带","五金材料","任意品牌","7.9×400mm，100条/包",6,"包",null,0]
[1181,null,"410不锈钢自钻螺钉","五金材料","任意品牌","国标尺寸",24,"千克",null,0]
[1182,null,"L型加油管","五金材料","任意品牌","M16×1.5 长160cm",6,"个",null,0]
[1183,null,"PP隔膜压力表","五金材料","任意品牌","耐酸碱,径向安装",6,"个",null,0]
[1184,null,"PVC挡鼠板","五金材料","任意品牌","2000mm*600mm*10mm",12,"块",null,0]
[1185,null,"百叶窗","五金材料","任意品牌","电柜散热风扇用",6,"个",null,0]
[1186,null,"宝塔接头","五金材料","任意品牌","304不锈钢材质",5,"千克",null,0]
[1187,null,"不锈钢门锁","五金材料","任意品牌","304通用型孔距110mm边距35mm",6,"套",null,0]
[1188,null,"不锈钢盆","五金材料","任意品牌","304不锈钢材质，加厚，直径50cm",12,"个",null,0]
[1189,null,"不锈钢扇形喷嘴","五金材料","任意品牌","1/8-65度 出水孔径2.0",12,"个",null,0]
[1190,null,"不锈钢扇形喷嘴","五金材料","任意品牌","1/4-65度 出水孔径2.0",12,"个",null,0]
[1191,null,"不锈钢脱胶纸剂","五金材料","任意品牌","450mL",6,"瓶",null,0]
[1192,null,"不锈钢锥形喷嘴","五金材料","任意品牌","1/4-50度 出水孔径1.2",12,"个",null,0]
[1193,null,"擦拭用脱脂棉花球","五金材料","任意品牌","20g",6,"包",null,0]
[1194,null,"冲厕阀","五金材料","任意品牌","1寸",24,"个",null,0]
[1195,null,"磁吸式库存卡","五金材料","任意品牌","55×75三轮磁，蓝色",300,"个",null,0]
[1196,null,"带电清洗剂","五金材料","任意品牌","JX-823，25kg/桶",6,"桶",null,0]
[1197,null,"导轨","五金材料","任意品牌","电气元件安装用，国标尺寸",6,"千克",null,0]
[1198,null,"地板警示胶带","五金材料","3M/鸣固/优仪","颜色：黑黄，宽50mm，卷长33米",18,"卷",null,0]
[1199,null,"电动车轮胎","五金材料","台铃/朝阳/正新","16×4.0",4,"条",null,0]
[1200,null,"定向轮","五金材料","任意品牌","三寸,尼龙材质",3,"个",null,0]
[1201,null,"发电机机油滤清器","五金材料","任意品牌","LF777",2,"个",null,0]
[1202,null,"发电机机油滤清器","五金材料","任意品牌","LF670",2,"个",null,0]
[1203,null,"发电机空气滤芯","五金材料","任意品牌","A478-020",2,"个",null,0]
[1204,null,"发电机水滤芯","五金材料","任意品牌","WF2076",2,"个",null,0]
[1205,null,"防臭地漏芯","五金材料","任意品牌","304材质",3,"个",null,0]
[1206,null,"防火门锁","五金材料","任意品牌","通用型304不锈钢",3,"个",null,0]
[1207,null,"风机专用泄压阀","五金材料","任意品牌","A27TW-2Q SVF-100",2,"个",null,0]
[1208,null,"高压黑色夹布橡胶管","五金材料","任意品牌","防爆耐热耐磨耐高压管内径13mm",18,"米",null,0]
[1209,null,"花洒软管套装","五金材料","任意品牌","免打孔底座，2米软管，大面板3挡出水",6,"套",null,0]
[1210,null,"滑触线轨道夹","五金材料","任意品牌","4P",9,"个",null,0]
[1211,null,"滑触线支架","五金材料","任意品牌","4P",9,"个",null,0]
[1212,null,"化油器清洗剂","五金材料","任意品牌","400ml",6,"瓶",null,0]
[1213,null,"环保中性洗手沙","五金材料","任意品牌","2.7kg",18,"箱",null,0]
[1214,null,"缓冲闭门器","五金材料","任意品牌","大号 承重65-85KG",6,"个",null,0]
[1215,null,"混合阀通用阀芯","五金材料","任意品牌","黄铜，43~49mm，每个尺寸各3个",6,"个",null,0]
[1216,null,"胶塞","五金材料","任意品牌","塑料膨胀管",9,"千克",null,0]
[1217,null,"可调节脚钉","五金材料","任意品牌","尼龙材质脚钉，可调节",30,"个",null,0]
[1218,null,"隔热棉","五金材料","任意品牌","20mm厚",120,"平方米",null,0]
[1219,null,"过滤棉","五金材料","任意品牌","无纺布空气过滤棉，过滤等级G4",480,"平方米",null,0]
[1220,null,"过滤棉","五金材料","任意品牌","材质：聚氨酯",120,"平方米",null,0]
[1221,null,"过滤器","五金材料","任意品牌","适用于160CDL480-RC1鼓风机，QX109511",15,"个",null,0]
[1222,null,"空气芯滤器","五金材料","按需定制","外径23.1cm,内径19.7cm，高8.2cm，过滤等级G5,高效过滤棉，铝合金外框；测量误差±0.5cm，具体需要现场看样品",2,"个",null,0]
[1223,null,"空气芯滤器","五金材料","按需定制","外径21.5cm×高70cm，过滤等级G5,高效过滤棉，铝合金外框，测量误差±0.5cm，具体需要现场看样品",2,"个",null,0]
[1224,null,"空气芯滤器","五金材料","按需定制","直径17.8cm，高度11.5cm，过滤等级G5，高效过滤棉，铝合金外框，测量误差±0.5cm，具体需要现场看样品",2,"个",null,0]
[1225,null,"空压机精密滤芯","五金材料","任意品牌","ND-013",3,"个",null,0]
[1226,null,"空压机纸滤","五金材料","任意品牌","SL-165E-S8,直径70mm长50mm",12,"个",null,0]
[1227,null,"冷却加工乳化油","五金材料","任意品牌","JZ-520",30,"千克",null,0]
[1228,null,"联轴器弹性胶","五金材料","任意品牌","CJ28/38/92SHA9(32*38)",6,"个",null,0]
[1229,null,"淋浴三联龙头","五金材料","任意品牌","入墙式，孔距13.5-16cm",6,"个",null,0]
[1230,null,"六角弹性缓冲垫","五金材料","任意品牌","按需定制",18,"个",null,0]
[1231,null,"铝皮","五金材料","任意品牌","厚0.5mm",120,"平方米",null,0]
[1232,null,"绿色彩瓦","五金材料","任意品牌","800*3500*0.5cm",60,"块",null,0]
[1233,null,"毛巾架","五金材料","任意品牌","浴巾架含挂钩",3,"个",null,0]
[1234,null,"镁棒","五金材料","任意品牌","配40L美的热水器用",12,"根",null,0]
[1235,null,"门窗把手","五金材料","任意品牌","铝合金（左右为一副）",2,"付",null,0]
[1236,null,"耐震压力表","五金材料","上海江云仪表厂/红旗/伊莱斯","Y100型，0-0.1MPa，机械指针",12,"个",null,0]
[1237,null,"内墙修补膏","五金材料","嘉宝莉/德高/牛盾","白色 1.5kg/桶",18,"桶",null,0]
[1238,null,"排风扇专用过滤网","五金材料","任意品牌","1cm×1m×1m",3,"块",null,0]
[1239,null,"泡沫双面胶","五金材料","任意品牌","3mm厚*24cm宽5m长",36,"卷",null,0]
[1240,null,"起重滑轮","五金材料","任意品牌","国标尺寸",3,"个",null,0]
[1241,null,"气动两联调压阀","五金材料","任意品牌","AASF50.MAX250PS",3,"个",null,0]
[1242,null,"PU气管管件","五金材料","任意品牌","国标尺寸",18,"千克",null,0]
[1243,null,"球形锁","五金材料","任意品牌","304不锈钢",15,"套",null,0]
[1244,null,"三角皮带","五金材料","三星/风豹/三力士","SPZ型",18,"米",null,0]
[1245,null,"三角皮带","五金材料","三维/风豹/三力士","SPA型",18,"米",null,0]
[1246,null,"三角皮带","五金材料","三维/风豹/三力士","SPB型",18,"米",null,0]
[1247,null,"三角皮带","五金材料","三维/风豹/三力士","SPC型",18,"米",null,0]
[1248,null,"杀虫喷雾","五金材料","任意品牌","专杀蜘蛛",6,"瓶",null,0]
[1249,null,"沙袋","五金材料","任意品牌","25mm×60mm",30,"个",null,0]
[1250,null,"石笔","五金材料","任意品牌","材质：石矿，长68mm*宽8.2mm",3,"盒",null,0]
[1251,null,"双开门不锈钢门锁","五金材料","任意品牌","304不锈钢 双开门式锁具",3,"付",null,0]
[1252,null,"水表","五金材料","任意品牌","200mm",2,"个",null,0,"干式水表"]
[1253,null,"水表","五金材料","任意品牌","150mm",2,"个",null,0,"干式水表"]
[1254,null,"水表","五金材料","任意品牌","125mm",2,"个",null,0,"干式水表"]
[1255,null,"水表","五金材料","任意品牌","100mm",2,"个",null,0,"干式水表"]
[1256,null,"水表","五金材料","任意品牌","80mm",3,"个",null,0,"干式水表"]
[1257,null,"水表","五金材料","任意品牌","65mm",3,"个",null,0,"干式水表"]
[1258,null,"水表","五金材料","任意品牌","50mm",3,"个",null,0,"干式水表"]
[1259,null,"水表","五金材料","任意品牌","40mm",3,"个",null,0,"干式水表"]
[1260,null,"水表","五金材料","任意品牌","32mm",3,"个",null,0,"干式水表"]
[1261,null,"水表","五金材料","任意品牌","20mm",3,"个",null,0,"干式水表"]
[1262,null,"水泥桶","五金材料","任意品牌","30×20×22cm",6,"个",null,0]
[1263,null,"四氟管","五金材料","任意品牌","7×10mm",60,"米",null,0]
[1264,null,"塑料扇形喷嘴","五金材料","任意品牌","dn20(1/2外丝）",12,"个",null,0]
[1265,null,"铜锁芯","五金材料","任意品牌","304不锈钢，锁芯总长70mm，高29mm，锁孔距140mm",12,"把",null,0]
[1266,null,"透明硅胶管","五金材料","任意品牌","4mm×6mm",30,"米",null,0]
[1267,null,"透明塑料瓶","五金材料","任意品牌","350ML,厚款",120,"个",null,0]
[1268,null,"透明油位计","五金材料","任意品牌","长80mm",24,"个",null,0]
[1269,null,"万向轮","五金材料","任意品牌","三寸,尼龙材质",24,"个",null,0]
[1270,null,"洗手粉","五金材料","任意品牌","8斤/箱",12,"箱",null,0]
[1271,null,"洗手盆排水管","五金材料","任意品牌","通用",12,"条",null,0]
[1272,null,"消防栓","五金材料","任意品牌","地上式，DN100",18,"个",null,0]
[1273,null,"乙二醇冷却液","五金材料","任意品牌","FD-2(20L/桶）",3,"桶",null,0]
[1274,null,"遮蔽保护膜","五金材料","任意品牌","1.1m×30m",30,"卷",null,0]
[1275,null,"铸铁井盖","五金材料","任意品牌","任意尺寸",180,"千克",null,0]
[1276,null,"PA6尼龙气管","五金材料","任意品牌","6×1mm",48,"米",null,0]
[1277,null,"PA6尼龙气管","五金材料","任意品牌","8×1.5mm",60,"米",null,0]
[1278,null,"PA6尼龙气管","五金材料","任意品牌","10×1.5mm",60,"米",null,0]
[1279,null,"PA6尼龙气管","五金材料","任意品牌","12×1mm",60,"米",null,0]
[1280,null,"PA6尼龙气管","五金材料","任意品牌","12×1.5mm",60,"米",null,0]
[1281,null,"PA6尼龙气管","五金材料","任意品牌","14×1.5mm",48,"米",null,0]
[1282,null,"PA6尼龙气管","五金材料","任意品牌","16×1.5mm",48,"米",null,0]
[1283,null,"电接点压力表","五金材料","红旗/伊莱斯/润能","YXC-100 0-0.6MPa M20×1.5铜接头",2,"个",null,0]
[1284,null,"传送皮带","五金材料","任意品牌","SPZ 1837Lw",6,"条",null,0]
[1285,null,"分水鞍座","五金材料","任意品牌","PE，主管32，增接20",24,"个",null,0]
[1286,null,"门扣","五金材料","任意品牌","304不锈钢、4寸",3,"个",null,0]
[1287,null,"pu聚氨酯板","五金材料","任意品牌","4m*1m，厚8mm",2,"块",null,0]
[1288,null,"扇型喷嘴","五金材料","任意品牌","螺纹4分，孔径2.8mm",12,"个",null,0]
[1289,null,"洗衣机水龙头","五金材料","任意品牌","304不锈钢、4分",12,"个",null,0]
[1290,null,"阻尼器","五金材料","任意品牌","RXMZ-1.0/1.0 PVC材质",3,"个",null,0]
[1291,null,"阻尼器","五金材料","任意品牌","RXMZ-2.0/1.0 PVC材质",3,"个",null,0]
[1292,null,"沥青料","五金材料","任意品牌","25KG/包",30,"包",null,0]
[1293,null,"沥青油","五金材料","任意品牌","50KG/桶",3,"桶",null,0]
[1294,null,"门卫电动栏杆","五金材料","任意品牌","八角红白色长3米，宽45mm",2,"个",null,0]
[1295,null,"排气扇（百叶窗）","五金材料","任意品牌","8寸,面板尺寸300*300mm，开孔250*250mm",4,"个",null,0]
[1296,null,"排气扇（橱窗式）","五金材料","任意品牌","8寸",8,"个",null,0]
[1297,null,"排气扇（天花板管道式）","五金材料","任意品牌","12寸,面板尺寸320*320mm,开孔280*280mm",9,"个",null,0]
[1298,null,"排气扇（天花板管道式）","五金材料","任意品牌","10寸，面板尺寸270*270mm,开孔232*232mm",4,"个",null,0]
[1299,null,"石子","五金材料","任意品牌","25KG/包",5,"包",null,0]
[1300,null,"氩气充装","五金材料","任意品牌","10L/次",4,"次",null,0]
[1301,null,"氩气充装","五金材料","任意品牌","20L/次",3,"次",null,0]
[1302,null,"氩气充装","五金材料","任意品牌","40L/次",2,"次",null,0]
[1303,null,"雨水篦","五金材料","任意品牌","75cm*45cm，重型",6,"个",null,0]
[1304,null,"铸铁井盖","五金材料","任意品牌","800*700",18,"个",null,0]
[1305,null,"不锈钢冲孔网板","五金材料","需要定制","1500mm*2000mm*2mm 孔径10mm",2,"块",null,0]
[1306,null,"不锈钢冷热进水软管","五金材料","任意品牌","4分，1米",30,"根",null,0]
[1307,null,"磁悬浮空气滤芯","五金材料","需要定制","长955mm*宽405mm*厚46mm过滤等级G4,高效过滤棉，铝合金外框，测量误差±0.5mm",6,"块",null,0]
[1308,null,"磁悬浮空气滤芯","五金材料","需要定制","长590mm*宽390mm*厚46mm过滤等级G4,高效过滤棉，铝合金外框，测量误差±0.5mm",3,"块",null,0]
[1309,null,"冲洗水箱","五金材料","箭牌/九牧/日丰","7L",3,"套",null,0]
[1310,null,"ABS外牙旋转喷头","五金材料","任意品牌","4分",3,"个",null,0]
[1311,null,"ABS外牙旋转喷头","五金材料","任意品牌","6分",3,"个",null,0]
[1312,null,"彩钢瓦","五金材料","任意品牌","PVC材质，厚度≥3mm，宽度0.9m",48,"米",null,0]
[1313,null,"彩钢瓦","五金材料","任意品牌","201不锈钢材质，厚度≥5mm，宽度0.9m",48,"米",null,0]
[1314,null,"PVC透明管","五金材料","任意品牌","DN20",60,"米",null,0]
[1315,null,"PVC透明管","五金材料","任意品牌","DN25",60,"米",null,0]
[1316,null,"PVC透明管","五金材料","任意品牌","DN32",60,"米",null,0]
[1317,null,"电工胶布","五金材料","公牛/3M/正泰","18mmX10m,阻燃防潮，任意颜色",120,"卷",null,0]
[1318,null,"二沉池导轮包胶","五金材料","任意品牌","轮直径400mm",3,"个",null,0]
[1319,null,"防火泥","五金材料","任意品牌","3C消防认证，10kg/箱",12,"箱",null,0]
[1320,null,"隔热棉","五金材料","任意品牌","10mm厚",30,"平方米",null,0]
[1321,null,"隔热棉","五金材料","任意品牌","5mm厚",30,"平方米",null,0]
[1322,null,"工业草酸清洗剂","五金材料","任意品牌","25kg/桶，浓度≥55%",30,"桶",null,0]
[1323,null,"吸油棉","五金材料","任意品牌","400*500*2mm，100片/箱",1,"箱",null,0]
[1324,null,"橡胶垫","五金材料","任意品牌","2m*5m*3mm",3,"张",null,0]
[1325,null,"橡胶垫片","五金材料","任意品牌","DN1600，外径1720mm，内径1620mm，厚度5mm",2,"个",null,0]
[1326,null,"橡胶垫片","五金材料","任意品牌","DN1400，外径1520mm，内径1420mm，厚度5mm",2,"个",null,0]
[1327,null,"橡胶垫片","五金材料","任意品牌","DN1200，外径1320mm，内径1220mm，厚度5mm",2,"个",null,0]
[1328,null,"橡胶垫片","五金材料","任意品牌","DN1000，外径1120mm，内径1020mm，厚度5mm",2,"个",null,0]
[1329,null,"橡胶垫片","五金材料","任意品牌","DN900，外径1010mm，内径920mm，厚度5mm",3,"个",null,0]
[1330,null,"橡胶垫片","五金材料","任意品牌","DN800，外径910mm，内径820mm，厚度5mm",3,"个",null,0]
[1331,null,"橡胶垫片","五金材料","任意品牌","DN700，外径800mm，内径720mm，厚度5mm",3,"个",null,0]
[1332,null,"橡胶垫片","五金材料","任意品牌","DN600，外径695mm，内径630mm，厚度5mm",3,"个",null,0]
[1333,null,"橡胶垫片","五金材料","任意品牌","DN500，外径595mm，内径530mm，厚度5mm",3,"个",null,0]
[1334,null,"橡胶垫片","五金材料","任意品牌","DN450，外径540mm，内径475mm，厚度5mm",6,"个",null,0]
[1335,null,"橡胶垫片","五金材料","任意品牌","DN400，外径485mm，内径426mm，厚度5mm",6,"个",null,0]
[1336,null,"橡胶垫片","五金材料","任意品牌","DN350，外径418mm，内径377mm，厚度5mm",6,"个",null,0]
[1337,null,"橡胶垫片","五金材料","任意品牌","DN300，外径377mm，内径325mm，厚度5mm",6,"个",null,0]
[1338,null,"橡胶垫片","五金材料","任意品牌","DN250，外径325mm，内径273mm，厚度5mm",6,"个",null,0]
[1339,null,"橡胶垫片","五金材料","任意品牌","DN200，外径268mm，内径219mm，厚度5mm",6,"个",null,0]
[1340,null,"橡胶垫片","五金材料","任意品牌","DN150，外径205mm，内径159mm，厚度5mm",6,"个",null,0]
[1341,null,"橡胶垫片","五金材料","任意品牌","DN125，外径180mm，内径133mm，厚度5mm",6,"个",null,0]
[1342,null,"橡胶垫片","五金材料","任意品牌","DN100，外径153mm，内径108mm，厚度5mm",6,"个",null,0]
[1343,null,"橡胶垫片","五金材料","任意品牌","DN80，外径130mm，内径89mm，厚度5mm",6,"个",null,0]
[1344,null,"橡胶垫片","五金材料","任意品牌","DN65，外径118mm，内径76mm，厚度5mm",6,"个",null,0]
[1345,null,"橡胶垫片","五金材料","任意品牌","DN50，外径95mm，内径57mm，厚度5mm",6,"个",null,0]
[1346,null,"橡胶垫片","五金材料","任意品牌","DN40，外径81mm，内径45mm，厚度5mm",6,"个",null,0]
[1347,null,"油布","五金材料","任意品牌","防水抗老化，6*6m",6,"张",null,0]
[1348,null,"遮阳网","五金材料","任意品牌","黑色，新料聚乙烯，尺寸8.5*4m",6,"张",null,0]
[1349,null,"不锈钢专用抛光蜡","五金材料","任意品牌","长18.5cm",12,"个",null,0]
[1350,null,"亚克力板","五金材料","任意品牌","尺寸1.22*2.44m，厚度5mm",6,"块",null,0]
[1351,null,"消防栓","五金材料","任意品牌","DN150",5,"个",null,0]
[1352,null,"长消声器","五金材料","任意品牌","304不锈钢4分",20,"个",null,0]
[1353,null,"隔膜泵膜片","五金材料","任意品牌","适合替换替换米顿罗、普罗名特、南方泵业等品牌计量泵使用",10,"套",null,0]
[1354,null,"隔膜泵油封","五金材料","任意品牌","适合替换米顿罗、普罗名特、南方泵业等品牌计量泵使用",10,"套",null,0]
[1355,null,"隔膜泵单向阀","五金材料","任意品牌","适合替换米顿罗、普罗名特、南方泵业等品牌计量泵使用",10,"套",null,0]
[1356,null,"零气耗过滤排水阀","五金材料","任意品牌","型号WBK-20，重力1.8KG，压力0.16Kg，尺寸82*110*150mm，接口G1/2\"，出口G3/8\"",5,"个",null,0]
[1357,null,"吸顶灯卡扣","五金材料","任意品牌",null,30,"个",null,0]
[1358,null,"塑钢门窗滑轮子","五金材料","任意品牌","88型(轴承)，铜双平轮",30,"个",null,0]
[1359,null,"UPVC水箱接头","五金材料","任意品牌","DN32",5,"个",null,0]
[1360,null,"UPVC水箱接头","五金材料","任意品牌","DN40",3,"个",null,0]
[1361,null,"隔膜泵油封","五金材料","任意品牌","适用GB1200",10,"套",null,0]
[1362,null,"隔膜泵膜片","五金材料","任意品牌","适用GB1200",10,"套",null,0]
[1363,null,"隔膜泵油封","五金材料","任意品牌","适用GM0500",10,"套",null,0]
[1364,null,"隔膜泵膜片","五金材料","任意品牌","适用GM0500",10,"套",null,0]
[1365,null,"隔膜泵油封","五金材料","任意品牌","适用GM0240",10,"套",null,0]
[1366,null,"隔膜泵膜片","五金材料","任意品牌","适用GM0240",10,"套",null,0]
[1367,null,"隔膜泵油封","五金材料","任意品牌","适用MS1C165C31C4080",10,"套",null,0]
[1368,null,"隔膜泵膜片","五金材料","任意品牌","适用MS1C165C31C4080",10,"套",null,0]
[1369,null,"隔膜泵油封","五金材料","任意品牌","适用MM2HI57G31C40800",10,"套",null,0]
[1370,null,"隔膜泵膜片","五金材料","任意品牌","适用MM2HI57G31C40800",10,"套",null,0]
[1371,null,"隔膜泵膜片","五金材料","任意品牌","与意大利赛高（SEKO）MS4H210L31Q4080型泵配套",10,"套",null,0]
[1372,null,"隔膜泵单向阀","五金材料","任意品牌","与意大利赛高（SEKO）MS4H210L31Q4080型泵配套",10,"套",null,0]
[1373,null,"隔膜泵泵头","五金材料","任意品牌","与意大利赛高（SEKO）MS4H210L31Q4080型泵配套",10,"套",null,0]
[1374,null,"隔膜泵单向阀","五金材料","任意品牌","与韩国威邦 XDF-120 220v型泵配套",10,"套",null,0]
[1375,null,"水箱接头","五金材料","任意品牌","dn40",3,"个",null,0]
[1376,null,"水箱接头","五金材料","任意品牌","dn50",3,"个",null,0]
[1377,null,"水箱接头","五金材料","任意品牌","dn63",3,"个",null,0]
[1378,null,"起重机起升限位器","五金材料","力诺、鑫玺、豫鲁","YBLX-3/11H",6,"个",null,0]
[1379,null,"阀门电动装置","五金材料","西门子、霍尼韦尔、方威","CLX30-24",8,"个",null,0]
[1380,null,"真空发生器","五金材料","任意品牌","真空发生管数量：2；压缩空气连接口：@8mm推入式接头；真空连接口：G3/4\"内螺纹最大真空度：-75kPa；进气压力：0.6MPa；耗气量：≤5nl/s。",5,"套",null,0]
[1381,null,"不锈钢二保焊焊丝","五金材料","任意品牌","国标尺寸",5,"千克",null,0]
[1382,null,"镀锌圆钢","五金材料","任意品牌","碳钢镀锌，国标尺寸",5,"千克",null,0]
[1383,null,"UPVC法兰式手柄蝶阀","五金材料","任意品牌","DN110",2,"个",null,0]
[1384,null,"手动闸阀","五金材料","任意品牌","DN50球磨铸铁材质",2,"个",null,0]
[1385,null,"方杆无头对夹式蝶阀","五金材料","任意品牌","D071FD-10Q-DN250球铁阀体、四氟密封、304阀板，不含执行机构，方杆22*22",2,"套",null,0]
[1386,null,"空气滤芯","五金材料","任意品牌","外径500*高370mm(上下金属固定环外径498mm) p385",3,"个",null,0]
[1387,null,"皮带","五金材料","任意品牌","XPC",3,"条",null,0]
[1388,null,"零气耗过滤排水阀","五金材料","任意品牌","型号WBK-20，重力1.8KG，压力0.16Kg，尺寸82*110*150mm，接口G1/2\"，出口G3/8\"",5,"套",null,0]
[1389,null,"工业不锈钢编织管","五金材料","任意品牌","DN20",2,"米",null,0]
[1390,null,"工业不锈钢编织管","五金材料","任意品牌","DN25",2,"米",null,0]
[1391,null,"压力表","五金材料","任意品牌","1.6Mpa防震、不锈钢材质、M20×1.5、表盘直径100mm",9,"个",null,0]
[1392,null,"压力表","五金材料","任意品牌","150kpa、防震、不锈钢材质、M20×1.5、表盘直径100mm",9,"个",null,0]
[1393,null,"压力表","五金材料","任意品牌","1.6Mpa防震、不锈钢材质、G1/4、表盘直径60mm",9,"个",null,0]
[1394,null,"压力表","五金材料","任意品牌","1.0Mpa防震、不锈钢材质、G1/4、表盘直径60mm",9,"个",null,0]
[1395,null,"压力表","五金材料","任意品牌","0-0.16Mpa",3,"套",null,0]
[1396,"▲","外径千分尺","工器具","哈量/上工/世达/青量","0-25mm，分度值0.01mm",6,"把",null,0]
[1397,"▲","外径千分尺","工器具","哈量/上工/世达/青量","25-50mm，分度值0.01mm",6,"把",null,0]
[1398,"▲","外径千分尺","工器具","哈量/上工/世达/青量","50-75mm，分度值0.01mm",6,"把",null,0]
[1399,"▲","外径千分尺","工器具","哈量/上工/世达/青量","75-100mm，分度值0.01mm",6,"把",null,0]
[1400,"▲","外径千分尺","工器具","哈量/上工/世达/青量","100-125mm，分度值0.01mm",6,"把",null,0]
[1401,"▲","外径千分尺","工器具","哈量/上工/世达/青量","125-150mm，分度值0.01mm",5,"把",null,0]
[1402,"▲","内径千分尺","工器具","哈量/上工/世达/青量","0-30mm，分度值0.01mm，带校对环规",5,"把",null,0]
[1403,"▲","内径千分尺","工器具","哈量/上工/世达/青量","25-50mm，分度值0.01mm带校对环规",5,"把",null,0]
[1404,"▲","内径千分尺","工器具","哈量/上工/世达/青量","50-75mm，分度值0.01mm",5,"把",null,0]
[1405,"▲","内径千分尺","工器具","哈量/上工/世达/青量","75-100mm，分度值0.01mm",5,"把",null,0]
[1406,"▲","百分表","工器具","哈量/上工/世达/青量","测量范围0-5mm，精度值0.01mm，精度等级1级。",7,"只",null,0]
[1407,"▲","百分表","工器具","哈量/上工/世达/青量","测量范围0-10mm，精度值0.01mm，精度等级1级",7,"只",null,0]
[1408,"▲","百分表","工器具","哈量/上工/世达/青量","测量范围0-20mm，精度值0.01mm，精度等级1级",6,"只",null,0]
[1409,"▲","百分表","工器具","哈量/上工/世达/青量","测量范围0-30mm，精度值0.01mm，精度等级1级",6,"只",null,0]
[1410,"▲","卷尺","工器具","世达/史丹利/老A","5米",14,"把",null,0]
[1411,"▲","卷尺","工器具","世达/史丹利/老A","7.5米",14,"把",null,0]
[1412,"▲","游标卡尺","工器具","上工/世达/史丹利","0-300mm（带表）",7,"把",null,0]
[1413,"▲","游标卡尺","工器具","上工/世达/史丹利","0-200mm（带表）",7,"把",null,0]
[1414,"▲","铝合金尺座不锈钢角尺","工器具","史丹利/世达/伍尔特","300mm",8,"把",null,0]
[1415,"▲","带水平尺的角尺","工器具","史丹利/世达/伍尔特","300mmx164mm",8,"把",null,0]
[1416,"▲","钢板尺","工器具","史丹利/世达/伍尔特","30cm",8,"把",null,0]
[1417,"▲","钢板尺","工器具","史丹利/世达/伍尔特","50cm",8,"把",null,0]
[1418,"▲","钢板尺","工器具","史丹利/世达/得力","1米",8,"把",null,0]
[1419,"▲","梅花开口扳手","工器具","百威狮/世达/史丹利","13mm",33,"把",null,0]
[1420,"▲","梅花开口扳手","工器具","百威狮/世达/史丹利","17mm",33,"把",null,0]
[1421,"▲","梅花开口扳手","工器具","百威狮/世达/史丹利","19mm",33,"把",null,0]
[1422,"▲","梅花开口扳手","工器具","百威狮/世达/史丹利","27mm",21,"把",null,0]
[1423,"▲","梅花开口扳手","工器具","百威狮/世达/史丹利","30mm",21,"把",null,0]
[1424,"▲","梅花开口扳手","工器具","百威狮/世达/史丹利","32mm",21,"把",null,0]
[1425,"▲","梅花开口扳手","工器具","百威狮/世达/史丹利","34mm",21,"把",null,0]
[1426,"▲","梅花开口扳手","工器具","百威狮/世达/史丹利","36mm",21,"把",null,0]
[1427,"▲","梅花开口扳手","工器具","百威狮/世达/史丹利","38mm",12,"把",null,0]
[1428,"▲","梅花开口扳手","工器具","百威狮/世达/史丹利","40mm",12,"把",null,0]
[1429,"▲","梅花开口扳手","工器具","百威狮/世达/史丹利","41mm",8,"把",null,0]
[1430,"▲","梅花开口扳手","工器具","百威狮/世达/史丹利","42mm",8,"把",null,0]
[1431,"▲","梅花开口扳手","工器具","百威狮/世达/史丹利","44mm",8,"把",null,0]
[1432,"▲","梅花开口扳手","工器具","百威狮/世达/史丹利","45mm",8,"把",null,0]
[1433,"▲","梅花开口扳手","工器具","百威狮/世达/史丹利","46mm",8,"把",null,0]
[1434,"▲","梅花开口扳手","工器具","百威狮/世达/史丹利","48mm",8,"把",null,0]
[1435,"▲","梅花扳手","工器具","百威狮/世达/史丹利","9-11mm",51,"把",null,0]
[1436,"▲","梅花扳手","工器具","百威狮/世达/史丹利","12-14mm",51,"把",null,0]
[1437,"▲","梅花扳手","工器具","百威狮/世达/史丹利","13-16mm",51,"把",null,0]
[1438,"▲","梅花扳手","工器具","百威狮/世达/史丹利","14-17mm",51,"把",null,0]
[1439,"▲","梅花扳手","工器具","百威狮/世达/史丹利","17-19mm",51,"把",null,0]
[1440,"▲","梅花扳手","工器具","百威狮/世达/史丹利","19-22mm",51,"把",null,0]
[1441,"▲","梅花扳手","工器具","百威狮/世达/史丹利","22-24mm",33,"把",null,0]
[1442,"▲","梅花扳手","工器具","百威狮/世达/史丹利","24-27mm",33,"把",null,0]
[1443,"▲","梅花扳手","工器具","百威狮/世达/史丹利","27-30mm",33,"把",null,0]
[1444,"▲","梅花扳手","工器具","百威狮/世达/史丹利","30-32mm",33,"把",null,0]
[1445,"▲","梅花扳手","工器具","百威狮/世达/史丹利","32-36mm",33,"把",null,0]
[1446,"▲","开口扳手","工器具","百威狮/世达/史丹利","9-11mm",51,"把",null,0]
[1447,"▲","开口扳手","工器具","百威狮/世达/史丹利","12-14mm",51,"把",null,0]
[1448,"▲","开口扳手","工器具","百威狮/世达/史丹利","13-16mm",51,"把",null,0]
[1449,"▲","开口扳手","工器具","百威狮/世达/史丹利","14-17mm",51,"把",null,0]
[1450,"▲","开口扳手","工器具","百威狮/世达/史丹利","17-19mm",51,"把",null,0]
[1451,"▲","开口扳手","工器具","百威狮/世达/史丹利","19-22mm",51,"把",null,0]
[1452,"▲","开口扳手","工器具","百威狮/世达/史丹利","22-24mm",33,"把",null,0]
[1453,"▲","开口扳手","工器具","百威狮/世达/史丹利","24-27mm",33,"把",null,0]
[1454,"▲","开口扳手","工器具","百威狮/世达/史丹利","27-30mm",33,"把",null,0]
[1455,"▲","开口扳手","工器具","百威狮/世达/史丹利","30-32mm",33,"把",null,0]
[1456,"▲","开口扳手","工器具","百威狮/世达/史丹利","32-36mm",33,"把",null,0]
[1457,"▲","梅花棘轮-开口扳手","工器具","百威狮/世达/史丹利","12mm",51,"把",null,0]
[1458,"▲","梅花棘轮-开口扳手","工器具","百威狮/世达/史丹利","13mm",51,"把",null,0]
[1459,"▲","梅花棘轮-开口扳手","工器具","百威狮/世达/史丹利","14mm",51,"把",null,0]
[1460,"▲","梅花棘轮-开口扳手","工器具","百威狮/世达/史丹利","17mm",51,"把",null,0]
[1461,"▲","梅花棘轮-开口扳手","工器具","百威狮/世达/史丹利","19mm",51,"把",null,0]
[1462,"▲","梅花棘轮-开口扳手","工器具","百威狮/世达/史丹利","22mm",51,"把",null,0]
[1463,"▲","梅花棘轮-开口扳手","工器具","百威狮/世达/史丹利","24mm",33,"把",null,0]
[1464,"▲","套筒","工器具","百威狮/世达/史丹利","27mm",33,"只",null,0]
[1465,"▲","套筒","工器具","百威狮/世达/史丹利","30mm",33,"只",null,0]
[1466,"▲","套筒","工器具","百威狮/世达/史丹利","32mm",33,"只",null,0]
[1467,"▲","套筒","工器具","百威狮/世达/史丹利","34mm",33,"只",null,0]
[1468,"▲","套筒","工器具","百威狮/世达/史丹利","36mm",21,"只",null,0]
[1469,"▲","套筒","工器具","百威狮/世达/史丹利","38mm",21,"只",null,0]
[1470,"▲","套筒","工器具","百威狮/世达/史丹利","40mm",21,"只",null,0]
[1471,"▲","套筒","工器具","百威狮/世达/史丹利","41mm",21,"只",null,0]
[1472,"▲","套筒","工器具","百威狮/世达/史丹利","46mm",21,"只",null,0]
[1473,"▲","梅花扳手套装","工器具","世达/史丹利/田岛","5.5mm-32mm",8,"套",null,0]
[1474,"▲","开口扳手套装","工器具","百威狮/世达/史丹利","5.5mm-32mm",8,"套",null,0]
[1475,"▲","梅花开口扳手套装","工器具","百威狮/世达/史丹利","5.5mm-32mm",8,"套",null,0]
[1476,"▲","梅花棘轮-开口扳手套装","工器具","百威狮/世达/史丹利","6-32mm",8,"套",null,0]
[1477,"▲","套筒扳手套装","工器具","沪工/百威狮/瑞能","5.5mm-32mm",8,"套",null,0]
[1478,"▲","棘轮齿轮扳手套装","工器具","开拓/世达/史丹利","8mm-24mm（14件套）",8,"套",null,0]
[1479,"▲","扭力扳手","工器具","开拓/世达/史丹利","28-210Nm",6,"把",null,0]
[1480,"▲","内六角扳手套装","工器具","史丹利/世达/高松","1.5mm-10mm",14,"套",null,0]
[1481,"▲","内六角扳手套装","工器具","史丹利/世达/高松","加长球头 10件套（2mm-10）",14,"套",null,0]
[1482,"▲","内六角扳手套装","工器具","史丹利/世达/高松","英制",7,"套",null,0]
[1483,"▲","内六角扳手","工器具","史丹利/世达/高松","12mm",11,"把",null,0]
[1484,"▲","内六角扳手","工器具","史丹利/世达/高松","14mm",11,"把",null,0]
[1485,"▲","内六角扳手","工器具","史丹利/世达/高松","16mm",11,"把",null,0]
[1486,"▲","内六角扳手","工器具","史丹利/世达/高松","17mm",6,"把",null,0]
[1487,"▲","内六角扳手","工器具","史丹利/世达/高松","18mm",6,"把",null,0]
[1488,"▲","内六角扳手","工器具","史丹利/世达/高松","19mm",6,"把",null,0]
[1489,"▲","内六角扳手","工器具","史丹利/世达/高松","22mm",5,"把",null,0]
[1490,"▲","活动扳手","工器具","世达/宝工/史丹利","4寸",17,"把",null,0]
[1491,"▲","活动扳手","工器具","世达/宝工/史丹利","6寸",26,"把",null,0]
[1492,"▲","活动扳手","工器具","世达/宝工/史丹利","8寸",26,"把",null,0]
[1493,"▲","活动扳手","工器具","世达/宝工/史丹利","10寸",26,"把",null,0]
[1494,"▲","活动扳手","工器具","世达/宝工/史丹利","12寸",17,"把",null,0]
[1495,"▲","活动扳手","工器具","世达/宝工/史丹利","15寸",17,"把",null,0]
[1496,"▲","活动扳手","工器具","世达/宝工/史丹利","18寸",11,"把",null,0]
[1497,"▲","活动扳手","工器具","世达/宝工/史丹利","24寸",6,"把",null,0]
[1498,"▲","链条扳手","工器具","世达/宝工/史丹利","12寸",8,"把",null,0]
[1499,"▲","链条扳手","工器具","世达/宝工/史丹利","15寸",8,"把",null,0]
[1500,"▲","皮带扳手","工器具","世达/宝工/史丹利","11寸",6,"把",null,0]
[1501,"▲","大开口卫浴扳手","工器具","ZHCY/绿林/得力","6-75mm",8,"把",null,0]
[1502,"▲","八合一水槽扳手","工器具","ZHCY/绿林/得力","适用于2/3/4/6分螺母",8,"把",null,0]
[1503,"▲","大容量拉杆式工具包","工器具","世达/老A/史丹利","23寸 430×240×380mm",7,"个",null,0]
[1504,"▲","十字螺丝刀","工器具","史丹利/世达/罗宾汉","杆径3.2mm，杆长60-75mm",33,"把",null,0]
[1505,"▲","十字螺丝刀","工器具","史丹利/世达/罗宾汉","杆径3.2mm，杆长100mm",39,"把",null,0]
[1506,"▲","十字螺丝刀","工器具","史丹利/世达/罗宾汉","杆径3.2mm，杆长125mm",39,"把",null,0]
[1507,"▲","十字螺丝刀","工器具","史丹利/世达/罗宾汉","杆径3.2mm，杆长150mm",39,"把",null,0]
[1508,"▲","十字螺丝刀","工器具","史丹利/世达/罗宾汉","杆径5mm，杆长60-75mm",27,"把",null,0]
[1509,"▲","十字螺丝刀","工器具","史丹利/世达/罗宾汉","杆径5mm，杆长100mm",39,"把",null,0]
[1510,"▲","十字螺丝刀","工器具","史丹利/世达/罗宾汉","杆径5mm，杆长150mm",39,"把",null,0]
[1511,"▲","十字螺丝刀","工器具","史丹利/世达/罗宾汉","杆径5mm，杆长200mm",27,"把",null,0]
[1512,"▲","十字螺丝刀","工器具","史丹利/世达/罗宾汉","杆径6mm，杆长40-60mm",33,"把",null,0]
[1513,"▲","十字螺丝刀","工器具","史丹利/世达/罗宾汉","杆径6mm，杆长100mm",39,"把",null,0]
[1514,"▲","十字螺丝刀","工器具","史丹利/世达/罗宾汉","杆径6mm，杆长125mm",39,"把",null,0]
[1515,"▲","十字螺丝刀","工器具","史丹利/世达/罗宾汉","杆径6mm，杆长150mm",39,"把",null,0]
[1516,"▲","十字螺丝刀","工器具","史丹利/世达/罗宾汉","杆径6mm，杆长200mm",39,"把",null,0]
[1517,"▲","十字螺丝刀","工器具","史丹利/世达/罗宾汉","杆径6mm，杆长250mm",39,"把",null,0]
[1518,"▲","十字螺丝刀","工器具","史丹利/世达/罗宾汉","杆径8mm，杆长150mm",21,"把",null,0]
[1519,"▲","十字螺丝刀","工器具","史丹利/世达/罗宾汉","杆径8mm，杆长200mm",21,"把",null,0]
[1520,"▲","十字螺丝刀","工器具","史丹利/世达/罗宾汉","杆径8mm，杆长250mm",21,"把",null,0]
[1521,"▲","一字螺丝刀","工器具","史丹利/世达/罗宾汉","杆径3.2mm，杆长60-75mm",33,"把",null,0]
[1522,"▲","一字螺丝刀","工器具","史丹利/世达/罗宾汉","杆径3.2mm，杆长100mm",39,"把",null,0]
[1523,"▲","一字螺丝刀","工器具","史丹利/世达/罗宾汉","杆径3.2mm，杆长125mm",39,"把",null,0]
[1524,"▲","一字螺丝刀","工器具","史丹利/世达/罗宾汉","杆径3.2mm，杆长150mm",39,"把",null,0]
[1525,"▲","一字螺丝刀","工器具","史丹利/世达/罗宾汉","杆径5mm，杆长60-75mm",27,"把",null,0]
[1526,"▲","一字螺丝刀","工器具","史丹利/世达/罗宾汉","杆径5mm，杆长100mm",39,"把",null,0]
[1527,"▲","一字螺丝刀","工器具","史丹利/世达/罗宾汉","杆径5mm，杆长150mm",39,"把",null,0]
[1528,"▲","一字螺丝刀","工器具","史丹利/世达/罗宾汉","杆径5mm，杆长200mm",27,"把",null,0]
[1529,"▲","一字螺丝刀","工器具","史丹利/世达/罗宾汉","杆径6mm，杆长40-60mm",33,"把",null,0]
[1530,"▲","一字螺丝刀","工器具","史丹利/世达/罗宾汉","杆径6mm，杆长100mm",39,"把",null,0]
[1531,"▲","一字螺丝刀","工器具","史丹利/世达/罗宾汉","杆径6mm，杆长125mm",39,"把",null,0]
[1532,"▲","一字螺丝刀","工器具","史丹利/世达/罗宾汉","杆径6mm，杆长150mm",39,"把",null,0]
[1533,"▲","一字螺丝刀","工器具","史丹利/世达/罗宾汉","杆径6mm，杆长200mm",39,"把",null,0]
[1534,"▲","一字螺丝刀","工器具","史丹利/世达/罗宾汉","杆径6mm，杆长250mm",39,"把",null,0]
[1535,"▲","一字螺丝刀","工器具","史丹利/世达/罗宾汉","杆径8mm，杆长150mm",27,"把",null,0]
[1536,"▲","一字螺丝刀","工器具","史丹利/世达/罗宾汉","杆径8mm，杆长200mm",27,"把",null,0]
[1537,"▲","一字螺丝刀","工器具","史丹利/世达/罗宾汉","杆径8mm，杆长250mm",27,"把",null,0]
[1538,"▲","十字绝缘螺丝刀","工器具","史丹利/世达/罗宾汉","杆径3mm，杆长60mm",27,"把",null,0]
[1539,"▲","十字绝缘螺丝刀","工器具","史丹利/世达/罗宾汉","杆径5mm，杆长80mm",27,"把",null,0]
[1540,"▲","十字绝缘螺丝刀","工器具","史丹利/世达/罗宾汉","杆径6mm，杆长100mm",27,"把",null,0]
[1541,"▲","十字绝缘螺丝刀","工器具","史丹利/世达/罗宾汉","杆径8mm，杆长150mm",27,"把",null,0]
[1542,"▲","一字绝缘螺丝刀","工器具","史丹利/世达/罗宾汉","杆径3mm，杆长60mm",27,"把",null,0]
[1543,"▲","一字绝缘螺丝刀","工器具","史丹利/世达/罗宾汉","杆径5mm，杆长80mm",27,"把",null,0]
[1544,"▲","一字绝缘螺丝刀","工器具","史丹利/世达/罗宾汉","杆径6mm，杆长100mm",27,"把",null,0]
[1545,"▲","一字绝缘螺丝刀","工器具","史丹利/世达/罗宾汉","杆径8mm，杆长150mm",26,"把",null,0]
[1546,"▲","短款十字螺丝刀","工器具","史丹利/世达/罗宾汉","杆径5mm，杆长30mm",26,"把",null,0]
[1547,"▲","短款十字螺丝刀","工器具","史丹利/世达/罗宾汉","杆径6mm，杆长30mm",26,"把",null,0]
[1548,"▲","短款一字螺丝刀","工器具","史丹利/世达/罗宾汉","杆径5mm，杆长30mm",26,"把",null,0]
[1549,"▲","短款一字螺丝刀","工器具","史丹利/世达/罗宾汉","杆径6mm，杆长30mm",26,"把",null,0]
[1550,"▲","可敲击十字螺丝刀","工器具","史丹利/世达/罗宾汉","杆径6mm，杆长150mm",15,"把",null,0]
[1551,"▲","可敲击十字螺丝刀","工器具","史丹利/世达/罗宾汉","杆径8mm，杆长200mm",15,"把",null,0]
[1552,"▲","可敲击十字螺丝刀","工器具","史丹利/世达/罗宾汉","杆径8mm，杆长250mm",15,"把",null,0]
[1553,"▲","可敲击十字螺丝刀","工器具","史丹利/世达/罗宾汉","杆径8mm，杆长300mm",15,"把",null,0]
[1554,"▲","可敲击一字螺丝刀","工器具","史丹利/世达/罗宾汉","杆径6mm，杆长150mm",15,"把",null,0]
[1555,"▲","可敲击一字螺丝刀","工器具","史丹利/世达/罗宾汉","杆径8mm，杆长200mm",15,"把",null,0]
[1556,"▲","可敲击一字螺丝刀","工器具","史丹利/世达/罗宾汉","杆径8mm，杆长250mm",15,"把",null,0]
[1557,"▲","精修螺丝刀套装","工器具","史丹利/世达/罗宾汉","6件套",15,"套",null,0]
[1558,"▲","棘轮螺丝刀组合套装","工器具","史丹利/世达/罗宾汉","含十字批头、一字批头、梅花批头、六角批头",14,"套",null,0]
[1559,"▲","钢丝钳","工器具","世达/史丹利/宝工","6寸",26,"把",null,0]
[1560,"▲","钢丝钳","工器具","世达/史丹利/宝工","8寸",26,"把",null,0]
[1561,"▲","斜口钳","工器具","世达/史丹利/宝工","5寸",26,"把",null,0]
[1562,"▲","斜口钳","工器具","世达/史丹利/宝工","6寸",26,"把",null,0]
[1563,"▲","斜口钳","工器具","世达/史丹利/宝工","7寸",26,"把",null,0]
[1564,"▲","尖嘴钳","工器具","世达/史丹利/宝工","5寸",26,"把",null,0]
[1565,"▲","尖嘴钳","工器具","世达/史丹利/宝工","6寸",26,"把",null,0]
[1566,"▲","尖嘴钳","工器具","世达/史丹利/宝工","8寸",26,"把",null,0]
[1567,"▲","大力钳","工器具","老A/世达/史丹利","7寸",7,"把",null,0]
[1568,"▲","大力钳","工器具","老A/世达/史丹利","10寸",7,"把",null,0]
[1569,"▲","孔用卡簧钳","工器具","世达/史丹利/宝工","5寸，直嘴",8,"把",null,0]
[1570,"▲","孔用卡簧钳","工器具","世达/史丹利/宝工","7寸，直嘴",8,"把",null,0]
[1571,"▲","孔用卡簧钳","工器具","世达/史丹利/宝工","9寸，直嘴",8,"把",null,0]
[1572,"▲","孔用卡簧钳","工器具","世达/史丹利/宝工","13寸，直嘴",8,"把",null,0]
[1573,"▲","孔用卡簧钳","工器具","世达/史丹利/宝工","5寸，弯嘴",8,"把",null,0]
[1574,"▲","孔用卡簧钳","工器具","世达/史丹利/宝工","7寸，弯嘴",8,"把",null,0]
[1575,"▲","孔用卡簧钳","工器具","世达/史丹利/宝工","9寸，弯嘴",8,"把",null,0]
[1576,"▲","孔用卡簧钳","工器具","世达/史丹利/宝工","13寸，弯嘴",8,"把",null,0]
[1577,"▲","轴用卡簧钳","工器具","世达/史丹利/宝工","5寸，直嘴",8,"把",null,0]
[1578,"▲","轴用卡簧钳","工器具","世达/史丹利/宝工","7寸，直嘴",8,"把",null,0]
[1579,"▲","轴用卡簧钳","工器具","世达/史丹利/宝工","9寸，直嘴",8,"把",null,0]
[1580,"▲","轴用卡簧钳","工器具","世达/史丹利/宝工","13寸，直嘴",8,"把",null,0]
[1581,"▲","轴用卡簧钳","工器具","世达/史丹利/宝工","5寸，弯嘴",8,"把",null,0]
[1582,"▲","轴用卡簧钳","工器具","世达/史丹利/宝工","7寸，弯嘴",8,"把",null,0]
[1583,"▲","轴用卡簧钳","工器具","世达/史丹利/宝工","9寸，弯嘴",8,"把",null,0]
[1584,"▲","轴用卡簧钳","工器具","世达/史丹利/宝工","13寸，弯嘴",8,"把",null,0]
[1585,"▲","卡簧钳套装","工器具","钢盾/宝拉/世达","轴用、孔用",14,"套",null,0]
[1586,"▲","剥线钳","工器具","世达/老A/罗宾汉","6寸",20,"把",null,0]
[1587,"▲","剪剥压线钳","工器具","世达/老A/罗宾汉","7寸",20,"把",null,0]
[1588,"▲","多功能网络压线钳","工器具","胜为/锐能/山泽","4P/6P/8P",6,"把",null,0]
[1589,"▲","液压压线钳","工器具","正泰/德力西/得力","压接4-70mm2",6,"套",null,0]
[1590,"▲","液压压线钳","工器具","正泰/德力西/得力","压接10-120mm2",6,"套",null,0]
[1591,"▲","液压压线钳","工器具","正泰/德力西/得力","压接16-240mm2",5,"套",null,0]
[1592,"▲","液压压线钳","工器具","正泰/德力西/得力","压接16-300mm2",5,"套",null,0]
[1593,"▲","手动棘轮剪线钳","工器具","罗宾汉/史丹利/世达","剪切单股350mm2以下电缆",7,"把",null,0]
[1594,"▲","锯条","工器具","史丹利/世达/老A","12寸，18齿，10片/盒",6,"盒",null,0]
[1595,"▲","锯条","工器具","史丹利/世达/老A","12寸，24齿，11片/盒",14,"盒",null,0]
[1596,"▲","锯条","工器具","史丹利/世达/老A","12寸，32齿，12片/盒",6,"盒",null,0]
[1597,"▲","整型锉刀套装","工器具","卡夫威尔/世达/史丹利","10件套",8,"套",null,0]
[1598,"▲","钳工锉刀","工器具","史丹利/世达/得力","粗齿平锉10寸",8,"把",null,0]
[1599,"▲","钳工锉刀","工器具","史丹利/世达/得力","中齿平锉10寸",8,"把",null,0]
[1600,"▲","钳工锉刀","工器具","史丹利/世达/得力","细齿平锉10寸",8,"把",null,0]
[1601,"▲","钳工锉刀","工器具","史丹利/世达/得力","粗齿半圆锉10寸",8,"把",null,0]
[1602,"▲","钳工锉刀","工器具","史丹利/世达/得力","中齿半圆锉10寸",8,"把",null,0]
[1603,"▲","钳工锉刀","工器具","史丹利/世达/得力","细齿半圆锉10寸",8,"把",null,0]
[1604,"▲","钳工锉刀","工器具","史丹利/世达/得力","中齿圆锉10寸",8,"把",null,0]
[1605,"▲","钳工锉刀","工器具","史丹利/世达/得力","细齿圆锉10寸",8,"把",null,0]
[1606,"▲","钳工锉刀","工器具","史丹利/世达/得力","粗齿三角锉10寸",8,"把",null,0]
[1607,"▲","钳工锉刀","工器具","史丹利/世达/得力","中齿三角锉10寸",8,"把",null,0]
[1608,"▲","钳工锉刀","工器具","史丹利/世达/得力","细齿三角锉10寸",8,"把",null,0]
[1609,"▲","钳工锉刀","工器具","史丹利/世达/得力","粗齿平锉6寸",8,"把",null,0]
[1610,"▲","钳工锉刀","工器具","史丹利/世达/得力","中齿平锉6寸",8,"把",null,0]
[1611,"▲","钳工锉刀","工器具","史丹利/世达/得力","细齿平锉6寸",8,"把",null,0]
[1612,"▲","钳工锉刀","工器具","史丹利/世达/得力","粗齿半圆锉6寸",8,"把",null,0]
[1613,"▲","钳工锉刀","工器具","史丹利/世达/得力","中齿半圆锉6寸",8,"把",null,0]
[1614,"▲","钳工锉刀","工器具","史丹利/世达/得力","细齿半圆锉6寸",8,"把",null,0]
[1615,"▲","钳工锉刀","工器具","史丹利/世达/得力","粗齿圆锉6寸",8,"把",null,0]
[1616,"▲","钳工锉刀","工器具","史丹利/世达/得力","粗齿圆锉6寸",8,"把",null,0]
[1617,"▲","钳工锉刀","工器具","史丹利/世达/得力","中齿圆锉6寸",8,"把",null,0]
[1618,"▲","钳工锉刀","工器具","史丹利/世达/得力","细齿圆锉6寸",8,"把",null,0]
[1619,"▲","钳工锉刀","工器具","史丹利/世达/得力","粗齿三角锉6寸",8,"把",null,0]
[1620,"▲","钳工锉刀","工器具","史丹利/世达/得力","中齿三角锉6寸",8,"把",null,0]
[1621,"▲","钳工锉刀","工器具","史丹利/世达/得力","细齿三角锉6寸",8,"把",null,0]
[1622,"▲","手用丝锥","工器具","上工/沪工/博世","M14",11,"付",null,0]
[1623,"▲","手用丝锥","工器具","上工/沪工/博世","M16",11,"付",null,0]
[1624,"▲","手用丝锥","工器具","上工/沪工/博世","M18",11,"付",null,0]
[1625,"▲","手用丝锥","工器具","上工/沪工/博世","M20",11,"付",null,0]
[1626,"▲","手用丝锥","工器具","上工/沪工/博世","M22",11,"付",null,0]
[1627,"▲","头戴式电焊防护面罩","工器具","迅达/者也/世达","自动变光",14,"套",null,0]
[1628,"▲","焊把钳","工器具","金象/沪工之星/长城精工","全铜，300A",14,"把",null,0]
[1629,"▲","焊把钳","工器具","金象/沪工之星/长城精工","全铜，500A",14,"把",null,0]
[1630,"▲","焊把钳","工器具","金象/沪工之星/长城精工","全铜，800A",8,"把",null,0]
[1631,"▲","防护眼镜","工器具","3M/霍尼韦尔/世达","防雾版",32,"付",null,0]
[1632,"▲","圆头锤","工器具","麦思德/老A/史丹利","1磅",11,"把",null,0]
[1633,"▲","圆头锤","工器具","麦思德/老A/史丹利","2磅",11,"把",null,0]
[1634,"▲","鸭嘴锤","工器具","麦思德/老A/史丹利","500g",11,"把",null,0]
[1635,"▲","鸭嘴锤","工器具","麦思德/老A/史丹利","1000g",11,"把",null,0]
[1636,"▲","八角锤","工器具","世达/老A/史丹利","2.5磅",11,"把",null,0]
[1637,"▲","八角锤","工器具","世达/老A/史丹利","3磅",11,"把",null,0]
[1638,"▲","八角锤","工器具","世达/老A/史丹利","4磅",11,"把",null,0]
[1639,"▲","八角锤","工器具","世达/老A/史丹利","6磅",7,"把",null,0]
[1640,"▲","八角锤","工器具","世达/老A/史丹利","8磅",7,"把",null,0]
[1641,"▲","八角锤","工器具","世达/老A/史丹利","10磅",5,"把",null,0]
[1642,"▲","八角锤","工器具","世达/老A/史丹利","12磅",5,"把",null,0]
[1643,"▲","八角锤","工器具","世达/老A/史丹利","14磅",5,"把",null,0]
[1644,"▲","八角锤","工器具","世达/老A/史丹利","16磅",5,"把",null,0]
[1645,"▲","硬质合金钢        金属开孔器","工器具","佰瑞特/世博/优尼卡","开孔16-20mm",26,"只",null,0]
[1646,"▲","硬质合金钢        金属开孔器","工器具","佰瑞特/世博/优尼卡","开孔21-30mm",26,"只",null,0]
[1647,"▲","硬质合金钢        金属开孔器","工器具","佰瑞特/世博/优尼卡","开孔32-40mm",26,"只",null,0]
[1648,"▲","硬质合金钢        金属开孔器","工器具","佰瑞特/世博/优尼卡","开孔42-50mm",26,"只",null,0]
[1649,"▲","硬质合金钢        金属开孔器","工器具","佰瑞特/世博/优尼卡","开孔53-60mm",26,"只",null,0]
[1650,"▲","硬质合金钢        金属开孔器","工器具","佰瑞特/世博/优尼卡","开孔65-70mm",17,"只",null,0]
[1651,"▲","硬质合金钢        金属开孔器","工器具","佰瑞特/世博/优尼卡","开孔75-80mm",17,"只",null,0]
[1652,"▲","硬质合金钢        金属开孔器","工器具","佰瑞特/世博/优尼卡","开孔85mm",17,"只",null,0]
[1653,"▲","硬质合金钢        金属开孔器","工器具","佰瑞特/世博/优尼卡","开孔90mm",17,"只",null,0]
[1654,"▲","硬质合金钢        金属开孔器","工器具","佰瑞特/世博/优尼卡","开孔95mm",17,"只",null,0]
[1655,"▲","硬质合金钢        金属开孔器","工器具","佰瑞特/世博/优尼卡","开孔100mm",17,"只",null,0]
[1656,"▲","手动吸锡器","工器具","宝工/世达/史丹利","吸力30cm-Hg，ABS材质",5,"把",null,0]
[1657,"▲","pvc剪管器","工器具","上匠/世达/史丹利","0-64mm+刀片",8,"把",null,0]
[1658,"▲","黄油枪","工器具","世达/史丹利/宝工","100CC",14,"把",null,0]
[1659,"▲","黄油枪","工器具","世达/史丹利/宝工","400CC",14,"把",null,0]
[1660,"▲","黄油枪","工器具","世达/史丹利/宝工","600CC",14,"把",null,0]
[1661,"▲","透明管黄油枪","工器具","世达/史丹利/宝工","400CC",8,"把",null,0]
[1662,"▲","黄油枪尖嘴","工器具","世达/史丹利/宝工","通用尺寸",32,"颗",null,0]
[1663,"▲","黄油枪油嘴","工器具","世达/史丹利/宝工","通用尺寸",32,"颗",null,0]
[1664,"▲","黄油枪软管","工器具","世达/史丹利/宝工","18英寸",6,"条",null,0]
[1665,"▲","切割片","工器具","大白鲨/金象/砂威","400*3.2*32mm 25片/盒",20,"盒",null,0]
[1666,"▲","切割片","工器具","大白鲨/金象/砂威","350*3.2*25.4mm        25片/盒",20,"盒",null,0]
[1667,"▲","手砂轮切割片","工器具","大白鲨/金象/砂威","105*1.2*16mm  50片/盒",122,"盒",null,0]
[1668,"▲","手砂轮切割片","工器具","大白鲨/金象/砂威","105*2.5*16mm  50片/盒",92,"盒",null,0]
[1669,"▲","手砂轮磨片","工器具","大白鲨/金象/砂威","100*6*16mm 50片/盒",62,"盒",null,0]
[1670,"▲","手砂轮磨片","工器具","大白鲨/金象/砂威","100*4*16mm 50片/盒",32,"盒",null,0]
[1671,"▲","手砂轮百叶砂轮片","工器具","大白鲨/金象/砂威","100*16mm 40片/盒",62,"盒",null,0]
[1672,"▲","金刚石切割片","工器具","博世/老A/雷蒙","4寸",26,"片",null,0]
[1673,"▲","双轴承手拉葫芦","工器具","沪工/世达/得力","1吨3米",10,"台",null,0]
[1674,"▲","双轴承手拉葫芦","工器具","沪工/世达/得力","1吨6米",10,"台",null,0]
[1675,"▲","双轴承手拉葫芦","工器具","沪工/世达/得力","2吨3米",10,"台",null,0]
[1676,"▲","双轴承手拉葫芦","工器具","沪工/世达/得力","2吨6米",10,"台",null,0]
[1677,"▲","双轴承手拉葫芦","工器具","沪工/世达/得力","2吨9米",8,"台",null,0]
[1678,"▲","双轴承手拉葫芦","工器具","沪工/世达/得力","3吨3米",8,"台",null,0]
[1679,"▲","双轴承手拉葫芦","工器具","沪工/世达/得力","3吨6米",8,"台",null,0]
[1680,"▲","双轴承手拉葫芦","工器具","沪工/世达/得力","3吨9米",8,"台",null,0]
[1681,"▲","双轴承手拉葫芦","工器具","沪工/世达/得力","3吨12米",6,"台",null,0]
[1682,"▲","双轴承手拉葫芦","工器具","沪工/世达/得力","5吨3米",6,"台",null,0]
[1683,"▲","双轴承手拉葫芦","工器具","沪工/世达/得力","5吨6米",6,"台",null,0]
[1684,"▲","双轴承手拉葫芦","工器具","沪工/世达/得力","5吨9米",6,"台",null,0]
[1685,"▲","双轴承手拉葫芦","工器具","沪工/世达/得力","5吨12米",6,"台",null,0]
[1686,"▲","断头螺丝取丝器","工器具","史丹利/世达/宝工","M3-M14",12,"套",null,0]
[1687,"▲","角磨机","工器具","博世/牧田/德伟","适用砂轮直径少于等于105mm，功率约700W。",11,"台",null,0]
[1688,"▲","充电式角磨机","工器具","博世/牧田/德伟","适用砂轮直径少于等于105mm，双电套装。",11,"台",null,0]
[1689,"▲","手电钻","工器具","博世/牧田/德伟","功率约345W",11,"台",null,0]
[1690,"▲","充电式手电钻","工器具","博世/牧田/德伟","最大扭矩50/28牛米，扭矩设置20档，最大夹持能力13mm，三爪夹头，电池容量18V/4.0安时，配两电一充。",8,"台",null,0]
[1691,"▲","充电式手电钻","工器具","博世/牧田/德伟","最大扭矩100牛米，1/4英寸内六角夹头，电池容量12V/2.0安时，配两电一充。",8,"台",null,0]
[1692,"▲","轻型电锤","工器具","博世/牧田/德伟","功率约720W，单次最大锤击力2.0焦耳，锤击率0-4800bpm，空载转速0-2000rpm。",10,"台",null,0]
[1693,"▲","电锤","工器具","博世/牧田/德伟","功率约900W，单次最大锤击力5.0焦耳，锤击率0-3600bpm，空载转速0-760rpm。",6,"台",null,0]
[1694,"▲","充电式电锤","工器具","博世/牧田/德伟","单次锤击力1.7焦耳，锤击率0-4550bpm，空载转速0-1800rpm，配两电一充。",11,"台",null,0]
[1695,"▲","手持式工程钻机","工器具","博森/得力/东成","额定输入功率2200W，额定电压220V，额定负责转速0-1250rpm，最大钻孔直径168mm。",11,"台",null,0]
[1696,"▲","无刷电动扳手","工器具","博世/牧田/德伟","最大扭矩300牛米，工具夹头1/2英寸，电池容量18V/4.0安时，配两电一充。",8,"套",null,0]
[1697,"▲","数字万用表","工器具","福禄克（FLUKE）/   日置（HIOKI）/GMC高美","F17B",13,"套",null,0]
[1698,"▲","钳型电流表","工器具","福禄克（FLUKE）/   日置（HIOKI）/GMC高美","F317",7,"套",null,0]
[1699,"▲","钳型电流表","工器具","福禄克（FLUKE）/   日置（HIOKI）/GMC高美","F319",7,"套",null,0]
[1700,"▲","钳型电流表","工器具","福禄克（FLUKE）    /日置（HIOKI）/GMC高美","3280-10F",7,"套",null,0]
[1701,"▲","充电式吹风机","工器具","东成/老A/雷蒙","1.6-2.8m3/min，3档调风，电池容量4.0Ah，一电一充。",7,"台",null,0]
[1702,null,"气缸","工器具","怀利/德力西/正泰","SC62×50",3,"个",null,0]
[1703,null,"气缸","工器具","任意品牌","ACTAIRC70",2,"个",null,0]
[1704,null,"气源处理器","工器具","正泰/施耐德/西门子","单联件，可调压",19,"套",null,0]
[1705,null,"气源处理器","工器具","正泰/施耐德/西门子","双联件，可调压",19,"套",null,0]
[1706,null,"气源处理器","工器具","正泰/德力西/西门子","三联件，可调压",19,"套",null,0]
[1707,null,"活动立柱磁性表座","工器具","任意品牌","磁吸力60kg",6,"套",null,0]
[1708,null,"球形万向磁性表座","工器具","任意品牌","磁吸力60kg  总长约200mm",6,"套",null,0]
[1709,null,"球形万向磁性表座","工器具","任意品牌","磁吸力60kg  总长约380mm",4,"套",null,0]
[1710,null,"氩气表","工器具","任意品牌","锌合金+铝材质  最大输入压力15MPa调节范围：0.01-0.15MPa公称压力：25L/min 进口链接螺纹G5/8\"（M23*1.8）出口链接螺纹：M16*1.5出口连接气管：内径6.5-8mm均可",10,"个",null,0]
[1711,null,"液压表","工器具","任意品牌","0-16MPA不锈钢材质，径向安装，不锈钢材质接头，M14×1.5",9,"个",null,0]
[1712,null,"塞尺","工器具","任意品牌","0.02-1.0mm 长150mm",4,"把",null,0]
[1713,null,"塞尺","工器具","任意品牌","0.02-1.0mm 长500mm",4,"把",null,0]
[1714,null,"磁性水平尺","工器具","任意品牌","400mm",4,"把",null,0]
[1715,null,"水平尺","工器具","任意品牌","24寸 铝合金 磁性 质量好的",13,"把",null,0]
[1716,null,"刀口尺","工器具","任意品牌","200mm",4,"把",null,0]
[1717,null,"直柄麻花钻头","工器具","任意品牌","2.5mm，含钴高速钢全磨制",19,"支",null,0]
[1718,null,"直柄麻花钻头","工器具","任意品牌","3mm，含钴高速钢全磨制",25,"支",null,0]
[1719,null,"直柄麻花钻头","工器具","任意品牌","3.5mm，含钴高速钢全磨制",25,"支",null,0]
[1720,null,"直柄麻花钻头","工器具","任意品牌","4mm，含钴高速钢全磨制",25,"支",null,0]
[1721,null,"直柄麻花钻头","工器具","任意品牌","4.5mm，含钴高速钢全磨制",25,"支",null,0]
[1722,null,"直柄麻花钻头","工器具","任意品牌","5mm，含钴高速钢全磨制",25,"支",null,0]
[1723,null,"直柄麻花钻头","工器具","任意品牌","6mm，含钴高速钢全磨制",25,"支",null,0]
[1724,null,"直柄麻花钻头","工器具","任意品牌","7mm，含钴高速钢全磨制",25,"支",null,0]
[1725,null,"直柄麻花钻头","工器具","任意品牌","8mm，含钴高速钢全磨制",25,"支",null,0]
[1726,null,"直柄麻花钻头","工器具","任意品牌","9mm，含钴高速钢全磨制",25,"支",null,0]
[1727,null,"直柄麻花钻头","工器具","任意品牌","10.5含钴高速钢全磨制",25,"支",null,0]
[1728,null,"直柄麻花钻头","工器具","任意品牌","11.5含钴高速钢全磨制",25,"支",null,0]
[1729,null,"直柄麻花钻头","工器具","任意品牌","12.5含钴高速钢全磨制",25,"支",null,0]
[1730,null,"直柄麻花钻头","工器具","任意品牌","13mm，含钴高速钢全磨制",25,"支",null,0]
[1731,null,"直柄麻花钻头","工器具","任意品牌","14mm，含钴高速钢全磨制",25,"支",null,0]
[1732,null,"直柄麻花钻头","工器具","任意品牌","16mm，含钴高速钢全磨制",25,"支",null,0]
[1733,null,"高速合金硬质麻花钻头","工器具","任意品牌","12mm-13.5mm",13,"支",null,0]
[1734,null,"高速合金硬质麻花钻头","工器具","任意品牌","13.5mm-15.5mm",13,"支",null,0]
[1735,null,"高速合金硬质麻花钻头","工器具","任意品牌","15.6mm-16.5mm",13,"支",null,0]
[1736,null,"高速合金硬质麻花钻头","工器具","任意品牌","16.6mm-18.5mm",13,"支",null,0]
[1737,null,"高速合金硬质麻花钻头","工器具","任意品牌","18.6mm-20.5mm",13,"支",null,0]
[1738,null,"高速合金硬质麻花钻头","工器具","任意品牌","20.6mm-22.5mm",10,"支",null,0]
[1739,null,"高速合金硬质麻花钻头","工器具","任意品牌","22.6mm-24.5mm",10,"支",null,0]
[1740,null,"高速合金硬质麻花钻头","工器具","任意品牌","24.6mm-26.5mm",6,"支",null,0]
[1741,null,"高速合金硬质麻花钻头","工器具","任意品牌","26.6mm-28.5mm",5,"支",null,0]
[1742,null,"高速合金硬质麻花钻头","工器具","任意品牌","28.6mm-30.5mm",5,"支",null,0]
[1743,null,"瓷砖专用钻头","工器具","任意品牌","M6",25,"支",null,0]
[1744,null,"瓷砖专用钻头","工器具","任意品牌","M8",25,"支",null,0]
[1745,null,"瓷砖专用钻头","工器具","任意品牌","M10",25,"支",null,0]
[1746,null,"圆柄/方柄冲击钻头","工器具","任意品牌","超硬钨钢合金，M6×100mm",61,"支",null,0]
[1747,null,"圆柄/方柄冲击钻头","工器具","任意品牌","超硬钨钢合金，M8×100mm",61,"支",null,0]
[1748,null,"圆柄/方柄冲击钻头","工器具","任意品牌","超硬钨钢合金，M10×100mm",97,"支",null,0]
[1749,null,"圆柄/方柄冲击钻头","工器具","任意品牌","超硬钨钢合金，M10×160mm",97,"支",null,0]
[1750,null,"圆柄/方柄冲击钻头","工器具","任意品牌","超硬钨钢合金，M12×120mm",73,"支",null,0]
[1751,null,"圆柄/方柄冲击钻头","工器具","任意品牌","超硬钨钢合金，M12×160mm",73,"支",null,0]
[1752,null,"圆柄/方柄冲击钻头","工器具","任意品牌","超硬钨钢合金，M12×200mm",73,"支",null,0]
[1753,null,"圆柄/方柄冲击钻头","工器具","任意品牌","超硬钨钢合金，M14×160mm",73,"支",null,0]
[1754,null,"圆柄/方柄冲击钻头","工器具","任意品牌","超硬钨钢合金，M14×200mm",73,"支",null,0]
[1755,null,"圆柄/方柄冲击钻头","工器具","任意品牌","超硬钨钢合金，M16×160mm",73,"支",null,0]
[1756,null,"圆柄/方柄冲击钻头","工器具","任意品牌","超硬钨钢合金，M16×200mm",73,"支",null,0]
[1757,null,"圆柄/方柄冲击钻头","工器具","任意品牌","超硬钨钢合金，M16×350mm",73,"支",null,0]
[1758,null,"圆柄/方柄冲击钻头","工器具","任意品牌","超硬钨钢合金，M18×200mm",49,"支",null,0]
[1759,null,"圆柄/方柄冲击钻头","工器具","任意品牌","超硬钨钢合金，M18×350mm",49,"支",null,0]
[1760,null,"圆柄/方柄冲击钻头","工器具","任意品牌","超硬钨钢合金，M20×200mm",49,"支",null,0]
[1761,null,"圆柄/方柄冲击钻头","工器具","任意品牌","超硬钨钢合金，M20×350mm",49,"支",null,0]
[1762,null,"圆柄/方柄冲击钻头","工器具","任意品牌","超硬钨钢合金，M22×200mm",31,"支",null,0]
[1763,null,"圆柄/方柄冲击钻头","工器具","任意品牌","超硬钨钢合金，M22×350mm",31,"支",null,0]
[1764,null,"圆柄/方柄冲击钻头","工器具","任意品牌","超硬钨钢合金，M25×200mm",31,"支",null,0]
[1765,null,"圆柄/方柄冲击钻头","工器具","任意品牌","超硬钨钢合金，M25×350mm",31,"支",null,0]
[1766,null,"水钻头","工器具","任意品牌","金刚石，25×370mm",25,"支",null,0]
[1767,null,"水钻头","工器具","任意品牌","金刚石，27×370mm",13,"支",null,0]
[1768,null,"水钻头","工器具","任意品牌","金刚石，30×370mm",25,"支",null,0]
[1769,null,"水钻头","工器具","任意品牌","金刚石，32×370mm",13,"支",null,0]
[1770,null,"水钻头","工器具","任意品牌","金刚石，36×370mm",25,"支",null,0]
[1771,null,"水钻头","工器具","任意品牌","金刚石，40×370mm",25,"支",null,0]
[1772,null,"水钻头","工器具","任意品牌","金刚石，44×370mm",13,"支",null,0]
[1773,null,"水钻头","工器具","任意品牌","金刚石，46×370mm",19,"支",null,0]
[1774,null,"水钻头","工器具","任意品牌","金刚石，51×370mm",10,"支",null,0]
[1775,null,"水钻头","工器具","任意品牌","金刚石，63×370mm",10,"支",null,0]
[1776,null,"水钻头","工器具","任意品牌","金刚石，71×370mm",7,"支",null,0]
[1777,null,"水钻头","工器具","任意品牌","金刚石，76×370mm",7,"支",null,0]
[1778,null,"水钻头","工器具","任意品牌","金刚石，83×370mm",7,"支",null,0]
[1779,null,"水钻头","工器具","任意品牌","金刚石，102×350mm",7,"支",null,0]
[1780,null,"水钻头","工器具","任意品牌","金刚石，112×350mm",7,"支",null,0]
[1781,null,"水钻头","工器具","任意品牌","金刚石，120×350mm",7,"支",null,0]
[1782,null,"水钻头","工器具","任意品牌","金刚石，132×350mm",7,"支",null,0]
[1783,null,"水钻头","工器具","任意品牌","金刚石，160×350mm",5,"支",null,0]
[1784,null,"水钻头","工器具","任意品牌","金刚石，168×350mm",5,"支",null,0]
[1785,null,"波纹铣刀","工器具","任意品牌","直径6mm",13,"支",null,0]
[1786,null,"波纹铣刀","工器具","任意品牌","直径8mm",13,"支",null,0]
[1787,null,"波纹铣刀","工器具","任意品牌","直径10mm",13,"支",null,0]
[1788,null,"波纹铣刀","工器具","任意品牌","直径12mm",13,"支",null,0]
[1789,null,"波纹铣刀","工器具","任意品牌","直径14mm",13,"支",null,0]
[1790,null,"波纹铣刀","工器具","任意品牌","直径16mm",13,"支",null,0]
[1791,null,"手电钻钥匙","工器具","任意品牌",null,13,"把",null,0]
[1792,null,"钻夹","工器具","任意品牌","1-13mm",25,"个",null,0]
[1793,null,"L型套筒扳手","工器具","世达/史丹利/田岛","开口17mm，长度187mm",13,"个",null,0]
[1794,null,"L型套筒扳手","工器具","世达/史丹利/田岛","开口19mm，长度204mm",13,"个",null,0]
[1795,null,"L型套筒扳手","工器具","世达/史丹利/田岛","开口21mm，长度221mm",13,"个",null,0]
[1796,null,"L型套筒扳手","工器具","世达/史丹利/田岛","开口22mm，长度230mm",13,"个",null,0]
[1797,null,"撞批","工器具","任意品牌","六角多批头",5,"套",null,0]
[1798,null,"手虎钳","工器具","任意品牌","25mm",5,"把",null,0]
[1799,null,"手虎钳","工器具","任意品牌","40mm",5,"把",null,0]
[1800,null,"手虎钳","工器具","任意品牌","50mm",5,"把",null,0]
[1801,null,"锰钢国标轴用卡簧","工器具","任意品牌","φ8-20mm",91,"个",null,0]
[1802,null,"锰钢国标轴用卡簧","工器具","任意品牌","φ22-35mm",91,"个",null,0]
[1803,null,"锰钢国标轴用卡簧","工器具","任意品牌","φ36-50mm",91,"个",null,0]
[1804,null,"锰钢国标轴用卡簧","工器具","任意品牌","φ52-70mm",49,"个",null,0]
[1805,null,"锰钢国标轴用卡簧","工器具","任意品牌","φ72-90mm",37,"个",null,0]
[1806,null,"锰钢国标轴用卡簧","工器具","任意品牌","φ95-105mm",37,"个",null,0]
[1807,null,"锰钢国标轴用卡簧","工器具","任意品牌","φ110-125mm",25,"个",null,0]
[1808,null,"锰钢国标轴用卡簧","工器具","任意品牌","φ8-20mm",91,"个",null,0]
[1809,null,"锰钢国标孔用卡簧","工器具","任意品牌","φ22-35mm",91,"个",null,0]
[1810,null,"锰钢国标孔用卡簧","工器具","任意品牌","φ36-50mm",91,"个",null,0]
[1811,null,"锰钢国标孔用卡簧","工器具","任意品牌","φ52-70mm",49,"个",null,0]
[1812,null,"锰钢国标孔用卡簧","工器具","任意品牌","φ72-90mm",37,"个",null,0]
[1813,null,"锰钢国标孔用卡簧","工器具","任意品牌","φ95-105mm",37,"个",null,0]
[1814,null,"锰钢国标孔用卡簧","工器具","任意品牌","φ110-125mm",25,"个",null,0]
[1815,null,"304不锈钢国标     轴用卡簧","工器具","任意品牌","φ8-20mm",31,"个",null,0]
[1816,null,"304不锈钢国标     轴用卡簧","工器具","任意品牌","φ22-35mm",31,"个",null,0]
[1817,null,"304不锈钢国标     轴用卡簧","工器具","任意品牌","φ36-50mm",31,"个",null,0]
[1818,null,"304不锈钢国标     轴用卡簧","工器具","任意品牌","φ52-70mm",19,"个",null,0]
[1819,null,"304不锈钢国标     轴用卡簧","工器具","任意品牌","φ72-90mm",19,"个",null,0]
[1820,null,"304不锈钢国标     轴用卡簧","工器具","任意品牌","φ95-105mm",13,"个",null,0]
[1821,null,"304不锈钢国标     轴用卡簧","工器具","任意品牌","φ110-125mm",13,"个",null,0]
[1822,null,"304不锈钢国标     孔用卡簧","工器具","任意品牌","φ8-20mm",31,"个",null,0]
[1823,null,"304不锈钢国标     孔用卡簧","工器具","任意品牌","φ22-35mm",31,"个",null,0]
[1824,null,"304不锈钢国标     孔用卡簧","工器具","任意品牌","φ36-50mm",31,"个",null,0]
[1825,null,"304不锈钢国标     孔用卡簧","工器具","任意品牌","φ52-70mm",19,"个",null,0]
[1826,null,"304不锈钢国标     孔用卡簧","工器具","任意品牌","φ72-90mm",19,"个",null,0]
[1827,null,"304不锈钢国标     孔用卡簧","工器具","任意品牌","φ95-105mm",13,"个",null,0]
[1828,null,"304不锈钢国标     孔用卡簧","工器具","任意品牌","φ110-125mm",13,"个",null,0]
[1829,null,"电缆剪线钳","工器具","任意品牌","6寸",6,"把",null,0]
[1830,null,"电缆剪线钳","工器具","任意品牌","8寸",5,"把",null,0]
[1831,null,"电缆剪线钳","工器具","任意品牌","10寸",5,"把",null,0]
[1832,null,"电缆剪线钳","工器具","任意品牌","12寸",5,"把",null,0]
[1833,null,"电缆剪线钳","工器具","任意品牌","18寸",4,"把",null,0]
[1834,null,"电缆剪线钳","工器具","任意品牌","24寸",4,"把",null,0]
[1835,null,"电缆剪线钳","工器具","任意品牌","32寸",4,"把",null,0]
[1836,null,"液压电缆剪线钳","工器具","任意品牌","出力10吨，剪切φ95mm以下电缆",6,"把",null,0]
[1837,null,"台虎钳","工器具","任意品牌","6寸",4,"套",null,0]
[1838,null,"台虎钳","工器具","任意品牌","8寸",4,"套",null,0]
[1839,null,"管钳","工器具","任意品牌","8寸",10,"把",null,0]
[1840,null,"管钳","工器具","任意品牌","10寸",10,"把",null,0]
[1841,null,"管钳","工器具","任意品牌","12寸",10,"把",null,0]
[1842,null,"管钳","工器具","任意品牌","14寸",10,"把",null,0]
[1843,null,"管钳","工器具","任意品牌","18寸",7,"把",null,0]
[1844,null,"管钳","工器具","任意品牌","24寸",7,"把",null,0]
[1845,null,"管钳","工器具","任意品牌","36寸",6,"把",null,0]
[1846,null,"管钳","工器具","任意品牌","48寸",6,"把",null,0]
[1847,null,"钢凿","工器具","任意品牌","250mm，平头",10,"把",null,0]
[1848,null,"钢凿","工器具","任意品牌","300mm，平头",10,"把",null,0]
[1849,null,"钢凿","工器具","任意品牌","250mm，尖头",10,"把",null,0]
[1850,null,"钢凿","工器具","任意品牌","300mm，尖头",10,"把",null,0]
[1851,null,"木工凿","工器具","任意品牌","1/2寸",5,"把",null,0]
[1852,null,"木工凿","工器具","任意品牌","3/4寸",5,"把",null,0]
[1853,null,"木工凿","工器具","任意品牌","1寸",5,"把",null,0]
[1854,null,"锯弓","工器具","任意品牌","12寸，重型",7,"把",null,0]
[1855,null,"撬棍","工器具","任意品牌","六凌钢      粗25mm，长135cm",5,"把",null,0]
[1856,null,"撬棍","工器具","任意品牌","六凌钢      粗25mm，长115cm",4,"把",null,0]
[1857,null,"撬棍","工器具","任意品牌","六凌钢      粗23mm，长95cm",4,"把",null,0]
[1858,null,"撬棍","工器具","任意品牌","六凌钢      粗18mm，长75cm",6,"把",null,0]
[1859,null,"撬棍","工器具","任意品牌","六凌钢      粗16mm，长55cm",6,"把",null,0]
[1860,null,"撬棍","工器具","任意品牌","六凌钢      粗16mm，长35cm",6,"把",null,0]
[1861,null,"丝攻铰手","工器具","任意品牌","180mm",10,"把",null,0]
[1862,null,"丝攻铰手","工器具","任意品牌","280mm",10,"把",null,0]
[1863,null,"丝攻铰手","工器具","任意品牌","380mm",10,"把",null,0]
[1864,null,"板牙","工器具","任意品牌","M14",10,"付",null,0]
[1865,null,"板牙","工器具","任意品牌","M16",10,"付",null,0]
[1866,null,"板牙","工器具","任意品牌","M18",10,"付",null,0]
[1867,null,"板牙","工器具","任意品牌","M20",10,"付",null,0]
[1868,null,"板牙","工器具","任意品牌","M22",10,"付",null,0]
[1869,null,"手用丝锥板牙套装","工器具","任意品牌","可套M3-M12螺纹",4,"套",null,0]
[1870,null,"轻型管子铰板套装","工器具","任意品牌","攻4分、6分、1寸管螺纹",4,"套",null,0]
[1871,null,"工业用厚壁裁纸刀","工器具","任意品牌","大号",31,"把",null,0]
[1872,null,"裁纸刀片","工器具","任意品牌","大号",61,"盒",null,0]
[1873,null,"锦纶尼龙绳","工器具","任意品牌","绳径16mm",181,"米",null,0]
[1874,null,"锦纶尼龙绳","工器具","任意品牌","绳径18mm",181,"米",null,0]
[1875,null,"锦纶尼龙绳","工器具","任意品牌","绳径20mm",181,"米",null,0]
[1876,null,"锦纶尼龙绳","工器具","任意品牌","绳径22mm",121,"米",null,0]
[1877,null,"锦纶尼龙绳","工器具","任意品牌","绳径24mm",121,"米",null,0]
[1878,null,"起重吊带","工器具","任意品牌","1T×1米",13,"条",null,0]
[1879,null,"起重吊带","工器具","任意品牌","1T×2米",25,"条",null,0]
[1880,null,"起重吊带","工器具","任意品牌","1T×3米",25,"条",null,0]
[1881,null,"起重吊带","工器具","任意品牌","2T×1米",13,"条",null,0]
[1882,null,"起重吊带","工器具","任意品牌","2T×2米",25,"条",null,0]
[1883,null,"起重吊带","工器具","任意品牌","2T×3米",25,"条",null,0]
[1884,null,"起重吊带","工器具","任意品牌","2T×4米",25,"条",null,0]
[1885,null,"起重吊带","工器具","任意品牌","3T×1米",13,"条",null,0]
[1886,null,"起重吊带","工器具","任意品牌","3T×2米",25,"条",null,0]
[1887,null,"起重吊带","工器具","任意品牌","3T×4米",25,"条",null,0]
[1888,null,"起重吊带","工器具","任意品牌","5T×2米",13,"条",null,0]
[1889,null,"起重吊带","工器具","任意品牌","5T×3米",25,"条",null,0]
[1890,null,"起重吊带","工器具","任意品牌","5T×4米",25,"条",null,0]
[1891,null,"起重吊带","工器具","任意品牌","5T×6米",13,"条",null,0]
[1892,null,"起重吊带","工器具","任意品牌","10T×2米",5,"条",null,0]
[1893,null,"起重吊带","工器具","任意品牌","10T×4米",5,"条",null,0]
[1894,null,"起重吊带","工器具","任意品牌","10T×5米",5,"条",null,0]
[1895,null,"起重吊带","工器具","任意品牌","10T×6米",5,"条",null,0]
[1896,null,"手持式电焊防护面罩","工器具","任意品牌","红钢纸",25,"个",null,0]
[1897,null,"电焊面罩玻璃镜片","工器具","任意品牌","7#/8#/9#,10片/盒",25,"盒",null,0]
[1898,null,"电焊面罩玻璃镜片","工器具","任意品牌","10#，10片/盒",7,"盒",null,0]
[1899,null,"电焊机地线钳","工器具","任意品牌","全铜，300A",10,"把",null,0]
[1900,null,"电焊机地线钳","工器具","任意品牌","全铜，500A",10,"把",null,0]
[1901,null,"电焊机地线钳","工器具","任意品牌","全铜，800A",6,"把",null,0]
[1902,null,"焊把线","工器具","任意品牌","纯铜16mm2",61,"米",null,0]
[1903,null,"焊把线","工器具","任意品牌","纯铜25mm2",121,"米",null,0]
[1904,null,"焊把线","工器具","任意品牌","纯铜35mm2",181,"米",null,0]
[1905,null,"焊把线","工器具","任意品牌","纯铜50mm2",61,"米",null,0]
[1906,null,"磁性焊接定位器","工器具","任意品牌","全方位套装",13,"套",null,0]
[1907,null,"牛皮电焊围裙","工器具","任意品牌","70*100cm 棕色整体",13,"件",null,0]
[1908,null,"焊工手套","工器具","任意品牌","软牛皮",73,"对",null,0]
[1909,null,"焊工用墨镜","工器具","任意品牌","不限",37,"付",null,0]
[1910,null,"气瓶推车","工器具","任意品牌","适用于40L气瓶",9,"辆",null,0]
[1911,null,"氧气乙炔管","工器具","任意品牌","含氧气管、乙炔管，双色管，φ8mm，配接头。",241,"米",null,0]
[1912,null,"氧气减压表","工器具","任意品牌","全铜",16,"套",null,0]
[1913,null,"乙炔减压表","工器具","任意品牌","全铜",16,"套",null,0]
[1914,null,"氩气减压表","工器具","任意品牌","全铜",16,"套",null,0]
[1915,null,"回火防止器","工器具","任意品牌","适用于乙炔减压阀",13,"套",null,0]
[1916,null,"回火防止器","工器具","任意品牌","适用于割枪",13,"套",null,0]
[1917,null,"氧气乙炔割枪","工器具","任意品牌","30型，全铜国标",10,"套",null,0]
[1918,null,"氧气乙炔割枪","工器具","任意品牌","100型，全铜国标",10,"套",null,0]
[1919,null,"氧气乙炔割枪","工器具","任意品牌","300型，全铜国标",7,"套",null,0]
[1920,null,"乙炔割嘴","工器具","任意品牌","30型，全铜，5只/盒",19,"盒",null,0]
[1921,null,"乙炔割嘴","工器具","任意品牌","100型，全铜，5只/盒",19,"盒",null,0]
[1922,null,"乙炔割嘴","工器具","任意品牌","300型，全铜，5只/盒",13,"盒",null,0]
[1923,null,"氧气乙炔工具套装","工器具","任意品牌","30型/100型，含铜割枪、氧气乙炔气管，氧气乙炔减压阀、回火防止器等。",10,"套",null,0]
[1924,null,"液化气喷火枪","工器具","任意品牌","30型",4,"把",null,0]
[1925,null,"液化气喷火枪","工器具","任意品牌","35型",4,"把",null,0]
[1926,null,"液化气喷火枪","工器具","任意品牌","50型",4,"把",null,0]
[1927,null,"氩弧焊机枪","工器具","任意品牌","150A,4米长度",5,"套",null,0]
[1928,null,"氩弧焊机枪","工器具","任意品牌","150A,8米长度",4,"套",null,0]
[1929,null,"氩弧焊机枪头","工器具","任意品牌","150A",7,"把",null,0]
[1930,null,"氩弧焊钨针","工器具","任意品牌","1.6mm，铈钨，10支/盒",5,"盒",null,0]
[1931,null,"氩弧焊钨针","工器具","任意品牌","1.6mm，钍钨，10支/盒",5,"盒",null,0]
[1932,null,"氩弧焊钨针","工器具","任意品牌","1.6mm，纯钨，10支/盒",5,"盒",null,0]
[1933,null,"氩弧焊钨针","工器具","任意品牌","2.0mm，铈钨，10支/盒",5,"盒",null,0]
[1934,null,"氩弧焊钨针","工器具","任意品牌","2.0mm，钍钨，10支/盒",5,"盒",null,0]
[1935,null,"氩弧焊钨针","工器具","任意品牌","2.0mm，纯钨，10支/盒",5,"盒",null,0]
[1936,null,"氩弧焊钨针","工器具","任意品牌","2.4mm，铈钨，10支/盒",5,"盒",null,0]
[1937,null,"氩弧焊钨针","工器具","任意品牌","2.4mm，钍钨，10支/盒",5,"盒",null,0]
[1938,null,"氩弧焊钨针","工器具","任意品牌","2.4mm，纯钨，10支/盒",5,"盒",null,0]
[1939,null,"氩弧焊钨针","工器具","任意品牌","3.0mm，铈钨，10支/盒",5,"盒",null,0]
[1940,null,"氩弧焊钨针","工器具","任意品牌","3.0mm，钍钨，10支/盒",5,"盒",null,0]
[1941,null,"氩弧焊钨针","工器具","任意品牌","3.0mm，纯钨，10支/盒",5,"盒",null,0]
[1942,null,"钨针夹","工器具","任意品牌","1.6mm，紫铜，10个/盒",4,"盒",null,0]
[1943,null,"钨针夹","工器具","任意品牌","2.0mm，紫铜，10个/盒",4,"盒",null,0]
[1944,null,"钨针夹","工器具","任意品牌","2.4mm，紫铜，10个/盒",4,"盒",null,0]
[1945,null,"钨针夹","工器具","任意品牌","3.0mm，紫铜，10个/盒",4,"盒",null,0]
[1946,null,"导流体","工器具","任意品牌","1.6mm",13,"只",null,0]
[1947,null,"导流体","工器具","任意品牌","2.0mm",13,"只",null,0]
[1948,null,"导流体","工器具","任意品牌","2.4mm",13,"只",null,0]
[1949,null,"导流体","工器具","任意品牌","3.0mm",13,"只",null,0]
[1950,null,"氩弧焊枪瓷嘴","工器具","任意品牌","任意规格",31,"包",null,0]
[1951,null,"氩弧焊保护套","工器具","任意品牌","适配TIG150型焊枪",31,"米",null,0]
[1952,null,"氩弧焊手套","工器具","任意品牌","全羊皮，耐高温",13,"副",null,0]
[1953,null,"等离子切割枪把","工器具","任意品牌","含枪头、防爆橡胶管、纯铜线、防火橡胶套等，长度8米。",7,"套",null,0]
[1954,null,"等离子切割枪头","工器具","任意品牌","P80",13,"把",null,0]
[1955,null,"P80电极割嘴","工器具","任意品牌","1.5孔，10套/盒",13,"盒",null,0]
[1956,null,"P80电极铪丝割嘴","工器具","任意品牌","1.5孔，10套/盒",13,"盒",null,0]
[1957,null,"P80电极超音速割嘴","工器具","任意品牌","1.5孔，10套/盒",5,"盒",null,0]
[1958,null,"切割枪头开关","工器具","任意品牌","P80割枪使用，10只/包",5,"包",null,0]
[1959,null,"钢管柄羊角锤","工器具","任意品牌","0.25kg",10,"把",null,0]
[1960,null,"钢管柄羊角锤","工器具","任意品牌","0.5kg",10,"把",null,0]
[1961,null,"钢管柄羊角锤","工器具","任意品牌","0.75kg",10,"把",null,0]
[1962,null,"橡胶锤","工器具","任意品牌","16oz",7,"把",null,0]
[1963,null,"橡胶锤","工器具","任意品牌","24oz",7,"把",null,0]
[1964,null,"C型夹","工器具","任意品牌","2寸",10,"只",null,0]
[1965,null,"C型夹","工器具","任意品牌","3寸",10,"只",null,0]
[1966,null,"C型夹","工器具","任意品牌","4寸",10,"只",null,0]
[1967,null,"C型夹","工器具","任意品牌","5寸",6,"只",null,0]
[1968,null,"C型夹","工器具","任意品牌","6寸",6,"只",null,0]
[1969,null,"C型夹","工器具","任意品牌","8寸",6,"只",null,0]
[1970,null,"C型夹","工器具","任意品牌","10寸",4,"只",null,0]
[1971,null,"C型夹","工器具","任意品牌","12寸",4,"只",null,0]
[1972,null,"木工开孔器","工器具","任意品牌","开孔19-64mm",5,"套",null,0]
[1973,null,"木工开孔器","工器具","任意品牌","开孔64-127mm",5,"套",null,0]
[1974,null,"电烙铁","工器具","任意品牌","40W",9,"把",null,0]
[1975,null,"电烙铁","工器具","任意品牌","60W",9,"把",null,0]
[1976,null,"电烙铁","工器具","任意品牌","80W",9,"把",null,0]
[1977,null,"松香","工器具","任意品牌","20g",12,"盒",null,0]
[1978,null,"无铅锡焊丝","工器具","任意品牌","100g",18,"卷",null,0]
[1979,null,"电热吸锡器","工器具","任意品牌","加热功率30W、吸锡功率350W,吸锡筒直径32mm。",5,"把",null,0]
[1980,null,"冲洗水枪","工器具","任意品牌","水枪材质：锌合金+工程塑料，枪头口径8mm（带10米软水管，带多功能接头、台盆接头、通水接头）",12,"套",null,0]
[1981,null,"高压水枪","工器具","任意品牌","高压清洗机用，一米五",4,"把",null,0]
[1982,null,"LED手提式照明灯","工器具","任意品牌","50W 6-8小时",12,"盏",null,0]
[1983,null,"LED投光灯","工器具","任意品牌","200V 100W",12,"个",null,0]
[1984,null,"手电筒","工器具","任意品牌","充电式，光源类型：LED，电池类型：锂电池",30,"把",null,0]
[1985,null,"探照灯","工器具","任意品牌","15000w，可充电，电量显示",9,"个",null,0]
[1986,null,"平板小推车","工器具","任意品牌","90cm×60cm",4,"辆",null,0]
[1987,null,"斗车","工器具","任意品牌","加厚 实芯轮",6,"台",null,0]
[1988,null,"纱手套","工器具","任意品牌","加厚",1200,"双",null,0]
[1989,null,"点胶纱手套","工器具","任意品牌","加厚、点胶",600,"双",null,0]
[1990,null,"帆布手套","工器具","任意品牌","24线加固",1200,"双",null,0]
[1991,null,"工业级耐酸碱加长乳胶手套","工器具","任意品牌","45cm",120,"双",null,0]
[1992,null,"工业级耐酸碱加长乳胶手套","工器具","任意品牌","55cm",120,"双",null,0]
[1993,null,"橡胶手套","工器具","任意品牌","加厚，乳胶",180,"双",null,0]
[1994,null,"油漆滚筒","工器具","任意品牌","4寸",24,"支",null,0]
[1995,null,"油漆滚筒","工器具","任意品牌","8寸",24,"支",null,0]
[1996,null,"镰刀","工器具","任意品牌","加厚长弯头，110钢柄，18×48cm",6,"把",null,0]
[1997,null,"剪刀","工器具","任意品牌","不锈钢，大号",6,"把",null,0]
[1998,null,"剪刀","工器具","任意品牌","不锈钢，中号",6,"把",null,0]
[1999,null,"油灰刀","工器具","任意品牌","1寸",6,"把",null,0]
[2000,null,"油灰刀","工器具","任意品牌","2寸",6,"把",null,0]
[2001,null,"油灰刀","工器具","任意品牌","3寸",6,"把",null,0]
[2002,null,"灰匙抹灰刀","工器具","任意品牌","大号",3,"把",null,0]
[2003,null,"锄头","工器具","任意品牌","木柄小号宽锄",12,"把",null,0]
[2004,null,"锄头","工器具","任意品牌","木柄特大号宽锄",12,"把",null,0]
[2005,null,"不锈钢铲","工器具","任意品牌","1m，尖头",6,"把",null,0]
[2006,null,"不锈钢铲","工器具","任意品牌","1m，方头",6,"把",null,0]
[2007,null,"捞网","工器具","任意品牌","带4米长杆、孔径30mm。口宽45×50cm",12,"把",null,0]
[2008,null,"竹筐/箩筐","工器具","任意品牌","不限 直径50mm高40mm",3,"个",null,0]
[2009,null,"皮划艇","工器具","任意品牌","双人",2,"艘",null,0]
[2010,null,"台秤","工器具","任意品牌","300kg，电子计数",2,"台",null,0]
[2011,null,"氧气瓶","工器具","任意品牌","国标40L,不带气",6,"瓶",null,0]
[2012,null,"乙炔瓶","工器具","任意品牌","国标40L,不带气",6,"瓶",null,0]
[2013,null,"氮气瓶","工器具","任意品牌","国标40L,不带气",6,"瓶",null,0]
[2014,null,"氩气瓶","工器具","任意品牌","国标10L,不带气",6,"瓶",null,0]
[2015,null,"O型圈拼接专用工具","工器具","任意品牌","2-10mm",4,"套",null,0]
[2016,null,"透明收纳箱","工器具","任意品牌","44cm×30cm×16cm，加厚",60,"个",null,0]
[2017,null,"透明收纳箱","工器具","任意品牌","44cm×30cm×25cm，加厚",60,"个",null,0]
[2018,null,"透明收纳箱","工器具","任意品牌","53cm×38cm×24.5cm，加厚",60,"个",null,0]
[2019,null,"周转箱","工器具","任意品牌","550×400×300mm        任意颜色",60,"个",null,0]
[2020,null,"零件盒","工器具","任意品牌","470×300×180mm      斜口箱，任意颜色",48,"个",null,0]
[2021,null,"塑料筐","工器具","任意品牌","540×360×310mm        任意颜色",78,"个",null,0]
[2022,null,"抽屉式物料存放柜","工器具","任意品牌","75抽 蓝色抽屉 不带门     高90cm宽65cm深22cm",12,"个",null,0]
[2023,null,"螺丝盒","工器具","任意品牌","10mm×15mm×50mm     任意颜色",60,"个",null,0]
[2024,null,"分体式铁皮柜","工器具","任意品牌","高390mm、宽850mm、深360mm。",18,"个",null,0]
[2025,null,"铁皮柜","工器具","任意品牌","高810mm、宽630mm、深400mm,双门，2层，表面喷塑加工。",12,"个",null,0]
[2026,null,"货架","工器具","任意品牌","长2m、宽0.6米、高1.8米，4层，单层承载100kg以上。",36,"个",null,0]
[2027,null,"不锈钢取样桶","工器具","任意品牌","1L",24,"个",null,0]
[2028,null,"吹尘枪","工器具","任意品牌",null,30,"把",null,0]
[2029,null,"吹尘枪","工器具","任意品牌","带15米气管及接头",12,"把",null,0]
[2030,null,"热熔胶枪","工器具","任意品牌","100-150W",6,"把",null,0]
[2031,null,"发泡剂枪","工器具","任意品牌",null,18,"把",null,0]
[2032,null,"玻璃胶枪","工器具","任意品牌",null,18,"把",null,0]
[2033,null,"结构胶枪","工器具","任意品牌",null,18,"把",null,0]
[2034,null,"铆钉枪","工器具","任意品牌","11寸",12,"把",null,0]
[2035,null,"油壶","工器具","任意品牌","300ml",12,"把",null,0]
[2036,null,"铝合金手摇油泵","工器具","任意品牌","适用200L油桶",6,"把",null,0]
[2037,null,"电动抽油泵","工器具","任意品牌","适用200L油桶，150W    金属管、金属嘴",18,"把",null,0]
[2038,null,"便携储油桶","工器具","任意品牌","20L，铝盖加厚",12,"只",null,0]
[2039,null,"便携储油桶","工器具","任意品牌","30L，铝盖加厚",12,"只",null,0]
[2040,null,"热熔胶棒","工器具","任意品牌","φ7mm，10支/包",6,"包",null,0]
[2041,null,"热熔胶棒","工器具","任意品牌","φ11mm，10支/包",6,"包",null,0]
[2042,null,"火石仔砂轮磨头","工器具","任意品牌","圆柱形 柄直径：6mm磨头直径：10mm",60,"支",null,0]
[2043,null,"金刚石合金直磨头","工器具","任意品牌","圆柱3*12",120,"个",null,0]
[2044,null,"砂轮机砂轮片","工器具","任意品牌","5寸，白刚玉",4,"片",null,0]
[2045,null,"砂轮机砂轮片","工器具","任意品牌","6寸，白刚玉",4,"片",null,0]
[2046,null,"砂轮机砂轮片","工器具","任意品牌","8寸，白刚玉",4,"片",null,0]
[2047,null,"羊毛抛光片","工器具","任意品牌","100*8*16mm 5片/盒",30,"盒",null,0]
[2048,null,"角磨机钢丝刷","工器具","任意品牌","孔径16mm，特厚耐磨",120,"只",null,0]
[2049,null,"砂纸","工器具","任意品牌","干湿两用，60目",360,"张",null,0]
[2050,null,"砂纸","工器具","任意品牌","干湿两用，120目",360,"张",null,0]
[2051,null,"砂纸","工器具","任意品牌","干湿两用，180目",360,"张",null,0]
[2052,null,"砂纸","工器具","任意品牌","干湿两用，240目",360,"张",null,0]
[2053,null,"砂纸","工器具","任意品牌","干湿两用，320目",360,"张",null,0]
[2054,null,"砂纸","工器具","任意品牌","干湿两用，400目",360,"张",null,0]
[2055,null,"砂纸","工器具","任意品牌","干湿两用，800目",360,"张",null,0]
[2056,null,"砂纸","工器具","任意品牌","干湿两用，1000目",360,"张",null,0]
[2057,null,"砂纸","工器具","任意品牌","干湿两用，1500目",360,"张",null,0]
[2058,null,"砂纸","工器具","任意品牌","干湿两用，2000目",360,"张",null,0]
[2059,null,"砂纸","工器具","任意品牌","干湿两用，3000目",180,"张",null,0]
[2060,null,"砂纸","工器具","任意品牌","干湿两用，5000目",180,"张",null,0]
[2061,null,"液压立式千斤顶","工器具","任意品牌","2吨",12,"台",null,0]
[2062,null,"液压立式千斤顶","工器具","任意品牌","3吨",12,"台",null,0]
[2063,null,"液压立式千斤顶","工器具","任意品牌","5吨",12,"台",null,0]
[2064,null,"液压立式千斤顶","工器具","任意品牌","10吨",12,"台",null,0]
[2065,null,"液压立式千斤顶","工器具","任意品牌","16吨",6,"台",null,0]
[2066,null,"液压立式千斤顶","工器具","任意品牌","20吨",6,"台",null,0]
[2067,null,"液压立式千斤顶","工器具","任意品牌","32吨",3,"台",null,0]
[2068,null,"液压立式千斤顶","工器具","任意品牌","50吨",3,"台",null,0]
[2069,null,"卧式液压千斤顶","工器具","任意品牌","1.5吨",4,"台",null,0]
[2070,null,"卧式液压千斤顶","工器具","任意品牌","2吨",4,"台",null,0]
[2071,null,"卧式液压千斤顶","工器具","任意品牌","3吨",4,"台",null,0]
[2072,null,"三爪拉马","工器具","任意品牌","3寸",4,"套",null,0]
[2073,null,"三爪拉马","工器具","任意品牌","4寸",4,"套",null,0]
[2074,null,"三爪拉马","工器具","任意品牌","6寸",4,"套",null,0]
[2075,null,"三爪拉马","工器具","任意品牌","8寸",4,"套",null,0]
[2076,null,"三爪拉马","工器具","任意品牌","10寸",2,"套",null,0]
[2077,null,"三爪拉马","工器具","任意品牌","12寸",2,"套",null,0]
[2078,null,"三爪拉马","工器具","任意品牌","14寸",2,"套",null,0]
[2079,null,"三爪拉马","工器具","任意品牌","16寸",2,"套",null,0]
[2080,null,"三爪拉马","工器具","任意品牌","20寸",2,"套",null,0]
[2081,null,"整体液压式三爪拉马","工器具","任意品牌","5吨",4,"台",null,0]
[2082,null,"整体液压式三爪拉马","工器具","任意品牌","10吨",4,"台",null,0]
[2083,null,"整体液压式三爪拉马","工器具","任意品牌","20吨",3,"台",null,0]
[2084,null,"整体液压式三爪拉马","工器具","任意品牌","30吨",3,"台",null,0]
[2085,null,"分体液压式三爪拉马","工器具","任意品牌","5吨",3,"台",null,0]
[2086,null,"分体液压式三爪拉马","工器具","任意品牌","10吨",3,"台",null,0]
[2087,null,"分体液压式三爪拉马","工器具","任意品牌","20吨",3,"台",null,0]
[2088,null,"分体液压式三爪拉马","工器具","任意品牌","30吨",3,"台",null,0]
[2089,null,"分体液压式三爪拉马","工器具","任意品牌","50吨",3,"台",null,0]
[2090,null,"内孔轴承拉马","工器具","任意品牌","拆卸内孔直径16-38mm轴承",8,"套",null,0]
[2091,null,"多用分离器工具套装","工器具","任意品牌","齿轮、轴承拆卸器组合，14件套，适用范围35mm-75mm。",5,"套",null,0]
[2092,null,"多用分离器工具套装","工器具","任意品牌","齿轮、轴承拆卸器组合，8件套，适用范围75mm-105mm。",5,"套",null,0]
[2093,null,"断头螺丝取丝器","工器具","任意品牌","双头，4分-6分",10,"个",null,0]
[2094,null,"铝合金人字梯","工器具","任意品牌","6步（1.5米），加厚",6,"张",null,0]
[2095,null,"铝合金人字梯","工器具","任意品牌","10步（2.5米），加厚",6,"张",null,0]
[2096,null,"铝合金人字梯","工器具","任意品牌","12步（3米），加厚",6,"张",null,0]
[2097,null,"铝合金人字梯","工器具","任意品牌","16步（4米），加厚",5,"张",null,0]
[2098,null,"铝合金人字梯","工器具","任意品牌","20步（5米），加厚",5,"张",null,0]
[2099,null,"铝合金人字梯","工器具","任意品牌","24步（6米），加厚",5,"张",null,0]
[2100,null,"铝合金便携竹节升降人字梯","工器具","任意品牌","3.5米",6,"张",null,0]
[2101,null,"铝合金便携竹节升降人字梯","工器具","任意品牌","3.9米",6,"张",null,0]
[2102,null,"铝合金便携竹节升降人字梯","工器具","任意品牌","4.7米",6,"张",null,0]
[2103,null,"铝合金便携竹节升降人字梯","工器具","任意品牌","5.5米",6,"张",null,0]
[2104,null,"铝合金伸缩直梯","工器具","任意品牌","收5.5米，伸10米，加厚",4,"张",null,0]
[2105,null,"铝合金伸缩直梯","工器具","任意品牌","收4.9，伸8.9米，加厚",4,"张",null,0]
[2106,null,"铝合金伸缩直梯","工器具","任意品牌","收4.7伸7.7米，加厚",4,"张",null,0]
[2107,null,"铝合金便携竹节升降直梯","工器具","任意品牌","8米",6,"张",null,0]
[2108,null,"铝合金便携竹节升降直梯","工器具","任意品牌","6.6米",6,"张",null,0]
[2109,null,"铝合金便携竹节升降直梯","工器具","任意品牌","5.4米",6,"张",null,0]
[2110,null,"铝合金便携竹节升降直梯","工器具","任意品牌","4.6米",6,"张",null,0]
[2111,null,"铝合金便携竹节升降直梯","工器具","任意品牌","3.8米",6,"张",null,0]
[2112,null,"绳梯","工器具","任意品牌","涤纶梯绳，防滑树脂梯棍，10米长。",4,"张",null,0]
[2113,null,"绳梯","工器具","任意品牌","涤纶梯绳，防滑树脂梯棍，15米长。",4,"张",null,0]
[2114,null,"绳梯","工器具","任意品牌","涤纶梯绳，防滑树脂梯棍，20米长。",4,"张",null,0]
[2115,null,"工程铝合金脚手架","工器具","任意品牌","5.6米，带制动轮",3,"套",null,0]
[2116,null,"热镀锌移动脚手架","工器具","任意品牌","工程型，1.7m（高）×0.95m（宽）×1.8m（长），管厚不少于2mm，每套含2片架子+2对拉杆+1个踏板+4链接棒+4个开口销。另加四个轮子",3,"套",null,0]
[2117,null,"手动叉车","工器具","任意品牌","3T，550×1200mm",3,"台",null,0]
[2118,null,"手动叉车","工器具","任意品牌","5T，550×1200mm",2,"台",null,0]
[2119,null,"手动液压堆高叉车","工器具","任意品牌","2T，升高高度1600mm",2,"台",null,0]
[2120,null,"手动液压堆高叉车","工器具","任意品牌","3T，升高高度1600mm",2,"台",null,0]
[2121,null,"电动液压堆高叉车","工器具","任意品牌","2T，升高高度1600mm",1,"台",null,0]
[2122,null,"电动液压堆高叉车","工器具","任意品牌","3T，升高高度1600mm",1,"台",null,0]
[2123,null,"电钻式管道疏通机","工器具","任意品牌","额定电压220V,适用于疏通下水道、马桶、地漏、厨房洗菜池等。",6,"套",null,0]
[2124,null,"手摇式  兆欧表","工器具","任意品牌","500V，测量范围0-500MΩ，允差±10%，铝合金外壳。",6,"台",null,0]
[2125,null,"手摇式兆欧表","工器具","任意品牌","1000V，测量范围0-1000MΩ，允差±11%，铝合金外壳。",6,"台",null,0]
[2126,null,"接地电阻检测仪","工器具","任意品牌","0-1000Ω",2,"台",null,0]
[2127,null,"红外线测温仪","工器具","任意品牌","﹣50度至900度",6,"台",null,0]
[2128,null,"热成像仪","工器具","任意品牌","测温范围：≤-15℃、≥400℃。",6,"台",null,0]
[2129,null,"分体式振动检测仪","工器具","任意品牌","振动加速度量程0.1-199.9m/S2，振动速度量程0.1-199.9mm/S，振动位移量程1-1999μm，精度误差±5%，带磁性吸盘。",5,"台",null,0]
[2130,null,"一体式振动检测仪","工器具","任意品牌","振动加速度量程0.1-199.9m/S2，振动速度量程0.1-199.9mm/S，振动位移量程1-1999μm，精度误差±5%±2字节。",5,"台",null,0]
[2131,null,"电桥","工器具","任意品牌","测试频率10-10KHz，测量范围（L）0.001μH-99999H，测量范围（C）0.001pF-99.999mF，测量范围（R）0.0001Ω-99.999MΩ，分辨率1mHz，准确度0.01%。",2,"台",null,0]
[2132,null,"调温热风枪","工器具","任意品牌","2000W，数显调温，无极调温。",6,"把",null,0]
[2133,null,"充电式电动马锯","工器具","任意品牌","8寸，1280W，锂电池，电池容量6.0AH，两电一充。",3,"把",null,0]
[2134,null,"充电式电动马锯","工器具","任意品牌","16寸，1500W，锂电池，电池容量6.0AH，两电一充。",3,"把",null,0]
[2135,null,"激光水平仪","工器具","任意品牌","高精度5线，水平精度±1.5mm/m，垂直精度±1.5mm/m，室内可视范围10m-15m。",4,"台",null,0]
[2136,null,"激光测距仪","工器具","任意品牌","测量范围0.05m-60m，显示精度1mm。",5,"台",null,0]
[2137,null,"激光测距仪","工器具","任意品牌","测量范围0.05m-100m，显示精度1mm。",5,"台",null,0]
[2138,null,"多功能数显测电笔","工器具","任意品牌","测试范围10-250VAC、12/36/55VDC",24,"支",null,0]
[2139,null,"充电式手持吸尘器","工器具","得力/世达/博世","功率：30-80W",12,"个",null,0]
[2140,null,"内磨机","工器具","任意品牌","220V、105W，可调速",6,"把",null,0]
[2141,null,"内磨机","工器具","任意品牌","220V、400W",6,"把",null,0]
[2142,null,"PE管热熔器","工器具","得力/世达/博世","模头20-63mm",4,"台",null,0]
[2143,null,"玻璃吸盘","工器具","任意品牌","通用型",15,"个",null,0]
[2144,null,"弹簧弯管器","工器具","任意品牌","DN15",18,"支",null,0]
[2145,null,"电动螺丝刀","工器具","博世/威克士/世达","配一字头、十字头、内六角扳手，扭矩可调",6,"个",null,0]
[2146,null,"电动喷壶","工器具","任意品牌","锂电池充电，20L",6,"个",null,0]
[2147,null,"垫片切割器","工器具","任意品牌","IMPA612001",3,"套",null,0]
[2148,null,"带盖腰挂包","工器具","任意品牌","多功能便携工具包 大号含腰带含背带",18,"个",null,0]
[2149,null,"工业级干湿两用吸尘器","工器具","任意品牌","干湿吹三用，80L，4800w",2,"台",null,0]
[2150,null,"户外遮阳棚","工器具","任意品牌","3*3米",11,"个",null,0]
[2151,null,"划规","工器具","任意品牌","6寸，总长度150mm",9,"把",null,0]
[2152,null,"划规","工器具","任意品牌","12寸，总长度300mm",9,"把",null,0]
[2153,null,"划规","工器具","任意品牌","20寸，总长度500mm",9,"把",null,0]
[2154,null,"氯气报警器","工器具","爱德克斯/保时安/希玛","YT-10 0-100PPM",3,"台",null,0]
[2155,null,"皮带冲","工器具","任意品牌","3-25mm套装",6,"套",null,0]
[2156,null,"射钉枪","工器具","任意品牌","S8000工具箱套装(消音+自动排渣+威力可调)",9,"套",null,0]
[2157,null,"手动绞盘双向自锁式手摇卷扬机","工器具","任意品牌","型号:1200LBS",6,"台",null,0]
[2158,null,"太阳伞","工器具","任意品牌","直径2.8m",12,"把",null,0]
[2159,null,"挑钩套装","工器具","Ronix/史丹利/世达","5件密封圈挑钩套装，带把手",3,"套",null,0]
[2160,null,"橡胶量杯","工器具","任意品牌","500ml",15,"个",null,0]
[2161,null,"橡胶量杯","工器具","任意品牌","1000ml",15,"个",null,0]
[2162,null,"蓄电池检测仪","工器具","胜利仪器/泰克曼/霍尼韦尔","VC3025",2,"个",null,0]
[2163,null,"液压弯管器","工器具","任意品牌","工作管材壁厚2-3.5mm，工作管径范围13-24mm",2,"台",null,0]
[2164,null,"液压弯管器","工器具","任意品牌","工作管材壁厚2.7-4.5mm，工作管径范围22-60mm",2,"台",null,0]
[2165,null,"液压弯管器","工器具","任意品牌","工作管材壁厚2.7-4.5mm，工作管径范围22-89mm",2,"台",null,0]
[2166,null,"液压弯管器","工器具","任意品牌","工作管材壁厚2.7-6mm，工作管径范围22-108mm",2,"台",null,0]
[2167,null,"不锈钢扎带拉紧器","工器具","任意品牌","适用宽度12mm以内的不锈钢扎带",5,"把",null,0]
[2168,null,"注射器","工器具","任意品牌","250mL+针头+1米管",18,"个",null,0]
[2169,null,"液压法兰分离器","工器具","任意品牌","工作能力14T，最大扩张距离81mm",2,"个",null,0]
[2170,null,"电工工作台","工器具","任意品牌","2100*750*800，防静电",2,"台",null,0]
[2171,null,"红外测距仪","工器具","任意品牌","0-100米",3,"个",null,0]
[2172,null,"钳工工作台","工器具","任意品牌","2000*1000*800，无抽带底板",2,"台",null,0]
[2173,null,"抄网杆","工器具","任意品牌","不锈钢，9米长",5,"根",null,0]
[2174,null,"磁力钻","工器具","任意品牌","1500W，适用钻头直柄麻花 钻头（3-16），锥柄麻花砖头（14-23），空心钻头（12-50）",1,"套",null,0]
[2175,null,"分贝检测器","工器具","任意品牌","测量范围30-130dB",6,"台",null,0]
[2176,null,"零件清洗盆","工器具","任意品牌","小号 12L",9,"个",null,0]
[2177,null,"零件清洗盆","工器具","任意品牌","中号 20L",9,"个",null,0]
[2178,null,"零件清洗盆","工器具","任意品牌","大号 29L",9,"个",null,0]
[2179,null,"梅花内六角扳手","工器具","任意品牌","标准9件套",3,"套",null,0]
[2180,null,"皮尺","工器具","任意品牌","50米",6,"个",null,0]
[2181,null,"手拉吊葫芦手板紧线器","工器具","任意品牌","0.75吨1.5米",2,"个",null,0]
[2182,null,"手拉吊葫芦手板紧线器","工器具","任意品牌","1吨1.5米",2,"个",null,0]
[2183,null,"手拉吊葫芦手板紧线器","工器具","任意品牌","1.5吨1.5米",2,"个",null,0]
[2184,null,"手拉吊葫芦手板紧线器","工器具","任意品牌","2吨1.5米",2,"个",null,0]
[2185,null,"手拉吊葫芦手板紧线器","工器具","任意品牌","0.75吨3米",2,"个",null,0]
[2186,null,"手拉吊葫芦手板紧线器","工器具","任意品牌","1吨3米",2,"个",null,0]
[2187,null,"手拉吊葫芦手板紧线器","工器具","任意品牌","1.5吨3米",2,"个",null,0]
[2188,null,"手拉吊葫芦手板紧线器","工器具","任意品牌","2吨3米",2,"个",null,0]
[2189,null,"手拉吊葫芦手板紧线器","工器具","任意品牌","0.75吨6米",2,"个",null,0]
[2190,null,"手拉吊葫芦手板紧线器","工器具","任意品牌","1吨6米",2,"个",null,0]
[2191,null,"手拉吊葫芦手板紧线器","工器具","任意品牌","1.5吨6米",2,"个",null,0]
[2192,null,"手拉吊葫芦手板紧线器","工器具","任意品牌","2吨6米",2,"个",null,0]
[2193,null,"万用表表笔鳄鱼夹","工器具","任意品牌","10A",3,"套",null,0]
[2194,null,"万用表表笔鳄鱼夹","工器具","任意品牌","20A",3,"套",null,0]
[2195,null,"万用表测试线","工器具","任意品牌","10A",3,"套",null,0]
[2196,null,"万用表测试线","工器具","任意品牌","20A",3,"套",null,0]
[2197,null,"兆欧表连接线","工器具","任意品牌","1000v，1m",3,"套",null,0]
[2198,null,"兆欧表连接线","工器具","任意品牌","1000v，3m",3,"套",null,0]
[2199,null,"兆欧表连接线","工器具","任意品牌","1000v，5m",3,"套",null,0]
[2200,null,"兆欧表连接线","工器具","任意品牌","1000v，8m",3,"套",null,0]
[2201,null,"兆欧表连接线","工器具","任意品牌","2500v，1m",3,"套",null,0]
[2202,null,"兆欧表连接线","工器具","任意品牌","2500v，3m",3,"套",null,0]
[2203,null,"兆欧表连接线","工器具","任意品牌","2500v，5m",3,"套",null,0]
[2204,null,"兆欧表连接线","工器具","任意品牌","2500v，8m",3,"套",null,0]
[2205,null,"液位标尺","工器具","任意品牌","不锈钢材质，1米/把，宽度15cm",18,"米",null,0]
[2206,null,"油桶","工器具","任意品牌","200L/个",2,"个",null,0]
[2207,null,"电子计时器","工器具","任意品牌","带电池，LED显示 ，具备计时，闹钟等功能",3,"个",null,0]
[2208,null,"分贝测量仪","工器具","任意品牌","可测30-130dB，高精度：±1.5",5,"台",null,0]
[2209,null,"电动液压冲孔机","工器具","任意品牌","出力≤16吨，喉深5.3cm，电压220V，可冲各类型角钢角铁，铜线铝牌，槽钢等",2,"台",null,0]
[2210,null,"可视红外测温仪","工器具","任意品牌","温度测量范围-10℃~+250℃，内置可视摄像仪，红外热图与视觉图像融合。聚焦调整视场范围：28X28。电池类型：4节5号电池",1,"台",null,0]
[2211,null,"平面剪钳","工器具","任意品牌","6寸",5,"把",null,0]
[2212,null,"中心冲","工器具","任意品牌","6mm",2,"支",null,0]
[2213,null,"分离式液压千斤顶","工器具","任意品牌","10t",1,"套",null,0]
[2214,null,"非接触式测电笔","工器具","任意品牌","电压探测范围:低灵敏度:AC48~1000高灵敏度:AC12~1000V",1,"支",null,0]
[2215,null,"LED多用头灯","工器具","世达/史丹利/神火","ip54，可充电、调节角度、拆卸，三挡开关，光通量≥150LM，最大照射距离≥40M，点亮时间≥4H",2,"个",null,0]
[null,"▲","UPVC给水管异径三通","五金材料","联塑/日丰/南亚","DN25转DN20，PN16",28,"只",null,0]
[null,"▲","UPVC工业管","五金材料",null,"DN20,PN16",240,"米",null,0]
[null,"▲","UPVC工业管","五金材料",null,"DN25,PN16",360,"米",null,0]
[null,"▲","UPVC工业管","五金材料",null,"DN32,PN16",360,"米",null,0]
[null,"▲","UPVC工业管","五金材料",null,"DN40,PN16",240,"米",null,0]
[null,"▲","UPVC工业管","五金材料",null,"DN50,PN16",240,"米",null,0]
[null,"▲","UPVC工业管","五金材料",null,"DN63,PN16",150,"米",null,0]
[null,"▲","UPVC工业管","五金材料",null,"DN75,PN16",70,"米",null,0]
[null,"▲","UPVC工业管","五金材料",null,"DN90,PN16",70,"米",null,0]
[null,"▲","UPVC工业管","五金材料",null,"DN110,PN16",130,"米",null,0]
[null,"▲","UPVC工业管","五金材料",null,"DN125,PN16",46,"米",null,0]
[null,"▲","UPVC工业管","五金材料",null,"DN140,PN16",34,"米",null,0]
[null,"▲","UPVC工业管","五金材料",null,"DN160,PN16",34,"米",null,0]
[null,"▲","UPVC工业管","五金材料",null,"DN200,PN16",16,"米",null,0]
[null,"▲","UPVC工业管","五金材料",null,"DN225,PN16",16,"米",null,0]
[null,"▲","UPVC工业管","五金材料",null,"DN250,PN16",16,"米",null,0]
[null,"▲","UPVC工业管直接","五金材料",null,"DN20,PN16",240,"只",null,0]
[null,"▲","UPVC工业管直接","五金材料",null,"DN25,PN16",240,"只",null,0]
[null,"▲","UPVC工业管直接","五金材料",null,"DN32,PN16",240,"只",null,0]
[null,"▲","UPVC工业管直接","五金材料",null,"DN40,PN16",150,"只",null,0]
[null,"▲","UPVC工业管直接","五金材料",null,"DN50,PN16",150,"只",null,0]
[null,"▲","UPVC工业管直接","五金材料",null,"DN63,PN16",105,"只",null,0]
[null,"▲","UPVC工业管直接","五金材料",null,"DN75,PN16",55,"只",null,0]
[null,"▲","UPVC工业管直接","五金材料",null,"DN90,PN16",55,"只",null,0]
[null,"▲","UPVC工业管直接","五金材料",null,"DN110,PN16",55,"只",null,0]
[null,"▲","UPVC工业管直接","五金材料",null,"DN125,PN16",37,"只",null,0]
[null,"▲","UPVC工业管直接","五金材料",null,"DN140,PN16",37,"只",null,0]
[null,"▲","UPVC工业管直接","五金材料",null,"DN160,PN16",25,"只",null,0]
[null,"▲","UPVC工业管直接","五金材料",null,"DN200,PN16",10,"只",null,0]
[null,"▲","UPVC工业管直接","五金材料",null,"DN225,PN16",10,"只",null,0]
[null,"▲","UPVC工业管直接","五金材料",null,"DN250,PN16",10,"只",null,0]
[null,"▲","UPVC工业管90°弯头","五金材料",null,"DN20,PN16",150,"只",null,0]
[null,"▲","UPVC工业管90°弯头","五金材料",null,"DN25,PN16",195,"只",null,0]
[null,"▲","UPVC工业管90°弯头","五金材料",null,"DN32,PN16",195,"只",null,0]
[null,"▲","UPVC工业管90°弯头","五金材料",null,"DN40,PN16",195,"只",null,0]
[null,"▲","UPVC工业管90°弯头","五金材料",null,"DN50,PN16",195,"只",null,0]
[null,"▲","UPVC工业管90°弯头","五金材料",null,"DN63,PN16",132,"只",null,0]
[null,"▲","UPVC工业管90°弯头","五金材料",null,"DN75,PN16",55,"只",null,0]
[null,"▲","UPVC工业管90°弯头","五金材料",null,"DN90,PN16",37,"只",null,0]
[null,"▲","UPVC工业管90°弯头","五金材料",null,"DN110,PN16",28,"只",null,0]
[null,"▲","UPVC工业管90°弯头","五金材料",null,"DN125,PN16",19,"只",null,0]
[null,"▲","UPVC工业管90°弯头","五金材料",null,"DN140,PN16",19,"只",null,0]
[null,"▲","UPVC工业管90°弯头","五金材料",null,"DN160,PN16",19,"只",null,0]
[null,"▲","UPVC工业管90°弯头","五金材料",null,"DN200,PN16",13,"只",null,0]
[null,"▲","UPVC工业管90°弯头","五金材料",null,"DN225,PN16",10,"只",null,0]
[null,"▲","UPVC工业管90°弯头","五金材料",null,"DN250,PN16",10,"只",null,0]
[null,"▲","UPVC工业管45°弯头","五金材料",null,"DN20,PN16",19,"只",null,0]
[null,"▲","UPVC工业管45°弯头","五金材料",null,"DN25,PN16",19,"只",null,0]
[null,"▲","UPVC工业管45°弯头","五金材料",null,"DN32,PN16",19,"只",null,0]
[null,"▲","UPVC工业管45°弯头","五金材料",null,"DN40,PN16",19,"只",null,0]
[null,"▲","UPVC工业管45°弯头","五金材料",null,"DN50,PN16",19,"只",null,0]
[null,"▲","UPVC工业管45°弯头","五金材料",null,"DN63,PN16",13,"只",null,0]
[null,"▲","UPVC工业管45°弯头","五金材料",null,"DN75,PN16",13,"只",null,0]
[null,"▲","UPVC工业管45°弯头","五金材料",null,"DN90,PN16",13,"只",null,0]
[null,"▲","UPVC工业管45°弯头","五金材料",null,"DN110,PN16",13,"只",null,0]
[null,"▲","UPVC工业管45°弯头","五金材料",null,"DN125,PN16",8,"只",null,0]
[null,"▲","UPVC工业管45°弯头","五金材料",null,"DN140,PN16",8,"只",null,0]
[null,"▲","UPVC工业管45°弯头","五金材料",null,"DN160,PN16",8,"只",null,0]
[null,"▲","UPVC工业管45°弯头","五金材料",null,"DN200,PN16",7,"只",null,0]
[null,"▲","UPVC工业管45°弯头","五金材料",null,"DN225,PN16",7,"只",null,0]
[null,"▲","UPVC工业管45°弯头","五金材料",null,"DN250,PN16",7,"只",null,0]
[null,"▲","UPVC工业管正三通","五金材料",null,"DN20,PN16",94,"只",null,0]
[null,"▲","UPVC工业管正三通","五金材料",null,"DN25,PN16",94,"只",null,0]
[null,"▲","UPVC工业管正三通","五金材料",null,"DN32,PN16",94,"只",null,0]
[null,"▲","UPVC工业管正三通","五金材料",null,"DN40,PN16",94,"只",null,0]
[null,"▲","UPVC工业管正三通","五金材料",null,"DN50,PN16",94,"只",null,0]
[null,"▲","UPVC工业管正三通","五金材料",null,"DN63,PN16",52,"只",null,0]
[null,"▲","UPVC工业管正三通","五金材料",null,"DN75,PN16",52,"只",null,0]
[null,"▲","UPVC工业管正三通","五金材料",null,"DN90,PN16",34,"只",null,0]
[null,"▲","UPVC工业管正三通","五金材料",null,"DN110,PN16",34,"只",null,0]
[null,"▲","UPVC工业管正三通","五金材料",null,"DN125,PN16",16,"只",null,0]
[null,"▲","UPVC工业管正三通","五金材料",null,"DN140,PN16",13,"只",null,0]
[null,"▲","UPVC工业管正三通","五金材料",null,"DN160,PN16",13,"只",null,0]
[null,"▲","UPVC工业管正三通","五金材料",null,"DN200,PN16",13,"只",null,0]
[null,"▲","UPVC工业管正三通","五金材料",null,"DN225,PN16",10,"只",null,0]
[null,"▲","UPVC工业管正三通","五金材料",null,"DN250,PN16",8,"只",null,0]
[null,"▲","UPVC工业管异径三通","五金材料",null,"DN25转DN20，PN16",28,"只",null,0]
[null,"▲","UPVC工业管异径三通","五金材料",null,"DN32转DN20，PN16",28,"只",null,0]
[null,"▲","UPVC工业管异径三通","五金材料",null,"DN40转DN20，PN16",28,"只",null,0]
[null,"▲","UPVC工业管异径三通","五金材料",null,"DN40转DN32，PN16",28,"只",null,0]
[null,"▲","UPVC工业管异径三通","五金材料",null,"DN50转DN40，PN16",28,"只",null,0]
[null,"▲","UPVC工业管异径三通","五金材料",null,"DN50转DN32，PN16",28,"只",null,0]
[null,"▲","UPVC工业管异径三通","五金材料",null,"DN63转DN50，PN16",19,"只",null,0]
[null,"▲","UPVC工业管异径三通","五金材料",null,"DN75转DN65，PN16",19,"只",null,0]
[null,"▲","UPVC工业管异径三通","五金材料",null,"DN90转DN75，PN16",19,"只",null,0]
[null,"▲","UPVC工业管异径三通","五金材料",null,"DN110转DN90，PN16",19,"只",null,0]
[null,"▲","UPVC工业管异径接头","五金材料",null,"DN32转DN20，PN16",25,"只",null,0]
[null,"▲","UPVC工业管异径接头","五金材料",null,"DN40转DN32，PN16",25,"只",null,0]
[null,"▲","UPVC工业管异径接头","五金材料",null,"DN50转DN40，PN16",25,"只",null,0]
[null,"▲","UPVC工业管异径接头","五金材料",null,"DN63转DN50，PN16",25,"只",null,0]
[null,"▲","UPVC工业管异径接头","五金材料",null,"DN75转DN63，PN16",16,"只",null,0]
[null,"▲","UPVC工业管异径接头","五金材料",null,"DN90转DN75，PN16",16,"只",null,0]
[null,"▲","UPVC工业管异径接头","五金材料",null,"DN110转DN90，PN16",16,"只",null,0]
[null,"▲","UPVC工业管异径接头","五金材料",null,"DN125转DN110，PN16",10,"只",null,0]
[null,"▲","UPVC工业管异径接头","五金材料",null,"DN140转DN125，PN16",10,"只",null,0]
[null,"▲","UPVC工业管异径接头","五金材料",null,"DN160转DN110，PN16",10,"只",null,0]
[null,"▲","UPVC工业管异径接头","五金材料",null,"DN200转DN160，PN16",10,"只",null,0]
[null,"▲","UPVC工业管异径接头","五金材料",null,"DN225转DN200，PN16",6,"只",null,0]
[null,"▲","UPVC工业管异径接头","五金材料",null,"DN250转DN225，PN16",6,"只",null,0]
[null,"▲","UPVC简单型球阀","五金材料",null,"DN20,PN16，工业管用",40,"只",null,0]
[null,"▲","UPVC简单型球阀","五金材料",null,"DN25,PN16，工业管用",40,"只",null,0]
[null,"▲","UPVC简单型球阀","五金材料",null,"DN32,PN16，工业管用",40,"只",null,0]
[null,"▲","UPVC简单型球阀","五金材料",null,"DN40,PN16，工业管用",28,"只",null,0]
[null,"▲","UPVC简单型球阀","五金材料",null,"DN50,PN16，工业管用",28,"只",null,0]
[null,"▲","UPVC简单型球阀","五金材料",null,"DN63,PN16，工业管用",28,"只",null,0]
[null,"▲","UPVC简单型球阀","五金材料",null,"DN75,PN16，工业管用",12,"只",null,0]
[null,"▲","UPVC简单型球阀","五金材料",null,"DN90,PN16，工业管用",16,"只",null,0]
[null,"▲","UPVC简单型球阀","五金材料",null,"DN110,PN16，工业管用",16,"只",null,0]
[null,"▲","UPVC简单型球阀","五金材料",null,"DN125,PN16，工业管用",13,"只",null,0]
[null,"▲","UPVC简单型球阀","五金材料",null,"DN140,PN16，工业管用",13,"只",null,0]
[null,"▲","UPVC简单型球阀","五金材料",null,"DN160,PN16，工业管用",13,"只",null,0]
[null,"▲","UPVC双由令球阀","五金材料",null,"DN20,PN16，工业管用",22,"只",null,0]
[null,"▲","UPVC双由令球阀","五金材料",null,"DN25,PN16，工业管用",22,"只",null,0]
[null,"▲","UPVC双由令球阀","五金材料",null,"DN32,PN16，工业管用",22,"只",null,0]
[null,"▲","UPVC双由令球阀","五金材料",null,"DN40,PN16，工业管用",22,"只",null,0]
[null,"▲","UPVC双由令球阀","五金材料",null,"DN50,PN16，工业管用",22,"只",null,0]
[null,"▲","UPVC双由令球阀","五金材料",null,"DN63,PN16，工业管用",16,"只",null,0]
[null,"▲","UPVC双由令球阀","五金材料",null,"DN75,PN16，工业管用",16,"只",null,0]
[null,"▲","UPVC双由令球阀","五金材料",null,"DN90,PN16，工业管用",13,"只",null,0]
[null,"▲","UPVC双由令球阀","五金材料",null,"DN110,PN16，工业管用",12,"只",null,0]
[null,"▲","UPVC工业管带法兰接头","五金材料",null,"DN15,PN16",14,"只",null,0]
[null,"▲","UPVC工业管带法兰接头","五金材料",null,"DN20,PN16",34,"只",null,0]
[null,"▲","UPVC工业管带法兰接头","五金材料",null,"DN25,PN16",34,"只",null,0]
[null,"▲","UPVC工业管带法兰接头","五金材料",null,"DN32,PN16",34,"只",null,0]
[null,"▲","UPVC工业管带法兰接头","五金材料",null,"DN40,PN16",34,"只",null,0]
[null,"▲","UPVC工业管带法兰接头","五金材料",null,"DN50,PN16",34,"只",null,0]
[null,"▲","UPVC工业管带法兰接头","五金材料",null,"DN63,PN16",46,"只",null,0]
[null,"▲","UPVC工业管带法兰接头","五金材料",null,"DN75,PN16",46,"只",null,0]
[null,"▲","UPVC工业管带法兰接头","五金材料",null,"DN90,PN16",46,"只",null,0]
[null,"▲","UPVC工业管带法兰接头","五金材料",null,"DN110,PN16",22,"只",null,0]
[null,"▲","UPVC工业管带法兰接头","五金材料",null,"DN125,PN16",16,"只",null,0]
[null,"▲","UPVC工业管带法兰接头","五金材料",null,"DN140,PN16",16,"只",null,0]
[null,"▲","UPVC工业管带法兰接头","五金材料",null,"DN160,PN16",22,"只",null,0]
[null,"▲","UPVC工业管带法兰接头","五金材料",null,"DN200,PN16",22,"只",null,0]
[null,"▲","UPVC工业管带法兰接头","五金材料",null,"DN225,PN16",14,"只",null,0]
[null,"▲","UPVC工业管带法兰接头","五金材料",null,"DN250,PN16",14,"只",null,0]
[null,"▲","UPVC工业管单外丝接头","五金材料",null,"DN20,PN16",34,"只",null,0]
[null,"▲","UPVC工业管单外丝接头","五金材料",null,"DN25,PN16",34,"只",null,0]
[null,"▲","UPVC工业管单外丝接头","五金材料",null,"DN32,PN16",34,"只",null,0]
[null,"▲","UPVC工业管单外丝接头","五金材料",null,"DN40,PN16",34,"只",null,0]
[null,"▲","UPVC工业管单外丝接头","五金材料",null,"DN50,PN16",34,"只",null,0]
[null,"▲","UPVC工业管单外丝接头","五金材料",null,"DN63,PN16",22,"只",null,0]
[null,"▲","UPVC工业管单外丝接头","五金材料",null,"DN75,PN16",22,"只",null,0]
[null,"▲","UPVC工业管单内丝接头","五金材料",null,"DN20,PN16",34,"只",null,0]
[null,"▲","UPVC工业管单内丝接头","五金材料",null,"DN25,PN16",34,"只",null,0]
[null,"▲","UPVC工业管单内丝接头","五金材料",null,"DN32,PN16",34,"只",null,0]
[null,"▲","UPVC工业管单内丝接头","五金材料",null,"DN40,PN16",34,"只",null,0]
[null,"▲","UPVC工业管单内丝接头","五金材料",null,"DN50,PN16",34,"只",null,0]
[null,"▲","UPVC工业管单内丝接头","五金材料",null,"DN63,PN16",22,"只",null,0]
[null,"▲","UPVC工业管单内丝接头","五金材料",null,"DN75,PN16",22,"只",null,0]
[null,"▲","UPVC工业管单外丝90°弯头","五金材料",null,"DN20,PN16",28,"只",null,0]
[null,"▲","UPVC工业管单外丝90°弯头","五金材料",null,"DN25,PN16",28,"只",null,0]
[null,"▲","UPVC工业管单外丝90°弯头","五金材料",null,"DN32,PN16",28,"只",null,0]
[null,"▲","UPVC工业管单外丝90°弯头","五金材料",null,"DN40,PN16",28,"只",null,0]
[null,"▲","UPVC工业管单外丝90°弯头","五金材料",null,"DN50,PN16",22,"只",null,0]
[null,"▲","UPVC工业管单外丝90°弯头","五金材料",null,"DN63,PN16",22,"只",null,0]
[null,"▲","UPVC工业管单外丝90°弯头","五金材料",null,"DN75,PN16",22,"只",null,0]
[null,"▲","UPVC工业管单内丝90°弯头","五金材料",null,"DN20,PN16",28,"只",null,0]
[null,"▲","UPVC工业管单内丝90°弯头","五金材料",null,"DN25,PN16",28,"只",null,0]
[null,"▲","UPVC工业管单内丝90°弯头","五金材料",null,"DN32,PN16",28,"只",null,0]
[null,"▲","UPVC工业管单内丝90°弯头","五金材料",null,"DN40,PN16",28,"只",null,0]
[null,"▲","UPVC工业管单内丝90°弯头","五金材料",null,"DN50,PN16",22,"只",null,0]
[null,"▲","UPVC工业管单内丝90°弯头","五金材料",null,"DN63,PN16",22,"只",null,0]
[null,"▲","UPVC工业管单内丝90°弯头","五金材料",null,"DN75,PN16",22,"只",null,0]
[null,"▲","UPVC工业管活接","五金材料",null,"DN20,PN16",34,"只",null,0]
[null,"▲","UPVC工业管活接","五金材料",null,"DN25,PN16",34,"只",null,0]
[null,"▲","UPVC工业管活接","五金材料",null,"DN32,PN16",34,"只",null,0]
[null,"▲","UPVC工业管活接","五金材料",null,"DN40,PN16",34,"只",null,0]
[null,"▲","UPVC工业管活接","五金材料",null,"DN50,PN16",34,"只",null,0]
[null,"▲","UPVC工业管活接","五金材料",null,"DN63,PN16",34,"只",null,0]
[null,"▲","UPVC工业管活接","五金材料",null,"DN75,PN16",34,"只",null,0]
[null,"▲","UPVC工业管活接","五金材料",null,"DN90,PN16",34,"只",null,0]
[null,"▲","UPVC工业管活接","五金材料",null,"DN110,PN16",19,"只",null,0]
[null,"▲","UPVC工业管活接","五金材料",null,"DN125,PN16",13,"只",null,0]
[null,"▲","UPVC工业管补芯","五金材料",null,"DN25转DN20",28,"只",null,0]
[null,"▲","UPVC工业管补芯","五金材料",null,"DN32转DN25",28,"只",null,0]
[null,"▲","UPVC工业管补芯","五金材料",null,"DN40转DN32",28,"只",null,0]
[null,"▲","UPVC工业管补芯","五金材料",null,"DN50转DN40",28,"只",null,0]
[null,"▲","UPVC工业管补芯","五金材料",null,"DN63转DN50",22,"只",null,0]
[null,"▲","UPVC工业管补芯","五金材料",null,"DN75转DN63",22,"只",null,0]
[null,"▲","UPVC工业管补芯","五金材料",null,"DN90转DN75",22,"只",null,0]
[null,"▲","UPVC工业管补芯","五金材料",null,"DN110转DN90",16,"只",null,0]
[null,"▲","UPVC工业管补芯","五金材料",null,"DN125转DN110",13,"只",null,0]
[null,"▲","UPVC工业管补芯","五金材料",null,"DN140转DN125",13,"只",null,0]
[null,"▲","UPVC工业管补芯","五金材料",null,"DN160转DN140",13,"只",null,0]
[null,"▲","UPVC工业管管帽","五金材料",null,"DN20",16,"只",null,0]
[null,"▲","UPVC工业管管帽","五金材料",null,"DN25",16,"只",null,0]
[null,"▲","UPVC工业管管帽","五金材料",null,"DN32",16,"只",null,0]
[null,"▲","UPVC工业管管帽","五金材料",null,"DN40",16,"只",null,0]
[null,"▲","UPVC工业管管帽","五金材料",null,"DN50",16,"只",null,0]
[null,"▲","UPVC工业管管帽","五金材料",null,"DN63",16,"只",null,0]
[null,"▲","UPVC工业管管帽","五金材料",null,"DN75",16,"只",null,0]
[null,"▲","UPVC工业管管帽","五金材料",null,"DN90",16,"只",null,0]
[null,"▲","UPVC工业管管帽","五金材料",null,"DN110",16,"只",null,0]
[null,"▲","UPVC工业管管帽","五金材料",null,"DN125",13,"只",null,0]
[null,"▲","UPVC工业管管帽","五金材料",null,"DN140",13,"只",null,0]
[null,"▲","UPVC工业管管帽","五金材料",null,"DN160",13,"只",null,0]
[null,"▲","UPVC Y型过滤器","五金材料",null,"DN15，工业管用",19,"只",null,0]
[null,"▲","UPVC Y型过滤器","五金材料",null,"DN25，工业管用",19,"只",null,0]
[null,"▲","UPVC Y型过滤器","五金材料",null,"DN32，工业管用",19,"只",null,0]
[null,"▲","UPVC Y型过滤器","五金材料",null,"DN40，工业管用",19,"只",null,0]
[null,"▲","UPVC Y型过滤器","五金材料",null,"DN50，工业管用",19,"只",null,0]
[null,"▲","UPVC Y型过滤器","五金材料",null,"DN63，工业管用",19,"只",null,0]
[null,"▲","UPVC Y型过滤器","五金材料",null,"DN75，工业管用",19,"只",null,0]
[null,"▲","UPVC Y型过滤器","五金材料",null,"DN90，工业管用",19,"只",null,0]
[null,"▲","UPVC Y型过滤器","五金材料",null,"DN110，工业管用",3,"只",null,0]
[null,"▲","UPVC Y型过滤器","五金材料",null,"DN125，工业管用",3,"只",null,0]
[null,"▲","UPVC Y型过滤器","五金材料",null,"DN140，工业管用",3,"只",null,0]
[null,"▲","UPVC Y型过滤器","五金材料",null,"DN160，工业管用",3,"只",null,0]
[2279,"▲","XL星型联轴器","五金材料","开天传动/伏尔康/通力","适用轴径32mm-42mm，联轴器两端轴径可定制",5,"个",null,0]
[2227,null,"304不锈钢电缆网套","五金材料","任意品牌","直径13-18mm，单股线径≥1mm，长度≥0.7m，带拉环",5,"条",null,0]
[2228,null,"304不锈钢电缆网套","五金材料","任意品牌","直径18-25mm，单股线径≥1mm，长度≥0.8m，带拉环",5,"条",null,0]
[2229,null,"304不锈钢电缆网套","五金材料","任意品牌","直径25-34mm，单股线径≥1.2mm，长度≥1.2m，带拉环",5,"条",null,0]
[2230,null,"304不锈钢电缆网套","五金材料","任意品牌","直径35-48mm，单股线径≥1.2mm，长度≥1.2m，带拉环",5,"条",null,0]
[2231,null,"304不锈钢电缆网套","五金材料","任意品牌","直径49-60mm，单股线径≥1.2mm，长度≥1.2m，带拉环",5,"条",null,0]
[2226,null,"304不锈钢电缆网套","五金材料","任意品牌","直径9-12mm，单股线径≥1mm，长度≥0.6m，带拉环",5,"条",null,0]
[2298,null,"标签打印机色带","五金材料","任意品牌","宽度12mm，任意颜色，8m/卷，适配PT-P900机型",10,"套",null,0]
[2299,null,"标签打印机色带","五金材料","任意品牌","宽度18mm，任意颜色，8m/卷，适配PT-P900机型",10,"套",null,0]
[2300,null,"标签打印机色带","五金材料","任意品牌","宽度24mm，任意颜色，8m/卷，适配PT-P900机型",10,"套",null,0]
[2301,null,"标签打印机色带","五金材料","任意品牌","宽度36mm，任意颜色，8m/卷，适配PT-P900机型",10,"套",null,0]
[2296,null,"标签打印机色带","五金材料","任意品牌","宽度6mm，任意颜色，8m/卷，适配PT-P900机型",5,"套",null,0]
[2297,null,"标签打印机色带","五金材料","任意品牌","宽度9mm，任意颜色，8m/卷，适配PT-P900机型",10,"套",null,0]
[2317,null,"线缆标签打印纸","五金材料","任意品牌","25*38+40，任意颜色，450张/包",5,"包",null,0]
[2233,null,"玻璃自动门防撞条","五金材料","任意品牌","长2.2m，宽12mm",2,"条",null,0]
[2257,null,"不锈钢管道连接器","五金材料","任意品牌","适用范围:74-79mm，工作温度-30-130度，工作压力＞2.0MPa，外壳304材质",20,"套",null,0]
[2258,null,"不锈钢管道连接器","五金材料","任意品牌","适用范围:87-92mm，工作温度-30-130度，工作压力＞2.0MPa，外壳304材质",20,"套",null,0]
[2259,null,"不锈钢管道连接器","五金材料","任意品牌","适用范围:106-112mm，工作温度-30-130度，工作压力＞2.0MPa，外壳304材质",20,"套",null,0]
[2260,null,"不锈钢管道连接器","五金材料","任意品牌","适用范围:113-117mm，工作温度-30-130度，工作压力＞2.0MPa，外壳304材质",20,"套",null,0]
[2261,null,"不锈钢管道连接器","五金材料","任意品牌","适用范围:131-137mm，工作温度-30-130度，工作压力＞2.0MPa，外壳304材质",20,"套",null,0]
[2262,null,"不锈钢管道连接器","五金材料","任意品牌","适用范围:138-144mm，工作温度-30-130度，工作压力＞1.6MPa，外壳304材质",20,"套",null,0]
[2263,null,"不锈钢管道连接器","五金材料","任意品牌","适用范围:157-163mm，工作温度-30-130度，工作压力＞1.6MPa，外壳304材质",20,"套",null,0]
[2264,null,"不锈钢管道连接器","五金材料","任意品牌","适用范围:166-172mm，工作温度-30-130度，工作压力＞1.6MPa，外壳304材质",20,"套",null,0]
[2268,null,"不锈钢管道连接器","五金材料","任意品牌","适用范围:74-79mm，工作温度-30-130度，工作压力＞2.0MPa，外壳316材质",20,"套",null,0]
[2269,null,"不锈钢管道连接器","五金材料","任意品牌","适用范围:87-92mm，工作温度-30-130度，工作压力＞2.0MPa，外壳316材质",20,"套",null,0]
[2270,null,"不锈钢管道连接器","五金材料","任意品牌","适用范围:106-112mm，工作温度-30-130度，工作压力＞2.0MPa，外壳316材质",20,"套",null,0]
[2271,null,"不锈钢管道连接器","五金材料","任意品牌","适用范围:113-117mm，工作温度-30-130度，工作压力＞2.0MPa，外壳316材质",20,"套",null,0]
[2272,null,"不锈钢管道连接器","五金材料","任意品牌","适用范围:131-137mm，工作温度-30-130度，工作压力＞2.0MPa，外壳316材质",20,"套",null,0]
[2273,null,"不锈钢管道连接器","五金材料","任意品牌","适用范围:138-144mm，工作温度-30-130度，工作压力＞1.6MPa，外壳316材质",20,"套",null,0]
[2274,null,"不锈钢管道连接器","五金材料","任意品牌","适用范围:157-163mm，工作温度-30-130度，工作压力＞1.6MPa，外壳316材质",20,"套",null,0]
[2275,null,"不锈钢管道连接器","五金材料","任意品牌","适用范围:166-172mm，工作温度-30-130度，工作压力＞1.6MPa，外壳316材质",20,"套",null,0]
[2232,null,"不锈钢花纹板","五金材料","任意品牌","201不锈钢，1220×2440mm,3mm厚",20,"块",null,0]
[2312,null,"不锈钢提水桶","五金材料","任意品牌","6L，加厚",2,"个",null,0]
[2283,null,"导热硅脂","五金材料","任意品牌","HY-2015，1公斤罐装",2,"罐",null,0]
[2241,null,"点火枪","五金材料","任意品牌","总长约27CM",2,"把",null,0]
[2303,null,"电动螺丝刀头","五金材料","博世/威克士/世达","TS2 PH2强磁防滑抗冲击钨钢十字头，长度50mm",5,"个",null,0]
[2304,null,"电动螺丝刀头","五金材料","博世/威克士/世达","TS2 PH2强磁防滑抗冲击钨钢十字头，长度70mm",5,"个",null,0]
[2305,null,"电动螺丝刀头","五金材料","博世/威克士/世达","TS2 PH2强磁防滑抗冲击钨钢十字头，长度90mm",5,"个",null,0]
[2249,null,"定向轮","五金材料","任意品牌","6英寸超重型铁芯橡胶轮，承重1.35吨",4,"个",null,0]
[2308,null,"高压洗车机喷头","五金材料","任意品牌","0度柱形出水（孔径1毫米）",5,"个",null,0]
[2309,null,"高压洗车机喷头","五金材料","任意品牌","0度柱形出水（孔径2毫米）",5,"个",null,0]
[2292,null,"隔膜泵膜片","五金材料","任意品牌","适用于赛高牌隔膜泵，型号：AF000018PHXTPT1",4,"套",null,0]
[2293,null,"隔膜泵膜片","五金材料","任意品牌","适用于赛高牌隔膜泵，型号：AF000030PHXNPT1",4,"套",null,0]
[2284,null,"管道疏通强力溶解剂","五金材料","任意品牌","1L装",5,"瓶",null,0]
[2238,null,"硅胶软管","五金材料","任意品牌","10mm*16mm",20,"米",null,0]
[2285,null,"胶合木板","五金材料","任意品牌","三合板，多层复合胶合板 2440*1220*12mm（BB/BB)",4,"块",null,0]
[2310,null,"角磨机改切割机支架固定保护罩","五金材料","任意品牌","总长：137mm，总宽：89mm，厚度：2mm，锯片槽：114mm，调节高度：15mm",2,"个",null,0]
[2234,null,"抗静电地板","五金材料","任意品牌","600*600*30，包含安装附件",20,"块",null,0]
[2235,null,"抗静电地板","五金材料","任意品牌","600*600*35，包含安装附件",20,"块",null,0]
[2289,null,"门缝密封条","五金材料","任意品牌","宽46mm，长6米",5,"条",null,0]
[2315,null,"木锯片","五金材料","任意品牌","110*20*2.0mm（内径20可变16，送20变16垫圈）",5,"片",null,0]
[2290,null,"木锯片","五金材料","任意品牌","110*20*20mm（内径20可变16，送20变16垫圈）",5,"块",null,0]
[2307,null,"内六角批头强磁加长风批电钻批头套装","五金材料","任意品牌","【10件组合套装】\n六角100mm 柄径对边长6.35mm S2合金*带磁性 总长100mm H1.5/H2/H2.5 /H3/H4/H5/H6/H8/H10/H12",1,"套",null,0]
[2306,null,"内六角强磁套筒头手电钻批头","五金材料","任意品牌","加长加厚【8-32mm】电动内六角套筒，20件装8/9/10/11/12/13/14/15/16/17/18/19/20/21/22/23/24/27/30/32",1,"套",null,0]
[2219,null,"气动消音器","五金材料","任意品牌","平头二分螺纹",10,"个",null,0]
[2220,null,"气动消音器","五金材料","任意品牌","平头三分螺纹",10,"个",null,0]
[2221,null,"气动消音器","五金材料","任意品牌","平头四分螺纹",10,"个",null,0]
[2218,null,"气动消音器","五金材料","任意品牌","平头一分螺纹",10,"个",null,0]
[2223,null,"气动消音器","五金材料","任意品牌","长头二分螺纹",10,"个",null,0]
[2224,null,"气动消音器","五金材料","任意品牌","长头三分螺纹",10,"个",null,0]
[2225,null,"气动消音器","五金材料","任意品牌","长头四分螺纹",10,"个",null,0]
[2222,null,"气动消音器","五金材料","任意品牌","长头一分螺纹",10,"个",null,0]
[2281,null,"气动执行器","五金材料","任意品牌","EB8.1SYD",null,"个",null,0]
[2282,null,"气动执行器","五金材料","任意品牌","EB9.1SYD",null,"个",null,0]
[2237,null,"气罐自动排水阀","五金材料","任意品牌","进口口径DN1/2，出口口径DN3/8，工作压力1.6MPa，链接方式：螺纹管，最大工作温度：100度，最大排量:680KG/H，适用流体：空气/水",4,"套",null,0]
[2294,null,"潜污泵防护网罩","五金材料","任意品牌","材质：304不锈钢，D4直径30cm，高度40cm，8毫米过滤圆孔",4,"个",null,0]
[2291,null,"墙槽片","五金材料","任意品牌","114*20*2.0mm（内径20可变16，送20变16垫圈）",5,"块",null,0]
[2313,null,"深水采样器","五金材料","任意品牌","容积5L，配采样绳10m,止水夹，橡胶管，304不锈钢材质。",2,"个",null,0]
[2252,null,"水管快速对接头","五金材料","任意品牌","1寸软管对接",10,"个",null,0]
[2254,null,"水管快速对接头","五金材料","任意品牌","4分软管对接",10,"个",null,0]
[2255,null,"水管快速对接头","五金材料","任意品牌","4分转6分软管对接",10,"个",null,0]
[2253,null,"水管快速对接头","五金材料","任意品牌","6分软管对接",10,"个",null,0]
[2256,null,"水管快速对接头","五金材料","任意品牌","6分转1寸软管对接",10,"个",null,0]
[2251,null,"万向轮","五金材料","任意品牌","6英寸超重型铁芯橡胶轮，承重1.35吨，无刹车",4,"个",null,0]
[2250,null,"万向轮","五金材料","任意品牌","6英寸超重型铁芯橡胶轮，承重1.35吨，有刹车",4,"个",null,0]
[2236,null,"吸油索","五金材料","任意品牌","12cm*6m",10,"条",null,0]
[2239,null,"重型脚轮","五金材料","任意品牌","PU减震轮，直径100mm*宽50mm，万向轮带刹车",4,"个",null,0]
[2240,null,"重型脚轮","五金材料","任意品牌","PU减震轮，直径100mm*宽50mm，万向轮无刹车",4,"个",null,0]
[2248,"▲","T型内六角扳手","工器具","史丹利/世达/高松","T型六角平头8件套 2mm/2.5mm/3mm/4mm/5mm/6mm/8mm/10mm",1,"套",null,0]
[2247,"▲","T型套筒扳手","工器具","史丹利/世达/高松","14件套【6-19mm】6mm/7mm/8mm/9mm/10mm/11mm/12mm/13mm/14mm/15mm16mm/17mm18mm/19mm",1,"套",null,0]
[2280,"▲","电镐","工器具","东城/博世/大艺","1000W—1500W功率，冲击频率不少于3800BMP,冲击能量不少于15J，配套尖凿平凿各一个",1,"套",null,0]
[2295,null,"标签打印机","工器具","任意品牌","PT-P900，支持色带打印宽幅6/9/12/18/24/36mm",1,"台",null,0]
[2302,null,"电动扳手转换头","工器具","任意品牌","伸缩转换头",4,"个",null,0]
[2242,null,"棘轮拉紧器","工器具","任意品牌","绑带宽5cm*长1米，承重5吨",2,"条",null,0]
[2243,null,"棘轮拉紧器","工器具","任意品牌","绑带宽5cm*长2米，承重5吨",2,"条",null,0]
[2244,null,"棘轮拉紧器","工器具","任意品牌","绑带宽5cm*长3米，承重5吨",2,"条",null,0]
[2245,null,"棘轮拉紧器","工器具","任意品牌","绑带宽5cm*长4米，承重5吨",2,"条",null,0]
[2246,null,"棘轮拉紧器","工器具","任意品牌","绑带宽5cm*长5米，承重5吨",2,"条",null,0]
[2286,null,"加油漏斗","工器具","任意品牌","直径13cm，配套出油软管、过滤网",2,"个",null,0]
[2287,null,"加油漏斗","工器具","任意品牌","直径14.5cm，配套出油软管、过滤网",2,"个",null,0]
[2288,null,"加油漏斗","工器具","任意品牌","直径16.5cm，配套出油软管、过滤网",2,"个",null,0]
[2314,null,"锂电油漆喷枪","工器具","任意品牌","最大流量：1000ml，频率50HZ,额定电压：21v，最大转速32000r/min，包含两块电池及一个充电器",1,"台",null,0]
[2311,null,"手持切割机","工器具","任意品牌","电压220V，功率1400W，最大切割深度30mm，锯片直径110mm",1,"台",null,0]
[2316,null,"线缆标签打印机","工器具","任意品牌","出纸宽度25-50mm，打印精度200dpi，可自动识别打印耗材",1,"台",null,0]
[2217,null,"注射器","工器具","任意品牌","500mL+针头+1米管",2,"个",null,0]

{"sheet":"Sheet2","index":2,"n_rows":19,"n_cols":10,"rows_kept":19}
{"$rows_empty":10}
[{"$nulls":8},20,{"$f":"I11/4","v":5}]
[{"$nulls":8},23,{"$f":"I12/4","v":5.75}]
[{"$nulls":8},40,10]
[{"$nulls":8},62,15.5]
[{"$nulls":8},96,24]
[{"$nulls":8},154,38.5]
[{"$nulls":8},218,54.5]
[{"$nulls":8},312,78]
[{"$nulls":8},462,115.5]

{"sheet":"Sheet3","index":3,"n_rows":4161,"n_cols":12,"rows_kept":4161}
[3.94,{"$f":"ROUND(A1,2)","v":3.94},3.94]
[5.05,{"$f":"ROUND(A2,2)","v":5.05},5.05]
[8.085,8.09,8.09]
[12.125,12.13,12.13]
[19.195,19.2,19.2]
[30.315,30.32,30.32]
[41.43,41.43,41.43]
[58.605,58.61,58.61]
[73.76,73.76,73.76]
[98.015,98.02,98.02]
[124.29,124.29,124.29]
[147.53,147.53,147.53]
[240.49,240.49,240.49]
[336.49,336.49,336.49]
[410.255,410.26,410.26]
[2.025,2.03,2.03]
[2.025,2.03,2.03]
[2.025,2.03,2.03]
[3.03,3.03,3.03]
[4.04,4.04,4.04]
[5.05,5.05,5.05]
[8.085,8.09,8.09]
[12.125,12.13,12.13]
[20.21,20.21,20.21]
[33.345,33.35,33.35]
[46.48,46.48,46.48]
[56.59,56.59,56.59]
[106.1,106.1,106.1]
[146.52,146.52,146.52]
[156.625,156.63,156.63]
[2.025,2.03,2.03]
[2.025,2.03,2.03]
[3.03,3.03,3.03]
[4.04,4.04,4.04]
[6.06,6.06,6.06]
[9.095,9.1,9.1]
[15.155,15.16,15.16]
[20.21,20.21,20.21]
[39.405,39.41,39.41]
[67.7,67.7,67.7]
[102.055,102.06,102.06]
[113.18,113.18,113.18]
[200.075,200.08,200.08]
[274.85,274.85,274.85]
[286.98,286.98,286.98]
[2.025,2.03,2.03]
[2.025,2.03,2.03]
[2.89,2.89,2.89]
[3.03,3.03,3.03]
[5.05,5.05,5.05]
[7.07,7.07,7.07]
[12.125,12.13,12.13]
[18.185,18.19,18.19]
[28.295,28.3,28.3]
[50.525,50.53,50.53]
[63.66,63.66,63.66]
[78.82,78.82,78.82]
[154.605,154.61,154.61]
[212.195,212.2,212.2]
[216.245,216.25,216.25]
[2.025,2.03,2.03]
[3.03,3.03,3.03]
[3.03,3.03,3.03]
[5.05,5.05,5.05]
[8.085,8.09,8.09]
[13.135,{"$f":"ROUND(A66,2)","v":13.14},13.14]
[19.195,19.2,19.2]
[28.295,28.3,28.3]
[49.515,49.52,49.52]
[104.08,104.08,104.08]
[113.18,113.18,113.18]
[135.405,135.41,135.41]
[244.535,244.54,244.54]
[334.47,334.47,334.47]
[450.67,450.67,450.67]
[2.21,2.21,2.21]
[3.03,3.03,3.03]
[4.04,4.04,4.04]
[4.04,4.04,4.04]
[7.07,7.07,7.07]
[6.06,6.06,6.06]
[10.11,10.11,10.11]
[17.18,17.18,17.18]
[24.25,24.25,24.25]
[41.43,41.43,41.43]
[2.025,2.03,2.03]
[2.025,2.03,2.03]
[4.04,4.04,4.04]
[6.06,6.06,6.06]
[8.085,8.09,8.09]
[12.125,12.13,12.13]
[18.185,18.19,18.19]
[41.43,41.43,41.43]
[53.55,53.55,53.55]
[54.565,54.57,54.57]
[104.08,104.08,104.08]
[181.885,181.89,181.89]
[244.535,244.54,244.54]
[12.125,12.13,12.13]
[12.125,12.13,12.13]
[15.155,15.16,15.16]
[15.155,15.16,15.16]
[20.21,20.21,20.21]
[22.23,22.23,22.23]
[28.295,28.3,28.3]
[33.345,33.35,33.35]
[43.45,43.45,43.45]
[62.65,62.65,62.65]
[79.83,79.83,79.83]
[103.07,103.07,103.07]
[136.415,136.42,136.42]
[163.7,163.7,163.7]
[244.535,244.54,244.54]
[328.405,328.41,328.41]
[2.025,2.03,2.03]
[2.83,2.83,2.83]
[2.025,2.03,2.03]
[3.03,3.03,3.03]
[4.04,4.04,4.04]
[7.07,7.07,7.07]
[11.115,11.12,11.12]
[4.04,4.04,4.04]
[6.06,6.06,6.06]
[7.07,7.07,7.07]
[5.05,5.05,5.05]
[6.06,6.06,6.06]
[8.085,8.09,8.09]
[12.125,12.13,12.13]
[6.06,6.06,6.06]
[13.135,{"$f":"ROUND(A130,2)","v":13.14},13.14]
[15.155,15.16,15.16]
[32.335,32.34,32.34]
[42.44,42.44,42.44]
[60.63,60.63,60.63]
[79.83,79.83,79.83]
[8.085,8.09,8.09]
[11.115,11.12,11.12]
[15.155,15.16,15.16]
[32.335,32.34,32.34]
[41.43,41.43,41.43]
[56.59,56.59,56.59]
[76.8,76.8,76.8]
[4.04,4.04,4.04]
[5.05,5.05,5.05]
[8.085,8.09,8.09]
[12.125,12.13,12.13]
[16.17,16.17,16.17]
[36.38,36.38,36.38]
[47.49,47.49,47.49]
[79.83,79.83,79.83]
[106.1,106.1,106.1]
[103.07,103.07,103.07]
[1.01,1.01,1.01]
[1.01,1.01,1.01]
[2.025,2.03,2.03]
[2.025,2.03,2.03]
[5.05,5.05,5.05]
[6.06,6.06,6.06]
[11.115,11.12,11.12]
[18.185,18.19,18.19]
[30.315,30.32,30.32]
[45.475,45.48,45.48]
[52.545,52.55,52.55]
[2.025,2.03,2.03]
[2.025,2.03,2.03]
[2.025,2.03,2.03]
[2.025,2.03,2.03]
[3.03,3.03,3.03]
[5.05,5.05,5.05]
[9.095,9.1,9.1]
[14.145,14.15,14.15]
[21.22,21.22,21.22]
[28.295,28.3,28.3]
[32.71,32.71,32.71]
[55.575,55.58,55.58]
[5.05,5.05,5.05]
[7.07,7.07,7.07]
[11.115,11.12,11.12]
[15.155,15.16,15.16]
[20.21,20.21,20.21]
[31.325,31.33,31.33]
[67.7,67.7,67.7]
[89.93,89.93,89.93]
[218.265,218.27,218.27]
[232.415,232.42,232.42]
[260.7,260.7,260.7]
[354.68,354.68,354.68]
[10.11,10.11,10.11]
[14.145,14.15,14.15]
[19.195,19.2,19.2]
[28.295,28.3,28.3]
[40.42,40.42,40.42]
[65.68,65.68,65.68]
[153.59,{"$f":"ROUND(A194,2)","v":153.59},153.59]
[321.335,321.34,321.34]
[550.71,550.71,550.71]
[31.325,31.33,31.33]
[40.42,40.42,40.42]
[64.675,64.68,64.68]
[99.03,99.03,99.03]
[156.625,156.63,156.63]
[216.245,216.25,216.25]
[518.37,518.37,518.37]
[795.25,795.25,795.25]
[1205.5,1205.5,1205.5]
[60.63,60.63,60.63]
[80.84,80.84,80.84]
[101.05,101.05,101.05]
[135.405,135.41,135.41]
[175.825,175.83,175.83]
[292.025,292.03,292.03]
[440.57,440.57,440.57]
[811.415,811.42,811.42]
[1199.44,1199.44,1199.44]
[42.44,42.44,42.44]
[1306.55,1306.55,1306.55]
[1791.58,1791.58,1791.58]
[1862.31,1862.31,1862.31]
[2773.76,2773.76,2773.76]
[3521.515,3521.52,3521.52]
[4726.01,4726.01,4726.01]
[1430.84,1430.84,1430.84]
[1760.255,1760.26,1760.26]
[2075.52,2075.52,2075.52]
[3367.925,3367.93,3367.93]
[5757.6,5757.6,5757.6]
[9811.67,9811.67,9811.67]
[942.77,942.77,942.77]
[1225.71,1225.71,1225.71]
[1583.42,1583.42,1583.42]
[2324.105,2324.11,2324.11]
[3244.645,3244.65,3244.65]
[4434.2,4434.2,4434.2]
[8.085,8.09,8.09]
[12.125,12.13,12.13]
[17.18,17.18,17.18]
[28.295,28.3,28.3]
[36.38,36.38,36.38]
[56.59,56.59,56.59]
[62.65,62.65,62.65]
[129.34,129.34,129.34]
[206.135,206.14,206.14]
[246.555,246.56,246.56]
[296.065,296.07,296.07]
[2.03,2.03,2.03]
[2.03,2.03,2.03]
[6.09,6.09,6.09]
[6.09,6.09,6.09]
[8.12,8.12,8.12]
[13.195,13.2,13.2]
[18.27,18.27,18.27]
[47.705,47.71,47.71]
[89.32,89.32,89.32]
[118.755,118.76,118.76]
[127.89,127.89,127.89]
[2.03,2.03,2.03]
[3.04,3.04,3.04]
[8.12,{"$f":"ROUND(A258,2)","v":8.12},8.12]
[9.135,9.14,9.14]
[19.285,19.29,19.29]
[20.3,20.3,20.3]
[33.495,33.5,33.5]
[87.29,87.29,87.29]
[168.49,168.49,168.49]
[226.35,226.35,226.35]
[244.615,244.62,244.62]
[8.085,8.09,8.09]
[8.085,8.09,8.09]
[8.085,8.09,8.09]
[11.115,11.12,11.12]
[12.125,12.13,12.13]
[19.195,19.2,19.2]
[22.23,22.23,22.23]
[50.525,50.53,50.53]
[104.08,104.08,104.08]
[156.625,156.63,156.63]
[176.83,176.83,176.83]
[3.03,3.03,3.03]
[3.03,3.03,3.03]
[5.05,5.05,5.05]
[8.085,8.09,8.09]
[11.115,11.12,11.12]
[19.195,19.2,19.2]
[25.26,25.26,25.26]
[66.69,66.69,66.69]
[126.31,126.31,126.31]
[172.795,172.8,172.8]
[181.885,181.89,181.89]
[3.03,3.03,3.03]
[5.05,5.05,5.05]
[8.085,8.09,8.09]
[15.155,15.16,15.16]
[23.24,23.24,23.24]
[33.345,33.35,33.35]
[55.575,55.58,55.58]
[151.57,151.57,151.57]
[234.43,234.43,234.43]
[326.385,326.39,326.39]
[344.57,344.57,344.57]
[5.05,5.05,5.05]
[8.085,8.09,8.09]
[7.07,7.07,7.07]
[14.145,14.15,14.15]
[25.26,25.26,25.26]
[30.315,30.32,30.32]
[3.03,3.03,3.03]
[4.04,4.04,4.04]
[6.06,6.06,6.06]
[7.07,7.07,7.07]
[10.11,10.11,10.11]
[19.195,19.2,19.2]
[48.505,48.51,48.51]
[97.01,97.01,97.01]
[7.03,7.03,7.03]
[9.14,9.14,9.14]
[15.68,15.68,15.68]
[19.83,19.83,19.83]
[30.41,30.41,30.41]
[52.62,52.62,52.62]
[74.79,74.79,74.79]
[98.03,98.03,98.03]
[145.9,{"$f":"ROUND(A322,2)","v":145.9},145.9]
[213.66,213.66,213.66]
[232.34,232.34,232.34]
[294.14,294.14,294.14]
[467.2,467.2,467.2]
[570.75,570.75,570.75]
[656.4,656.4,656.4]
[1.94,1.94,1.94]
[2.94,2.94,2.94]
[4.35,4.35,4.35]
[7.46,7.46,7.46]
[11.14,11.14,11.14]
[20.41,20.41,20.41]
[59.77,59.77,59.77]
[64.88,64.88,64.88]
[101.95,101.95,101.95]
[361.81,361.81,361.81]
[361.81,361.81,361.81]
[412.61,412.61,412.61]
[594.15,594.15,594.15]
[713.9,713.9,713.9]
[2086.1,2086.1,2086.1]
[2.34,2.34,2.34]
[4,4,4]
[5.84,5.84,5.84]
[9.67,9.67,9.67]
[13.01,13.01,13.01]
[26.93,26.93,26.93]
[53.55,53.55,53.55]
[73.42,73.42,73.42]
[126.64,126.64,126.64]
[361.81,361.81,361.81]
[361.81,361.81,361.81]
[424.45,424.45,424.45]
[625.95,625.95,625.95]
[849.88,849.88,849.88]
[1346.69,1346.69,1346.69]
[3.58,3.58,3.58]
[6.01,6.01,6.01]
[9.12,9.12,9.12]
[14.07,14.07,14.07]
[29.21,29.21,29.21]
[31.7,31.7,31.7]
[56.78,56.78,56.78]
[262.69,262.69,262.69]
[262.69,262.69,262.69]
[262.69,262.69,262.69]
[306.52,306.52,306.52]
[463.59,463.59,463.59]
[1118.78,1118.78,1118.78]
[4.7,4.7,4.7]
[7.13,7.13,7.13]
[12.18,12.18,12.18]
[12.18,12.18,12.18]
[16.24,16.24,16.24]
[15.16,15.16,15.16]
[29.13,29.13,29.13]
[126.09,126.09,126.09]
[126.09,126.09,126.09]
[150.88,150.88,150.88]
[3.01,3.01,3.01]
[5.18,5.18,5.18]
[7.48,7.48,7.48]
[13.2,13.2,13.2]
[18.05,{"$f":"ROUND(A386,2)","v":18.05},18.05]
[34.41,34.41,34.41]
[73.01,73.01,73.01]
[99.86,99.86,99.86]
[174.49,174.49,174.49]
[384.51,384.51,384.51]
[384.51,384.51,384.51]
[399.4,399.4,399.4]
[785.06,785.06,785.06]
[1394.27,1394.27,1394.27]
[1394.27,1394.27,1394.27]
[1.64,1.64,1.64]
[2.84,2.84,2.84]
[3.71,3.71,3.71]
[6.22,6.22,6.22]
[8.1,8.1,8.1]
[16.06,16.06,16.06]
[21.21,21.21,21.21]
[40.69,40.69,40.69]
[73.42,73.42,73.42]
[251.5,251.5,251.5]
[251.5,251.5,251.5]
[282.67,282.67,282.67]
[306.2,306.2,306.2]
[454.32,454.32,454.32]
[509.96,509.96,509.96]
[9.84,9.84,9.84]
[14.39,14.39,14.39]
[20.81,20.81,20.81]
[29.88,29.88,29.88]
[39.8,39.8,39.8]
[67.46,67.46,67.46]
[187.31,187.31,187.31]
[255.71,255.71,255.71]
[573.07,573.07,573.07]
[691.93,691.93,691.93]
[849.91,849.91,849.91]
[1028.57,1028.57,1028.57]
[27.83,27.83,27.83]
[38.75,38.75,38.75]
[52.7,52.7,52.7]
[76.67,76.67,76.67]
[118.63,118.63,118.63]
[152.81,152.81,152.81]
[347.12,347.12,347.12]
[593.95,593.95,593.95]
[884.93,884.93,884.93]
[7.07,7.07,7.07]
[8.085,8.09,8.09]
[12.145,12.15,12.15]
[19.285,19.29,19.29]
[24.07,24.07,24.07]
[43.45,43.45,43.45]
[60.63,60.63,60.63]
[83.87,83.87,83.87]
[129.34,129.34,129.34]
[141.85,141.85,141.85]
[126.31,126.31,126.31]
[269.795,269.8,269.8]
[405.205,405.21,405.21]
[572.945,572.95,572.95]
[650.745,650.75,650.75]
[1.015,1.02,1.02]
[1.015,1.02,1.02]
[2.025,{"$f":"ROUND(A450,2)","v":2.03},2.03]
[3.03,3.03,3.03]
[3.03,3.03,3.03]
[6.06,6.06,6.06]
[8.085,8.09,8.09]
[13.135,13.14,13.14]
[23.24,23.24,23.24]
[74.775,74.78,74.78]
[108.12,108.12,108.12]
[118.225,118.23,118.23]
[188.96,188.96,188.96]
[235.44,235.44,235.44]
[287.99,287.99,287.99]
[1.015,1.02,1.02]
[2.025,2.03,2.03]
[3.03,3.03,3.03]
[5.05,5.05,5.05]
[9.095,9.1,9.1]
[12.125,12.13,12.13]
[19.195,19.2,19.2]
[31.325,31.33,31.33]
[50.525,50.53,50.53]
[118.225,118.23,118.23]
[154.605,154.61,154.61]
[195.025,195.03,195.03]
[318.3,318.3,318.3]
[574.96,574.96,574.96]
[721.48,721.48,721.48]
[1.015,1.02,1.02]
[1.015,1.02,1.02]
[2.025,2.03,2.03]
[3.03,3.03,3.03]
[5.05,5.05,5.05]
[8.085,8.09,8.09]
[17.18,17.18,17.18]
[19.195,19.2,19.2]
[36.38,36.38,36.38]
[75.785,75.79,75.79]
[94.985,94.99,94.99]
[186.94,186.94,186.94]
[303.145,303.15,303.15]
[366.805,366.81,366.81]
[478.965,478.97,478.97]
[2.025,2.03,2.03]
[2.025,2.03,2.03]
[3.03,3.03,3.03]
[5.05,5.05,5.05]
[8.085,8.09,8.09]
[14.145,14.15,14.15]
[23.24,23.24,23.24]
[37.39,37.39,37.39]
[60.63,60.63,60.63]
[126.31,126.31,126.31]
[149.55,149.55,149.55]
[204.12,204.12,204.12]
[383.98,383.98,383.98]
[533.535,533.54,533.54]
[790.195,790.2,790.2]
[3.03,3.03,3.03]
[4.04,4.04,4.04]
[5.05,5.05,5.05]
[7.07,7.07,7.07]
[7.07,7.07,7.07]
[13.135,13.14,13.14]
[22.23,{"$f":"ROUND(A514,2)","v":22.23},22.23]
[35.365,35.37,35.37]
[86.9,86.9,86.9]
[88.925,88.93,88.93]
[108.12,108.12,108.12]
[202.095,202.1,202.1]
[2.01,2.01,2.01]
[3.03,3.03,3.03]
[4.04,4.04,4.04]
[7.07,7.07,7.07]
[10.11,10.11,10.11]
[13.135,13.14,13.14]
[32.335,32.34,32.34]
[47.49,47.49,47.49]
[70.735,70.74,70.74]
[107.11,107.11,107.11]
[156.625,156.63,156.63]
[179.865,179.87,179.87]
[249.585,249.59,249.59]
[24.25,24.25,24.25]
[24.25,24.25,24.25]
[38.395,38.4,38.4]
[47.49,47.49,47.49]
[76.8,76.8,76.8]
[119.235,119.24,119.24]
[150.56,150.56,150.56]
[165.715,165.72,165.72]
[193,193,193]
[263.735,263.74,263.74]
[404.19,404.19,404.19]
[419.35,419.35,419.35]
[571.93,571.93,571.93]
[13.135,13.14,13.14]
[17.18,17.18,17.18]
[31.325,31.33,31.33]
[66.69,66.69,66.69]
[86.9,86.9,86.9]
[120.25,120.25,120.25]
[129.34,129.34,129.34]
[9.095,9.1,9.1]
[13.135,13.14,13.14]
[32.335,32.34,32.34]
[58.605,58.61,58.61]
[73.76,73.76,73.76]
[108.12,108.12,108.12]
[123.275,123.28,123.28]
[14.145,14.15,14.15]
[19.195,19.2,19.2]
[32.335,32.34,32.34]
[89.93,89.93,89.93]
[107.11,107.11,107.11]
[139.445,139.45,139.45]
[221.285,221.29,221.29]
[11.115,11.12,11.12]
[12.145,12.15,12.15]
[26.27,26.27,26.27]
[63.66,63.66,63.66]
[71.745,71.75,71.75]
[115.195,115.2,115.2]
[203.115,203.12,203.12]
[2.025,2.03,2.03]
[3.03,3.03,3.03]
[4.04,4.04,4.04]
[6.06,6.06,6.06]
[8.085,{"$f":"ROUND(A578,2)","v":8.09},8.09]
[15.155,15.16,15.16]
[26.27,26.27,26.27]
[32.335,32.34,32.34]
[36.38,36.38,36.38]
[73.76,73.76,73.76]
[26.27,26.27,26.27]
[32.335,32.34,32.34]
[54.565,54.57,54.57]
[76.8,76.8,76.8]
[108.12,108.12,108.12]
[199.065,199.07,199.07]
[239.485,239.49,239.49]
[298.09,298.09,298.09]
[474.925,474.93,474.93]
[5.05,5.05,5.05]
[7.07,7.07,7.07]
[11.115,11.12,11.12]
[18.225,18.23,18.23]
[27.28,27.28,27.28]
[45.475,45.48,45.48]
[64.675,64.68,64.68]
[93.975,93.98,93.98]
[140.46,140.46,140.46]
[202.095,202.1,202.1]
[228.365,228.37,228.37]
[630.535,630.54,630.54]
[1.015,1.02,1.02]
[1.015,1.02,1.02]
[2.025,2.03,2.03]
[2.025,2.03,2.03]
[4.04,4.04,4.04]
[7.07,7.07,7.07]
[11.115,11.12,11.12]
[18.21,18.21,18.21]
[32.335,32.34,32.34]
[47.49,47.49,47.49]
[55.575,55.58,55.58]
[101.05,101.05,101.05]
[1.015,1.02,1.02]
[2.025,2.03,2.03]
[2.025,2.03,2.03]
[4.04,4.04,4.04]
[8.085,8.09,8.09]
[13.135,13.14,13.14]
[22.23,22.23,22.23]
[40.42,40.42,40.42]
[68.715,68.72,68.72]
[104.08,104.08,104.08]
[104.08,104.08,104.08]
[190.98,190.98,190.98]
[1.7,1.7,1.7]
[2.025,2.03,2.03]
[3.03,3.03,3.03]
[4.04,4.04,4.04]
[6.06,6.06,6.06]
[11.115,11.12,11.12]
[18.185,18.19,18.19]
[28.295,28.3,28.3]
[47.49,47.49,47.49]
[86.9,86.9,86.9]
[86.9,86.9,86.9]
[164.71,164.71,164.71]
[2.025,2.03,2.03]
[3.03,{"$f":"ROUND(A642,2)","v":3.03},3.03]
[4.04,4.04,4.04]
[6.06,6.06,6.06]
[10.11,10.11,10.11]
[18.185,18.19,18.19]
[26.27,26.27,26.27]
[44.465,44.47,44.47]
[77.805,77.81,77.81]
[176.81,176.81,176.81]
[128.335,128.34,128.34]
[316.28,316.28,316.28]
[3.03,3.03,3.03]
[4.04,4.04,4.04]
[6.06,6.06,6.06]
[8.085,8.09,8.09]
[9.095,9.1,9.1]
[15.115,15.12,15.12]
[22.23,22.23,22.23]
[38.395,38.4,38.4]
[65.8,65.8,65.8]
[60.63,60.63,60.63]
[124.29,124.29,124.29]
[137.42,137.42,137.42]
[2.025,2.03,2.03]
[3.03,3.03,3.03]
[4.04,4.04,4.04]
[6.06,6.06,6.06]
[10.11,10.11,10.11]
[16.17,16.17,16.17]
[30.315,30.32,30.32]
[51.535,51.54,51.54]
[64.675,64.68,64.68]
[114.185,114.19,114.19]
[28.295,28.3,28.3]
[31.325,31.33,31.33]
[34.355,34.36,34.36]
[38.435,38.44,38.44]
[58.605,58.61,58.61]
[63.66,63.66,63.66]
[75.75,75.75,75.75]
[116.205,116.21,116.21]
[134.395,134.4,134.4]
[212.195,212.2,212.2]
[10.11,10.11,10.11]
[13.135,13.14,13.14]
[33.345,33.35,33.35]
[76.8,76.8,76.8]
[93.975,93.98,93.98]
[116.205,116.21,116.21]
[122.275,122.28,122.28]
[9.095,9.1,9.1]
[11.115,11.12,11.12]
[29.305,29.31,29.31]
[54.565,54.57,54.57]
[67.7,67.7,67.7]
[98.015,98.02,98.02]
[100.04,100.04,100.04]
[10.11,10.11,10.11]
[13.135,13.14,13.14]
[29.305,29.31,29.31]
[63.66,63.66,63.66]
[76.8,76.8,76.8]
[122.275,122.28,122.28]
[185.925,185.93,185.93]
[12.145,{"$f":"ROUND(A706,2)","v":12.15},12.15]
[22.25,22.25,22.25]
[40.42,40.42,40.42]
[57.605,57.61,57.61]
[75.795,75.8,75.8]
[106.105,106.11,106.11]
[126.31,126.31,126.31]
[2.025,2.03,2.03]
[3.03,3.03,3.03]
[5.05,5.05,5.05]
[7.07,7.07,7.07]
[11.115,11.12,11.12]
[17.18,17.18,17.18]
[30.315,30.32,30.32]
[38.435,38.44,38.44]
[68.715,68.72,68.72]
[98.045,98.05,98.05]
[24.25,24.25,24.25]
[26.97,26.97,26.97]
[53.55,53.55,53.55]
[56.59,56.59,56.59]
[97.01,97.01,97.01]
[137.42,137.42,137.42]
[154.605,154.61,154.61]
[251.61,251.61,251.61]
[383.98,383.98,383.98]
[51.535,51.54,51.54]
[58.605,58.61,58.61]
[67.7,67.7,67.7]
[13.135,13.14,13.14]
[89.93,89.93,89.93]
[137.42,137.42,137.42]
[65.68,65.68,65.68]
[89.93,89.93,89.93]
[525.77,525.77,525.77]
[246.555,246.56,246.56]
[230.39,230.39,230.39]
[555.765,555.77,555.77]
[143.505,143.51,143.51]
[122.275,122.28,122.28]
[1166.13,1166.13,1166.13]
[24.25,24.25,24.25]
[24.25,24.25,24.25]
[25.27,25.27,25.27]
[34.355,34.36,34.36]
[39.4,39.4,39.4]
[49.515,49.52,49.52]
[67.7,67.7,67.7]
[68.715,68.72,68.72]
[103.07,103.07,103.07]
[114.185,114.19,114.19]
[211.19,211.19,211.19]
[14.145,14.15,14.15]
[14.145,14.15,14.15]
[14.145,14.15,14.15]
[14.145,14.15,14.15]
[15.155,15.16,15.16]
[15.155,15.16,15.16]
[15.155,15.16,15.16]
[13.135,13.14,13.14]
[13.135,13.14,13.14]
[15.155,15.16,15.16]
[46.48,46.48,46.48]
[51.76,51.76,51.76]
[52.78,{"$f":"ROUND(A770,2)","v":52.78},52.78]
[51.76,51.76,51.76]
[51.76,51.76,51.76]
[51.76,51.76,51.76]
[51.76,51.76,51.76]
[51.76,51.76,51.76]
[51.76,51.76,51.76]
[51.76,51.76,51.76]
[54.81,54.81,54.81]
[63.94,63.94,63.94]
[2754.71,2754.71,2754.71]
[2185.295,2185.3,2185.3]
[1761.025,1761.03,1761.03]
[18.27,18.27,18.27]
[18.27,18.27,18.27]
[18.27,18.27,18.27]
[18.27,18.27,18.27]
[18.27,18.27,18.27]
[22.33,22.33,22.33]
[32.48,32.48,32.48]
[175.595,175.6,175.6]
[115.71,115.71,115.71]
[51.76,51.76,51.76]
[875.945,875.95,875.95]
[1389.535,1389.54,1389.54]
[570.435,570.44,570.44]
[704.41,704.41,704.41]
[865.8,865.8,865.8]
[1088.08,1088.08,1088.08]
[329.875,329.88,329.88]
[586.67,586.67,586.67]
[15.36,15.36,15.36]
[20.53,20.53,20.53]
[22.22,22.22,22.22]
[27.69,27.69,27.69]
[36.54,36.54,36.54]
[44.67,44.67,44.67]
[53.1,53.1,53.1]
[71.36,71.36,71.36]
[77.92,77.92,77.92]
[104.99,104.99,104.99]
[140.03,140.03,140.03]
[167.35,167.35,167.35]
[20.39,20.39,20.39]
[24.15,24.15,24.15]
[29.02,29.02,29.02]
[37.08,37.08,37.08]
[50,50,50]
[54.43,54.43,54.43]
[71.89,71.89,71.89]
[95.25,95.25,95.25]
[103.51,103.51,103.51]
[139.39,139.39,139.39]
[202.67,202.67,202.67]
[235.44,235.44,235.44]
[39.34,39.34,39.34]
[59.55,59.55,59.55]
[68.41,68.41,68.41]
[78,78,78]
[97.93,97.93,97.93]
[116.44,116.44,116.44]
[141.82,141.82,141.82]
[193.31,193.31,193.31]
[248.46,248.46,248.46]
[341.72,{"$f":"ROUND(A834,2)","v":341.72},341.72]
[439.69,439.69,439.69]
[580.98,580.98,580.98]
[47.77,47.77,47.77]
[65.48,65.48,65.48]
[76.55,76.55,76.55]
[95,95,95]
[124.98,124.98,124.98]
[140.76,140.76,140.76]
[209.6,209.6,209.6]
[281.83,281.83,281.83]
[360.45,360.45,360.45]
[470.4,470.4,470.4]
[760.24,760.24,760.24]
[962.81,962.81,962.81]
[49.7,49.7,49.7]
[72.15,72.15,72.15]
[85.74,85.74,85.74]
[105.46,105.46,105.46]
[126.65,126.65,126.65]
[149.73,149.73,149.73]
[172.91,172.91,172.91]
[235.07,235.07,235.07]
[348.64,348.64,348.64]
[560.93,560.93,560.93]
[860.24,860.24,860.24]
[1107.41,1107.41,1107.41]
[64.15,64.15,64.15]
[98.26,98.26,98.26]
[113.06,113.06,113.06]
[136.31,136.31,136.31]
[175.03,175.03,175.03]
[221.05,221.05,221.05]
[266.15,266.15,266.15]
[377.41,377.41,377.41]
[500.68,500.68,500.68]
[864.33,864.33,864.33]
[1390.17,1390.17,1390.17]
[1928.4,1928.4,1928.4]
[533.535,533.54,533.54]
[675,675,675]
[840.735,840.74,840.74]
[1059.99,1059.99,1059.99]
[1799.675,1799.68,1799.68]
[2297.825,2297.83,2297.83]
[504.22,504.22,504.22]
[825.56,825.56,825.56]
[1019.57,1019.57,1019.57]
[1350,1350,1350]
[2032.08,2032.08,2032.08]
[2557.53,2557.53,2557.53]
[16.17,16.17,16.17]
[19.19,19.19,19.19]
[24.25,24.25,24.25]
[39.4,39.4,39.4]
[46.48,46.48,46.48]
[55.575,55.58,55.58]
[74.775,74.78,74.78]
[99.105,99.11,99.11]
[109.135,109.14,109.14]
[134.395,134.4,134.4]
[170.77,170.77,170.77]
[98.045,98.05,98.05]
[95.025,95.03,95.03]
[107.11,{"$f":"ROUND(A898,2)","v":107.11},107.11]
[116.255,116.26,116.26]
[116.255,116.26,116.26]
[134.395,134.4,134.4]
[134.395,134.4,134.4]
[79.82,79.82,79.82]
[189.025,189.03,189.03]
[201.075,201.08,201.08]
[201.075,201.08,201.08]
[88.925,88.93,88.93]
[88.925,88.93,88.93]
[41.44,41.44,41.44]
[99.01,99.01,99.01]
[111.245,111.25,111.25]
[111.245,111.25,111.25]
[134.395,134.4,134.4]
[86.9,86.9,86.9]
[92.985,92.99,92.99]
[79.82,79.82,79.82]
[89.93,89.93,89.93]
[50.525,50.53,50.53]
[155.615,155.62,155.62]
[167.74,167.74,167.74]
[167.74,167.74,167.74]
[94.985,94.99,94.99]
[237.47,237.47,237.47]
[104.08,104.08,104.08]
[219.29,219.29,219.29]
[149.55,149.55,149.55]
[24.25,24.25,24.25]
[21.23,21.23,21.23]
[56.59,56.59,56.59]
[2.025,2.03,2.03]
[2.025,2.03,2.03]
[2.025,2.03,2.03]
[3.03,3.03,3.03]
[4.04,4.04,4.04]
[5.05,5.05,5.05]
[109.135,109.14,109.14]
[120.9,120.9,120.9]
[111.155,111.16,111.16]
[179.58,179.58,179.58]
[131.36,131.36,131.36]
[164.735,164.74,164.74]
[221.285,221.29,221.29]
[92.985,92.99,92.99]
[133.38,133.38,133.38]
[46.48,46.48,46.48]
[60.63,60.63,60.63]
[104.08,104.08,104.08]
[305.52,305.52,305.52]
[93.975,93.98,93.98]
[81.86,81.86,81.86]
[1.63,1.63,1.63]
[2.36,2.36,2.36]
[3.84,3.84,3.84]
[6.22,6.22,6.22]
[8.35,8.35,8.35]
[11.39,11.39,11.39]
[15.75,15.75,15.75]
[19.53,19.53,19.53]
[26.57,26.57,26.57]
[36.26,36.26,36.26]
[53.96,53.96,53.96]
[1.55,{"$f":"ROUND(A962,2)","v":1.55},1.55]
[1.63,1.63,1.63]
[2.36,2.36,2.36]
[2.51,2.51,2.51]
[3.47,3.47,3.47]
[4.43,4.43,4.43]
[6.79,6.79,6.79]
[8.86,8.86,8.86]
[11.96,11.96,11.96]
[31.01,31.01,31.01]
[2.025,2.03,2.03]
[2.025,2.03,2.03]
[2.025,2.03,2.03]
[3.03,3.03,3.03]
[4.005,4.01,4.01]
[5.07,5.07,5.07]
[9.095,9.1,9.1]
[12.145,12.15,12.15]
[10.11,10.11,10.11]
[13.135,13.14,13.14]
[21.23,21.23,21.23]
[36.38,36.38,36.38]
[44.465,44.47,44.47]
[64.675,64.68,64.68]
[220.265,220.27,220.27]
[237.46,237.46,237.46]
[346.595,346.6,346.6]
[416.335,416.34,416.34]
[799.3,799.3,799.3]
[992.31,992.31,992.31]
[1056.96,1056.96,1056.96]
[294.055,294.06,294.06]
[32.335,32.34,32.34]
[73.76,73.76,73.76]
[112.165,112.17,112.17]
[26.27,26.27,26.27]
[39.4,39.4,39.4]
[52.545,52.55,52.55]
[83.88,83.88,83.88]
[131.36,131.36,131.36]
[234.45,234.45,234.45]
[639.635,639.64,639.64]
[1000.375,1000.38,1000.38]
[2246.14,2246.14,2246.14]
[2923.34,2923.34,2923.34]
[3622.575,3622.58,3622.58]
[2717.9,2717.9,2717.9]
[0.86,0.86,0.86]
[0.89,0.89,0.89]
[0.95,0.95,0.95]
[1.79,1.79,1.79]
[1.015,1.02,1.02]
[0.86,0.86,0.86]
[106.105,106.11,106.11]
[106.105,106.11,106.11]
[106.105,106.11,106.11]
[106.105,106.11,106.11]
[106.105,106.11,106.11]
[113.195,113.2,113.2]
[113.195,113.2,113.2]
[114.855,114.86,114.86]
[114.855,114.86,114.86]
[114.855,114.86,114.86]
[4.4,4.4,4.4]
[4.44,{"$f":"ROUND(A1026,2)","v":4.44},4.44]
[5.68,5.68,5.68]
[5.77,5.77,5.77]
[4.79,4.79,4.79]
[4.94,4.94,4.94]
[7.97,7.97,7.97]
[9.59,9.59,9.59]
[11.22,11.22,11.22]
[13.42,13.42,13.42]
[16.45,16.45,16.45]
[28.72,28.72,28.72]
[39.03,39.03,39.03]
[45.83,45.83,45.83]
[4.04,4.04,4.04]
[4.04,4.04,4.04]
[5.06,5.06,5.06]
[5.06,5.06,5.06]
[5.06,5.06,5.06]
[6.06,6.06,6.06]
[6.06,6.06,6.06]
[7.07,7.07,7.07]
[7.07,7.07,7.07]
[8.085,8.09,8.09]
[9.095,9.1,9.1]
[10.11,10.11,10.11]
[73.57,73.57,73.57]
[89.97,89.97,89.97]
[101.015,101.02,101.02]
[105.84,105.84,105.84]
[159.12,159.12,159.12]
[200.55,200.55,200.55]
[231.69,231.69,231.69]
[266.695,266.7,266.7]
[361.89,361.89,361.89]
[410.225,410.23,410.23]
[583.65,583.65,583.65]
[747.395,747.4,747.4]
[1029.045,1029.05,1029.05]
[11.115,11.12,11.12]
[21.23,21.23,21.23]
[39.4,39.4,39.4]
[23.24,23.24,23.24]
[12.125,12.13,12.13]
[20.21,20.21,20.21]
[31.33,31.33,31.33]
[42.46,42.46,42.46]
[71.75,71.75,71.75]
[83.87,83.87,83.87]
[100.03,100.03,100.03]
[140.445,140.45,140.45]
[143.505,143.51,143.51]
[206.135,206.14,206.14]
[231.4,231.4,231.4]
[7.07,7.07,7.07]
[1.015,1.02,1.02]
[2.03,2.03,2.03]
[2.03,2.03,2.03]
[3.03,3.03,3.03]
[1.015,1.02,1.02]
[1.015,1.02,1.02]
[2.03,2.03,2.03]
[3.03,3.03,3.03]
[1.015,1.02,1.02]
[1.015,1.02,1.02]
[2.03,{"$f":"ROUND(A1090,2)","v":2.03},2.03]
[2.03,2.03,2.03]
[1.015,1.02,1.02]
[1.015,1.02,1.02]
[1.015,1.02,1.02]
[2.03,2.03,2.03]
[79.82,79.82,79.82]
[152.595,152.6,152.6]
[267.78,267.78,267.78]
[324.375,324.38,324.38]
[544.64,544.64,544.64]
[642.625,642.63,642.63]
[53.55,53.55,53.55]
[100.03,100.03,100.03]
[153.59,153.59,153.59]
[206.135,206.14,206.14]
[328.41,328.41,328.41]
[446.65,446.65,446.65]
[132.385,132.39,132.39]
[189.97,189.97,189.97]
[261.705,261.71,261.71]
[398.13,398.13,398.13]
[1086.275,1086.28,1086.28]
[11.115,11.12,11.12]
[17.185,17.19,17.19]
[21.23,21.23,21.23]
[38.435,38.44,38.44]
[50.525,50.53,50.53]
[59.61,59.61,59.61]
[111.155,111.16,111.16]
[146.53,146.53,146.53]
[242.515,242.52,242.52]
[13.135,13.14,13.14]
[18.21,18.21,18.21]
[21.23,21.23,21.23]
[30.315,30.32,30.32]
[39.4,39.4,39.4]
[2.025,2.03,2.03]
[2.92,2.92,2.92]
[3.03,3.03,3.03]
[4.04,4.04,4.04]
[6.06,6.06,6.06]
[8.085,8.09,8.09]
[9.095,9.1,9.1]
[12.145,12.15,12.15]
[14.145,14.15,14.15]
[16.17,16.17,16.17]
[50.525,50.53,50.53]
[56.59,56.59,56.59]
[13.135,13.14,13.14]
[14.145,14.15,14.15]
[19.19,19.19,19.19]
[23.24,23.24,23.24]
[84.915,84.92,84.92]
[84.885,84.89,84.89]
[11.75,11.75,11.75]
[14.055,14.06,14.06]
[15.595,15.6,15.6]
[100.03,100.03,100.03]
[109.3,109.3,109.3]
[111.73,111.73,111.73]
[121.43,121.43,121.43]
[116.655,116.66,116.66]
[98.045,98.05,98.05]
[104.105,{"$f":"ROUND(A1154,2)","v":104.11},104.11]
[103.24,103.24,103.24]
[118.225,118.23,118.23]
[138.445,138.45,138.45]
[151.57,151.57,151.57]
[172.805,172.81,172.81]
[275.855,275.86,275.86]
[61.65,61.65,61.65]
[39.4,39.4,39.4]
[15.165,15.17,15.17]
[188.96,188.96,188.96]
[245.545,245.55,245.55]
[4.04,4.04,4.04]
[29.305,29.31,29.31]
[9.095,9.1,9.1]
[26.27,26.27,26.27]
[9.095,9.1,9.1]
[119.275,119.28,119.28]
[8.085,8.09,8.09]
[74.535,74.54,74.54]
[245.545,245.55,245.55]
[17.185,17.19,17.19]
[107.11,107.11,107.11]
[45.48,45.48,45.48]
[510.34,510.34,510.34]
[41.07,41.07,41.07]
[40.22,40.22,40.22]
[40.22,40.22,40.22]
[12.58,12.58,12.58]
[11.865,11.87,11.87]
[11.72,11.72,11.72]
[45.48,45.48,45.48]
[46.48,46.48,46.48]
[52.545,52.55,52.55]
[57.6,57.6,57.6]
[59.61,59.61,59.61]
[69.72,69.72,69.72]
[1.51,1.51,1.51]
[1.7,1.7,1.7]
[1.89,1.89,1.89]
[2.72,2.72,2.72]
[2.92,2.92,2.92]
[3.04,3.04,3.04]
[3.94,3.94,3.94]
[4.04,4.04,4.04]
[4.97,4.97,4.97]
[5.83,5.83,5.83]
[8.68,8.68,8.68]
[13.59,13.59,13.59]
[17.65,17.65,17.65]
[21.48,21.48,21.48]
[24.65,24.65,24.65]
[27.81,27.81,27.81]
[1.015,1.02,1.02]
[1.015,1.02,1.02]
[2.03,2.03,2.03]
[2.03,2.03,2.03]
[2.03,2.03,2.03]
[2.03,2.03,2.03]
[2.03,2.03,2.03]
[3.03,3.03,3.03]
[3.03,3.03,3.03]
[6.06,6.06,6.06]
[6.06,6.06,6.06]
[7.07,{"$f":"ROUND(A1218,2)","v":7.07},7.07]
[8.085,8.09,8.09]
[8.085,8.09,8.09]
[8.085,8.09,8.09]
[2.03,2.03,2.03]
[2.03,2.03,2.03]
[3.03,3.03,3.03]
[5.05,5.05,5.05]
[5.05,5.05,5.05]
[6.06,6.06,6.06]
[6.06,6.06,6.06]
[6.06,6.06,6.06]
[8.085,8.09,8.09]
[9.095,9.1,9.1]
[11.115,11.12,11.12]
[14.145,14.15,14.15]
[3.03,3.03,3.03]
[4.06,4.06,4.06]
[5.05,5.05,5.05]
[5.05,5.05,5.05]
[7.07,7.07,7.07]
[7.07,7.07,7.07]
[9.095,9.1,9.1]
[13.135,13.14,13.14]
[16.17,16.17,16.17]
[21.23,21.23,21.23]
[26.27,26.27,26.27]
[34.355,34.36,34.36]
[3.03,3.03,3.03]
[94.985,94.99,94.99]
[47.49,47.49,47.49]
[38.435,38.44,38.44]
[35.375,35.38,35.38]
[22.25,22.25,22.25]
[16.17,16.17,16.17]
[18.185,18.19,18.19]
[17.18,17.18,17.18]
[17.18,17.18,17.18]
[17.18,17.18,17.18]
[19.19,19.19,19.19]
[20.21,20.21,20.21]
[25.26,25.26,25.26]
[54.565,54.57,54.57]
[7.07,7.07,7.07]
[28.295,28.3,28.3]
[43.45,43.45,43.45]
[44.37,44.37,44.37]
[32.335,32.34,32.34]
[44.465,44.47,44.47]
[297.08,297.08,297.08]
[18.21,18.21,18.21]
[119.25,119.25,119.25]
[51.535,51.54,51.54]
[2.03,2.03,2.03]
[39.4,39.4,39.4]
[117.645,117.65,117.65]
[351.645,351.65,351.65]
[132.2,132.2,132.2]
[29.305,29.31,29.31]
[44.465,44.47,44.47]
[56.59,56.59,56.59]
[10676.715,10676.72,10676.72]
[6422.605,6422.61,6422.61]
[18060.285,18060.29,18060.29]
[354.68,{"$f":"ROUND(A1282,2)","v":354.68},354.68]
[250.6,250.6,250.6]
[21361.515,21361.52,21361.52]
[422.415,422.42,422.42]
[1.015,1.02,1.02]
[2.03,2.03,2.03]
[3.03,3.03,3.03]
[4.04,4.04,4.04]
[4.04,4.04,4.04]
[5.03,5.03,5.03]
[7.07,7.07,7.07]
[1.015,1.02,1.02]
[2.03,2.03,2.03]
[2.03,2.03,2.03]
[3.03,3.03,3.03]
[4.04,4.04,4.04]
[5.03,5.03,5.03]
[42.46,42.46,42.46]
[94.985,94.99,94.99]
[202.095,202.1,202.1]
[45.475,45.48,45.48]
[67.7,67.7,67.7]
[921.575,921.58,921.58]
[177.84,177.84,177.84]
[220.305,220.31,220.31]
[164.14,164.14,164.14]
[132.375,132.38,132.38]
[11.12,11.12,11.12]
[11.12,11.12,11.12]
[30.315,30.32,30.32]
[15.155,15.16,15.16]
[13.135,13.14,13.14]
[96.4,96.4,96.4]
[3.03,3.03,3.03]
[842.82,842.82,842.82]
[447.67,447.67,447.67]
[87.58,87.58,87.58]
[308.24,308.24,308.24]
[16.17,16.17,16.17]
[143.505,143.51,143.51]
[136.425,136.43,136.43]
[628.535,628.54,628.54]
[152.595,152.6,152.6]
[45.475,45.48,45.48]
[115.195,115.2,115.2]
[834.655,834.66,834.66]
[176.83,176.83,176.83]
[86.9,86.9,86.9]
[5.05,5.05,5.05]
[6.06,6.06,6.06]
[18.185,18.19,18.19]
[27.28,27.28,27.28]
[125.295,125.3,125.3]
[19.195,19.2,19.2]
[108.12,108.12,108.12]
[2.03,2.03,2.03]
[74.775,74.78,74.78]
[25.26,25.26,25.26]
[136.12,136.12,136.12]
[90.945,90.95,90.95]
[456.755,456.76,456.76]
[760.89,760.89,760.89]
[760.87,760.87,760.87]
[48.505,48.51,48.51]
[243.535,{"$f":"ROUND(A1346,2)","v":243.54},243.54]
[128.335,128.34,128.34]
[51.535,51.54,51.54]
[350.64,350.64,350.64]
[64.675,64.68,64.68]
[56.59,56.59,56.59]
[153.59,153.59,153.59]
[122.275,122.28,122.28]
[49.515,49.52,49.52]
[43.45,43.45,43.45]
[152.245,152.25,152.25]
[120.25,120.25,120.25]
[749.795,749.8,749.8]
[20.21,20.21,20.21]
[27.28,27.28,27.28]
[699.19,699.19,699.19]
[51.535,51.54,51.54]
[61.635,61.64,61.64]
[137.42,137.42,137.42]
[135.405,135.41,135.41]
[161.675,161.68,161.68]
[190.98,190.98,190.98]
[73.76,73.76,73.76]
[6.06,6.06,6.06]
[14.145,14.15,14.15]
[121.255,121.26,121.26]
[1606.66,1606.66,1606.66]
[1053.91,1053.91,1053.91]
[894.43,894.43,894.43]
[500.45,500.45,500.45]
[466.935,466.94,466.94]
[332.27,332.27,332.27]
[261.82,261.82,261.82]
[245.385,245.39,245.39]
[204.205,204.21,204.21]
[112.86,112.86,112.86]
[17.18,17.18,17.18]
[18.185,18.19,18.19]
[9.095,9.1,9.1]
[108.37,108.37,108.37]
[4.04,4.04,4.04]
[2.03,2.03,2.03]
[40.42,40.42,40.42]
[16.17,16.17,16.17]
[27.28,27.28,27.28]
[67.33,67.33,67.33]
[1135.66,1135.66,1135.66]
[268.53,268.53,268.53]
[18.185,18.19,18.19]
[38.395,38.4,38.4]
[4.04,4.04,4.04]
[5.05,5.05,5.05]
[7.07,7.07,7.07]
[7.07,7.07,7.07]
[9.095,9.1,9.1]
[11.115,11.12,11.12]
[14.145,14.15,14.15]
[123.295,123.3,123.3]
[41.58,41.58,41.58]
[16.55,16.55,16.55]
[15.59,15.59,15.59]
[1403.46,1403.46,1403.46]
[15.68,15.68,15.68]
[32.335,32.34,32.34]
[815.05,{"$f":"ROUND(A1410,2)","v":815.05},815.05]
[1530.29,1530.29,1530.29]
[73.76,73.76,73.76]
[515.64,515.64,515.64]
[628.535,628.54,628.54]
[212.195,212.2,212.2]
[215.2,215.2,215.2]
[235.99,235.99,235.99]
[225.59,225.59,225.59]
[88.925,88.93,88.93]
[108.12,108.12,108.12]
[171.78,171.78,171.78]
[235.67,235.67,235.67]
[332.67,332.67,332.67]
[752.21,752.21,752.21]
[2700,2700,2700]
[24.95,24.95,24.95]
[2141.205,2141.21,2141.21]
[1770.38,1770.38,1770.38]
[417.5,417.5,417.5]
[11.12,11.12,11.12]
[17.185,17.19,17.19]
[49.31,49.31,49.31]
[80.825,80.83,80.83]
[13.125,13.13,13.13]
[18.21,18.21,18.21]
[21.23,21.23,21.23]
[4.04,4.04,4.04]
[4110.63,4110.63,4110.63]
[99.8,99.8,99.8]
[20.79,20.79,20.79]
[15.59,15.59,15.59]
[205.155,205.16,205.16]
[400.15,400.15,400.15]
[1111.57,1111.57,1111.57]
[124.75,124.75,124.75]
[108.12,108.12,108.12]
[74.85,74.85,74.85]
[55.1,55.1,55.1]
[46.78,46.78,46.78]
[41.58,41.58,41.58]
[37.43,37.43,37.43]
[28.07,28.07,28.07]
[25.99,25.99,25.99]
[27.45,27.45,27.45]
[23.07,23.07,23.07]
[19.35,19.35,19.35]
[10.61,10.61,10.61]
[7.8,7.8,7.8]
[7.22,7.22,7.22]
[6.36,6.36,6.36]
[6.31,6.31,6.31]
[4.21,4.21,4.21]
[3.5,3.5,3.5]
[2.16,2.16,2.16]
[2.12,2.12,2.12]
[2.1,2.1,2.1]
[525.45,525.45,525.45]
[165.715,165.72,165.72]
[19.19,19.19,19.19]
[1234.22,1234.22,1234.22]
[2086.17,2086.17,2086.17]
[20.21,20.21,20.21]
[342.545,342.55,342.55]
[342.545,{"$f":"ROUND(A1474,2)","v":342.55},342.55]
[639.625,639.63,639.63]
[400.15,400.15,400.15]
[11.12,11.12,11.12]
[11.12,11.12,11.12]
[34.355,34.36,34.36]
[40.42,40.42,40.42]
[514.32,514.32,514.32]
[514.32,514.32,514.32]
[514.32,514.32,514.32]
[514.32,514.32,514.32]
[514.32,514.32,514.32]
[514.32,514.32,514.32]
[639.625,639.63,639.63]
[639.625,639.63,639.63]
[639.625,639.63,639.63]
[639.625,639.63,639.63]
[639.625,639.63,639.63]
[856.885,856.89,856.89]
[2732.51,2732.51,2732.51]
[514.32,514.32,514.32]
[130.11,130.11,130.11]
[172.68,172.68,172.68]
[223.98,223.98,223.98]
[171.78,171.78,171.78]
[6280.135,6280.14,6280.14]
[1895.675,1895.68,1895.68]
[362.75,362.75,362.75]
[31.33,31.33,31.33]
[200.075,200.08,200.08]
[514.32,514.32,514.32]
[2740.435,2740.44,2740.44]
[1826.945,1826.95,1826.95]
[137.445,137.45,137.45]
[400.15,400.15,400.15]
[90.945,90.95,90.95]
[116.215,116.22,116.22]
[130.345,130.35,130.35]
[156.635,156.64,156.64]
[114.175,114.18,114.18]
[114.175,114.18,114.18]
[73.39,73.39,73.39]
[156.635,156.64,156.64]
[183.925,183.93,183.93]
[212.195,212.2,212.2]
[250.6,250.6,250.6]
[254.64,254.64,254.64]
[280.935,280.94,280.94]
[374.39,374.39,374.39]
[518.31,518.31,518.31]
[555.25,555.25,555.25]
[617.15,617.15,617.15]
[234.45,234.45,234.45]
[287.995,288,288]
[471.885,471.89,471.89]
[548.68,548.68,548.68]
[52.545,52.55,52.55]
[83.9,83.9,83.9]
[593.14,593.14,593.14]
[445.63,445.63,445.63]
[56.59,56.59,56.59]
[58.63,58.63,58.63]
[19.19,19.19,19.19]
[34.355,34.36,34.36]
[61.105,{"$f":"ROUND(A1538,2)","v":61.11},61.11]
[16.51,16.51,16.51]
[23.42,23.42,23.42]
[27.55,27.55,27.55]
[54.96,54.96,54.96]
[69.31,69.31,69.31]
[75.69,75.69,75.69]
[91.77,91.77,91.77]
[114.91,114.91,114.91]
[118.1,118.1,118.1]
[84.93,84.93,84.93]
[141.97,141.97,141.97]
[148.95,148.95,148.95]
[100.81,100.81,100.81]
[105.7,105.7,105.7]
[183.91,183.91,183.91]
[211.17,211.17,211.17]
[24.51,24.51,24.51]
[27.48,27.48,27.48]
[31.685,31.69,31.69]
[32.165,32.17,32.17]
[38.485,38.49,38.49]
[44.115,44.12,44.12]
[51.98,51.98,51.98]
[68.79,68.79,68.79]
[92.465,92.47,92.47]
[95.665,95.67,95.67]
[136.665,136.67,136.67]
[19.035,19.04,19.04]
[22.965,22.97,22.97]
[25.715,25.72,25.72]
[27.215,27.22,27.22]
[34.865,34.87,34.87]
[39.855,39.86,39.86]
[49.5,49.5,49.5]
[62.29,62.29,62.29]
[74.98,74.98,74.98]
[84.28,84.28,84.28]
[115.5,115.5,115.5]
[42.555,42.56,42.56]
[43.58,43.58,43.58]
[45.76,45.76,45.76]
[55.85,55.85,55.85]
[60.45,60.45,60.45]
[98.555,98.56,98.56]
[110.89,110.89,110.89]
[61.59,61.59,61.59]
[50.61,50.61,50.61]
[75.58,75.58,75.58]
[77.005,77.01,77.01]
[77.65,77.65,77.65]
[79.29,79.29,79.29]
[80.645,80.65,80.65]
[82.025,82.03,82.03]
[93.765,93.77,93.77]
[877.975,877.98,877.98]
[390.73,390.73,390.73]
[946.74,946.74,946.74]
[2150.5,2150.5,2150.5]
[797.37,797.37,797.37]
[1345,1345,1345]
[1703.22,1703.22,1703.22]
[140.445,140.45,140.45]
[158.655,158.66,158.66]
[177.84,{"$f":"ROUND(A1602,2)","v":177.84},177.84]
[24.09,24.09,24.09]
[36.52,36.52,36.52]
[48.86,48.86,48.86]
[61.54,61.54,61.54]
[67.09,67.09,67.09]
[79.29,79.29,79.29]
[159.4,159.4,159.4]
[32.335,32.34,32.34]
[39.4,39.4,39.4]
[46.48,46.48,46.48]
[57.605,57.61,57.61]
[77.82,77.82,77.82]
[150.57,150.57,150.57]
[269.79,269.79,269.79]
[432.485,432.49,432.49]
[151.08,151.08,151.08]
[196.48,196.48,196.48]
[148.57,148.57,148.57]
[114.175,114.18,114.18]
[64.675,64.68,64.68]
[922.555,922.56,922.56]
[17.185,17.19,17.19]
[18.21,18.21,18.21]
[19.19,19.19,19.19]
[21.23,21.23,21.23]
[17.61,17.61,17.61]
[18.37,18.37,18.37]
[18.92,18.92,18.92]
[31.33,31.33,31.33]
[21.23,21.23,21.23]
[27.275,27.28,27.28]
[30.315,30.32,30.32]
[30.315,30.32,30.32]
[34.355,34.36,34.36]
[37.395,37.4,37.4]
[38.42,38.42,38.42]
[29.59,29.59,29.59]
[36.05,36.05,36.05]
[17.185,17.19,17.19]
[18.21,18.21,18.21]
[19.19,19.19,19.19]
[21.23,21.23,21.23]
[25.27,25.27,25.27]
[26.27,26.27,26.27]
[29.315,29.32,29.32]
[31.33,31.33,31.33]
[21.23,21.23,21.23]
[27.275,27.28,27.28]
[32.335,32.34,32.34]
[32.335,32.34,32.34]
[37.0900000000001,37.09,37.09]
[37.395,37.4,37.4]
[38.395,38.4,38.4]
[42.46,42.46,42.46]
[51.54,51.54,51.54]
[62.67,62.67,62.67]
[66.69,66.69,66.69]
[87.905,87.91,87.91]
[109.135,109.14,109.14]
[61.65,61.65,61.65]
[70.735,70.74,70.74]
[85.9,85.9,85.9]
[105.095,105.1,105.1]
[49.5,{"$f":"ROUND(A1666,2)","v":49.5},49.5]
[50.525,50.53,50.53]
[51.54,51.54,51.54]
[56.59,56.59,56.59]
[53.545,53.55,53.55]
[68.715,68.72,68.72]
[74.775,74.78,74.78]
[79.82,79.82,79.82]
[53.545,53.55,53.55]
[68.715,68.72,68.72]
[74.775,74.78,74.78]
[70.495,70.5,70.5]
[302.125,302.13,302.13]
[93.965,93.97,93.97]
[71.3,71.3,71.3]
[67.695,67.7,67.7]
[68.715,68.72,68.72]
[82.88,82.88,82.88]
[64.675,64.68,64.68]
[77.82,77.82,77.82]
[98.03,98.03,98.03]
[62.67,62.67,62.67]
[105.095,105.1,105.1]
[54.565,54.57,54.57]
[71.75,71.75,71.75]
[88.925,88.93,88.93]
[144.49,144.49,144.49]
[54.565,54.57,54.57]
[71.75,71.75,71.75]
[88.925,88.93,88.93]
[144.49,144.49,144.49]
[54.565,54.57,54.57]
[71.75,71.75,71.75]
[88.925,88.93,88.93]
[144.49,144.49,144.49]
[54.565,54.57,54.57]
[71.75,71.75,71.75]
[108.115,108.12,108.12]
[144.505,144.51,144.51]
[275.85,275.85,275.85]
[127.335,127.34,127.34]
[323.355,323.36,323.36]
[89.92,89.92,89.92]
[345.6,345.6,345.6]
[378.94,378.94,378.94]
[434.51,434.51,434.51]
[469.88,469.88,469.88]
[1150.925,1150.93,1150.93]
[131.36,131.36,131.36]
[131.36,131.36,131.36]
[131.36,131.36,131.36]
[139.425,139.43,139.43]
[64.675,64.68,64.68]
[67.695,67.7,67.7]
[73.755,73.76,73.76]
[78.84,78.84,78.84]
[90.945,90.95,90.95]
[91.96,91.96,91.96]
[73.755,73.76,73.76]
[82.88,82.88,82.88]
[81.86,81.86,81.86]
[84.915,84.92,84.92]
[88.925,88.93,88.93]
[48.505,48.51,48.51]
[51.54,{"$f":"ROUND(A1730,2)","v":51.54},51.54]
[56.59,56.59,56.59]
[65.69,65.69,65.69]
[70.735,70.74,70.74]
[71.75,71.75,71.75]
[63.69,63.69,63.69]
[63.69,63.69,63.69]
[56.59,56.59,56.59]
[66.69,66.69,66.69]
[53.545,53.55,53.55]
[55.585,55.59,55.59]
[55.585,55.59,55.59]
[37.395,37.4,37.4]
[42.46,42.46,42.46]
[53.545,53.55,53.55]
[57.605,57.61,57.61]
[74.775,74.78,74.78]
[222.33,222.33,222.33]
[68.715,68.72,68.72]
[77.82,77.82,77.82]
[93.965,93.97,93.97]
[64.675,64.68,64.68]
[74.775,74.78,74.78]
[98.03,98.03,98.03]
[122.275,122.28,122.28]
[177.84,177.84,177.84]
[128.875,128.88,128.88]
[152.875,152.88,152.88]
[162.125,162.13,162.13]
[331.375,331.38,331.38]
[381.875,381.88,381.88]
[420.125,420.13,420.13]
[486.375,486.38,486.38]
[529.375,529.38,529.38]
[508.255,508.26,508.26]
[135.405,135.41,135.41]
[162.695,162.7,162.7]
[199.075,199.08,199.08]
[241.495,241.5,241.5]
[263.745,263.75,263.75]
[278.895,278.9,278.9]
[298.1,298.1,298.1]
[293.04,293.04,293.04]
[297.08,297.08,297.08]
[317.29,317.29,317.29]
[340.545,340.55,340.55]
[56.59,56.59,56.59]
[231.385,231.39,231.39]
[119.25,119.25,119.25]
[154.595,154.6,154.6]
[241.495,241.5,241.5]
[229.37,229.37,229.37]
[13.125,13.13,13.13]
[15.165,15.17,15.17]
[46.48,46.48,46.48]
[388.48,388.48,388.48]
[428.48,428.48,428.48]
[64.675,64.68,64.68]
[69.735,69.74,69.74]
[150.525,150.53,150.53]
[144.64,144.64,144.64]
[133.4,133.4,133.4]
[44.465,44.47,44.47]
[521.17,521.17,521.17]
[671.055,{"$f":"ROUND(A1794,2)","v":671.06},671.06]
[745.27,745.27,745.27]
[962.26,962.26,962.26]
[1178.715,1178.72,1178.72]
[998.35,998.35,998.35]
[1253.34,1253.34,1253.34]
[1493,1493,1493]
[1779.64,1779.64,1779.64]
[1575.23,1575.23,1575.23]
[1991.04,1991.04,1991.04]
[2200.155,2200.16,2200.16]
[2649.39,2649.39,2649.39]
[56.59,56.59,56.59]
[472.55,472.55,472.55]
[2907.975,2907.98,2907.98]
[260.075,260.08,260.08]
[1938.115,1938.12,1938.12]
[705.335,705.34,705.34]
[1066.105,1066.11,1066.11]
[3523.99,3523.99,3523.99]
[2906.135,2906.14,2906.14]
[838.025,838.03,838.03]
[2405.955,2405.96,2405.96]
[1095.24,1095.24,1095.24]
[2156.365,2156.37,2156.37]
[2867.755,2867.76,2867.76]
[737.82,737.82,737.82]
[596.18,596.18,596.18]
[239.49,239.49,239.49]
[6816.71,6816.71,6816.71]
[109.135,109.14,109.14]
[188.96,188.96,188.96]
[234.45,234.45,234.45]
[87.905,87.91,87.91]
[191.99,191.99,191.99]
[302.125,302.13,302.13]
[380.96,380.96,380.96]
[140.445,140.45,140.45]
[23.23,23.23,23.23]
[95,95,95]
[139.46,139.46,139.46]
[121.255,121.26,121.26]
[81.9,81.9,81.9]
[2.03,2.03,2.03]
[3.03,3.03,3.03]
[4.04,4.04,4.04]
[5.055,5.06,5.06]
[5.055,5.06,5.06]
[6.06,6.06,6.06]
[8.085,8.09,8.09]
[11.105,11.11,11.11]
[15.165,15.17,15.17]
[19.19,19.19,19.19]
[29.29,29.29,29.29]
[35.355,35.36,35.36]
[43.44,43.44,43.44]
[51.54,51.54,51.54]
[54.565,54.57,54.57]
[75.795,75.8,75.8]
[48.505,48.51,48.51]
[54.565,54.57,54.57]
[62.67,62.67,62.67]
[71.75,71.75,71.75]
[92.965,92.97,92.97]
[107.11,{"$f":"ROUND(A1858,2)","v":107.11},107.11]
[138.445,138.45,138.45]
[171.78,171.78,171.78]
[187.95,187.95,187.95]
[249.58,249.58,249.58]
[6.06,6.06,6.06]
[8.085,8.09,8.09]
[10.11,10.11,10.11]
[8.085,8.09,8.09]
[8.9,8.9,8.9]
[8.085,8.09,8.09]
[13.125,13.13,13.13]
[14.145,14.15,14.15]
[16.17,16.17,16.17]
[19.81,19.81,19.81]
[16.17,16.17,16.17]
[22.145,22.15,22.15]
[19.19,19.19,19.19]
[51.74,51.74,51.74]
[56.35,56.35,56.35]
[36.38,36.38,36.38]
[90.41,90.41,90.41]
[45.48,45.48,45.48]
[103.43,103.43,103.43]
[51.54,51.54,51.54]
[154.52,154.52,154.52]
[70.735,70.74,70.74]
[177.84,177.84,177.84]
[36.38,36.38,36.38]
[43.44,43.44,43.44]
[44.465,44.47,44.47]
[45.48,45.48,45.48]
[51.54,51.54,51.54]
[53.545,53.55,53.55]
[57.605,57.61,57.61]
[58.63,58.63,58.63]
[59.61,59.61,59.61]
[60.63,60.63,60.63]
[75.795,75.8,75.8]
[79.82,79.82,79.82]
[88.925,88.93,88.93]
[125.295,125.3,125.3]
[131.36,131.36,131.36]
[137.42,137.42,137.42]
[158.655,158.66,158.66]
[207.16,207.16,207.16]
[219.285,219.29,219.29]
[48.505,48.51,48.51]
[89.92,89.92,89.92]
[131.36,131.36,131.36]
[160.655,160.66,160.66]
[227.37,227.37,227.37]
[383.98,383.98,383.98]
[9.08,9.08,9.08]
[62.67,62.67,62.67]
[59.26,59.26,59.26]
[70.945,70.95,70.95]
[84.19,84.19,84.19]
[92.56,92.56,92.56]
[138.445,138.45,138.45]
[23.99,23.99,23.99]
[28.11,28.11,28.11]
[29.1900000000001,29.19,29.19]
[1.015,1.02,1.02]
[1.015,{"$f":"ROUND(A1922,2)","v":1.02},1.02]
[2.03,2.03,2.03]
[2.03,2.03,2.03]
[3.03,3.03,3.03]
[6.06,6.06,6.06]
[8.085,8.09,8.09]
[1.015,1.02,1.02]
[1.015,1.02,1.02]
[2.03,2.03,2.03]
[2.03,2.03,2.03]
[3.76,3.76,3.76]
[5.06,5.06,5.06]
[8.9,8.9,8.9]
[1.015,1.02,1.02]
[2.03,2.03,2.03]
[2.03,2.03,2.03]
[5.06,5.06,5.06]
[9.08,9.08,9.08]
[17.185,17.19,17.19]
[28.295,28.3,28.3]
[1.015,1.02,1.02]
[2.03,2.03,2.03]
[3.03,3.03,3.03]
[7.06,7.06,7.06]
[10.11,10.11,10.11]
[23.23,23.23,23.23]
[35.375,35.38,35.38]
[30.315,30.32,30.32]
[42.46,42.46,42.46]
[48.505,48.51,48.51]
[76.8,76.8,76.8]
[133.4,133.4,133.4]
[155.615,155.62,155.62]
[274.87,274.87,274.87]
[1461.73,1461.73,1461.73]
[557.805,557.81,557.81]
[989.25,989.25,989.25]
[40.42,40.42,40.42]
[55.585,55.59,55.59]
[68.715,68.72,68.72]
[82.88,82.88,82.88]
[116.215,116.22,116.22]
[158.655,158.66,158.66]
[367.81,367.81,367.81]
[607.495,607.5,607.5]
[41.44,41.44,41.44]
[49.5,49.5,49.5]
[33.335,33.34,33.34]
[42.46,42.46,42.46]
[22.25,22.25,22.25]
[22.25,22.25,22.25]
[25.27,25.27,25.27]
[109.135,109.14,109.14]
[163.715,163.72,163.72]
[149.55,149.55,149.55]
[86.925,86.93,86.93]
[47.485,47.49,47.49]
[29.29,29.29,29.29]
[29.29,29.29,29.29]
[28.295,28.3,28.3]
[39.4,39.4,39.4]
[53.545,53.55,53.55]
[25.27,25.27,25.27]
[30.315,30.32,30.32]
[41.44,{"$f":"ROUND(A1986,2)","v":41.44},41.44]
[44.465,44.47,44.47]
[50.525,50.53,50.53]
[81.86,81.86,81.86]
[225.33,225.33,225.33]
[21.23,21.23,21.23]
[19.19,19.19,19.19]
[7.06,7.06,7.06]
[7.06,7.06,7.06]
[9.08,9.08,9.08]
[11.12,11.12,11.12]
[12.145,12.15,12.15]
[12.125,12.13,12.13]
[18.21,18.21,18.21]
[24.25,24.25,24.25]
[20.21,20.21,20.21]
[22.25,22.25,22.25]
[32.335,32.34,32.34]
[41.44,41.44,41.44]
[29.29,29.29,29.29]
[33.335,33.34,33.34]
[55.585,55.59,55.59]
[43.44,43.44,43.44]
[62.67,62.67,62.67]
[82.88,82.88,82.88]
[121.255,121.26,121.26]
[94.985,94.99,94.99]
[173.82,173.82,173.82]
[203.115,203.12,203.12]
[238.475,238.48,238.48]
[53.545,53.55,53.55]
[23.23,23.23,23.23]
[18.21,18.21,18.21]
[35.375,35.38,35.38]
[56.59,56.59,56.59]
[70.735,70.74,70.74]
[24.25,24.25,24.25]
[35.375,35.38,35.38]
[52.545,52.55,52.55]
[68.715,68.72,68.72]
[366.83,366.83,366.83]
[129.34,129.34,129.34]
[32.335,32.34,32.34]
[20.21,20.21,20.21]
[511.3,511.3,511.3]
[224.065,224.07,224.07]
[203.115,203.12,203.12]
[203.95,203.95,203.95]
[303.145,303.15,303.15]
[54.565,54.57,54.57]
[64.675,64.68,64.68]
[109.135,109.14,109.14]
[134.385,134.39,134.39]
[196.035,196.04,196.04]
[22.25,22.25,22.25]
[30.315,30.32,30.32]
[44.465,44.47,44.47]
[624.495,624.5,624.5]
[44.465,44.47,44.47]
[53.545,53.55,53.55]
[69.71,69.71,69.71]
[186.95,186.95,186.95]
[327.4,327.4,327.4]
[22.25,22.25,22.25]
[60.63,{"$f":"ROUND(A2050,2)","v":60.63},60.63]
[62.65,62.65,62.65]
[62.65,62.65,62.65]
[86.9,86.9,86.9]
[96.005,96.01,96.01]
[89.92,89.92,89.92]
[117.21,117.21,117.21]
[129.34,129.34,129.34]
[132.385,132.39,132.39]
[199.075,199.08,199.08]
[232.415,232.42,232.42]
[226.345,226.35,226.35]
[18.21,18.21,18.21]
[18.21,18.21,18.21]
[18.21,18.21,18.21]
[18.21,18.21,18.21]
[10.11,10.11,10.11]
[10.11,10.11,10.11]
[10.11,10.11,10.11]
[11.12,11.12,11.12]
[23.23,23.23,23.23]
[11.12,11.12,11.12]
[85.9,85.9,85.9]
[477.945,477.95,477.95]
[160.655,160.66,160.66]
[114.175,114.18,114.18]
[99.05,99.05,99.05]
[111.155,111.16,111.16]
[54.565,54.57,54.57]
[31.33,31.33,31.33]
[36.38,36.38,36.38]
[46.48,46.48,46.48]
[26.27,26.27,26.27]
[32.335,32.34,32.34]
[15.165,15.17,15.17]
[21.23,21.23,21.23]
[30.315,30.32,30.32]
[36.38,36.38,36.38]
[47.485,47.49,47.49]
[60.63,60.63,60.63]
[77.82,77.82,77.82]
[99.05,99.05,99.05]
[162.695,162.7,162.7]
[230.39,230.39,230.39]
[27.275,27.28,27.28]
[49.5,49.5,49.5]
[82.88,82.88,82.88]
[8.085,8.09,8.09]
[45.48,45.48,45.48]
[128.32,128.32,128.32]
[175.825,175.83,175.83]
[373.875,373.88,373.88]
[432.485,432.49,432.49]
[381.975,381.98,381.98]
[132.385,132.39,132.39]
[781.13,781.13,781.13]
[382.96,382.96,382.96]
[562.48,562.48,562.48]
[4.04,4.04,4.04]
[6.06,6.06,6.06]
[6.06,6.06,6.06]
[18.63,18.63,18.63]
[22.25,22.25,22.25]
[8.085,8.09,8.09]
[5.06,{"$f":"ROUND(A2114,2)","v":5.06},5.06]
[6.06,6.06,6.06]
[59.61,59.61,59.61]
[36.38,36.38,36.38]
[29.29,29.29,29.29]
[5.06,5.06,5.06]
[5.06,5.06,5.06]
[6.06,6.06,6.06]
[24.25,24.25,24.25]
[71.75,71.75,71.75]
[76.8,76.8,76.8]
[201.075,201.08,201.08]
[201.075,201.08,201.08]
[91.96,91.96,91.96]
[115.195,115.2,115.2]
[1293.41,1293.41,1293.41]
[527.49,527.49,527.49]
[1130.72,1130.72,1130.72]
[1130.72,1130.72,1130.72]
[662.71,662.71,662.71]
[342.545,342.55,342.55]
[84.885,84.89,84.89]
[63.65,63.65,63.65]
[71.75,71.75,71.75]
[92.965,92.97,92.97]
[103.085,103.09,103.09]
[39.4,39.4,39.4]
[56.59,56.59,56.59]
[751.8,751.8,751.8]
[5.06,5.06,5.06]
[258.685,258.69,258.69]
[759.9,759.9,759.9]
[740.705,740.71,740.71]
[149.55,149.55,149.55]
[37.395,37.4,37.4]
[98.03,98.03,98.03]
[101.05,101.05,101.05]
[40.42,40.42,40.42]
[23.23,23.23,23.23]
[64.675,64.68,64.68]
[147.53,147.53,147.53]
[35.375,35.38,35.38]
[170.765,170.77,170.77]
[306.165,306.17,306.17]
[171.78,171.78,171.78]
[213.225,213.23,213.23]
[13.125,13.13,13.13]
[17.185,17.19,17.19]
[3.02,3.02,3.02]
[4.04,4.04,4.04]
[56.59,56.59,56.59]
[69.71,69.71,69.71]
[130.345,130.35,130.35]
[27.275,27.28,27.28]
[4.04,4.04,4.04]
[4.04,4.04,4.04]
[4.04,4.04,4.04]
[4.04,4.04,4.04]
[4.04,4.04,4.04]
[4.04,4.04,4.04]
[4.04,4.04,4.04]
[4.04,4.04,4.04]
[4.04,4.04,4.04]
[4.04,4.04,4.04]
[4.04,{"$f":"ROUND(A2178,2)","v":4.04},4.04]
[5.06,5.06,5.06]
[5.06,5.06,5.06]
[106.105,106.11,106.11]
[138.445,138.45,138.45]
[159.635,159.64,159.64]
[229.37,229.37,229.37]
[314.265,314.27,314.27]
[360.75,360.75,360.75]
[634.58,634.58,634.58]
[901.365,901.37,901.37]
[253.635,253.64,253.64]
[268.785,268.79,268.79]
[627.515,627.52,627.52]
[27.275,27.28,27.28]
[41.44,41.44,41.44]
[54.565,54.57,54.57]
[87.905,87.91,87.91]
[138.445,138.45,138.45]
[183.925,183.93,183.93]
[260.725,260.73,260.73]
[342.545,342.55,342.55]
[482.005,482.01,482.01]
[389.045,389.05,389.05]
[607.495,607.5,607.5]
[1149.945,1149.95,1149.95]
[1588.49,1588.49,1588.49]
[811.44,811.44,811.44]
[1004.415,1004.42,1004.42]
[1844.13,1844.13,1844.13]
[2415.045,2415.05,2415.05]
[3199.175,3199.18,3199.18]
[127.32,127.32,127.32]
[753.815,753.82,753.82]
[584.07,584.07,584.07]
[16.17,16.17,16.17]
[292.015,292.02,292.02]
[527.49,527.49,527.49]
[687.125,687.13,687.13]
[1037.75,1037.75,1037.75]
[1324.75,1324.75,1324.75]
[1651.12,1651.12,1651.12]
[1318.685,1318.69,1318.69]
[1630.91,1630.91,1630.91]
[2218.01,2218.01,2218.01]
[2978.89,2978.89,2978.89]
[2292.765,2292.77,2292.77]
[2017.935,2017.94,2017.94]
[1939.095,1939.1,1939.1]
[1834.025,1834.03,1834.03]
[1107.485,1107.49,1107.49]
[815.445,815.45,815.45]
[664.915,664.92,664.92]
[585.055,585.06,585.06]
[262.725,262.73,262.73]
[351.645,351.65,351.65]
[460.78,460.78,460.78]
[15807.81,15807.81,15807.81]
[1026.645,1026.65,1026.65]
[2839.445,2839.45,2839.45]
[4970.535,4970.54,4970.54]
[4107.605,4107.61,4107.61]
[6407.455,6407.46,6407.46]
[15221.275,15221.28,15221.28]
[12624.335,{"$f":"ROUND(A2242,2)","v":12624.34},12624.34]
[573.95,573.95,573.95]
[231.87,231.87,231.87]
[236.45,236.45,236.45]
[672.975,672.98,672.98]
[406.23,406.23,406.23]
[2976.31,2976.31,2976.31]
[2696.96,2696.96,2696.96]
[1995.14,1995.14,1995.14]
[3080.94,3080.94,3080.94]
[183.925,183.93,183.93]
[2688.335,2688.34,2688.34]
[2538.325,2538.33,2538.33]
[450.67,450.67,450.67]
[225.33,225.33,225.33]
[269.79,269.79,269.79]
[26.39,26.39,26.39]
[760.88,760.88,760.88]
[234.43,234.43,234.43]
[285.955,285.96,285.96]
[402.19,402.19,402.19]
[54.565,54.57,54.57]
[59.61,59.61,59.61]
[930.66,930.66,930.66]
[625.15,625.15,625.15]
[94.985,94.99,94.99]
[97.01,97.01,97.01]
[2679.95,2679.95,2679.95]
[511.82,511.82,511.82]
[13.125,13.13,13.13]
[27.275,27.28,27.28]
[47.485,47.49,47.49]
[2111.41,2111.41,2111.41]
[178.865,178.87,178.87]
[543.72,543.72,543.72]
[292.015,292.02,292.02]
[260.725,260.73,260.73]
[121.255,121.26,121.26]
[11.12,11.12,11.12]
[14.145,14.15,14.15]
[394.085,394.09,394.09]
[842.74,842.74,842.74]
[2003.77,2003.77,2003.77]
[3026.39,3026.39,3026.39]
[3869.12,3869.12,3869.12]
[247.575,247.58,247.58]
[21.23,21.23,21.23]
[2516.09,2516.09,2516.09]
[1370.21,1370.21,1370.21]
[297.08,297.08,297.08]
[7005.25,7005.25,7005.25]
[411.255,411.26,411.26]
[3375.785,3375.79,3375.79]
[178.81,178.81,178.81]
[60.3,60.3,60.3]
[103.96,103.96,103.96]
[135.15,135.15,135.15]
[74.495,74.5,74.5]
[182.905,182.91,182.91]
[270.3,270.3,270.3]
[374.255,374.26,374.26]
[395.05,395.05,395.05]
[447.025,447.03,447.03]
[343.065,343.07,343.07]
[374.255,{"$f":"ROUND(A2306,2)","v":374.26},374.26]
[436.635,436.64,436.64]
[488.61,488.61,488.61]
[374.255,374.26,374.26]
[405.6,405.6,405.6]
[520.215,520.22,520.22]
[540.59,540.59,540.59]
[16.63,16.63,16.63]
[40.42,40.42,40.42]
[16.63,16.63,16.63]
[40.42,40.42,40.42]
[29.29,29.29,29.29]
[45.48,45.48,45.48]
[59.61,59.61,59.61]
[68.715,68.72,68.72]
[45.48,45.48,45.48]
[93.965,93.97,93.97]
[121.255,121.26,121.26]
[155.615,155.62,155.62]
[187.95,187.95,187.95]
[266.14,266.14,266.14]
[35.545,35.55,35.55]
[297.08,297.08,297.08]
[5473.79,5473.79,5473.79]
[6236.22,6236.22,6236.22]
[73.79,73.79,73.79]
[41.44,41.44,41.44]
[2438.97,2438.97,2438.97]
[73.79,73.79,73.79]
[275.14,275.14,275.14]
[31.29,31.29,31.29]
[76.74,76.74,76.74]
[80.64,80.64,80.64]
[89.64,89.64,89.64]
[95.95,95.95,95.95]
[113.63,113.63,113.63]
[145.33,145.33,145.33]
[255.9,255.9,255.9]
[190.42,190.42,190.42]
[26.54,26.54,26.54]
[39.8,39.8,39.8]
[53.09,53.09,53.09]
[84.76,84.76,84.76]
[132.72,132.72,132.72]
[236.9,236.9,236.9]
[646.27,646.27,646.27]
[1010.75,1010.75,1010.75]
[2269.28,2269.28,2269.28]
[2953.68,2953.68,2953.68]
[3660.15,3660.15,3660.15]
[3687.8,3687.8,3687.8]
[1.79,1.79,1.79]
[2.76,2.76,2.76]
[4.55,4.55,4.55]
[7.96,7.96,7.96]
[9.9,9.9,9.9]
[15.91,15.91,15.91]
[52.41,52.41,52.41]
[94.12,94.12,94.12]
[46.71,46.71,46.71]
[193.61,193.61,193.61]
[231.81,231.81,231.81]
[21.11,21.11,21.11]
[21.11,21.11,21.11]
[30.83,{"$f":"ROUND(A2370,2)","v":30.83},30.83]
[35.7,35.7,35.7]
[45.57,45.57,45.57]
[57.95,57.95,57.95]
[65.9,65.9,65.9]
[90.86,90.86,90.86]
[135.71,135.71,135.71]
[173.85,173.85,173.85]
[225.53,225.53,225.53]
[225.53,225.53,225.53]
[350.48,350.48,350.48]
[465.15,465.15,465.15]
[519.2,519.2,519.2]
[633.76,633.76,633.76]
[6.14,6.14,6.14]
[7.79,7.79,7.79]
[11.91,11.91,11.91]
[18.77,18.77,18.77]
[24.11,24.11,24.11]
[46.19,46.19,46.19]
[70.18,70.18,70.18]
[2.11,2.11,2.11]
[2.94,2.94,2.94]
[4.7,4.7,4.7]
[7.31,7.31,7.31]
[10.24,10.24,10.24]
[15.19,15.19,15.19]
[20.17,20.17,20.17]
[1.16,1.16,1.16]
[1.86,1.86,1.86]
[2.96,2.96,2.96]
[4.47,4.47,4.47]
[5.86,5.86,5.86]
[8.55,8.55,8.55]
[14.4,14.4,14.4]
[1.79,1.79,1.79]
[2.59,2.59,2.59]
[3.58,3.58,3.58]
[6.49,6.49,6.49]
[8.25,8.25,8.25]
[13.88,13.88,13.88]
[29.04,29.04,29.04]
[1.2,1.2,1.2]
[2.03,2.03,2.03]
[2.71,2.71,2.71]
[4,4,4]
[6.67,6.67,6.67]
[11.14,11.14,11.14]
[24.34,24.34,24.34]
[40.69,40.69,40.69]
[50.79,50.79,50.79]
[146.03,146.03,146.03]
[146.03,146.03,146.03]
[158.69,158.69,158.69]
[16.24,16.24,16.24]
[28.94,28.94,28.94]
[42.09,42.09,42.09]
[52.85,52.85,52.85]
[65.71,65.71,65.71]
[67.74,67.74,67.74]
[107.1,107.1,107.1]
[216.73,216.73,216.73]
[432.67,432.67,432.67]
[500.18,500.18,500.18]
[593.7,{"$f":"ROUND(A2434,2)","v":593.7},593.7]
[4657,4657,4657]
[16.85,16.85,16.85]
[16.85,16.85,16.85]
[18.09,18.09,18.09]
[31.65,31.65,31.65]
[38.62,38.62,38.62]
[51.32,51.32,51.32]
[54.74,54.74,54.74]
[42.99,42.99,42.99]
[256.24,256.24,256.24]
[327.46,327.46,327.46]
[380.18,380.18,380.18]
[380.68,380.68,380.68]
[464.26,464.26,464.26]
[464.76,464.76,464.76]
[546.34,546.34,546.34]
[546.84,546.84,546.84]
[336.46,336.46,336.46]
[400.75,400.75,400.75]
[474.12,474.12,474.12]
[532.05,532.05,532.05]
[587.4,587.4,587.4]
[611.4,611.4,611.4]
[709.85,709.85,709.85]
[713.85,713.85,713.85]
[1640.44,1640.44,1640.44]
[56.58,56.58,56.58]
[93.41,93.41,93.41]
[77.49,77.49,77.49]
[28.1,28.1,28.1]
[12.72,12.72,12.72]
[13.77,13.77,13.77]
[14.47,14.47,14.47]
[889.68,889.68,889.68]
[107.57,107.57,107.57]
[32.98,32.98,32.98]
[32.98,32.98,32.98]
[2734.6,2734.6,2734.6]
[4226.2,4226.2,4226.2]
[63.17,63.17,63.17]
[10.27,10.27,10.27]
[52.04,52.04,52.04]
[57.76,57.76,57.76]
[63.49,63.49,63.49]
[69.22,69.22,69.22]
[74.95,74.95,74.95]
[12.02,12.02,12.02,{"$nulls":8},4797.76]
[17.75,17.75,17.75,{"$nulls":8},1212.6]
[25.56,25.56,25.56,{"$nulls":8},1616.8]
[281.1,281.1,281.1,{"$nulls":8},2021]
[34.73,34.73,34.73,{"$nulls":8},1489.51]
[65.51,65.51,65.51,{"$nulls":8},1406.64]
[96.87,96.87,96.87,{"$nulls":8},2336.24]
[620.88,620.88,620.88,{"$nulls":8},2202.85]
[60.14,60.14,60.14,{"$nulls":8},4057.1]
[52.7,52.7,52.7,{"$nulls":8},145.52]
[34.25,34.25,34.25,{"$nulls":8},227.37]
[58.74,58.74,58.74,{"$nulls":8},284.97]
[159.97,159.97,159.97,{"$nulls":8},560.82]
[2.1,2.1,2.1,{"$nulls":8},7.14]
[2.5,2.5,2.5,{"$nulls":8},909.45]
[3.14,3.14,3.14,{"$nulls":8},1100.43]
[3.7,3.7,3.7,{"$nulls":8},7.14]
[2.89,{"$f":"ROUND(A2498,2)","v":2.89},2.89,{"$nulls":8},1436.91]
[3.44,3.44,3.44,{"$nulls":8},14.21]
[4.34,4.34,4.34,{"$nulls":8},21.21]
[5.41,5.41,5.41,{"$nulls":8},35.35]
[13329.93,13329.93,13329.93,{"$nulls":8},32.36]
[12509.55,12509.55,12509.55,{"$nulls":8},68.72]
[369.18,369.18,369.18,{"$nulls":8},76.8]
[410.75,410.75,410.75,{"$nulls":8},353.71]
[29.08,29.08,29.08,{"$nulls":8},472.92]
[351.31,351.31,351.31,{"$nulls":8},618.44]
[465.48,465.48,465.48,{"$nulls":8},1365.21]
[8.72,8.72,8.72,{"$nulls":8},19.38]
[6.23,6.23,6.23,{"$nulls":8},2228.1]
[7.72,7.72,7.72,{"$nulls":8},2299.84]
[5.23,5.23,5.23,{"$nulls":8},38.57]
[5.23,5.23,5.23,{"$nulls":8},2885.92]
[116.17,116.17,116.17,{"$nulls":8},57.57]
[127.84,127.84,127.84,{"$nulls":8},95.95]
[348.74,348.74,348.74,{"$nulls":8},172.9]
[220.2,220.2,220.2,{"$nulls":8},230.47]
[129.39,129.39,129.39,{"$nulls":8},134.4]
[124.39,124.39,124.39,{"$nulls":8},219.31]
[{"$nulls":11},1053.92]
[{"$nulls":11},828.6]
[{"$nulls":11},965]
[{"$nulls":11},1318.7]
[{"$nulls":11},2020.95]
[{"$nulls":11},2096.75]
[{"$nulls":11},2859.65]
[{"$nulls":11},169.75]
[{"$nulls":11},169.75]
[{"$nulls":11},268.8]
[{"$nulls":11},332.43]
[{"$nulls":11},537.6]
[{"$nulls":11},834.68]
[{"$nulls":11},77.84]
[{"$nulls":11},85.05]
[{"$nulls":11},183.89]
[{"$nulls":11},445.62]
[{"$nulls":11},502.25]
[{"$nulls":11},806.4]
[{"$nulls":11},1421.84]
[{"$nulls":11},63.7]
[{"$nulls":11},91.98]
[{"$nulls":11},226.38]
[{"$nulls":11},410.27]
[{"$nulls":11},516.32]
[{"$nulls":11},756.84]
[{"$nulls":11},862.96]
[{"$nulls":11},99.05]
[{"$nulls":11},134.4]
[{"$nulls":11},226.38]
[{"$nulls":11},629.51]
[{"$nulls":11},749.77]
[{"$nulls":11},976.15]
[{"$nulls":11},1549.03]
[{"$nulls":11},91.98]
[{"$nulls":11},120.26]
[{"$nulls":11},219.31]
[{"$nulls":11},466.83]
[{"$nulls":11},608.3]
[{"$nulls":11},841.75]
[{"$nulls":11},905.38]
[{"$nulls":11},8407.1]
[{"$nulls":11},7518.05]
[{"$nulls":11},6694.43]
[{"$nulls":11},14299.4]
[{"$nulls":11},1307.95]
[{"$nulls":11},21476.13]
[{"$nulls":11},9740.15]
[{"$nulls":11},1496.65]
[{"$nulls":11},11062.75]
[{"$nulls":11},2247.75]
[{"$nulls":11},3568.65]
[{"$nulls":11},4452.95]
[{"$nulls":11},2824.25]
[{"$nulls":11},3940.95]
[{"$nulls":11},5451.55]
[{"$nulls":11},105.08]
[{"$nulls":11},129.36]
[{"$nulls":11},145.52]
[{"$nulls":11},295.04]
[{"$nulls":11},8.12]
[{"$nulls":11},12.12]
[{"$nulls":11},16.16]
[{"$nulls":11},24.24]
[{"$nulls":11},32.36]
[{"$nulls":11},60.64]
[{"$nulls":11},1899.72]
[{"$nulls":11},183.89]
[{"$nulls":11},226.38]
[{"$nulls":11},381.99]
[{"$nulls":11},537.6]
[{"$nulls":11},756.84]
[{"$nulls":11},1393.49]
[{"$nulls":11},1676.43]
[{"$nulls":11},1192.36]
[{"$nulls":11},129.36]
[{"$nulls":11},142.47]
[{"$nulls":11},212.22]
[{"$nulls":11},321.33]
[{"$nulls":11},626.52]
[{"$nulls":11},539.61]
[{"$nulls":11},748.77]
[{"$nulls":11},8.04]
[{"$nulls":11},12.12]
[{"$nulls":11},16.16]
[{"$nulls":11},28.28]
[{"$nulls":11},40.44]
[{"$nulls":11},52.56]
[{"$nulls":11},347.6]
[{"$nulls":11},266.79]
[{"$nulls":11},324.36]
[{"$nulls":11},606.3]
[{"$nulls":11},12.12]
[{"$nulls":11},16.16]
[{"$nulls":11},20.2]
[{"$nulls":11},28.28]
[{"$nulls":11},28.28]
[{"$nulls":11},52.56]
[{"$nulls":11},88.92]
[{"$nulls":11},141.48]
[{"$nulls":11},303.15]
[{"$nulls":11},378.93]
[{"$nulls":11},448.65]
[{"$nulls":11},816.48]
[{"$nulls":11},14.21]
[{"$nulls":11},1535.92]
[{"$nulls":11},1600.62]
[{"$nulls":11},14.21]
[{"$nulls":11},3160.8]
[{"$nulls":11},21.21]
[{"$nulls":11},35.35]
[{"$nulls":11},56.63]
[{"$nulls":11},99.05]
[{"$nulls":11},162.68]
[{"$nulls":11},261.73]
[{"$nulls":11},232.4]
[{"$nulls":11},299.12]
[{"$nulls":11},432.48]
[{"$nulls":11},472.92]
[{"$nulls":11},19.38]
[{"$nulls":11},755.84]
[{"$nulls":11},941.76]
[{"$nulls":11},19.38]
[{"$nulls":11},1151.96]
[{"$nulls":11},38.57]
[{"$nulls":11},57.57]
[{"$nulls":11},57.57]
[{"$nulls":11},60.6]
[{"$nulls":11},80.9]
[{"$nulls":11},131.4]
[{"$nulls":11},525.44]
[{"$nulls":11},142.47]
[{"$nulls":11},260.7]
[{"$nulls":11},260.7]
[{"$nulls":11},494.13]
[{"$nulls":11},8.5]
[{"$nulls":11},10.15]
[{"$nulls":11},15.15]
[{"$nulls":11},20.2]
[{"$nulls":11},30.3]
[{"$nulls":11},44.48]
[{"$nulls":11},72.76]
[{"$nulls":11},113.2]
[{"$nulls":11},481.04]
[{"$nulls":11},416.32]
[{"$nulls":11},416.32]
[{"$nulls":11},763.92]
[{"$nulls":11},19.38]
[{"$nulls":11},38.57]
[{"$nulls":11},38.57]
[{"$nulls":11},28.28]
[{"$nulls":11},56.63]
[{"$nulls":11},170.82]
[{"$nulls":11},155.61]
[{"$nulls":11},282.94]
[{"$nulls":11},3511.5]
[{"$nulls":11},5052.5]
[{"$nulls":11},5709.25]
[{"$nulls":11},15763.5]
[{"$nulls":11},459.55]
[{"$nulls":11},643.37]
[{"$nulls":11},1011.92]
[{"$nulls":11},1658.93]
[{"$nulls":11},2482.48]
[{"$nulls":11},1955.64]
[{"$nulls":11},2781.24]
[{"$nulls":11},4041.14]
[{"$nulls":11},378.75]
[{"$nulls":11},464.84]
[{"$nulls":11},537.6]
[{"$nulls":11},1061]
[{"$nulls":11},367.9]
[{"$nulls":11},407.29]
[{"$nulls":11},446.68]
[{"$nulls":11},499.72]
[{"$nulls":11},761.93]
[{"$nulls":11},827.58]
[{"$nulls":11},85.05]
[{"$nulls":11},155.75]
[{"$nulls":11},282.94]
[{"$nulls":11},403.27]
[{"$nulls":11},530.6]
[{"$nulls":11},530.55]
[{"$nulls":11},631.55]
[{"$nulls":11},118.3]
[{"$nulls":11},144.56]
[{"$nulls":11},381.03]
[{"$nulls":11},709.41]
[{"$nulls":11},880.1]
[{"$nulls":11},490.1]
[{"$nulls":11},500.2]
[{"$nulls":11},70.77]
[{"$nulls":11},91.98]
[{"$nulls":11},205.17]
[{"$nulls":11},445.62]
[{"$nulls":11},537.6]
[{"$nulls":11},611.4]
[{"$nulls":11},929.65]
[{"$nulls":11},131.43]
[{"$nulls":11},170.82]
[{"$nulls":11},433.55]
[{"$nulls":11},998.4]
[{"$nulls":11},1221.74]
[{"$nulls":11},581.05]
[{"$nulls":11},611.4]
[{"$nulls":11},151.6]
[{"$nulls":11},192.2]
[{"$nulls":11},343.6]
[{"$nulls":11},490.25]
[{"$nulls":11},14.21]
[{"$nulls":11},21.21]
[{"$nulls":11},35.35]
[{"$nulls":11},49.49]
[{"$nulls":11},77.84]
[{"$nulls":11},120.26]
[{"$nulls":11},1919.9]
[{"$nulls":11},315.25]
[{"$nulls":11},350.61]
[{"$nulls":11},696.15]
[{"$nulls":11},735.67]
[{"$nulls":11},679.07]
[{"$nulls":11},961.94]
[{"$nulls":11},1082.27]
[{"$nulls":11},1258.05]
[{"$nulls":11},151.6]
[{"$nulls":11},206.16]
[{"$nulls":11},258.72]
[{"$nulls":11},456.76]
[{"$nulls":11},14.21]
[{"$nulls":11},21.21]
[{"$nulls":11},28.28]
[{"$nulls":11},42.42]
[{"$nulls":11},70.77]
[{"$nulls":11},80.85]
[{"$nulls":11},394.8]
[{"$nulls":11},242.52]
[{"$nulls":11},497.16]
[{"$nulls":11},549.68]
[{"$nulls":11},30.3]
[{"$nulls":11},40.4]
[{"$nulls":11},60.6]
[{"$nulls":11},91]
[{"$nulls":11},80.9]
[{"$nulls":11},151.2]
[{"$nulls":11},133.38]
[{"$nulls":11},230.4]
[{"$nulls":11},544.67]
[{"$nulls":11},1237.67]
[{"$nulls":11},898.38]
[{"$nulls":11},2213.96]
[{"$nulls":11},20.3]
[{"$nulls":11},30.3]
[{"$nulls":11},40.4]
[{"$nulls":11},60.6]
[{"$nulls":11},101.1]
[{"$nulls":11},127.33]
[{"$nulls":11},183.89]
[{"$nulls":11},311.29]
[{"$nulls":11},129.36]
[{"$nulls":11},189.96]
[{"$nulls":11},222.32]
[{"$nulls":11},404.2]
[{"$nulls":11},25.5]
[{"$nulls":11},25.5]
[{"$nulls":11},50.75]
[{"$nulls":11},20.3]
[{"$nulls":11},40.4]
[{"$nulls":11},70.7]
[{"$nulls":11},111.2]
[{"$nulls":11},182.1]
[{"$nulls":11},291.04]
[{"$nulls":11},394.16]
[{"$nulls":11},591.24]
[{"$nulls":11},683.15]
[{"$nulls":11},28.28]
[{"$nulls":11},28.28]
[{"$nulls":11},56.84]
[{"$nulls":11},56.84]
[{"$nulls":11},111.1]
[{"$nulls":11},133.32]
[{"$nulls":11},244.64]
[{"$nulls":11},1378.3]
[{"$nulls":11},1277.28]
[{"$nulls":11},1649.12]
[{"$nulls":11},169.82]
[{"$nulls":11},3001.24]
[{"$nulls":11},412.42]
[{"$nulls":11},3601.4]
[{"$nulls":11},3423.56]
[{"$nulls":11},515.44]
[{"$nulls":11},4597.74]
[{"$nulls":11},515.44]
[{"$nulls":11},687.14]
[{"$nulls":11},755.82]
[{"$nulls":11},1301.8]
[{"$nulls":11},1534.1]
[{"$nulls":11},1998.7]
[{"$nulls":11},226.52]
[{"$nulls":11},311.36]
[{"$nulls":11},424.48]
[{"$nulls":11},905.52]
[{"$nulls":11},911.46]
[{"$nulls":11},1244.98]
[{"$nulls":11},1689.6]
[{"$nulls":11},137.36]
[{"$nulls":11},206.04]
[{"$nulls":11},240.38]
[{"$nulls":11},171.7]
[{"$nulls":11},206.04]
[{"$nulls":11},177.98]
[{"$nulls":11},266.86]
[{"$nulls":11},169.68]
[{"$nulls":11},367.92]
[{"$nulls":11},424.48]
[{"$nulls":11},905.52]
[{"$nulls":11},933.68]
[{"$nulls":11},1333.86]
[{"$nulls":11},1756.26]
[{"$nulls":11},69.02]
[{"$nulls":11},96.22]
[{"$nulls":11},69.02]
[{"$nulls":11},103.02]
[{"$nulls":11},137.36]
[{"$nulls":11},155.54]
[{"$nulls":11},244.64]
[{"$nulls":11},9588.8]
[{"$nulls":11},4508.92]
[{"$nulls":11},4225.86]
[{"$nulls":11},5016.02]
[{"$nulls":11},945.6]
[{"$nulls":11},3847.84]
[{"$nulls":11},5383.84]
[{"$nulls":11},1818]
[{"$nulls":11},6564.16]
[{"$nulls":11},2912.4]
[{"$nulls":11},2911.2]
[{"$nulls":11},4608]
[{"$nulls":11},4548]
[{"$nulls":11},2900.1]
[{"$nulls":11},4102.7]
[{"$nulls":11},367.9]
[{"$nulls":11},404.24]
[{"$nulls":11},509.28]
[{"$nulls":11},630.56]
[{"$nulls":11},38.57]
[{"$nulls":11},1082.27]
[{"$nulls":11},1485.4]
[{"$nulls":11},38.57]
[{"$nulls":11},1513.75]
[{"$nulls":11},54.91]
[{"$nulls":11},57.57]
[{"$nulls":11},95.95]
[{"$nulls":11},91.91]
[{"$nulls":11},157.69]
[{"$nulls":11},236.47]
[{"$nulls":11},1103.48]
[{"$nulls":11},1286.3]
[{"$nulls":11},1939.14]
[{"$nulls":11},2150.42]
[{"$nulls":11},304.5]
[{"$nulls":11},2601.04]
[{"$nulls":11},2748.5]
[{"$nulls":11},395.85]
[{"$nulls":11},2869.8]
[{"$nulls":11},590.85]
[{"$nulls":11},787.8]
[{"$nulls":11},1181.7]
[{"$nulls":11},1201.2]
[{"$nulls":11},833.8]
[{"$nulls":11},747.77]
[{"$nulls":11},291.04]
[{"$nulls":11},414.3]
[{"$nulls":11},535.5]
[{"$nulls":11},545.7]
[{"$nulls":11},1040.8]
[{"$nulls":11},1091.34]
[{"$nulls":11},1467.24]
[{"$nulls":11},50.75]
[{"$nulls":11},50.75]
[{"$nulls":11},101]
[{"$nulls":11},151.5]
[{"$nulls":11},129.44]
[{"$nulls":11},194.08]
[{"$nulls":11},787.17]
[{"$nulls":11},61.88]
[{"$nulls":11},84.84]
[{"$nulls":11},113.12]
[{"$nulls":11},113.12]
[{"$nulls":11},169.68]
[{"$nulls":11},197.96]
[{"$nulls":11},192.09]
[{"$nulls":11},326.42]
[{"$nulls":11},460.75]
[{"$nulls":11},1683.68]
[{"$nulls":11},1665.28]
[{"$nulls":11},1471.34]
[{"$nulls":11},1760.33]
[{"$nulls":11},190.82]
[{"$nulls":11},3179.02]
[{"$nulls":11},3344.7]
[{"$nulls":11},284.82]
[{"$nulls":11},3605.36]
[{"$nulls":11},284.82]
[{"$nulls":11},474.7]
[{"$nulls":11},760.46]
[{"$nulls":11},683.28]
[{"$nulls":11},998.4]
[{"$nulls":11},962.2]
[{"$nulls":11},1111.55]
[{"$nulls":11},1233.95]
[{"$nulls":11},1719.76]
[{"$nulls":11},1414.75]
[{"$nulls":11},487.2]
[{"$nulls":11},1061]
[{"$nulls":11},1465.2]
[{"$nulls":11},487.2]
[{"$nulls":11},1566.3]
[{"$nulls":11},487.2]
[{"$nulls":11},454.5]
[{"$nulls":11},606]
[{"$nulls":11},530.25]
[{"$nulls":11},444.95]
[{"$nulls":11},667.15]
[{"$nulls":11},18967]
[{"$nulls":11},9828.36]
[{"$nulls":11},7899.56]
[{"$nulls":11},10000.76]
[{"$nulls":11},1687.2]
[{"$nulls":11},7475.2]
[{"$nulls":11},9132]
[{"$nulls":11},3290.4]
[{"$nulls":11},10502.4]
[{"$nulls":11},5644.8]
[{"$nulls":11},4759.2]
[{"$nulls":11},7298.4]
[{"$nulls":11},7893]
[{"$nulls":11},5235.3]
[{"$nulls":11},6862.1]
[{"$nulls":11},1325.35]
[{"$nulls":11},2894.48]
[{"$nulls":11},2894.48]
[{"$nulls":11},3300.88]
[{"$nulls":11},36.86]
[{"$nulls":11},4159.05]
[{"$nulls":11},4997.3]
[{"$nulls":11},55.86]
[{"$nulls":11},14602.7]
[{"$nulls":11},82.65]
[{"$nulls":11},141.74]
[{"$nulls":11},211.66]
[{"$nulls":11},265.33]
[{"$nulls":11},777.01]
[{"$nulls":11},843.44]
[{"$nulls":11},3545.92]
[{"$nulls":11},6874.39]
[{"$nulls":11},6874.39]
[{"$nulls":11},8064.55]
[{"$nulls":11},351]
[{"$nulls":11},8137.35]
[{"$nulls":11},8498.8]
[{"$nulls":11},780]
[{"$nulls":11},13466.9]
[{"$nulls":11},1138.8]
[{"$nulls":11},1885.65]
[{"$nulls":11},2536.95]
[{"$nulls":11},3554.76]
[{"$nulls":11},2945.25]
[{"$nulls":11},2716.54]
[{"$nulls":11},908.48]
[{"$nulls":11},2626.9]
[{"$nulls":11},2626.9]
[{"$nulls":11},2626.9]
[{"$nulls":11},3065.2]
[{"$nulls":11},2781.54]
[{"$nulls":11},6712.68]
[{"$nulls":11},89.5]
[{"$nulls":11},150.25]
[{"$nulls":11},228]
[{"$nulls":11},351.75]
[{"$nulls":11},467.36]
[{"$nulls":11},507.2]
[{"$nulls":11},2866.72]
[{"$nulls":11},131.6]
[{"$nulls":11},199.64]
[{"$nulls":11},341.04]
[{"$nulls":11},341.04]
[{"$nulls":11},424.48]
[{"$nulls":11},454.72]
[{"$nulls":11},553.47]
[{"$nulls":11},2395.71]
[{"$nulls":11},2395.71]
[{"$nulls":11},5932.66]
[{"$nulls":11},6152.16]
[{"$nulls":11},4998.63]
[{"$nulls":11},5192.2]
[{"$nulls":11},282.94]
[{"$nulls":11},10205.78]
[{"$nulls":11},13942.7]
[{"$nulls":11},486.92]
[{"$nulls":11},11154.16]
[{"$nulls":11},703.12]
[{"$nulls":11},1240.8]
[{"$nulls":11},1696.7]
[{"$nulls":11},1789.32]
[{"$nulls":11},3796.52]
[{"$nulls":11},3395.24]
[{"$nulls":11},4038.1]
[{"$nulls":11},9305.5]
[{"$nulls":11},9305.5]
[{"$nulls":11},7066.75]
[{"$nulls":11},393.6]
[{"$nulls":11},3062]
[{"$nulls":11},4543.2]
[{"$nulls":11},681.6]
[{"$nulls":11},5099.6]
[{"$nulls":11},890.4]
[{"$nulls":11},933]
[{"$nulls":11},1215]
[{"$nulls":11},1686.3]
[{"$nulls":11},1166.55]
[{"$nulls":11},2237.95]
[{"$nulls":11},339.52]
[{"$nulls":11},367.9]
[{"$nulls":11},425.23]
[{"$nulls":11},722.54]
[{"$nulls":11},32.48]
[{"$nulls":11},32.48]
[{"$nulls":11},32.48]
[{"$nulls":11},32.48]
[{"$nulls":11},48.48]
[{"$nulls":11},80.8]
[{"$nulls":11},145.6]
[{"$nulls":11},226.4]
[{"$nulls":11},2015.9]
[{"$nulls":11},1339.91]
[{"$nulls":11},137.36]
[{"$nulls":11},171.7]
[{"$nulls":11},275.06]
[{"$nulls":11},412.42]
[{"$nulls":11},549.78]
[{"$nulls":11},1236.92]
[{"$nulls":11},1614.66]
[{"$nulls":11},2714.22]
[{"$nulls":11},3492.32]
[{"$nulls":11},9169.12]
[{"$nulls":11},3021.46]
[{"$nulls":11},8995.09]
[{"$nulls":11},3389.1]
[{"$nulls":11},11048.83]
[{"$nulls":11},4610.84]
[{"$nulls":11},13371.41]
[{"$nulls":11},202]
[{"$nulls":11},393.6]
[{"$nulls":11},282.8]
[{"$nulls":11},575.6]
[{"$nulls":11},444.8]
[{"$nulls":11},832.4]
[{"$nulls":11},424.48]
[{"$nulls":11},836.64]
[{"$nulls":11},565.88]
[{"$nulls":11},1114.4]
[{"$nulls":11},877.24]
[{"$nulls":11},1888.88]
[{"$nulls":11},812.4]
[{"$nulls":11},2247.72]
[{"$nulls":11},1438.88]
[{"$nulls":11},4091.36]
[{"$nulls":11},4072.25]
[{"$nulls":11},8407.1]
[{"$nulls":11},13399.1]
[{"$nulls":11},16026.4]
[{"$nulls":11},19244.55]
[{"$nulls":11},525.85]
[{"$nulls":11},788.45]
[{"$nulls":11},1116.7]
[{"$nulls":11},1839.5]
[{"$nulls":11},2364.7]
[{"$nulls":11},3678.35]
[{"$nulls":11},126.3]
[{"$nulls":11},333.45]
[{"$nulls":11},505.24]
[{"$nulls":11},691.2]
[{"$nulls":11},727.56]
[{"$nulls":11},21.21]
[{"$nulls":11},21.21]
[{"$nulls":11},35.35]
[{"$nulls":11},40.45]
[{"$nulls":11},55.6]
[{"$nulls":11},96]
[{"$nulls":11},234.5]
[{"$nulls":11},436.45]
[{"$nulls":11},842.45]
[{"$nulls":11},1131.75]
[{"$nulls":11},1223.1]
[{"$nulls":11},26.39]
[{"$nulls":11},39.52]
[{"$nulls":11},105.56]
[{"$nulls":11},118.82]
[{"$nulls":11},135.03]
[{"$nulls":11},142.1]
[{"$nulls":11},155.61]
[{"$nulls":11},252.65]
[{"$nulls":11},520.4]
[{"$nulls":11},783.15]
[{"$nulls":11},884.15]
[{"$nulls":11},105.17]
[{"$nulls":11},105.17]
[{"$nulls":11},105.17]
[{"$nulls":11},77.84]
[{"$nulls":11},84.91]
[{"$nulls":11},134.4]
[{"$nulls":11},249.6]
[{"$nulls":11},339.57]
[{"$nulls":11},679.07]
[{"$nulls":11},39.39]
[{"$nulls":11},52.52]
[{"$nulls":11},78.78]
[{"$nulls":11},91.91]
[{"$nulls":11},131.43]
[{"$nulls":11},65.65]
[{"$nulls":11},91.91]
[{"$nulls":11},105.17]
[{"$nulls":11},183.95]
[{"$nulls":11},328.38]
[{"$nulls":11},394.16]
[{"$nulls":11},1389.5]
[{"$nulls":11},1515.7]
[{"$nulls":11},2344.3]
[{"$nulls":11},3263.9]
[{"$nulls":11},3445.7]
[{"$nulls":11},75.75]
[{"$nulls":11},126.25]
[{"$nulls":11},202.25]
[{"$nulls":11},379]
[{"$nulls":11},581]
[{"$nulls":11},833.75]
[{"$nulls":11},127.89]
[{"$nulls":11},238.55]
[{"$nulls":11},446.6]
[{"$nulls":11},593.8]
[{"$nulls":11},639.45]
[{"$nulls":11},20.3]
[{"$nulls":11},20.3]
[{"$nulls":11},60.9]
[{"$nulls":11},60.9]
[{"$nulls":11},56.84]
[{"$nulls":11},92.4]
[{"$nulls":11},6608.52]
[{"$nulls":11},10619.16]
[{"$nulls":11},222.42]
[{"$nulls":11},612.26]
[{"$nulls":11},311.3]
[{"$nulls":11},852.5]
[{"$nulls":11},422.4]
[{"$nulls":11},1159.4]
[{"$nulls":11},622.6]
[{"$nulls":11},1686.74]
[{"$nulls":11},889.24]
[{"$nulls":11},2609.86]
[{"$nulls":11},1050.88]
[{"$nulls":11},2444.96]
[{"$nulls":11},2457.44]
[{"$nulls":11},5553.92]
[{"$nulls":11},4177.42]
[{"$nulls":11},7721.35]
[{"$nulls":11},4129.7]
[{"$nulls":11},4690.14]
[{"$nulls":11},5333.51]
[{"$nulls":11},11446.72]
[{"$nulls":11},14082.08]
[{"$nulls":11},16604.16]
[{"$nulls":11},20207.58]
[{"$nulls":11},34545.6]
[{"$nulls":11},58870.02]
[{"$nulls":11},14372.05]
[{"$nulls":11},19707.38]
[{"$nulls":11},20485.41]
[{"$nulls":11},22190.08]
[{"$nulls":11},28172.16]
[{"$nulls":11},28356.06]
[{"$nulls":11},2496.6]
[{"$nulls":11},72300.06]
[{"$nulls":11},6027.5]
[{"$nulls":11},1002.56]
[{"$nulls":11},1293.44]
[{"$nulls":11},1681.68]
[{"$nulls":11},1386.42]
[{"$nulls":11},2192.82]
[{"$nulls":11},1730]
[{"$nulls":11},4146.96]
[{"$nulls":11},4771.5]
[{"$nulls":11},1612.72]
[{"$nulls":11},1528.81]
[{"$nulls":11},719.44]
[{"$nulls":11},5656.62]
[{"$nulls":11},4902.84]
[{"$nulls":11},9500.52]
[{"$nulls":11},13944.66]
[{"$nulls":11},19467.9]
[{"$nulls":11},22171]
[{"$nulls":11},27788.5]
[{"$nulls":11},3179.28]
[{"$nulls":11},3731.26]
[{"$nulls":11},1442.98]
[{"$nulls":11},776]
[{"$nulls":11},630.5]
[{"$nulls":11},1598.66]
[{"$nulls":11},657.02]
[{"$nulls":11},893.36]
[{"$nulls":11},1260.8]
[{"$nulls":11},1584.64]
[{"$nulls":11},2166.4]
[{"$nulls":11},2199.04]
[{"$nulls":11},32597.74]
[{"$nulls":11},11519.5]
[{"$nulls":11},12328]
[{"$nulls":11},1099.36]
[{"$nulls":11},471.24]
[{"$nulls":11},563.64]
[{"$nulls":11},690.9]
[{"$nulls":11},689.28]
[{"$nulls":11},936.72]
[{"$nulls":11},1099.92]
[{"$nulls":11},184.8]
[{"$nulls":11},186.48]
[{"$nulls":11},238.56]
[{"$nulls":11},242.34]
[{"$nulls":11},201.18]
[{"$nulls":11},207.48]
[{"$nulls":11},334.74]
[{"$nulls":11},402.78]
[{"$nulls":11},9023.86]
[{"$nulls":11},248448]
[{"$nulls":11},2281.76]
[{"$nulls":11},2817.64]
[{"$nulls":11},3463.2]
[{"$nulls":11},4352.32]
[{"$nulls":11},12422.4]
[{"$nulls":11},2134.16]
[{"$nulls":11},2700]
[{"$nulls":11},5044.44]
[{"$nulls":11},6359.94]
[{"$nulls":11},10798.08]
[{"$nulls":11},11489.15]
[{"$nulls":11},31056]
[{"$nulls":11},2815.12]
[{"$nulls":11},2464.2]
[{"$nulls":11},3619.8]
[{"$nulls":11},1930.56]
[{"$nulls":11},403.2]
[{"$nulls":11},448.2]
[{"$nulls":11},479.75]
[{"$nulls":11},568.15]
[{"$nulls":11},726.65]
[{"$nulls":11},383.7]
[{"$nulls":11},2348.36]
[{"$nulls":11},2178.68]
[{"$nulls":11},1556.19]
[{"$nulls":11},798.45]
[{"$nulls":11},2115.63]
[{"$nulls":11},1132.23]
[{"$nulls":11},1394.56]
[{"$nulls":11},1502.04]
[{"$nulls":11},2243.72]
[{"$nulls":11},2592.99]
[{"$nulls":11},447.3]
[{"$nulls":11},192.45]
[{"$nulls":11},3440.96]
[{"$nulls":11},4170.51]
[{"$nulls":11},4429.64]
[{"$nulls":11},3856.8]
[{"$nulls":11},649.35]
[{"$nulls":11},294.78]
[{"$nulls":11},771.66]
[{"$nulls":11},339.18]
[{"$nulls":11},949.14]
[{"$nulls":11},408.93]
[{"$nulls":11},1139.85]
[{"$nulls":11},525.09]
[{"$nulls":11},1347.57]
[{"$nulls":11},663.15]
[{"$nulls":11},2016.88]
[{"$nulls":11},3302.24]
[{"$nulls":11},4078.28]
[{"$nulls":11},5400]
[{"$nulls":11},8128.32]
[{"$nulls":11},7672.59]
[{"$nulls":11},18633.6]
[{"$nulls":11},31056]
[{"$nulls":11},2835]
[{"$nulls":11},5859]
[{"$nulls":11},1594.2]
[{"$nulls":11},1087.8]
[{"$nulls":11},647.52]
[{"$nulls":11},195.6]
[{"$nulls":11},283.2]
[{"$nulls":11},460.8]
[{"$nulls":11},746.4]
[{"$nulls":11},1002]
[{"$nulls":11},1366.8]
[{"$nulls":11},3070.06]
[{"$nulls":11},15345.6]
[{"$nulls":11},6333.6]
[{"$nulls":11},124224]
[{"$nulls":11},27770.4]
[{"$nulls":11},2978.22]
[{"$nulls":11},2515.2]
[{"$nulls":11},2319.72]
[{"$nulls":11},3381.96]
[{"$nulls":11},5217.66]
[{"$nulls":11},4325.4]
[{"$nulls":11},7176.12]
[{"$nulls":11},5644.8]
[{"$nulls":11},472.08]
[{"$nulls":11},573.24]
[{"$nulls":11},9233.49]
[{"$nulls":11},9122.88]
[{"$nulls":11},6971.76]
[{"$nulls":11},11553.72]
[{"$nulls":11},714.6]
[{"$nulls":11},785.76]
[{"$nulls":11},820.92]
[{"$nulls":11},918.6]
[{"$nulls":11},936]
[{"$nulls":11},1140]
[{"$nulls":11},1175.16]
[{"$nulls":11},1499.76]
[{"$nulls":11},1397.28]
[{"$nulls":11},1689.12]
[{"$nulls":11},115.14]
[{"$nulls":11},101.5]
[{"$nulls":11},105.04]
[{"$nulls":11},131.3]
[{"$nulls":11},77.14]
[{"$nulls":11},77.14]
[{"$nulls":11},4361.24]
[{"$nulls":11},248448]
[{"$nulls":11},97.02]
[{"$nulls":11},115.14]
[{"$nulls":11},145.5]
[{"$nulls":11},236.4]
[{"$nulls":11},278.88]
[{"$nulls":11},333.48]
[{"$nulls":11},448.68]
[{"$nulls":11},594.66]
[{"$nulls":11},436.56]
[{"$nulls":11},537.6]
[{"$nulls":11},683.08]
[{"$nulls":11},24684.06]
[{"$nulls":11},34760.96]
[{"$nulls":11},8208.18]
[{"$nulls":11},11778.14]
[{"$nulls":11},16226.02]
[{"$nulls":11},13154.4]
[{"$nulls":11},3494.4]
[{"$nulls":11},7183.14]
[{"$nulls":11},16396.8]
[{"$nulls":11},14527.24]
[{"$nulls":11},2338.18]
[{"$nulls":11},2815.12]
[{"$nulls":11},121.2]
[{"$nulls":11},121.2]
[{"$nulls":11},151.8]
[{"$nulls":11},151.8]
[{"$nulls":11},151.8]
[{"$nulls":11},181.8]
[{"$nulls":11},181.8]
[{"$nulls":11},212.1]
[{"$nulls":11},127.26]
[{"$nulls":11},145.62]
[{"$nulls":11},163.8]
[{"$nulls":11},181.98]
[{"$nulls":11},4948.84]
[{"$nulls":11},32524.8]
[{"$nulls":11},52830.9]
[{"$nulls":11},65559]
[{"$nulls":11},82641.3]
[{"$nulls":11},37267.2]
[{"$nulls":11},254.76]
[{"$nulls":11},569.94]
[{"$nulls":11},4850.4]
[{"$nulls":11},242.4]
[{"$nulls":11},33.36]
[{"$nulls":11},51.57]
[{"$nulls":11},1820.4]
[{"$nulls":11},272.88]
[{"$nulls":11},424.2]
[{"$nulls":11},546]
[{"$nulls":11},424.2]
[{"$nulls":11},533.76]
[{"$nulls":11},679.2]
[{"$nulls":11},193.92]
[{"$nulls":11},303]
[{"$nulls":11},406.2]
[{"$nulls":11},2806.92]
[{"$nulls":11},272.7]
[{"$nulls":11},727.2]
[{"$nulls":11},1090.8]
[{"$nulls":11},1456.2]
[{"$nulls":11},182.7]
[{"$nulls":11},262.8]
[{"$nulls":11},927.72]
[{"$nulls":11},11058.96]
[{"$nulls":11},9226.28]
[{"$nulls":11},2637.54]
[{"$nulls":11},4365.36]
[{"$nulls":11},1123.12]
[{"$nulls":11},3180.15]
[{"$nulls":11},2016.85]
[{"$nulls":11},3651.8]
[{"$nulls":11},2678.09]
[{"$nulls":11},2801.67]
[{"$nulls":11},787.8]
[{"$nulls":11},1092.6]
[{"$nulls":11},1273.8]
[{"$nulls":11},861]
[{"$nulls":11},1006.44]
[{"$nulls":11},1200.36]
[{"$nulls":11},2528.1]
[{"$nulls":11},2583.18]
[{"$nulls":11},2473.68]
[{"$nulls":11},1388.4]
[{"$nulls":11},667.2]
[{"$nulls":11},764.28]
[{"$nulls":11},697.2]
[{"$nulls":11},945.6]
[{"$nulls":11},363.9]
[{"$nulls":11},606.3]
[{"$nulls":11},563.94]
[{"$nulls":11},764.28]
[{"$nulls":11},48.96]
[{"$nulls":11},48.96]
[{"$nulls":11},97.44]
[{"$nulls":11},97.44]
[{"$nulls":11},122.4]
[{"$nulls":11},122.4]
[{"$nulls":11},243.6]
[{"$nulls":11},363.6]
[{"$nulls":11},1272.6]
[{"$nulls":11},122.4]
[{"$nulls":11},243.6]
[{"$nulls":11},243.6]
[{"$nulls":11},363.6]
[{"$nulls":11},91.8]
[{"$nulls":11},91.8]
[{"$nulls":11},91.8]
[{"$nulls":11},182.7]
[{"$nulls":11},6738.42]
[{"$nulls":11},6807.84]
[{"$nulls":11},8770.02]
[{"$nulls":11},8861.04]
[{"$nulls":11},10867.74]
[{"$nulls":11},10980.45]
[{"$nulls":11},499.13]
[{"$nulls":11},504.26]
[{"$nulls":11},8153.7]
[{"$nulls":11},11063.4]
[{"$nulls":11},748.6]
[{"$nulls":11},756.2]
[{"$nulls":11},998.45]
[{"$nulls":11},1008.71]
[{"$nulls":11},1593.72]
[{"$nulls":11},1610.44]
[{"$nulls":11},2495.84]
[{"$nulls":11},2521.68]
[{"$nulls":11},4454.55]
[{"$nulls":11},4501.1]
[{"$nulls":11},12153.16]
[{"$nulls":11},12279.13]
[{"$nulls":11},19007.22]
[{"$nulls":11},19204.25]
[{"$nulls":11},1541.89]
[{"$nulls":11},1662.22]
[{"$nulls":11},2426.2]
[{"$nulls":11},2914.38]
[{"$nulls":11},5595.1]
[{"$nulls":11},6946.17]
[{"$nulls":11},7398.72]
[{"$nulls":11},400.16]
[{"$nulls":11},12.18]
[{"$nulls":11},12.18]
[{"$nulls":11},12.18]
[{"$nulls":11},15.15]
[{"$nulls":11},20.05]
[{"$nulls":11},25.35]
[{"$nulls":11},27.3]
[{"$nulls":11},36.45]
[{"$nulls":11},327.6]
[{"$nulls":11},1055.16]
[{"$nulls":11},1505.92]
[{"$nulls":11},607.23]
[{"$nulls":11},2516.93]
[{"$nulls":11},3013.53]
[{"$nulls":11},50.12]
[{"$nulls":11},77.28]
[{"$nulls":11},127.4]
[{"$nulls":11},222.88]
[{"$nulls":11},217.8]
[{"$nulls":11},350.02]
[{"$nulls":11},1153.02]
[{"$nulls":11},3824.7]
[{"$nulls":11},3608.48]
[{"$nulls":11},3608.48]
[{"$nulls":11},295.54]
[{"$nulls":11},7710.56]
[{"$nulls":11},717.74]
[{"$nulls":11},10233.3]
[{"$nulls":11},7268.8]
[{"$nulls":11},1048.22]
[{"$nulls":11},8872.64]
[{"$nulls":11},1213.8]
[{"$nulls":11},1549.38]
[{"$nulls":11},1970.3]
[{"$nulls":11},3031.4]
[{"$nulls":11},4179.56]
[{"$nulls":11},6242.66]
[{"$nulls":11},171.92]
[{"$nulls":11},218.12]
[{"$nulls":11},333.48]
[{"$nulls":11},525.56]
[{"$nulls":11},530.42]
[{"$nulls":11},1016.18]
[{"$nulls":11},1543.96]
[{"$nulls":11},71.74]
[{"$nulls":11},99.96]
[{"$nulls":11},159.8]
[{"$nulls":11},248.54]
[{"$nulls":11},348.16]
[{"$nulls":11},334.18]
[{"$nulls":11},443.74]
[{"$nulls":11},32.48]
[{"$nulls":11},52.08]
[{"$nulls":11},82.88]
[{"$nulls":11},125.16]
[{"$nulls":11},128.92]
[{"$nulls":11},188.1]
[{"$nulls":11},316.8]
[{"$nulls":11},60.86]
[{"$nulls":11},88.06]
[{"$nulls":11},121.72]
[{"$nulls":11},220.66]
[{"$nulls":11},280.5]
[{"$nulls":11},305.36]
[{"$nulls":11},638.88]
[{"$nulls":11},812.64]
[{"$nulls":11},1898.39]
[{"$nulls":11},1898.39]
[{"$nulls":11},2062.97]
[{"$nulls":11},19.2]
[{"$nulls":11},32.48]
[{"$nulls":11},43.36]
[{"$nulls":11},64]
[{"$nulls":11},106.72]
[{"$nulls":11},178.24]
[{"$nulls":11},389.44]
[{"$nulls":11},651.04]
[{"$nulls":11},8220.73]
[{"$nulls":11},6502.34]
[{"$nulls":11},552.16]
[{"$nulls":11},983.96]
[{"$nulls":11},1431.06]
[{"$nulls":11},1796.9]
[{"$nulls":11},2234.14]
[{"$nulls":11},2303.16]
[{"$nulls":11},3641.4]
[{"$nulls":11},7368.82]
[{"$nulls":11},2147.04]
[{"$nulls":11},43]
[{"$nulls":11},206.4]
[{"$nulls":11},320.4]
[{"$nulls":11},228]
[{"$nulls":11},429.6]
[{"$nulls":11},244.8]
[{"$nulls":11},327.6]
[{"$nulls":11},945.72]
[{"$nulls":11},242.64]
[{"$nulls":11},315.36]
[{"$nulls":11},509.52]
[{"$nulls":11},873.12]
[{"$nulls":11},1067.28]
[{"$nulls":11},970.2]
[{"$nulls":11},171.8]
[{"$nulls":11},121.26]
[{"$nulls":11},8944.8]
[{"$nulls":11},2968.5]
[{"$nulls":11},1176.24]
[{"$nulls":11},844.76]
[{"$nulls":11},1067.04]
[{"$nulls":11},1101.55]
[{"$nulls":11},1576.8]
[{"$nulls":11},180.9]
[{"$nulls":11},316.5]
[{"$nulls":11},386.2]
[{"$nulls":11},513.2]
[{"$nulls":11},84.25]
[{"$nulls":11},168.5]
[{"$nulls":11},7366.5]
[{"$nulls":11},4074.48]
[{"$nulls":11},2110.32]
[{"$nulls":11},3201.84]
[{"$nulls":11},3699]
[{"$nulls":11},85.98]
[{"$nulls":11},5400]
[{"$nulls":11},72241.16]
[{"$nulls":11},1813.75]
[{"$nulls":11},7603.6]
[{"$nulls":11},9482.4]
[{"$nulls":11},7613.6]
[{"$nulls":11},10641]
[{"$nulls":11},9285.2]
[{"$nulls":11},11748]
[{"$nulls":11},9295.2]
[{"$nulls":11},12228]
[{"$nulls":11},10926.8]
[{"$nulls":11},14197]
[{"$nulls":11},10936.8]
[{"$nulls":11},14277]
[{"$nulls":11},5124.8]
[{"$nulls":11},6729.2]
[{"$nulls":11},6549.2]
[{"$nulls":11},8015]
[{"$nulls":11},32808.8]
[{"$nulls":11},1227.75]
[{"$nulls":11},748.5]
[{"$nulls":11},984.84]
[{"$nulls":11},1588.56]
[{"$nulls":11},133.44]
[{"$nulls":11},133.44]
[{"$nulls":11},113.16]
[{"$nulls":11},181.92]
[{"$nulls":11},1471.34]
[{"$nulls":11},230.28]
[{"$nulls":11},181.92]
[{"$nulls":11},78.84]
[{"$nulls":11},1773.4]
[{"$nulls":11},3879.84]
[{"$nulls":11},2366.88]
[{"$nulls":11},16980]
[{"$nulls":11},800.46]
[{"$nulls":11},2313.6]
[{"$nulls":11},1252.5]
[{"$nulls":11},64060.32]
[{"$nulls":11},38535.66]
[{"$nulls":11},249.48]
[{"$nulls":11},909]
[{"$nulls":11},5311.14]
[{"$nulls":11},12847.26]
[{"$nulls":11},5056.92]
[{"$nulls":11},6345.6]
[{"$nulls":11},2686.02]
[{"$nulls":11},186.82]
[{"$nulls":11},1576.44]
[{"$nulls":11},154.98]
[{"$nulls":11},1232.96]
[{"$nulls":11},63.6]
[{"$nulls":11},68.85]
[{"$nulls":11},72.35]
[{"$nulls":11},484.8]
[{"$nulls":11},246.6]
[{"$nulls":11},109.08]
[{"$nulls":11},55.08]
[{"$nulls":11},145.44]
[{"$nulls":11},145.44]
[{"$nulls":11},55.08]
[{"$nulls":11},169.68]
[{"$nulls":11},72.81]
[{"$nulls":11},109.62]
[{"$nulls":11},72.81]
[{"$nulls":11},72.81]
[{"$nulls":11},73.08]
[{"$nulls":11},73.08]
[{"$nulls":11},73.08]
[{"$nulls":11},73.08]
[{"$nulls":11},109.08]
[{"$nulls":11},394.2]
[{"$nulls":11},485.1]
[{"$nulls":11},636.9]
[{"$nulls":11},236.43]
[{"$nulls":11},309.24]
[{"$nulls":11},36.36]
[{"$nulls":11},48.72]
[{"$nulls":11},181.8]
[{"$nulls":11},212.1]
[{"$nulls":11},296.94]
[{"$nulls":11},296.94]
[{"$nulls":11},273]
[{"$nulls":11},430.28]
[{"$nulls":11},48.51]
[{"$nulls":11},945.6]
[{"$nulls":11},1319.52]
[{"$nulls":11},2346.68]
[{"$nulls":11},2192.4]
[{"$nulls":11},2192.4]
[{"$nulls":11},10962]
[{"$nulls":11},21924]
[{"$nulls":11},531.6]
[{"$nulls":11},814.8]
[{"$nulls":11},265.8]
[{"$nulls":11},358.8]
[{"$nulls":11},558.18]
[{"$nulls":11},139.5]
[{"$nulls":11},146.7]
[{"$nulls":11},212.4]
[{"$nulls":11},225.9]
[{"$nulls":11},312.3]
[{"$nulls":11},1948.8]
[{"$nulls":11},10962]
[{"$nulls":11},1339.8]
[{"$nulls":11},339.5]
[{"$nulls":11},156.65]
[{"$nulls":11},12331.89]
[{"$nulls":11},272.86]
[{"$nulls":11},287.02]
[{"$nulls":11},1257.08]
[{"$nulls":11},305.2]
[{"$nulls":11},50241.12]
[{"$nulls":11},5480.88]
[{"$nulls":11},5094]
[{"$nulls":11},9096]
[{"$nulls":11},136.44]
[{"$nulls":11},1552.32]
[{"$nulls":11},345.6]
[{"$nulls":11},1197.6]
[{"$nulls":11},397.2]
[{"$nulls":11},1669.32]
[{"$nulls":11},145.62]
[{"$nulls":11},97.44]
[{"$nulls":11},163.8]
[{"$nulls":11},66.72]
[{"$nulls":11},97.44]
[{"$nulls":11},84.9]
[{"$nulls":11},145.44]
[{"$nulls":11},242.4]
[{"$nulls":11},90.9]
[{"$nulls":11},109.08]
[{"$nulls":11},109.08]
[{"$nulls":11},109.08]
[{"$nulls":11},18192]
[{"$nulls":11},3062.04]
[{"$nulls":11},3182.94]
[{"$nulls":11},164.9]
[{"$nulls":11},164.9]
[{"$nulls":11},27325.1]
[{"$nulls":11},6396.3]
[{"$nulls":11},5143.2]
[{"$nulls":11},8568.9]
[{"$nulls":11},3425.5]
[{"$nulls":11},5143.2]
[{"$nulls":11},5143.2]
[{"$nulls":11},5143.2]
[{"$nulls":11},6396.3]
[{"$nulls":11},6396.3]
[{"$nulls":11},10938.4]
[{"$nulls":11},16904.8]
[{"$nulls":11},6396.3]
[{"$nulls":11},3425.5]
[{"$nulls":11},5143.2]
[{"$nulls":11},5143.2]
[{"$nulls":11},5143.2]
[{"$nulls":11},6396.3]
[{"$nulls":11},6396.3]
[{"$nulls":11},623.7]
[{"$nulls":11},8973.6]
[{"$nulls":11},467.7]
[{"$nulls":11},181.9]
[{"$nulls":11},232.44]
[{"$nulls":11},6154.8]
[{"$nulls":11},854.82]
[{"$nulls":11},1139.88]
[{"$nulls":11},309.24]
[{"$nulls":11},309.24]
[{"$nulls":11},327.42]
[{"$nulls":11},582.12]
[{"$nulls":11},801]
[{"$nulls":11},1273.68]
[{"$nulls":11},922.56]
[{"$nulls":11},5094]
[{"$nulls":11},315.85]
[{"$nulls":11},205.4]
[{"$nulls":11},377.4]
[{"$nulls":11},712.2]
[{"$nulls":11},351.6]
[{"$nulls":11},16334.4]
[{"$nulls":11},12124.8]
[{"$nulls":11},1364.25]
[{"$nulls":11},1600.2]
[{"$nulls":11},2171.34]
[{"$nulls":11},2461.38]
[{"$nulls":11},441.42]
[{"$nulls":11},3501.9]
[{"$nulls":11},539.82]
[{"$nulls":11},4484.4]
[{"$nulls":11},6174.3]
[{"$nulls":11},606.12]
[{"$nulls":11},635.04]
[{"$nulls":11},954.72]
[{"$nulls":11},1203.3]
[{"$nulls":11},1390.14]
[{"$nulls":11},3194.64]
[{"$nulls":11},2436]
[{"$nulls":11},521.4]
[{"$nulls":11},16674.48]
[{"$nulls":11},7883.55]
[{"$nulls":11},45.45]
[{"$nulls":11},54.54]
[{"$nulls":11},109.14]
[{"$nulls":11},491.04]
[{"$nulls":11},751.8]
[{"$nulls":11},1867.32]
[{"$nulls":11},1859.8]
[{"$nulls":11},48.48]
[{"$nulls":11},24.36]
[{"$nulls":11},60.36]
[{"$nulls":11},24.36]
[{"$nulls":11},36.36]
[{"$nulls":11},12.24]
[{"$nulls":11},115.2]
[{"$nulls":11},349.98]
[{"$nulls":11},294.15]
[{"$nulls":11},312.33]
[{"$nulls":11},309.72]
[{"$nulls":11},354.69]
[{"$nulls":11},415.35]
[{"$nulls":11},303.14]
[{"$nulls":11},345.62]
[{"$nulls":11},300.09]
[{"$nulls":11},551.72]
[{"$nulls":11},327.9]
[{"$nulls":11},335.19]
[{"$nulls":11},364.29]
[{"$nulls":11},1124.4]
[{"$nulls":11},973.08]
[{"$nulls":11},25470]
[{"$nulls":11},69.46]
[{"$nulls":11},1457.12]
[{"$nulls":11},491.16]
[{"$nulls":11},14664.96]
[{"$nulls":11},1310.2]
[{"$nulls":11},1937.4]
[{"$nulls":11},60.9]
[{"$nulls":11},5480.85]
[{"$nulls":11},1521.78]
[{"$nulls":11},913.52]
[{"$nulls":11},1521.74]
[{"$nulls":11},145.53]
[{"$nulls":11},2922.48]
[{"$nulls":11},3850.2]
[{"$nulls":11},2212.8]
[{"$nulls":11},1546.92]
[{"$nulls":11},309.24]
[{"$nulls":11},2103.84]
[{"$nulls":11},2000.75]
[{"$nulls":11},2000.75]
[{"$nulls":11},1164.24]
[{"$nulls":11},7884]
[{"$nulls":11},6790.8]
[{"$nulls":11},9215.4]
[{"$nulls":11},366.84]
[{"$nulls":11},763.98]
[{"$nulls":11},846.3]
[{"$nulls":11},778.12]
[{"$nulls":11},1257.06]
[{"$nulls":11},594.24]
[{"$nulls":11},86.9]
[{"$nulls":11},300.7]
[{"$nulls":11},46.77]
[{"$nulls":11},1257.08]
[{"$nulls":11},485.4]
[{"$nulls":11},4293]
[{"$nulls":11},171.25]
[{"$nulls":11},1827]
[{"$nulls":11},58.74]
[{"$nulls":11},159.97]
[{"$nulls":11},2164.5]
[{"$nulls":11},4486.62]
[{"$nulls":11},929.6]
[{"$nulls":11},2249.4]
[{"$nulls":11},848.8]
[{"$nulls":11},1721.6]
[{"$nulls":11},902.36]
[{"$nulls":11},2123.91]
[{"$nulls":11},727.56]
[{"$nulls":11},1018.8]
[{"$nulls":11},690.84]
[{"$nulls":11},254.52]
[{"$nulls":11},909.36]
[{"$nulls":11},727.56]
[{"$nulls":11},618.48]
[{"$nulls":11},1964.52]
[{"$nulls":11},8912.4]
[{"$nulls":11},412.35]
[{"$nulls":11},557.76]
[{"$nulls":11},81.84]
[{"$nulls":11},1030.68]
[{"$nulls":11},2097.57]
[{"$nulls":11},25]
[{"$nulls":11},31.4]
[{"$nulls":11},37]
[{"$nulls":11},21]
[{"$nulls":11},34.4]
[{"$nulls":11},43.4]
[{"$nulls":11},54.1]
[{"$nulls":11},28.9]
[{"$nulls":11},13329.93]
[{"$nulls":11},12509.55]
[{"$nulls":11},42.45]
[{"$nulls":11},48.51]
[{"$nulls":11},151.59]
[{"$nulls":11},169.77]
[{"$nulls":11},27.3]
[{"$nulls":11},36.45]
[{"$nulls":11},95.95]
[{"$nulls":11},116.2]
[{"$nulls":11},424.6]
[{"$nulls":11},424.45]
[{"$nulls":11},65.7]
[{"$nulls":11},70.75]
[{"$nulls":11},168.72]
[{"$nulls":11},187.2]
[{"$nulls":11},141]
[{"$nulls":11},1476.72]
[{"$nulls":11},1643]
[{"$nulls":11},145.4]
[{"$nulls":11},697.2]
[{"$nulls":11},788.25]
[{"$nulls":11},864]
[{"$nulls":11},894.15]
[{"$nulls":11},627.48]
[{"$nulls":11},924.6]
[{"$nulls":11},2437.38]
[{"$nulls":11},2910.24]
[{"$nulls":11},3437.64]
[{"$nulls":11},2473.56]
[{"$nulls":11},442.56]
[{"$nulls":11},181.8]
[{"$nulls":11},188.16]
[{"$nulls":11},1253]
[{"$nulls":11},702.62]
[{"$nulls":11},1818]
[{"$nulls":11},42.45]
[{"$nulls":11},1091.52]
[{"$nulls":11},563.88]
[{"$nulls":11},444.65]
[{"$nulls":11},1028.64]
[{"$nulls":11},363.78]
[{"$nulls":11},1000.9]
[{"$nulls":11},1788.86]
[{"$nulls":11},2107.82]
[{"$nulls":11},3213.32]
[{"$nulls":11},338.58]
[{"$nulls":11},612.63]
[{"$nulls":11},736.17]
[{"$nulls":11},785.46]
[{"$nulls":11},996.81]
[{"$nulls":11},1400.82]
[{"$nulls":11},87.2]
[{"$nulls":11},77.2]
[{"$nulls":11},52.3]
[{"$nulls":11},62.3]
[{"$nulls":11},52.3]
[{"$nulls":11},1196.58]
[{"$nulls":11},927.72]
[{"$nulls":11},103.08]
[{"$nulls":11},390.33]
[{"$nulls":11},518.04]
[{"$nulls":11},671.94]
[{"$nulls":11},1091.4]
[{"$nulls":11},333.6]
[{"$nulls":11},452.8]
[{"$nulls":11},424.44]
[{"$nulls":11},229.72]
[{"$nulls":11},424.44]
[{"$nulls":11},229.72]
[{"$nulls":11},424.44]
[{"$nulls":11},229.72]
[{"$nulls":11},424.44]
[{"$nulls":11},452.8]
[{"$nulls":11},424.44]
[{"$nulls":11},109.2]
[{"$nulls":11},5463]
[{"$nulls":11},2729.12]
[{"$nulls":11},4150.29]
[{"$nulls":11},581.3]
[{"$nulls":11},1457.12]
[{"$nulls":11},667.5]
[{"$nulls":11},2093.7]
[{"$nulls":11},3105.6]
[{"$nulls":11},1329.86]
[{"$nulls":11},1301.86]
[{"$nulls":11},1089.11]
[{"$nulls":11},3379.34]
[{"$nulls":11},1313.78]
[{"$nulls":11},667.5]
[{"$nulls":11},1077.44]
[{"$nulls":11},5513.66]
[{"$nulls":11},2470.78]
[{"$nulls":11},54576]
[{"$nulls":11},637.2]
[{"$nulls":11},862.68]
[{"$nulls":11},856.32]
[{"$nulls":11},1143]
[{"$nulls":11},935.04]
[{"$nulls":11},1242.12]
[{"$nulls":11},1259.88]
[{"$nulls":11},1672.68]
[{"$nulls":11},184.32]
[{"$nulls":11},244.68]
[{"$nulls":11},1680.36]
[{"$nulls":11},2432.04]
[{"$nulls":11},2008.2]
[{"$nulls":11},2825.28]
[{"$nulls":11},246.36]
[{"$nulls":11},289.8]
[{"$nulls":11},266.64]
[{"$nulls":11},348.24]
[{"$nulls":11},332.28]
[{"$nulls":11},444.96]
[{"$nulls":11},438.48]
[{"$nulls":11},600]
[{"$nulls":11},536.04]
[{"$nulls":11},653.16]
[{"$nulls":11},1216.6]
[{"$nulls":11},2142.2]
[{"$nulls":11},697.56]
[{"$nulls":11},6079.1]
[{"$nulls":11},297.22]
[{"$nulls":11},42144]
[{"$nulls":11},1300.44]
[{"$nulls":11},121.2]
[{"$nulls":11},243.6]
[{"$nulls":11},970.08]
[{"$nulls":11},1356.94]
[{"$nulls":11},3509.8]
[{"$nulls":11},6158.94]
[{"$nulls":11},10380.16]
[{"$nulls":11},23964.16]
[{"$nulls":11},4498.41]
[{"$nulls":11},2677.5]
[{"$nulls":11},5001.5]
[{"$nulls":11},7679.5]
[{"$nulls":11},9070.16]
[{"$nulls":11},12479.58]
[{"$nulls":11},6253.1]
[{"$nulls":11},511.36]
[{"$nulls":11},464.68]
[{"$nulls":11},388.08]
[{"$nulls":11},333.6]
[{"$nulls":11},400.15]
[{"$nulls":11},3487.4]
[{"$nulls":11},327.36]
[{"$nulls":11},807.96]
[{"$nulls":11},388.08]
[{"$nulls":11},1819.2]
[{"$nulls":11},1182]
[{"$nulls":11},5095.2]
[{"$nulls":11},2365.2]
[{"$nulls":11},4370.4]
[{"$nulls":11},273.7]
[{"$nulls":11},3334.71]
[{"$nulls":11},91.2]
[{"$nulls":11},25.26]
[{"$nulls":11},110.2]
[{"$nulls":11},149.7]
[{"$nulls":11},70.92]
[{"$nulls":11},37.86]
[{"$nulls":11},216.24]
[{"$nulls":11},121.2]
[{"$nulls":11},38.16]
[{"$nulls":11},249.5]
[{"$nulls":11},149.1]
[{"$nulls":11},43.32]
[{"$nulls":11},174.9]
[{"$nulls":11},46.8]
[{"$nulls":11},104.16]
[{"$nulls":11},63.66]
[{"$nulls":11},90.6]
[{"$nulls":11},163.08]
[{"$nulls":11},116.1]
[{"$nulls":11},102]
[{"$nulls":11},12.6]
[{"$nulls":11},105.9]
[{"$nulls":11},138.42]
[{"$nulls":11},128.88]
[{"$nulls":11},164.7]
[{"$nulls":11},113.4]
[{"$nulls":11},12.72]
[{"$nulls":11},147.9]
[{"$nulls":11},77.97]
[{"$nulls":11},166.86]
[{"$nulls":11},84.21]
[{"$nulls":11},163.2]
[{"$nulls":11},12.96]
[{"$nulls":11},112.29]
[{"$nulls":11},87.6]
[{"$nulls":11},21]
[{"$nulls":11},124.74]
[{"$nulls":11},140.34]
[{"$nulls":11},10430.85]
[{"$nulls":11},20441.88]
[{"$nulls":11},1689.68]
[{"$nulls":11},220.17]
[{"$nulls":11},1027.62]
[{"$nulls":11},1027.62]
[{"$nulls":11},1173.15]
[{"$nulls":11},1409.76]
[{"$nulls":11},85446.08]
[{"$nulls":11},7405.32]
[{"$nulls":11},432.48]
[{"$nulls":11},515.34]
[{"$nulls":11},471.34]
[{"$nulls":11},11294.4]
[{"$nulls":11},805.59]
[{"$nulls":11},16879.2]
[{"$nulls":11},3152.7]
[{"$nulls":11},36.72]
[{"$nulls":11},73.08]
[{"$nulls":11},109.08]
[{"$nulls":11},145.44]
[{"$nulls":11},145.44]
[{"$nulls":11},120.72]
[{"$nulls":11},127.26]
[{"$nulls":11},1285.32]
[{"$nulls":11},545.76]
[{"$nulls":11},1996.02]
[{"$nulls":11},3638.4]
[{"$nulls":11},404.2]
[{"$nulls":11},545.7]
[{"$nulls":11},994.32]
[{"$nulls":11},9478.4]
[{"$nulls":11},1182]
[{"$nulls":11},517.56]
[{"$nulls":11},497.56]
[{"$nulls":11},944.8]
[{"$nulls":11},13539.78]
[{"$nulls":11},6912]
[{"$nulls":11},3128.4]
[{"$nulls":11},3294.8]
[{"$nulls":11},4991.68]
[{"$nulls":11},3098.06]
[{"$nulls":11},3094.2]
[{"$nulls":11},2445.15]
[{"$nulls":11},4590.87]

{"sheet":"Sheet4","index":4,"n_rows":23,"n_cols":10,"rows_kept":23}
[null,null,"橡胶垫片","五金材料","任意品牌","DN32，外径68mm，内径38mm，厚度2.5mm",6,"片",1.51,9.06]
[null,null,"橡胶垫片","五金材料","任意品牌","DN40，外径81mm，内径45mm，厚度5mm",6,"个",2.1,12.6]
[null,null,"橡胶垫片","五金材料","任意品牌","DN50，外径95mm，内径57mm，厚度5mm",6,"个",2.12,12.72]
[null,null,"橡胶垫片","五金材料","任意品牌","DN65，外径118mm，内径76mm，厚度5mm",6,"个",2.16,12.96]
[null,null,"橡胶垫片","五金材料","任意品牌","DN80，外径130mm，内径89mm，厚度5mm",6,"个",3.5,21]
[null,null,"橡胶垫片","五金材料","任意品牌","DN100，外径153mm，内径108mm，厚度5mm",6,"个",4.21,25.26]
[null,null,"橡胶垫片","五金材料","任意品牌","DN125，外径180mm，内径133mm，厚度5mm",6,"个",6.31,37.86]
[null,null,"橡胶垫片","五金材料","任意品牌","DN150，外径205mm，内径159mm，厚度5mm",6,"个",6.36,38.16]
[null,null,"橡胶垫片","五金材料","任意品牌","DN200，外径268mm，内径219mm，厚度5mm",6,"个",7.22,43.32]
[null,null,"橡胶垫片","五金材料","任意品牌","DN250，外径325mm，内径273mm，厚度5mm",6,"个",7.8,46.8]
[null,null,"橡胶垫片","五金材料","任意品牌","DN300，外径377mm，内径325mm，厚度5mm",6,"个",10.61,63.66]
[null,null,"橡胶垫片","五金材料","任意品牌","DN350，外径418mm，内径377mm，厚度5mm",6,"个",19.35,116.1]
[null,null,"橡胶垫片","五金材料","任意品牌","DN400，外径485mm，内径426mm，厚度5mm",6,"个",23.07,138.42]
[null,null,"橡胶垫片","五金材料","任意品牌","DN450，外径540mm，内径475mm，厚度5mm",6,"个",27.45,164.7]
[null,null,"橡胶垫片","五金材料","任意品牌","DN500，外径595mm，内径530mm，厚度5mm",3,"个",25.99,77.97]
[null,null,"橡胶垫片","五金材料","任意品牌","DN600，外径695mm，内径630mm，厚度5mm",3,"个",28.07,84.21]
[null,null,"橡胶垫片","五金材料","任意品牌","DN700，外径800mm，内径720mm，厚度5mm",3,"个",37.43,112.29]
[null,null,"橡胶垫片","五金材料","任意品牌","DN800，外径910mm，内径820mm，厚度5mm",3,"个",41.58,124.74]
[null,null,"橡胶垫片","五金材料","任意品牌","DN900，外径1010mm，内径920mm，厚度5mm",3,"个",46.78,140.34]
[null,null,"橡胶垫片","五金材料","任意品牌","DN1000，外径1120mm，内径1020mm，厚度5mm",2,"个",55.1,110.2]
[null,null,"橡胶垫片","五金材料","任意品牌","DN1200，外径1320mm，内径1220mm，厚度5mm",2,"个",74.85,149.7]
[null,null,"橡胶垫片","五金材料","任意品牌","DN1400，外径1520mm，内径1420mm，厚度5mm",2,"个",108.12,216.24]
[null,null,"橡胶垫片","五金材料","任意品牌","DN1600，外径1720mm，内径1620mm，厚度5mm",2,"个",124.75,249.5]